{"text_format":"3","workbook":"xlsx","n_sheets":12,"sheets":["SHBG","SHBG(males)","SHBG(females)","E2","E2(males)","E2(females)","TT","TT(males)","TT(females)","BT","BT(males)","BT(females)"],"read":"whole","date_system":"1900"}

{"sheet":"SHBG","index":0,"n_rows":160,"n_cols":37,"rows_kept":160}
[null,"SNP","effect_allele.exposure","other_allele.exposure","effect_allele.outcome","other_allele.outcome","beta.exposure","beta.outcome","eaf.exposure","eaf.outcome","remove","palindromic","ambiguous","id.outcome","pos.outcome","pval.outcome","se.outcome","outcome","mr_keep.outcome","pval_origin.outcome","data_source.outcome","...1","chr.exposure","pos.exposure","se.exposure","pval.exposure","samplesize.exposure","id.exposure","exposure","mr_keep.exposure","pval_origin.exposure","data_source.exposure","action","mr_keep","samplesize.outcome","R2","F"]
[1,"rs10432029","G","A","G","A",-0.0487574,0.00497776,0.147485,0.297149,false,false,false,"ZSBwO7",7487350,0.873514,0.0312681,"outcome",true,"reported","textfile",338,17,7390669,0.00127711,{"v":1e-200,"d":"1.00E-200"},370125,"ebi-a-GCST90012111","Sex hormone-binding globulin levels || id:ebi-a-GCST90012111",true,"reported","igd",2,true,"NA",0.000597807,221.3944503]
[2,"rs4665972","C","T","C","T",0.0349309,-0.0219219,0.606705,0.625047,false,false,false,"ZSBwO7",27375230,0.457889,0.0295313,"outcome",true,"reported","textfile",60,2,27598097,0.00095436,{"v":1e-200,"d":"1.00E-200"},370125,"ebi-a-GCST90012111","Sex hormone-binding globulin levels || id:ebi-a-GCST90012111",true,"reported","igd",2,true,"NA",0.000582298,215.6475767]
[3,"rs12185242","C","A","C","A",-0.0312922,-0.0146375,0.456427,0.48399,false,false,false,"ZSBwO7",49329709,0.607917,0.0285303,"outcome",true,"reported","textfile",328,17,47407071,0.000910667,{"v":1e-200,"d":"1.00E-200"},370125,"ebi-a-GCST90012111","Sex hormone-binding globulin levels || id:ebi-a-GCST90012111",true,"reported","igd",2,true,"NA",0.000485883,179.923767]
[4,"rs62623385","T","A","T","A",-0.0850905,0.0250219,0.034125,0.0525387,false,true,false,"ZSBwO7",7944519,0.697469,0.0643669,"outcome",true,"reported","textfile",332,17,7847837,0.00249052,{"v":1e-200,"d":"1.00E-200"},370125,"ebi-a-GCST90012111","Sex hormone-binding globulin levels || id:ebi-a-GCST90012111",true,"reported","igd",2,true,"NA",0.000477294,176.7417462]
[5,"rs56332871","A","C","A","C",0.0340883,0.0598836,0.272135,0.290683,false,false,false,"ZSBwO7",96171587,0.0578282,0.0315675,"outcome",true,"reported","textfile",313,15,96714816,0.00105327,{"v":1e-200,"d":"1.00E-200"},370125,"ebi-a-GCST90012111","Sex hormone-binding globulin levels || id:ebi-a-GCST90012111",true,"reported","igd",2,true,"NA",0.000460337,170.4597948]
[6,"rs202200760","C","G","C","G",0.0748418,-0.0189865,0.038828,0.0552129,false,true,false,"ZSBwO7",17236045,0.761846,0.0626499,"outcome",true,"reported","textfile",369,19,17346854,0.00263521,{"v":7.91e-191,"d":"7.91E-191"},370125,"ebi-a-GCST90012111","Sex hormone-binding globulin levels || id:ebi-a-GCST90012111",true,"reported","igd",2,true,"NA",0.000418085,154.8075934]
[7,"rs28929474","T","C","T","C",0.100978,-0.00949892,0.019993,0.0197225,false,false,false,"ZSBwO7",94378610,0.926411,0.102846,"outcome",true,"reported","textfile",298,14,94844947,0.00333901,{"v":1e-200,"d":"1.00E-200"},370125,"ebi-a-GCST90012111","Sex hormone-binding globulin levels || id:ebi-a-GCST90012111",true,"reported","igd",2,true,"NA",0.000399568,147.9484117]
[8,"rs7015","G","A","G","A",0.0349643,-0.00338058,0.814829,0.844514,false,false,false,"ZSBwO7",98291311,0.932192,0.0397306,"outcome",true,"reported","textfile",161,7,97920623,0.00119995,{"v":1.5e-195,"d":"1.50E-195"},370125,"ebi-a-GCST90012111","Sex hormone-binding globulin levels || id:ebi-a-GCST90012111",true,"reported","igd",2,true,"NA",0.000368909,136.592055]
[9,"rs687339","T","C","T","C",-0.0311993,-0.0625458,0.772241,0.848257,false,false,false,"ZSBwO7",136213517,0.114727,0.0396537,"outcome",true,"reported","textfile",76,3,135932359,0.00111062,{"v":4.2e-182,"d":"4.20E-182"},370125,"ebi-a-GCST90012111","Sex hormone-binding globulin levels || id:ebi-a-GCST90012111",true,"reported","igd",2,true,"NA",0.000342411,126.7777107]
[10,"rs114165349","C","G","C","G",-0.0782265,-0.0477202,0.023432,0.0375675,false,true,false,"ZSBwO7",26695422,0.525379,0.075141,"outcome",true,"reported","textfile",3,1,27021913,0.00308292,{"v":7.29e-150,"d":"7.29E-150"},370125,"ebi-a-GCST90012111","Sex hormone-binding globulin levels || id:ebi-a-GCST90012111",true,"reported","igd",2,true,"NA",0.000280059,103.6853413]
[11,"rs1730862","A","G","A","G",-0.0236552,-0.0500005,0.656743,0.705605,false,false,false,"ZSBwO7",107071381,0.112103,0.0314704,"outcome",true,"reported","textfile",14,1,107614003,0.000983434,{"v":5.11e-133,"d":"5.11E-133"},370125,"ebi-a-GCST90012111","Sex hormone-binding globulin levels || id:ebi-a-GCST90012111",true,"reported","igd",2,true,"NA",0.000252289,93.40147923]
[12,"rs13108218","G","A","G","A",-0.0228387,-0.0352724,0.617195,0.677882,false,false,false,"ZSBwO7",3442204,0.2505,0.0306947,"outcome",true,"reported","textfile",107,4,3443931,0.000965556,{"v":9.2e-129,"d":"9.20E-129"},370125,"ebi-a-GCST90012111","Sex hormone-binding globulin levels || id:ebi-a-GCST90012111",true,"reported","igd",2,true,"NA",0.000246475,91.24853187]
[13,"rs73079476","C","A","C","A",-0.029652,0.0314138,0.151217,0.203127,false,false,false,"ZSBwO7",21190899,0.377993,0.0356327,"outcome",true,"reported","textfile",256,12,21343833,0.00130105,{"v":3.7e-120,"d":"3.70E-120"},370125,"ebi-a-GCST90012111","Sex hormone-binding globulin levels || id:ebi-a-GCST90012111",true,"reported","igd",2,true,"NA",0.000225702,83.55633354]
[14,"rs796004","T","C","T","C",0.0235417,0.00552977,0.256066,0.258078,false,false,false,"ZSBwO7",83979883,0.865258,0.0325885,"outcome",true,"reported","textfile",198,9,86594798,0.00106892,{"v":1.8e-108,"d":"1.80E-108"},370125,"ebi-a-GCST90012111","Sex hormone-binding globulin levels || id:ebi-a-GCST90012111",true,"reported","igd",2,true,"NA",0.00021115,78.16813452]
[15,"rs738409","G","C","G","C",0.0245155,-0.0186736,0.216165,0.22693,false,true,false,"ZSBwO7",43928847,0.584187,0.0341207,"outcome",true,"reported","textfile",389,22,44324727,0.00113571,{"v":4.3e-104,"d":"4.30E-104"},370125,"ebi-a-GCST90012111","Sex hormone-binding globulin levels || id:ebi-a-GCST90012111",true,"reported","igd",2,true,"NA",0.000203667,75.39734783]
[16,"rs79391862","C","A","C","A",-0.083002,-0.0406971,0.013952,0.0320617,false,false,false,"ZSBwO7",53447229,0.616516,0.081265,"outcome",true,"reported","textfile",301,15,53739426,0.00404275,{"v":4.2e-99,"d":"4.20E-99"},370125,"ebi-a-GCST90012111","Sex hormone-binding globulin levels || id:ebi-a-GCST90012111",true,"reported","igd",2,true,"NA",0.000189558,70.17299933]
[17,"rs139974673","C","T","C","T",-0.0609208,0.143739,0.025458,0.00511537,false,false,false,"ZSBwO7",43735687,0.474155,0.200827,"outcome",true,"reported","textfile",310,15,44027885,0.00296643,{"v":1.5e-96,"d":"1.50E-96"},370125,"ebi-a-GCST90012111","Sex hormone-binding globulin levels || id:ebi-a-GCST90012111",true,"reported","igd",2,true,"NA",0.000184156,68.1729509]
[18,"rs6546096","G","A","G","A",-0.0214141,0.0668715,0.737559,0.776952,false,false,false,"ZSBwO7",64679161,0.0511599,0.0342906,"outcome",true,"reported","textfile",46,2,64906295,0.00105906,{"v":8.7e-97,"d":"8.70E-97"},370125,"ebi-a-GCST90012111","Sex hormone-binding globulin levels || id:ebi-a-GCST90012111",true,"reported","igd",2,true,"NA",0.000177524,65.71753689]
[19,"rs13150068","G","A","G","A",-0.0188174,0.0284187,0.436765,0.338544,false,false,false,"ZSBwO7",87282676,0.347367,0.030242,"outcome",true,"reported","textfile",95,4,88203828,0.00093959,{"v":7.3e-95,"d":"7.30E-95"},370125,"ebi-a-GCST90012111","Sex hormone-binding globulin levels || id:ebi-a-GCST90012111",true,"reported","igd",2,true,"NA",0.000174215,64.49238439]
[20,"rs76895963","G","T","G","T",0.0651111,-0.0561005,0.02093,0.0305294,false,false,false,"ZSBwO7",4275678,0.510339,0.085219,"outcome",true,"reported","textfile",276,12,4384844,0.00358367,{"v":4.3e-79,"d":"4.30E-79"},370125,"ebi-a-GCST90012111","Sex hormone-binding globulin levels || id:ebi-a-GCST90012111",true,"reported","igd",2,true,"NA",0.000173749,64.31978306]
[21,"rs11621792","T","C","T","C",-0.0182549,-0.00687113,0.452986,0.368081,false,false,false,"ZSBwO7",24402720,0.816529,0.0296155,"outcome",true,"reported","textfile",290,14,24871926,0.000944138,{"v":6.9e-90,"d":"6.90E-90"},370125,"ebi-a-GCST90012111","Sex hormone-binding globulin levels || id:ebi-a-GCST90012111",true,"reported","igd",2,true,"NA",0.000165148,61.13500272]
[22,"rs1640269","C","A","C","A",0.0195357,-0.00224549,0.286325,0.346154,false,false,false,"ZSBwO7",2793196,0.940602,0.0301353,"outcome",true,"reported","textfile",363,19,2793194,0.00103398,{"v":2.1e-85,"d":"2.10E-85"},370125,"ebi-a-GCST90012111","Sex hormone-binding globulin levels || id:ebi-a-GCST90012111",true,"reported","igd",2,true,"NA",0.000155972,57.73797132]
[23,"rs34255979","T","C","T","C",0.0271202,-0.00782074,0.120251,0.0591307,false,false,false,"ZSBwO7",45881572,0.89735,0.0606216,"outcome",true,"reported","textfile",357,19,46384830,0.00143926,{"v":9.1e-82,"d":"9.10E-82"},370125,"ebi-a-GCST90012111","Sex hormone-binding globulin levels || id:ebi-a-GCST90012111",true,"reported","igd",2,true,"NA",0.000155619,57.60721945]
[24,"rs7314285","G","T","G","T",0.0345823,-0.0315956,0.068305,0.0433736,false,false,false,"ZSBwO7",111084222,0.657158,0.071187,"outcome",true,"reported","textfile",263,12,111522026,0.00184498,{"v":5.4e-82,"d":"5.40E-82"},370125,"ebi-a-GCST90012111","Sex hormone-binding globulin levels || id:ebi-a-GCST90012111",true,"reported","igd",2,true,"NA",0.000152217,56.3476995]
[25,"rs6073431","T","C","T","C",0.0170583,0.021799,0.531202,0.529944,false,false,false,"ZSBwO7",44411929,0.448908,0.0287875,"outcome",true,"reported","textfile",384,20,43040569,0.000954216,{"v":1.6e-73,"d":"1.60E-73"},370125,"ebi-a-GCST90012111","Sex hormone-binding globulin levels || id:ebi-a-GCST90012111",true,"reported","igd",2,true,"NA",0.000144926,53.64829969]
[26,"rs79717793","A","G","A","G",-0.0225722,0.0277609,0.15491,0.142137,false,false,false,"ZSBwO7",5220304,0.497692,0.0409378,"outcome",true,"reported","textfile",226,10,5262267,0.00128373,{"v":2e-78,"d":"2.00E-78"},370125,"ebi-a-GCST90012111","Sex hormone-binding globulin levels || id:ebi-a-GCST90012111",true,"reported","igd",2,true,"NA",0.000133401,49.38149168]
[27,"rs668871","T","C","T","C",0.0161164,0.0651469,0.469214,0.495499,false,false,false,"ZSBwO7",160348779,0.0226282,0.0285775,"outcome",true,"reported","textfile",143,6,160769811,0.000936554,{"v":1.7e-76,"d":"1.70E-76"},370125,"ebi-a-GCST90012111","Sex hormone-binding globulin levels || id:ebi-a-GCST90012111",true,"reported","igd",2,true,"NA",0.000129377,47.89153502]
[28,"rs8025155","G","C","G","C",-0.0230175,-0.021266,0.139336,0.0763496,false,true,false,"ZSBwO7",52801672,0.693806,0.0540164,"outcome",true,"reported","textfile",307,15,53093869,0.00135438,{"v":3e-66,"d":"3.00E-66"},370125,"ebi-a-GCST90012111","Sex hormone-binding globulin levels || id:ebi-a-GCST90012111",true,"reported","igd",2,true,"NA",0.00012707,47.03753329]
[29,"rs59203582","T","A","T","A",0.0217943,0.1007,0.15753,0.106878,false,true,false,"ZSBwO7",80512485,0.0291803,0.0461707,"outcome",true,"reported","textfile",194,8,81424720,0.00128351,{"v":7.1e-73,"d":"7.10E-73"},370125,"ebi-a-GCST90012111","Sex hormone-binding globulin levels || id:ebi-a-GCST90012111",true,"reported","igd",2,true,"NA",0.000126076,46.66963391]
[30,"rs4860987","T","A","T","A",0.0174528,-0.00378879,0.259901,0.26351,false,true,false,"ZSBwO7",68625566,0.907706,0.0326811,"outcome",true,"reported","textfile",102,4,69491284,0.00112043,{"v":2e-57,"d":"2.00E-57"},370125,"ebi-a-GCST90012111","Sex hormone-binding globulin levels || id:ebi-a-GCST90012111",true,"reported","igd",2,true,"NA",0.000117181,43.37654483]
[31,"rs45512696","T","C","T","C",0.0200512,-0.0927266,0.174738,0.151402,false,false,false,"ZSBwO7",35059974,0.0208286,0.0401227,"outcome",true,"reported","textfile",370,19,35550878,0.00123066,{"v":1.5e-64,"d":"1.50E-64"},370125,"ebi-a-GCST90012111","Sex hormone-binding globulin levels || id:ebi-a-GCST90012111",true,"reported","igd",2,true,"NA",0.000115955,42.9226352]
[32,"rs2393791","T","C","T","C",0.0154826,-0.0336905,0.621856,0.585051,false,false,false,"ZSBwO7",120986153,0.246603,0.0290777,"outcome",true,"reported","textfile",260,12,121423956,0.000960447,{"v":7.1e-61,"d":"7.10E-61"},370125,"ebi-a-GCST90012111","Sex hormone-binding globulin levels || id:ebi-a-GCST90012111",true,"reported","igd",2,true,"NA",0.000112737,41.73110295]
[33,"rs4338849","G","A","G","A",-0.0148008,-0.0010223,0.490249,0.473037,false,false,false,"ZSBwO7",47435117,0.971438,0.0285525,"outcome",true,"reported","textfile",340,17,45512483,0.000907591,{"v":9e-61,"d":"9.00E-61"},370125,"ebi-a-GCST90012111","Sex hormone-binding globulin levels || id:ebi-a-GCST90012111",true,"reported","igd",2,true,"NA",0.00010949,40.5292723]
[34,"rs4804414","T","C","T","C",-0.0146219,0.00819038,0.428696,0.396882,false,false,false,"ZSBwO7",7223774,0.779173,0.0292099,"outcome",true,"reported","textfile",361,19,7223785,0.000942355,{"v":1.2e-58,"d":"1.20E-58"},370125,"ebi-a-GCST90012111","Sex hormone-binding globulin levels || id:ebi-a-GCST90012111",true,"reported","igd",2,true,"NA",0.000104726,38.76554272]
[35,"rs40270","C","A","C","A",-0.0166779,-0.044226,0.772709,0.706653,false,false,false,"ZSBwO7",56508725,0.157968,0.0313229,"outcome",true,"reported","textfile",129,5,55804552,0.00111188,{"v":6.8e-51,"d":"6.80E-51"},370125,"ebi-a-GCST90012111","Sex hormone-binding globulin levels || id:ebi-a-GCST90012111",true,"reported","igd",2,true,"NA",{"v":9.77037e-5,"d":"9.77E-05"},36.16591394]
[36,"rs2122982","A","G","A","G",0.0158396,-0.00554111,0.240725,0.233817,false,false,false,"ZSBwO7",57388110,0.86942,0.0337059,"outcome",true,"reported","textfile",273,12,57781893,0.00108761,{"v":4e-50,"d":"4.00E-50"},370125,"ebi-a-GCST90012111","Sex hormone-binding globulin levels || id:ebi-a-GCST90012111",true,"reported","igd",2,true,"NA",{"v":9.17146e-5,"d":"9.17E-05"},33.9488149]
[37,"rs13389219","T","C","T","C",0.0137302,-0.0300125,0.393331,0.34996,false,false,false,"ZSBwO7",164672366,0.316655,0.0299719,"outcome",true,"reported","textfile",57,2,165528876,0.000948724,{"v":6.4e-53,"d":"6.40E-53"},370125,"ebi-a-GCST90012111","Sex hormone-binding globulin levels || id:ebi-a-GCST90012111",true,"reported","igd",2,true,"NA",{"v":8.99692e-5,"d":"9.00E-05"},33.30265443]
[38,"rs7696472","A","G","A","G",0.0131911,-0.000139401,0.475105,0.534428,false,false,false,"ZSBwO7",68672462,0.99612,0.0286672,"outcome",true,"reported","textfile",109,4,69538180,0.000932549,{"v":6.7e-48,"d":"6.70E-48"},370125,"ebi-a-GCST90012111","Sex hormone-binding globulin levels || id:ebi-a-GCST90012111",true,"reported","igd",2,true,"NA",{"v":8.67869e-5,"d":"8.68E-05"},32.12460706]
[39,"rs12320328","G","A","G","A",-0.0236589,0.055389,0.084344,0.151141,false,false,false,"ZSBwO7",25255530,0.166337,0.040019,"outcome",true,"reported","textfile",271,12,25408464,0.00167972,{"v":1.1e-49,"d":"1.10E-49"},370125,"ebi-a-GCST90012111","Sex hormone-binding globulin levels || id:ebi-a-GCST90012111",true,"reported","igd",2,true,"NA",{"v":8.64581e-5,"d":"8.65E-05"},32.00289418]
[40,"rs6792725","G","A","G","A",0.0141084,-0.0743119,0.692989,0.543395,false,false,false,"ZSBwO7",24478792,0.0101515,0.0289081,"outcome",true,"reported","textfile",81,3,24520283,0.00104018,{"v":2e-46,"d":"2.00E-46"},370125,"ebi-a-GCST90012111","Sex hormone-binding globulin levels || id:ebi-a-GCST90012111",true,"reported","igd",2,true,"NA",{"v":8.46966e-5,"d":"8.47E-05"},31.35080233]
[41,"rs117921873","G","A","G","A",0.0260632,-0.0393532,0.066622,0.0513796,false,false,false,"ZSBwO7",80561600,0.542871,0.064675,"outcome",true,"reported","textfile",183,8,81473835,0.0018976,{"v":2.7e-45,"d":"2.70E-45"},370125,"ebi-a-GCST90012111","Sex hormone-binding globulin levels || id:ebi-a-GCST90012111",true,"reported","igd",2,true,"NA",{"v":8.44813e-5,"d":"8.45E-05"},31.27112174]
[42,"rs7117818","T","C","T","C",0.0154233,-0.00277526,0.230423,0.230568,false,false,false,"ZSBwO7",69470482,0.934652,0.0338473,"outcome",true,"reported","textfile",246,11,69285250,0.00110751,{"v":1.9e-46,"d":"1.90E-46"},370125,"ebi-a-GCST90012111","Sex hormone-binding globulin levels || id:ebi-a-GCST90012111",true,"reported","igd",2,true,"NA",{"v":8.4365e-5,"d":"8.44E-05"},31.22807608]
[43,"rs6939861","A","G","A","G",-0.0146741,-0.0304412,0.261971,0.261081,false,false,false,"ZSBwO7",41735303,0.352151,0.0327175,"outcome",true,"reported","textfile",145,6,41703041,0.00107519,{"v":1.7e-43,"d":"1.70E-43"},370125,"ebi-a-GCST90012111","Sex hormone-binding globulin levels || id:ebi-a-GCST90012111",true,"reported","igd",2,true,"NA",{"v":8.32644e-5,"d":"8.33E-05"},30.82065229]
[44,"rs2972145","C","T","C","T",-0.0134911,-0.020906,0.646361,0.639946,false,false,false,"ZSBwO7",226236593,0.481465,0.0296982,"outcome",true,"reported","textfile",43,2,227101309,0.000969251,{"v":1e-46,"d":"1.00E-46"},370125,"ebi-a-GCST90012111","Sex hormone-binding globulin levels || id:ebi-a-GCST90012111",true,"reported","igd",2,true,"NA",{"v":8.3207e-5,"d":"8.32E-05"},30.79939801]
[45,"rs2602856","A","C","A","C",-0.0135762,0.00185336,0.661738,0.661304,false,false,false,"ZSBwO7",99107994,0.951045,0.0301876,"outcome",true,"reported","textfile",106,4,100029145,0.000983228,{"v":8.5e-44,"d":"8.50E-44"},370125,"ebi-a-GCST90012111","Sex hormone-binding globulin levels || id:ebi-a-GCST90012111",true,"reported","igd",2,true,"NA",{"v":8.25136e-5,"d":"8.25E-05"},30.54271554]
[46,"rs6486122","T","C","T","C",-0.0138029,0.0464422,0.689901,0.539248,false,false,false,"ZSBwO7",13339977,0.105185,0.0286641,"outcome",true,"reported","textfile",240,11,13361524,0.00100882,{"v":1.5e-44,"d":"1.50E-44"},370125,"ebi-a-GCST90012111","Sex hormone-binding globulin levels || id:ebi-a-GCST90012111",true,"reported","igd",2,true,"NA",{"v":8.15188e-5,"d":"8.15E-05"},30.17444545]
[47,"rs1801689","C","A","C","A",-0.0372116,-0.136333,0.029905,0.00991249,false,false,false,"ZSBwO7",66214462,0.345403,0.14449,"outcome",true,"reported","textfile",342,17,64210580,0.00265974,{"v":2.6e-45,"d":"2.60E-45"},370125,"ebi-a-GCST90012111","Sex hormone-binding globulin levels || id:ebi-a-GCST90012111",true,"reported","igd",2,true,"NA",{"v":8.03424e-5,"d":"8.03E-05"},29.73895637]
[48,"rs8079418","T","C","T","C",-0.0128554,0.0119714,0.387616,0.475174,false,false,false,"ZSBwO7",18020746,0.676408,0.0286829,"outcome",true,"reported","textfile",333,17,17924060,0.000930379,{"v":7.6e-44,"d":"7.60E-44"},370125,"ebi-a-GCST90012111","Sex hormone-binding globulin levels || id:ebi-a-GCST90012111",true,"reported","igd",2,true,"NA",{"v":7.84561e-5,"d":"7.85E-05"},29.04068548]
[49,"rs4841133","G","A","G","A",0.0216155,0.0398396,0.908282,0.857408,false,false,false,"ZSBwO7",9326154,0.329532,0.0408587,"outcome",true,"reported","textfile",191,8,9183664,0.00161845,{"v":9.6e-45,"d":"9.60E-45"},370125,"ebi-a-GCST90012111","Sex hormone-binding globulin levels || id:ebi-a-GCST90012111",true,"reported","igd",2,true,"NA",{"v":7.78459e-5,"d":"7.78E-05"},28.81480826]
[50,"rs10278546","C","A","C","A",0.0156353,-0.0148497,0.194709,0.219057,false,false,false,"ZSBwO7",100918383,0.669075,0.0347429,"outcome",true,"reported","textfile",156,7,100516003,0.00118143,{"v":2.1e-40,"d":"2.10E-40"},370125,"ebi-a-GCST90012111","Sex hormone-binding globulin levels || id:ebi-a-GCST90012111",true,"reported","igd",2,true,"NA",{"v":7.66622e-5,"d":"7.67E-05"},28.37662059]
[51,"rs17184382","C","A","C","A",0.012425,0.021829,0.426364,0.322473,false,false,false,"ZSBwO7",63500287,0.475212,0.0305717,"outcome",true,"reported","textfile",311,15,63792486,0.000942861,{"v":3.8e-41,"d":"3.80E-41"},370125,"ebi-a-GCST90012111","Sex hormone-binding globulin levels || id:ebi-a-GCST90012111",true,"reported","igd",2,true,"NA",{"v":7.55161e-5,"d":"7.55E-05"},27.95236691]
[52,"rs695272","C","T","C","T",-0.0128626,-0.0419682,0.662845,0.727785,false,false,false,"ZSBwO7",28460772,0.191946,0.0321634,"outcome",true,"reported","textfile",396,22,28856760,0.000992929,{"v":1.2e-38,"d":"1.20E-38"},370125,"ebi-a-GCST90012111","Sex hormone-binding globulin levels || id:ebi-a-GCST90012111",true,"reported","igd",2,true,"NA",{"v":7.39485e-5,"d":"7.39E-05"},27.37204867]
[53,"rs79287178","A","G","A","G",-0.0347016,-0.0789955,0.031369,0.041695,false,false,false,"ZSBwO7",172576710,0.270665,0.0717141,"outcome",true,"reported","textfile",78,3,172294500,0.0028043,{"v":3.7e-36,"d":"3.70E-36"},370125,"ebi-a-GCST90012111","Sex hormone-binding globulin levels || id:ebi-a-GCST90012111",true,"reported","igd",2,true,"NA",{"v":7.31793e-5,"d":"7.32E-05"},27.08731068]
[54,"rs35233014","A","C","A","C",-0.0138864,-0.0158756,0.745584,0.732367,false,false,false,"ZSBwO7",134376331,0.623399,0.0323307,"outcome",true,"reported","textfile",210,9,137268177,0.00107898,{"v":5e-37,"d":"5.00E-37"},370125,"ebi-a-GCST90012111","Sex hormone-binding globulin levels || id:ebi-a-GCST90012111",true,"reported","igd",2,true,"NA",{"v":7.31561e-5,"d":"7.32E-05"},27.07872325]
[55,"rs28507491","A","G","A","G",0.0124772,0.0649632,0.376693,0.343633,false,false,false,"ZSBwO7",76276498,0.0306041,0.0300452,"outcome",true,"reported","textfile",98,4,77197651,0.000959954,{"v":1.9e-38,"d":"1.90E-38"},370125,"ebi-a-GCST90012111","Sex hormone-binding globulin levels || id:ebi-a-GCST90012111",true,"reported","igd",2,true,"NA",{"v":7.31061e-5,"d":"7.31E-05"},27.0602402]
[56,"rs9427104","T","C","T","C",0.0119807,-0.00450518,0.478719,0.46249,false,false,false,"ZSBwO7",154616756,0.874942,0.0286253,"outcome",true,"reported","textfile",26,1,154589232,0.000927617,{"v":1.9e-41,"d":"1.90E-41"},370125,"ebi-a-GCST90012111","Sex hormone-binding globulin levels || id:ebi-a-GCST90012111",true,"reported","igd",2,true,"NA",{"v":7.16386e-5,"d":"7.16E-05"},26.51698421]
[57,"rs1801282","G","C","G","C",0.0183443,-0.0143,0.120477,0.169996,false,true,false,"ZSBwO7",12351626,0.705965,0.0379027,"outcome",true,"reported","textfile",80,3,12393125,0.00142776,{"v":1.3e-37,"d":"1.30E-37"},370125,"ebi-a-GCST90012111","Sex hormone-binding globulin levels || id:ebi-a-GCST90012111",true,"reported","igd",2,true,"NA",{"v":7.13155e-5,"d":"7.13E-05"},26.397371]
[58,"rs9697210","A","G","A","G",-0.0166914,-0.0163852,0.14584,0.106597,false,false,false,"ZSBwO7",128706461,0.724469,0.0464837,"outcome",true,"reported","textfile",209,9,131468740,0.0013251,{"v":2.7e-39,"d":"2.70E-39"},370125,"ebi-a-GCST90012111","Sex hormone-binding globulin levels || id:ebi-a-GCST90012111",true,"reported","igd",2,true,"NA",{"v":6.94115e-5,"d":"6.94E-05"},25.69257486]
[59,"rs11656323","C","T","C","T",-0.0272283,-0.0547871,0.048977,0.0267906,false,false,false,"ZSBwO7",7241798,0.537935,0.088949,"outcome",true,"reported","textfile",334,17,7145117,0.00210045,{"v":2.8e-36,"d":"2.80E-36"},370125,"ebi-a-GCST90012111","Sex hormone-binding globulin levels || id:ebi-a-GCST90012111",true,"reported","igd",2,true,"NA",{"v":6.90644e-5,"d":"6.91E-05"},25.56408886]
[60,"rs141881700","A","G","A","G",-0.0519692,0.427512,0.012485,0.00656184,false,false,false,"ZSBwO7",100662435,0.0185909,0.181639,"outcome",true,"reported","textfile",269,12,101056213,0.00428194,{"v":1.4e-38,"d":"1.40E-38"},370125,"ebi-a-GCST90012111","Sex hormone-binding globulin levels || id:ebi-a-GCST90012111",true,"reported","igd",2,true,"NA",{"v":6.65969e-5,"d":"6.66E-05"},24.65070269]
[61,"rs36086195","T","C","T","C",0.0116575,0.00143542,0.580061,0.682666,false,false,false,"ZSBwO7",16184399,0.962704,0.0306974,"outcome",true,"reported","textfile",34,1,16510894,0.000939315,{"v":9.8e-36,"d":"9.80E-36"},370125,"ebi-a-GCST90012111","Sex hormone-binding globulin levels || id:ebi-a-GCST90012111",true,"reported","igd",2,true,"NA",{"v":6.62065e-5,"d":"6.62E-05"},24.506176]
[62,"rs1782652","A","T","A","T",-0.0117273,-0.0125955,0.380878,0.305065,false,true,false,"ZSBwO7",79314368,0.685826,0.0311364,"outcome",true,"reported","textfile",223,10,81074125,0.00096795,{"v":1.7e-36,"d":"1.70E-36"},370125,"ebi-a-GCST90012111","Sex hormone-binding globulin levels || id:ebi-a-GCST90012111",true,"reported","igd",2,true,"NA",{"v":6.48617e-5,"d":"6.49E-05"},24.00835666]
[63,"rs11640366","A","C","A","C",-0.0113776,0.00396079,0.497289,0.326032,false,false,false,"ZSBwO7",87970933,0.896632,0.030487,"outcome",true,"reported","textfile",323,16,88004539,0.000937444,{"v":7.4e-36,"d":"7.40E-36"},370125,"ebi-a-GCST90012111","Sex hormone-binding globulin levels || id:ebi-a-GCST90012111",true,"reported","igd",2,true,"NA",{"v":6.4723e-5,"d":"6.47E-05"},23.95701709]
[64,"rs111981233","G","T","G","T",0.0209851,-0.0830667,0.079587,0.0461852,false,false,false,"ZSBwO7",49513222,0.22152,0.0679484,"outcome",true,"reported","textfile",360,19,50016479,0.00172199,{"v":2.4e-37,"d":"2.40E-37"},370125,"ebi-a-GCST90012111","Sex hormone-binding globulin levels || id:ebi-a-GCST90012111",true,"reported","igd",2,true,"NA",{"v":6.45174e-5,"d":"6.45E-05"},23.88092004]
[65,"rs9267551","G","C","G","C",-0.0159203,-0.0970604,0.852257,0.866981,false,true,false,"ZSBwO7",31730180,0.0204979,0.0418887,"outcome",true,"reported","textfile",148,6,31697957,0.00131561,{"v":1e-29,"d":"1.00E-29"},370125,"ebi-a-GCST90012111","Sex hormone-binding globulin levels || id:ebi-a-GCST90012111",true,"reported","igd",2,true,"NA",{"v":6.38278e-5,"d":"6.38E-05"},23.6256505]
[66,"rs2196943","A","G","A","G",-0.0115575,0.0079679,0.640722,0.60524,false,false,false,"ZSBwO7",214182049,0.785523,0.02928,"outcome",true,"reported","textfile",19,1,214355392,0.000966425,{"v":3.4e-34,"d":"3.40E-34"},370125,"ebi-a-GCST90012111","Sex hormone-binding globulin levels || id:ebi-a-GCST90012111",true,"reported","igd",2,true,"NA",{"v":6.14976e-5,"d":"6.15E-05"},22.76307049]
[67,"rs78890745","A","G","A","G",0.0178018,-0.0296249,0.108823,0.116672,false,false,false,"ZSBwO7",158913322,0.506019,0.0445454,"outcome",true,"reported","textfile",104,4,159834474,0.00150241,{"v":8.8e-32,"d":"8.80E-32"},370125,"ebi-a-GCST90012111","Sex hormone-binding globulin levels || id:ebi-a-GCST90012111",true,"reported","igd",2,true,"NA",{"v":6.14671e-5,"d":"6.15E-05"},22.75177392]
[68,"rs17580","A","T","A","T",0.0258533,0.0104653,0.048223,0.00926729,false,true,false,"ZSBwO7",94380925,0.94453,0.150412,"outcome",true,"reported","textfile",293,14,94847262,0.00218184,{"v":3.8e-35,"d":"3.80E-35"},370125,"ebi-a-GCST90012111","Sex hormone-binding globulin levels || id:ebi-a-GCST90012111",true,"reported","igd",2,true,"NA",{"v":6.13552e-5,"d":"6.14E-05"},22.71036521]
[69,"rs2642438","G","A","G","A",0.0120603,0.00381869,0.702672,0.716802,false,false,false,"ZSBwO7",220796686,0.905134,0.0320418,"outcome",true,"reported","textfile",33,1,220970028,0.00101329,{"v":2e-34,"d":"2.00E-34"},370125,"ebi-a-GCST90012111","Sex hormone-binding globulin levels || id:ebi-a-GCST90012111",true,"reported","igd",2,true,"NA",{"v":6.07764e-5,"d":"6.08E-05"},22.49609538]
[70,"rs9297994","A","G","A","G",0.0114853,0.01474,0.664177,0.623801,false,false,false,"ZSBwO7",58479765,0.617625,0.0295261,"outcome",true,"reported","textfile",180,8,59392324,0.000988608,{"v":3.1e-31,"d":"3.10E-31"},370125,"ebi-a-GCST90012111","Sex hormone-binding globulin levels || id:ebi-a-GCST90012111",true,"reported","igd",2,true,"NA",{"v":5.88449e-5,"d":"5.88E-05"},21.7811388]
[71,"rs185406435","G","A","G","A",-0.0167882,0.00903659,0.113209,0.121481,false,false,false,"ZSBwO7",54005741,0.836816,0.0438739,"outcome",true,"reported","textfile",128,5,53301571,0.00147804,{"v":3.3e-30,"d":"3.30E-30"},370125,"ebi-a-GCST90012111","Sex hormone-binding globulin levels || id:ebi-a-GCST90012111",true,"reported","igd",2,true,"NA",{"v":5.65901e-5,"d":"5.66E-05"},20.94648459]
[72,"rs2498786","G","C","G","C",-0.0108833,0.00676401,0.616006,0.626962,false,true,false,"ZSBwO7",104796031,0.819542,0.0296493,"outcome",true,"reported","textfile",299,14,105262368,0.000962293,{"v":1.4e-30,"d":"1.40E-30"},370125,"ebi-a-GCST90012111","Sex hormone-binding globulin levels || id:ebi-a-GCST90012111",true,"reported","igd",2,true,"NA",{"v":5.60352e-5,"d":"5.60E-05"},20.74106192]
[73,"rs114949263","C","T","C","T",0.0167483,-0.00602753,0.111267,0.0793499,false,false,false,"ZSBwO7",150801157,0.909748,0.0531733,"outcome",true,"reported","textfile",178,7,150498245,0.00148658,{"v":4.6e-33,"d":"4.60E-33"},370125,"ebi-a-GCST90012111","Sex hormone-binding globulin levels || id:ebi-a-GCST90012111",true,"reported","igd",2,true,"NA",{"v":5.54765e-5,"d":"5.55E-05"},20.53427204]
[74,"rs13086465","T","C","T","C",-0.0111705,0.00128178,0.323493,0.252632,false,false,false,"ZSBwO7",49742473,0.968863,0.0328367,"outcome",true,"reported","textfile",86,3,49779906,0.000993856,{"v":3.6e-30,"d":"3.60E-30"},370125,"ebi-a-GCST90012111","Sex hormone-binding globulin levels || id:ebi-a-GCST90012111",true,"reported","igd",2,true,"NA",{"v":5.46151e-5,"d":"5.46E-05"},20.21539339]
[75,"rs12263369","T","C","T","C",-0.0105348,-0.0203819,0.592293,0.583577,false,false,false,"ZSBwO7",93063586,0.481433,0.0289517,"outcome",true,"reported","textfile",224,10,94823343,0.000943767,{"v":5e-30,"d":"5.00E-30"},370125,"ebi-a-GCST90012111","Sex hormone-binding globulin levels || id:ebi-a-GCST90012111",true,"reported","igd",2,true,"NA",{"v":5.36003e-5,"d":"5.36E-05"},19.83977335]
[76,"rs757869","A","G","A","G",-0.0113285,0.0850236,0.705811,0.781791,false,false,false,"ZSBwO7",30368464,0.0144544,0.0347636,"outcome",true,"reported","textfile",394,22,30764453,0.00102904,{"v":1.2e-30,"d":"1.20E-30"},370125,"ebi-a-GCST90012111","Sex hormone-binding globulin levels || id:ebi-a-GCST90012111",true,"reported","igd",2,true,"NA",{"v":5.32954e-5,"d":"5.33E-05"},19.72690197]
[77,"rs12543287","C","G","C","G",0.0106142,0.0634129,0.371432,0.346406,false,true,false,"ZSBwO7",42476993,0.0350227,0.0300807,"outcome",true,"reported","textfile",187,8,42334511,0.000971346,{"v":1.5e-30,"d":"1.50E-30"},370125,"ebi-a-GCST90012111","Sex hormone-binding globulin levels || id:ebi-a-GCST90012111",true,"reported","igd",2,true,"NA",{"v":5.26061e-5,"d":"5.26E-05"},19.4717522]
[78,"rs4639796","A","G","A","G",-0.0139887,-0.0447221,0.1599,0.229172,false,false,false,"ZSBwO7",197157519,0.188581,0.0340146,"outcome",true,"reported","textfile",18,1,197126649,0.00126431,{"v":1.7e-28,"d":"1.70E-28"},370125,"ebi-a-GCST90012111","Sex hormone-binding globulin levels || id:ebi-a-GCST90012111",true,"reported","igd",2,true,"NA",{"v":5.25732e-5,"d":"5.26E-05"},19.45956212]
[79,"rs12943365","G","C","G","C",0.0104986,0.0384736,0.609183,0.600576,false,true,false,"ZSBwO7",31353508,0.187795,0.0292101,"outcome",true,"reported","textfile",327,17,29680526,0.000928499,{"v":6.2e-31,"d":"6.20E-31"},370125,"ebi-a-GCST90012111","Sex hormone-binding globulin levels || id:ebi-a-GCST90012111",true,"reported","igd",2,true,"NA",{"v":5.24824e-5,"d":"5.25E-05"},19.42597669]
[80,"rs71413975","G","T","G","T",0.0128827,0.0034438,0.19377,0.195935,false,false,false,"ZSBwO7",23254202,0.923791,0.0360006,"outcome",true,"reported","textfile",287,14,23723411,0.00117965,{"v":7.1e-31,"d":"7.10E-31"},370125,"ebi-a-GCST90012111","Sex hormone-binding globulin levels || id:ebi-a-GCST90012111",true,"reported","igd",2,true,"NA",{"v":5.18548e-5,"d":"5.19E-05"},19.19366324]
[81,"rs11856926","A","G","A","G",-0.0102213,-0.0375267,0.448508,0.425668,false,false,false,"ZSBwO7",95680420,0.194627,0.0289331,"outcome",true,"reported","textfile",302,15,96223649,0.000944377,{"v":7.2e-29,"d":"7.20E-29"},370125,"ebi-a-GCST90012111","Sex hormone-binding globulin levels || id:ebi-a-GCST90012111",true,"reported","igd",2,true,"NA",{"v":5.16835e-5,"d":"5.17E-05"},19.13023024]
[82,"rs2351958","A","C","A","C",-0.0104324,0.042805,0.38761,0.334574,false,false,false,"ZSBwO7",16226474,0.158142,0.0303292,"outcome",true,"reported","textfile",241,11,16248020,0.000957882,{"v":2.2e-31,"d":"2.20E-31"},370125,"ebi-a-GCST90012111","Sex hormone-binding globulin levels || id:ebi-a-GCST90012111",true,"reported","igd",2,true,"NA",{"v":5.1668e-5,"d":"5.17E-05"},19.12449752]
[83,"rs56024084","T","C","T","C",0.0103037,0.0389508,0.593848,0.596346,false,false,false,"ZSBwO7",80911896,0.181608,0.0291587,"outcome",true,"reported","textfile",190,8,81824131,0.000953429,{"v":3.3e-26,"d":"3.30E-26"},370125,"ebi-a-GCST90012111","Sex hormone-binding globulin levels || id:ebi-a-GCST90012111",true,"reported","igd",2,true,"NA",{"v":5.1213e-5,"d":"5.12E-05"},18.95608365]
[84,"rs145212478","C","G","C","G",0.0381094,-0.0150204,0.017942,0.0187096,false,true,false,"ZSBwO7",63739809,0.886358,0.105101,"outcome",true,"reported","textfile",216,10,65499569,0.00353195,{"v":4e-31,"d":"4.00E-31"},370125,"ebi-a-GCST90012111","Sex hormone-binding globulin levels || id:ebi-a-GCST90012111",true,"reported","igd",2,true,"NA",{"v":5.11802e-5,"d":"5.12E-05"},18.94394874]
[85,"rs157935","G","T","G","T",0.0109559,0.064438,0.303391,0.385189,false,false,false,"ZSBwO7",130900794,0.0279467,0.0293162,"outcome",true,"reported","textfile",157,7,130585553,0.00101714,{"v":5.7e-29,"d":"5.70E-29"},370125,"ebi-a-GCST90012111","Sex hormone-binding globulin levels || id:ebi-a-GCST90012111",true,"reported","igd",2,true,"NA",{"v":5.07362e-5,"d":"5.07E-05"},18.77958531]
[86,"rs10750766","A","C","A","C",-0.0110974,-0.0162605,0.710746,0.736727,false,false,false,"ZSBwO7",65706327,0.616453,0.0324637,"outcome",true,"reported","textfile",249,11,65473798,0.0010301,{"v":8.3e-28,"d":"8.30E-28"},370125,"ebi-a-GCST90012111","Sex hormone-binding globulin levels || id:ebi-a-GCST90012111",true,"reported","igd",2,true,"NA",{"v":5.06368e-5,"d":"5.06E-05"},18.74279431]
[87,"rs174554","G","A","G","A",-0.0104287,-0.00210002,0.344995,0.41258,false,false,false,"ZSBwO7",61811991,0.942237,0.0289823,"outcome",true,"reported","textfile",236,11,61579463,0.000981044,{"v":1e-26,"d":"1.00E-26"},370125,"ebi-a-GCST90012111","Sex hormone-binding globulin levels || id:ebi-a-GCST90012111",true,"reported","igd",2,true,"NA",{"v":4.91527e-5,"d":"4.92E-05"},18.19345502]
[88,"rs1229498","G","T","G","T",-0.0110537,0.0313995,0.723401,0.729668,false,false,false,"ZSBwO7",81939434,0.330805,0.0322876,"outcome",true,"reported","textfile",174,7,81568750,0.00105916,{"v":6.2e-27,"d":"6.20E-27"},370125,"ebi-a-GCST90012111","Sex hormone-binding globulin levels || id:ebi-a-GCST90012111",true,"reported","igd",2,true,"NA",{"v":4.88962e-5,"d":"4.89E-05"},18.09849086]
[89,"rs11045806","A","G","A","G",0.0125338,0.00811462,0.188598,0.114975,false,false,false,"ZSBwO7",21161802,0.857299,0.0451278,"outcome",true,"reported","textfile",255,12,21314736,0.00119833,{"v":3.7e-26,"d":"3.70E-26"},370125,"ebi-a-GCST90012111","Sex hormone-binding globulin levels || id:ebi-a-GCST90012111",true,"reported","igd",2,true,"NA",{"v":4.80805e-5,"d":"4.81E-05"},17.79654219]
[90,"rs7860634","A","G","A","G",0.00990807,-0.0144625,0.573385,0.553609,false,false,false,"ZSBwO7",136197833,0.614762,0.0287362,"outcome",true,"reported","textfile",205,9,139089679,0.000943547,{"v":2.7e-27,"d":"2.70E-27"},370125,"ebi-a-GCST90012111","Sex hormone-binding globulin levels || id:ebi-a-GCST90012111",true,"reported","igd",2,true,"NA",{"v":4.80276e-5,"d":"4.80E-05"},17.77696057]
[91,"rs144613238","AATTT","A","AATTT","A",0.0181958,-0.0288346,0.076027,0.0803846,false,false,false,"ZSBwO7",61227345,0.585303,0.052844,"outcome",true,"reported","textfile",37,1,61693017,0.0017539,{"v":1.3e-26,"d":"1.30E-26"},370125,"ebi-a-GCST90012111","Sex hormone-binding globulin levels || id:ebi-a-GCST90012111",true,"reported","igd",2,true,"NA",{"v":4.65157e-5,"d":"4.65E-05"},17.21732648]
[92,"rs34587839","A","G","A","G",-0.0132511,0.0045028,0.154916,0.162159,false,false,false,"ZSBwO7",33712865,0.907502,0.0387537,"outcome",true,"reported","textfile",382,20,32300671,0.00129379,{"v":1e-25,"d":"1.00E-25"},370125,"ebi-a-GCST90012111","Sex hormone-binding globulin levels || id:ebi-a-GCST90012111",true,"reported","igd",2,true,"NA",{"v":4.59759e-5,"d":"4.60E-05"},17.01751154]
[93,"rs11564722","T","C","T","C",0.011201,-0.0251394,0.239393,0.232818,false,false,false,"ZSBwO7",2157100,0.458329,0.0338987,"outcome",true,"reported","textfile",243,11,2178330,0.00110846,{"v":2e-25,"d":"2.00E-25"},370125,"ebi-a-GCST90012111","Sex hormone-binding globulin levels || id:ebi-a-GCST90012111",true,"reported","igd",2,true,"NA",{"v":4.56894e-5,"d":"4.57E-05"},16.91146659]
[94,"rs13251458","A","G","A","G",0.00954694,0.0133702,0.470873,0.453155,false,false,false,"ZSBwO7",144455073,0.64222,0.028778,"outcome",true,"reported","textfile",186,8,145680456,0.000935583,{"v":9.2e-27,"d":"9.20E-27"},370125,"ebi-a-GCST90012111","Sex hormone-binding globulin levels || id:ebi-a-GCST90012111",true,"reported","igd",2,true,"NA",{"v":4.54174e-5,"d":"4.54E-05"},16.81078107]
[95,"rs267733","G","A","G","A",-0.0129483,-0.033288,0.161186,0.147191,false,false,false,"ZSBwO7",150986360,0.411467,0.0405301,"outcome",true,"reported","textfile",38,1,150958836,0.00125973,{"v":5e-26,"d":"5.00E-26"},370125,"ebi-a-GCST90012111","Sex hormone-binding globulin levels || id:ebi-a-GCST90012111",true,"reported","igd",2,true,"NA",{"v":4.53366e-5,"d":"4.53E-05"},16.78086152]
[96,"rs72683923","C","T","C","T",0.0337915,-0.178295,0.020022,0.0114781,false,false,false,"ZSBwO7",50269229,0.188782,0.135669,"outcome",true,"reported","textfile",288,14,50735947,0.00333482,{"v":3.2e-26,"d":"3.20E-26"},370125,"ebi-a-GCST90012111","Sex hormone-binding globulin levels || id:ebi-a-GCST90012111",true,"reported","igd",2,true,"NA",{"v":4.48094e-5,"d":"4.48E-05"},16.58571713]
[97,"rs10733608","T","G","T","G",0.00946126,0.0241967,0.485528,0.478224,false,false,false,"ZSBwO7",114386150,0.400076,0.0287547,"outcome",true,"reported","textfile",212,9,117148430,0.00094065,{"v":1.2e-23,"d":"1.20E-23"},370125,"ebi-a-GCST90012111","Sex hormone-binding globulin levels || id:ebi-a-GCST90012111",true,"reported","igd",2,true,"NA",{"v":4.47202e-5,"d":"4.47E-05"},16.55272385]
[98,"rs72844546","T","C","T","C",-0.00989122,0.0267986,0.654168,0.642743,false,false,false,"ZSBwO7",75153755,0.36813,0.0297768,"outcome",true,"reported","textfile",330,17,73149850,0.000950999,{"v":5.5e-27,"d":"5.50E-27"},370125,"ebi-a-GCST90012111","Sex hormone-binding globulin levels || id:ebi-a-GCST90012111",true,"reported","igd",2,true,"NA",{"v":4.42674e-5,"d":"4.43E-05"},16.38511486]
[99,"rs2239222","G","A","G","A",0.0097625,0.0279851,0.349455,0.375428,false,false,false,"ZSBwO7",72545177,0.346155,0.0297059,"outcome",true,"reported","textfile",291,14,73011885,0.000986238,{"v":7.8e-23,"d":"7.80E-23"},370125,"ebi-a-GCST90012111","Sex hormone-binding globulin levels || id:ebi-a-GCST90012111",true,"reported","igd",2,true,"NA",{"v":4.33332e-5,"d":"4.33E-05"},16.03930644]
[100,"rs9379084","A","G","A","G",-0.0145332,-0.0464938,0.115589,0.113549,false,false,false,"ZSBwO7",7231610,0.303796,0.0452131,"outcome",true,"reported","textfile",147,6,7231843,0.00150463,{"v":4.6e-23,"d":"4.60E-23"},370125,"ebi-a-GCST90012111","Sex hormone-binding globulin levels || id:ebi-a-GCST90012111",true,"reported","igd",2,true,"NA",{"v":4.3184e-5,"d":"4.32E-05"},15.98409186]
[101,"rs6736913","G","A","G","A",-0.0322807,-0.0340562,0.979052,0.982007,false,false,false,"ZSBwO7",42282878,0.75123,0.107427,"outcome",true,"reported","textfile",39,2,42510018,0.00323118,{"v":1.4e-25,"d":"1.40E-25"},370125,"ebi-a-GCST90012111","Sex hormone-binding globulin levels || id:ebi-a-GCST90012111",true,"reported","igd",2,true,"NA",{"v":4.27429e-5,"d":"4.27E-05"},15.82081472]
[102,"rs6422513","A","G","A","G",0.0112896,0.004337,0.792962,0.776727,false,false,false,"ZSBwO7",92566910,0.899541,0.0343549,"outcome",true,"reported","textfile",5,1,93032467,0.00113796,{"v":4.3e-23,"d":"4.30E-23"},370125,"ebi-a-GCST90012111","Sex hormone-binding globulin levels || id:ebi-a-GCST90012111",true,"reported","igd",2,true,"NA",{"v":4.18494e-5,"d":"4.18E-05"},15.49008474]
[103,"rs273492","A","G","A","G",-0.0103905,-0.0259009,0.255527,0.260956,false,false,false,"ZSBwO7",18127072,0.425475,0.0324997,"outcome",true,"reported","textfile",355,19,18237882,0.00106974,{"v":1.3e-25,"d":"1.30E-25"},370125,"ebi-a-GCST90012111","Sex hormone-binding globulin levels || id:ebi-a-GCST90012111",true,"reported","igd",2,true,"NA",{"v":4.1076e-5,"d":"4.11E-05"},15.20381407]
[104,"rs34457392","G","A","G","A",0.015019,-0.0645927,0.100409,0.102774,false,false,false,"ZSBwO7",62196636,0.170681,0.0471473,"outcome",true,"reported","textfile",221,10,63956395,0.00154333,{"v":6.3e-21,"d":"6.30E-21"},370125,"ebi-a-GCST90012111","Sex hormone-binding globulin levels || id:ebi-a-GCST90012111",true,"reported","igd",2,true,"NA",{"v":4.07502e-5,"d":"4.08E-05"},15.08320194]
[105,"rs12928099","A","C","A","C",0.00987091,-0.00109301,0.295258,0.282444,false,false,false,"ZSBwO7",15056648,0.972476,0.0316792,"outcome",true,"reported","textfile",316,16,15150505,0.00102671,{"v":1.4e-23,"d":"1.40E-23"},370125,"ebi-a-GCST90012111","Sex hormone-binding globulin levels || id:ebi-a-GCST90012111",true,"reported","igd",2,true,"NA",{"v":4.05486e-5,"d":"4.05E-05"},15.00858995]
[106,"rs6758199","T","C","T","C",-0.0179681,0.0450997,0.06672,0.0995611,false,false,false,"ZSBwO7",70310041,0.34238,0.0474997,"outcome",true,"reported","textfile",47,2,70537173,0.00187254,{"v":5.2e-23,"d":"5.20E-23"},370125,"ebi-a-GCST90012111","Sex hormone-binding globulin levels || id:ebi-a-GCST90012111",true,"reported","igd",2,true,"NA",{"v":4.02071e-5,"d":"4.02E-05"},14.88215557]
[107,"rs4092465","G","A","G","A",0.00922938,-0.00673195,0.648021,0.623829,false,false,false,"ZSBwO7",57413205,0.819733,0.0295405,"outcome",true,"reported","textfile",349,18,55080437,0.000986287,{"v":3.9e-22,"d":"3.90E-22"},370125,"ebi-a-GCST90012111","Sex hormone-binding globulin levels || id:ebi-a-GCST90012111",true,"reported","igd",2,true,"NA",{"v":3.8858e-5,"d":"3.89E-05"},14.38281299]
[108,"rs9972653","T","G","T","G",-0.00891603,0.00897279,0.398757,0.403393,false,false,false,"ZSBwO7",53780451,0.758073,0.0291313,"outcome",true,"reported","textfile",324,16,53814363,0.000956814,{"v":7.3e-20,"d":"7.30E-20"},370125,"ebi-a-GCST90012111","Sex hormone-binding globulin levels || id:ebi-a-GCST90012111",true,"reported","igd",2,true,"NA",{"v":3.81181e-5,"d":"3.81E-05"},14.10892807]
[109,"rs10123811","T","C","T","C",0.00882867,0.0150757,0.423107,0.329071,false,false,false,"ZSBwO7",4143735,0.620025,0.0304059,"outcome",true,"reported","textfile",199,9,4143735,0.000945633,{"v":3e-22,"d":"3.00E-22"},370125,"ebi-a-GCST90012111","Sex hormone-binding globulin levels || id:ebi-a-GCST90012111",true,"reported","igd",2,true,"NA",{"v":3.8051e-5,"d":"3.81E-05"},14.08408517]
[110,"rs6120663","A","C","A","C",-0.00877703,-0.0174717,0.438617,0.489218,false,false,false,"ZSBwO7",34494101,0.541005,0.0285815,"outcome",true,"reported","textfile",375,20,33081906,0.000943956,{"v":8.7e-23,"d":"8.70E-23"},370125,"ebi-a-GCST90012111","Sex hormone-binding globulin levels || id:ebi-a-GCST90012111",true,"reported","igd",2,true,"NA",{"v":3.79376e-5,"d":"3.79E-05"},14.04211186]
[111,"rs1408270","G","A","G","A",0.00982479,-0.0445602,0.268131,0.343877,false,false,false,"ZSBwO7",25872956,0.137449,0.0299996,"outcome",true,"reported","textfile",139,6,25873184,0.00105335,{"v":1e-21,"d":"1.00E-21"},370125,"ebi-a-GCST90012111","Sex hormone-binding globulin levels || id:ebi-a-GCST90012111",true,"reported","igd",2,true,"NA",{"v":3.78841e-5,"d":"3.79E-05"},14.02230648]
[112,"rs60018147","G","A","G","A",0.0133112,-0.0325679,0.120431,0.124654,false,false,false,"ZSBwO7",3375574,0.452761,0.0433765,"outcome",true,"reported","textfile",364,19,3375572,0.00150585,{"v":1e-19,"d":"1.00E-19"},370125,"ebi-a-GCST90012111","Sex hormone-binding globulin levels || id:ebi-a-GCST90012111",true,"reported","igd",2,true,"NA",{"v":3.75381e-5,"d":"3.75E-05"},13.89424641]
[113,"rs7451021","C","T","C","T",-0.00935087,0.0436161,0.689032,0.688091,false,false,false,"ZSBwO7",130060101,0.155783,0.0307286,"outcome",true,"reported","textfile",146,6,130381246,0.00100817,{"v":3.1e-21,"d":"3.10E-21"},370125,"ebi-a-GCST90012111","Sex hormone-binding globulin levels || id:ebi-a-GCST90012111",true,"reported","igd",2,true,"NA",{"v":3.74705e-5,"d":"3.75E-05"},13.86920201]
[114,"rs7828742","G","A","G","A",-0.00878515,0.00531132,0.599363,0.530125,false,false,false,"ZSBwO7",115948504,0.853077,0.0286798,"outcome",true,"reported","textfile",184,8,116960729,0.000957762,{"v":3.2e-22,"d":"3.20E-22"},370125,"ebi-a-GCST90012111","Sex hormone-binding globulin levels || id:ebi-a-GCST90012111",true,"reported","igd",2,true,"NA",{"v":3.70655e-5,"d":"3.71E-05"},13.71928613]
[115,"rs6860245","C","G","C","G",0.00996602,0.022868,0.24761,0.155274,false,true,false,"ZSBwO7",128032306,0.561966,0.0394327,"outcome",true,"reported","textfile",117,5,127367998,0.00108383,{"v":1.9e-20,"d":"1.90E-20"},370125,"ebi-a-GCST90012111","Sex hormone-binding globulin levels || id:ebi-a-GCST90012111",true,"reported","igd",2,true,"NA",{"v":3.70071e-5,"d":"3.70E-05"},13.69767461]
[116,"rs11556924","T","C","T","C",0.00881671,-0.0130709,0.389246,0.326974,false,false,false,"ZSBwO7",130023656,0.667647,0.0304414,"outcome",true,"reported","textfile",167,7,129663496,0.000955934,{"v":1.8e-19,"d":"1.80E-19"},370125,"ebi-a-GCST90012111","Sex hormone-binding globulin levels || id:ebi-a-GCST90012111",true,"reported","igd",2,true,"NA",{"v":3.69601e-5,"d":"3.70E-05"},13.68030285]
[117,"rs55987409","T","C","T","C",0.016543,0.0747293,0.072339,0.0561754,false,false,false,"ZSBwO7",50952488,0.228678,0.0620793,"outcome",true,"reported","textfile",376,20,49569025,0.0018104,{"v":7.4e-19,"d":"7.40E-19"},370125,"ebi-a-GCST90012111","Sex hormone-binding globulin levels || id:ebi-a-GCST90012111",true,"reported","igd",2,true,"NA",{"v":3.67299e-5,"d":"3.67E-05"},13.59509856]
[118,"rs3001032","C","T","C","T",0.00918505,0.0431963,0.31974,0.321873,false,false,false,"ZSBwO7",219554437,0.157611,0.0305673,"outcome",true,"reported","textfile",20,1,219727779,0.00099411,{"v":1.7e-20,"d":"1.70E-20"},370125,"ebi-a-GCST90012111","Sex hormone-binding globulin levels || id:ebi-a-GCST90012111",true,"reported","igd",2,true,"NA",{"v":3.66999e-5,"d":"3.67E-05"},13.5839778]
[119,"rs13379043","C","T","C","T",0.00953255,-0.0678294,0.278973,0.199234,false,false,false,"ZSBwO7",73783423,0.0573614,0.0356894,"outcome",true,"reported","textfile",295,14,74250126,0.00106178,{"v":2.3e-21,"d":"2.30E-21"},370125,"ebi-a-GCST90012111","Sex hormone-binding globulin levels || id:ebi-a-GCST90012111",true,"reported","igd",2,true,"NA",{"v":3.65563e-5,"d":"3.66E-05"},13.53081107]
[120,"rs78058190","A","G","A","G",-0.0194062,-0.131036,0.05039,0.0828575,false,false,false,"ZSBwO7",218835276,0.0121453,0.0522494,"outcome",true,"reported","textfile",58,2,219699999,0.00239072,{"v":5.5e-17,"d":"5.50E-17"},370125,"ebi-a-GCST90012111","Sex hormone-binding globulin levels || id:ebi-a-GCST90012111",true,"reported","igd",2,true,"NA",{"v":3.60413e-5,"d":"3.60E-05"},13.34020077]
[121,"rs11110390","T","C","T","C",-0.00892473,-0.0211757,0.333706,0.419968,false,false,false,"ZSBwO7",100481123,0.466868,0.0291041,"outcome",true,"reported","textfile",268,12,100874901,0.000987293,{"v":7.8e-20,"d":"7.80E-20"},370125,"ebi-a-GCST90012111","Sex hormone-binding globulin levels || id:ebi-a-GCST90012111",true,"reported","igd",2,true,"NA",{"v":3.54201e-5,"d":"3.54E-05"},13.11026718]
[122,"rs62580766","T","C","T","C",0.0108823,-0.0422135,0.181669,0.10501,false,false,false,"ZSBwO7",110272210,0.370945,0.0471816,"outcome",true,"reported","textfile",206,9,113034490,0.00121242,{"v":9.8e-23,"d":"9.80E-23"},370125,"ebi-a-GCST90012111","Sex hormone-binding globulin levels || id:ebi-a-GCST90012111",true,"reported","igd",2,true,"NA",{"v":3.52112e-5,"d":"3.52E-05"},13.0329455]
[123,"rs7068223","T","C","T","C",-0.00835543,0.056346,0.473298,0.492498,false,false,false,"ZSBwO7",61921663,0.0500807,0.0287586,"outcome",true,"reported","textfile",230,10,63681422,0.000946971,{"v":2.6e-20,"d":"2.60E-20"},370125,"ebi-a-GCST90012111","Sex hormone-binding globulin levels || id:ebi-a-GCST90012111",true,"reported","igd",2,true,"NA",{"v":3.48071e-5,"d":"3.48E-05"},12.88333896]
[124,"rs12879423","G","A","G","A",-0.00888732,0.056125,0.680462,0.637906,false,false,false,"ZSBwO7",25458626,0.0590813,0.0297337,"outcome",true,"reported","textfile",292,14,25927832,0.00100845,{"v":1.3e-18,"d":"1.30E-18"},370125,"ebi-a-GCST90012111","Sex hormone-binding globulin levels || id:ebi-a-GCST90012111",true,"reported","igd",2,true,"NA",{"v":3.43477e-5,"d":"3.43E-05"},12.71332098]
[125,"rs6567160","C","T","C","T",-0.00976339,0.0230395,0.232909,0.18511,false,false,false,"ZSBwO7",60161902,0.529926,0.0366801,"outcome",true,"reported","textfile",347,18,57829135,0.00110867,{"v":1.2e-19,"d":"1.20E-19"},370125,"ebi-a-GCST90012111","Sex hormone-binding globulin levels || id:ebi-a-GCST90012111",true,"reported","igd",2,true,"NA",{"v":3.40616e-5,"d":"3.41E-05"},12.60739314]
[126,"rs4794008","T","C","T","C",0.00909728,0.0139355,0.288836,0.255897,false,false,false,"ZSBwO7",48971599,0.670533,0.0327574,"outcome",true,"reported","textfile",336,17,47048961,0.000999166,{"v":1.5e-21,"d":"1.50E-21"},370125,"ebi-a-GCST90012111","Sex hormone-binding globulin levels || id:ebi-a-GCST90012111",true,"reported","igd",2,true,"NA",{"v":3.39996e-5,"d":"3.40E-05"},12.58447334]
[127,"rs10807139","C","T","C","T",-0.0229067,0.124857,0.966619,0.979088,false,false,false,"ZSBwO7",34217235,0.220174,0.101836,"outcome",true,"reported","textfile",144,6,34185012,0.0025967,{"v":5.5e-20,"d":"5.50E-20"},370125,"ebi-a-GCST90012111","Sex hormone-binding globulin levels || id:ebi-a-GCST90012111",true,"reported","igd",2,true,"NA",{"v":3.38618e-5,"d":"3.39E-05"},12.53344622]
[128,"rs13427019","A","T","A","T",-0.00965978,0.0267055,0.237535,0.339566,false,true,false,"ZSBwO7",190700167,0.376916,0.0302238,"outcome",true,"reported","textfile",64,2,191564893,0.0010935,{"v":1.6e-18,"d":"1.60E-18"},370125,"ebi-a-GCST90012111","Sex hormone-binding globulin levels || id:ebi-a-GCST90012111",true,"reported","igd",2,true,"NA",{"v":3.37996e-5,"d":"3.38E-05"},12.51044457]
[129,"rs10238028","G","A","G","A",0.0163952,-0.0488668,0.06694,0.0723723,false,false,false,"ZSBwO7",99611276,0.377202,0.0553377,"outcome",true,"reported","textfile",162,7,99208899,0.00187046,{"v":3.6e-19,"d":"3.60E-19"},370125,"ebi-a-GCST90012111","Sex hormone-binding globulin levels || id:ebi-a-GCST90012111",true,"reported","igd",2,true,"NA",{"v":3.35783e-5,"d":"3.36E-05"},12.4285187]
[130,"rs2812208","C","G","C","G",0.0281846,0.0865764,0.021265,0.0221292,false,true,false,"ZSBwO7",50132951,0.369603,0.0964945,"outcome",true,"reported","textfile",280,13,50707087,0.00324529,{"v":1e-20,"d":"1.00E-20"},370125,"ebi-a-GCST90012111","Sex hormone-binding globulin levels || id:ebi-a-GCST90012111",true,"reported","igd",2,true,"NA",{"v":3.30662e-5,"d":"3.31E-05"},12.23896485]
[131,"rs4820091","G","T","G","T",0.0105337,0.0537066,0.181054,0.315657,false,false,false,"ZSBwO7",21585900,0.0815324,0.0308329,"outcome",true,"reported","textfile",395,22,21940189,0.00122428,{"v":2.8e-18,"d":"2.80E-18"},370125,"ebi-a-GCST90012111","Sex hormone-binding globulin levels || id:ebi-a-GCST90012111",true,"reported","igd",2,true,"NA",{"v":3.29045e-5,"d":"3.29E-05"},12.17911246]
[132,"rs820503","A","C","A","C",-0.0117564,-0.0447686,0.137735,0.151333,false,false,false,"ZSBwO7",6667928,0.262413,0.0399468,"outcome",true,"reported","textfile",201,9,6667928,0.00135583,{"v":1.6e-19,"d":"1.60E-19"},370125,"ebi-a-GCST90012111","Sex hormone-binding globulin levels || id:ebi-a-GCST90012111",true,"reported","igd",2,true,"NA",{"v":3.28295e-5,"d":"3.28E-05"},12.15133816]
[133,"rs1650548","C","G","C","G",-0.00956351,-0.00636226,0.232485,0.13767,false,true,false,"ZSBwO7",158600567,0.878242,0.0415295,"outcome",true,"reported","textfile",118,5,158027575,0.00111316,{"v":2.1e-18,"d":"2.10E-18"},370125,"ebi-a-GCST90012111","Sex hormone-binding globulin levels || id:ebi-a-GCST90012111",true,"reported","igd",2,true,"NA",{"v":3.26397e-5,"d":"3.26E-05"},12.08110577]
[134,"rs9556403","G","A","G","A",0.00838056,0.0170796,0.351303,0.389004,false,false,false,"ZSBwO7",94584571,0.559937,0.0292993,"outcome",true,"reported","textfile",286,13,95236825,0.000978326,{"v":5.2e-20,"d":"5.20E-20"},370125,"ebi-a-GCST90012111","Sex hormone-binding globulin levels || id:ebi-a-GCST90012111",true,"reported","igd",2,true,"NA",{"v":3.2011e-5,"d":"3.20E-05"},11.8484025]
[135,"rs78444298","A","G","A","G",-0.0288182,-0.114875,0.019622,0.017641,false,false,false,"ZSBwO7",184702964,0.288846,0.108305,"outcome",true,"reported","textfile",7,1,184672098,0.00336763,{"v":1e-19,"d":"1.00E-19"},370125,"ebi-a-GCST90012111","Sex hormone-binding globulin levels || id:ebi-a-GCST90012111",true,"reported","igd",2,true,"NA",{"v":3.19522e-5,"d":"3.20E-05"},11.82661548]
[136,"rs2276975","T","C","T","C",0.00994915,-0.00883893,0.198659,0.261217,false,false,false,"ZSBwO7",103198430,0.786245,0.032593,"outcome",true,"reported","textfile",103,4,104119587,0.00116582,{"v":2.1e-17,"d":"2.10E-17"},370125,"ebi-a-GCST90012111","Sex hormone-binding globulin levels || id:ebi-a-GCST90012111",true,"reported","igd",2,true,"NA",{"v":3.15157e-5,"d":"3.15E-05"},11.66506928]
[137,"rs10895276","T","C","T","C",-0.00836565,0.0366126,0.341691,0.337138,false,false,false,"ZSBwO7",102212964,0.225442,0.0302038,"outcome",true,"reported","textfile",238,11,102083695,0.000987569,{"v":5e-18,"d":"5.00E-18"},370125,"ebi-a-GCST90012111","Sex hormone-binding globulin levels || id:ebi-a-GCST90012111",true,"reported","igd",2,true,"NA",{"v":3.14842e-5,"d":"3.15E-05"},11.65339471]
[138,"rs9739640","G","A","G","A",-0.0105448,-0.0215664,0.167811,0.1623,false,false,false,"ZSBwO7",53389390,0.578325,0.0388003,"outcome",true,"reported","textfile",266,12,53783174,0.00126538,{"v":2e-16,"d":"2.00E-16"},370125,"ebi-a-GCST90012111","Sex hormone-binding globulin levels || id:ebi-a-GCST90012111",true,"reported","igd",2,true,"NA",{"v":3.10563e-5,"d":"3.11E-05"},11.49499131]
[139,"rs10153315","C","T","C","T",-0.00798089,0.0140711,0.418389,0.432347,false,false,false,"ZSBwO7",81514746,0.626392,0.0289047,"outcome",true,"reported","textfile",331,17,79481772,0.000920741,{"v":5.8e-20,"d":"5.80E-20"},370125,"ebi-a-GCST90012111","Sex hormone-binding globulin levels || id:ebi-a-GCST90012111",true,"reported","igd",2,true,"NA",{"v":3.09988e-5,"d":"3.10E-05"},11.47374125]
[140,"rs8033077","T","C","T","C",-0.00873835,-0.0118514,0.721924,0.752524,false,false,false,"ZSBwO7",34974300,0.720359,0.0331065,"outcome",true,"reported","textfile",306,15,35266501,0.00104448,{"v":3.4e-18,"d":"3.40E-18"},370125,"ebi-a-GCST90012111","Sex hormone-binding globulin levels || id:ebi-a-GCST90012111",true,"reported","igd",2,true,"NA",{"v":3.0658e-5,"d":"3.07E-05"},11.34757974]
[141,"rs55729432","G","C","G","C",0.00885168,0.0150101,0.265843,0.190243,false,true,false,"ZSBwO7",88445140,0.6814,0.0365606,"outcome",true,"reported","textfile",326,16,88511548,0.00106555,{"v":8.7e-18,"d":"8.70E-18"},370125,"ebi-a-GCST90012111","Sex hormone-binding globulin levels || id:ebi-a-GCST90012111",true,"reported","igd",2,true,"NA",{"v":3.05841e-5,"d":"3.06E-05"},11.32022179]
[142,"rs9849171","C","G","C","G",0.00813913,-0.0432773,0.359394,0.389376,false,true,false,"ZSBwO7",12581124,0.141444,0.0294316,"outcome",true,"reported","textfile",71,3,12622623,0.000970232,{"v":9.3e-18,"d":"9.30E-18"},370125,"ebi-a-GCST90012111","Sex hormone-binding globulin levels || id:ebi-a-GCST90012111",true,"reported","igd",2,true,"NA",{"v":3.05034e-5,"d":"3.05E-05"},11.29034237]
[143,"rs35633876","T","G","T","G",-0.00776514,0.0136027,0.484425,0.565747,false,false,false,"ZSBwO7",20163313,0.63717,0.02884,"outcome",true,"reported","textfile",45,2,20363074,0.000931828,{"v":2.7e-17,"d":"2.70E-17"},370125,"ebi-a-GCST90012111","Sex hormone-binding globulin levels || id:ebi-a-GCST90012111",true,"reported","igd",2,true,"NA",{"v":3.01194e-5,"d":"3.01E-05"},11.14823536]
[144,"rs6220","A","G","A","G",-0.00859696,0.0324686,0.716246,0.652922,false,false,false,"ZSBwO7",102400737,0.27909,0.0299978,"outcome",true,"reported","textfile",270,12,102794515,0.0010336,{"v":9.2e-18,"d":"9.20E-18"},370125,"ebi-a-GCST90012111","Sex hormone-binding globulin levels || id:ebi-a-GCST90012111",true,"reported","igd",2,true,"NA",{"v":3.00417e-5,"d":"3.00E-05"},11.1194455]
[145,"rs7899096","T","G","T","G",-0.00861117,-0.0419753,0.725292,0.682569,false,false,false,"ZSBwO7",112159367,0.172269,0.0307522,"outcome",true,"reported","textfile",228,10,113919125,0.00103933,{"v":1.2e-17,"d":"1.20E-17"},370125,"ebi-a-GCST90012111","Sex hormone-binding globulin levels || id:ebi-a-GCST90012111",true,"reported","igd",2,true,"NA",{"v":2.95487e-5,"d":"2.95E-05"},10.93698012]
[146,"rs11743810","T","C","T","C",0.00773245,0.0347991,0.559677,0.62525,false,false,false,"ZSBwO7",138466715,0.238417,0.029517,"outcome",true,"reported","textfile",121,5,137802404,0.000940229,{"v":4.4e-16,"d":"4.40E-16"},370125,"ebi-a-GCST90012111","Sex hormone-binding globulin levels || id:ebi-a-GCST90012111",true,"reported","igd",2,true,"NA",{"v":2.94695e-5,"d":"2.95E-05"},10.90766873]
[147,"rs4568281","A","G","A","G",0.00818131,0.0278712,0.320207,0.243843,false,false,false,"ZSBwO7",156743079,0.401704,0.0332362,"outcome",true,"reported","textfile",100,4,157664231,0.000997454,{"v":4.1e-16,"d":"4.10E-16"},370125,"ebi-a-GCST90012111","Sex hormone-binding globulin levels || id:ebi-a-GCST90012111",true,"reported","igd",2,true,"NA",{"v":2.91396e-5,"d":"2.91E-05"},10.78554096]
[148,"rs12311848","G","A","G","A",0.00805313,0.0283365,0.333814,0.301304,false,false,false,"ZSBwO7",124002304,0.364728,0.0312629,"outcome",true,"reported","textfile",264,12,124486851,0.000987968,{"v":1.3e-18,"d":"1.30E-18"},370125,"ebi-a-GCST90012111","Sex hormone-binding globulin levels || id:ebi-a-GCST90012111",true,"reported","igd",2,true,"NA",{"v":2.88443e-5,"d":"2.88E-05"},10.67623352]
[149,"rs117589665","G","A","G","A",-0.0150576,0.0385717,0.067853,0.0374727,false,false,false,"ZSBwO7",102240251,0.612246,0.0760978,"outcome",true,"reported","textfile",218,10,104000008,0.00184764,{"v":5.8e-17,"d":"5.80E-17"},370125,"ebi-a-GCST90012111","Sex hormone-binding globulin levels || id:ebi-a-GCST90012111",true,"reported","igd",2,true,"NA",{"v":2.8681e-5,"d":"2.87E-05"},10.61581882]
[150,"rs28925904","T","C","T","C",-0.0242456,0.202249,0.025016,0.00331736,false,false,false,"ZSBwO7",143438337,0.437113,0.260269,"outcome",true,"reported","textfile",97,4,144359490,0.0029797,{"v":7e-17,"d":"7.00E-17"},370125,"ebi-a-GCST90012111","Sex hormone-binding globulin levels || id:ebi-a-GCST90012111",true,"reported","igd",2,true,"NA",{"v":2.86755e-5,"d":"2.87E-05"},10.61377195]
[151,"rs72948328","T","C","T","C",-0.0158735,-0.148039,0.060315,0.0405331,false,false,false,"ZSBwO7",111124233,0.0423156,0.0729112,"outcome",true,"reported","textfile",62,2,111881810,0.00195389,{"v":7.9e-18,"d":"7.90E-18"},370125,"ebi-a-GCST90012111","Sex hormone-binding globulin levels || id:ebi-a-GCST90012111",true,"reported","igd",2,true,"NA",{"v":2.85616e-5,"d":"2.86E-05"},10.57161876]
[152,"rs12059956","A","G","A","G",-0.00764997,0.0370897,0.417008,0.450857,false,false,false,"ZSBwO7",171094121,0.196156,0.0286943,"outcome",true,"reported","textfile",17,1,171063262,0.000940547,{"v":7e-17,"d":"7.00E-17"},370125,"ebi-a-GCST90012111","Sex hormone-binding globulin levels || id:ebi-a-GCST90012111",true,"reported","igd",2,true,"NA",{"v":2.84549e-5,"d":"2.85E-05"},10.53209756]
[153,"rs3743588","A","G","A","G",-0.00829262,-0.0376566,0.285143,0.262686,false,false,false,"ZSBwO7",11742652,0.247939,0.0325927,"outcome",true,"reported","textfile",320,16,11836508,0.00104537,{"v":4.5e-18,"d":"4.50E-18"},370125,"ebi-a-GCST90012111","Sex hormone-binding globulin levels || id:ebi-a-GCST90012111",true,"reported","igd",2,true,"NA",{"v":2.80347e-5,"d":"2.80E-05"},10.37656625]
[154,"rs1684608","A","C","A","C",-0.00946632,-0.0432515,0.192067,0.174112,false,false,false,"ZSBwO7",4626851,0.251386,0.0377087,"outcome",true,"reported","textfile",314,16,4676852,0.00118765,{"v":8.3e-17,"d":"8.30E-17"},370125,"ebi-a-GCST90012111","Sex hormone-binding globulin levels || id:ebi-a-GCST90012111",true,"reported","igd",2,true,"NA",{"v":2.78112e-5,"d":"2.78E-05"},10.29386837]
[155,"rs4680","A","G","A","G",-0.00744708,0.00137879,0.515812,0.546891,false,false,false,"ZSBwO7",19963748,0.961672,0.0286915,"outcome",true,"reported","textfile",392,22,19951271,0.000937623,{"v":9.4e-17,"d":"9.40E-17"},370125,"ebi-a-GCST90012111","Sex hormone-binding globulin levels || id:ebi-a-GCST90012111",true,"reported","igd",2,true,"NA",{"v":2.77018e-5,"d":"2.77E-05"},10.25334574]
[156,"rs3607","A","G","A","G",-0.0074217,-0.0103854,0.529522,0.540047,false,false,false,"ZSBwO7",58519017,0.717082,0.0286603,"outcome",true,"reported","textfile",321,16,58552921,0.000937316,{"v":1.9e-16,"d":"1.90E-16"},370125,"ebi-a-GCST90012111","Sex hormone-binding globulin levels || id:ebi-a-GCST90012111",true,"reported","igd",2,true,"NA",{"v":2.74448e-5,"d":"2.74E-05"},10.15823155]
[157,"rs9844972","C","G","C","G",-0.0143542,-0.0234549,0.071297,0.0540551,false,true,false,"ZSBwO7",150379848,0.710652,0.063224,"outcome",true,"reported","textfile",70,3,150097635,0.00184077,{"v":2.6e-16,"d":"2.60E-16"},370125,"ebi-a-GCST90012111","Sex hormone-binding globulin levels || id:ebi-a-GCST90012111",true,"reported","igd",2,true,"NA",{"v":2.72858e-5,"d":"2.73E-05"},10.09936365]
[158,"rs11765639","A","G","A","G",-0.00755574,-0.0224779,0.387275,0.33901,false,false,false,"ZSBwO7",1947103,0.457438,0.0302499,"outcome",true,"reported","textfile",165,7,1986738,0.000960559,{"v":1.3e-15,"d":"1.30E-15"},370125,"ebi-a-GCST90012111","Sex hormone-binding globulin levels || id:ebi-a-GCST90012111",true,"reported","igd",2,true,"NA",{"v":2.70937e-5,"d":"2.71E-05"},10.02829057]
[159,"rs998584","A","C","A","C",-0.00736547,0.00301204,0.481752,0.482394,false,false,false,"ZSBwO7",43790159,0.916474,0.0287199,"outcome",true,"reported","textfile",136,6,43757896,0.000936435,{"v":6.8e-16,"d":"6.80E-16"},370125,"ebi-a-GCST90012111","Sex hormone-binding globulin levels || id:ebi-a-GCST90012111",true,"reported","igd",2,true,"NA",{"v":2.70889e-5,"d":"2.71E-05"},10.02651309]

{"sheet":"SHBG(males)","index":1,"n_rows":185,"n_cols":37,"rows_kept":185}
[null,"SNP","effect_allele.exposure","other_allele.exposure","effect_allele.outcome","other_allele.outcome","beta.exposure","beta.outcome","eaf.exposure","eaf.outcome","remove","palindromic","ambiguous","id.outcome","pos.outcome","pval.outcome","se.outcome","outcome","mr_keep.outcome","pval_origin.outcome","data_source.outcome","...1","chr.exposure","pos.exposure","se.exposure","pval.exposure","samplesize.exposure","id.exposure","exposure","mr_keep.exposure","pval_origin.exposure","data_source.exposure","action","mr_keep","samplesize.outcome","R2","F"]
[1,"rs10041660","C","T","C","T",0.0192845,0.00415395,0.505425,0.504243,false,false,false,"orGVKS",123314530,0.884774,0.0286637,"outcome",true,"reported","textfile",59,5,122650224,0.00320712,{"v":1.8e-9,"d":"1.80E-09"},"NA","ieu-b-4871","Sex hormone binding globulin (SHBG) || id:ieu-b-4871",true,"reported","igd",2,true,"NA",0.000185924,34.44307599]
[2,"rs10278546","C","A","C","A",0.0363244,-0.0148497,0.193559,0.219057,false,false,false,"orGVKS",100918383,0.669075,0.0347429,"outcome",true,"reported","textfile",70,7,100516003,0.00402532,{"v":1.8e-19,"d":"1.80E-19"},"NA","ieu-b-4871","Sex hormone binding globulin (SHBG) || id:ieu-b-4871",true,"reported","igd",2,true,"NA",0.00041192,76.32684838]
[3,"rs10864086","A","C","A","C",-0.0368555,0.0174799,0.74561,0.732839,false,false,false,"orGVKS",214145405,0.589986,0.0324388,"outcome",true,"reported","textfile",3,1,214318748,0.00364338,{"v":4.7e-24,"d":"4.70E-24"},"NA","ieu-b-4871","Sex hormone binding globulin (SHBG) || id:ieu-b-4871",true,"reported","igd",2,true,"NA",0.000515284,95.4895282]
[4,"rs10868080","A","T","A","T",-0.0532888,-0.00832405,0.743399,0.741356,false,true,false,"orGVKS",84011854,0.798238,0.0325632,"outcome",true,"reported","textfile",95,9,86626769,0.00362005,{"v":4.8e-49,"d":"4.80E-49"},"NA","ieu-b-4871","Sex hormone binding globulin (SHBG) || id:ieu-b-4871",true,"reported","igd",2,true,"NA",0.001083383,200.8808288]
[5,"rs10881582","A","G","A","G",0.0314706,0.00257312,0.239151,0.241058,false,false,false,"orGVKS",134364232,0.938646,0.0334294,"outcome",true,"reported","textfile",94,9,137256078,0.00373037,{"v":3.3e-17,"d":"3.30E-17"},"NA","ieu-b-4871","Sex hormone binding globulin (SHBG) || id:ieu-b-4871",true,"reported","igd",2,true,"NA",0.000360422,66.7809833]
[6,"rs10895277","G","A","G","A",-0.0227191,0.0366233,0.34066,0.337139,false,false,false,"orGVKS",102214209,0.225283,0.0302023,"outcome",true,"reported","textfile",120,11,102084940,0.00335514,{"v":1.3e-11,"d":"1.30E-11"},"NA","ieu-b-4871","Sex hormone binding globulin (SHBG) || id:ieu-b-4871",true,"reported","igd",2,true,"NA",0.000231869,42.95651634]
[7,"rs11023881","A","T","A","T",-0.0257382,0.0429102,0.388973,0.334573,false,true,false,"orGVKS",16225154,0.157114,0.0303286,"outcome",true,"reported","textfile",119,11,16246700,0.00324973,{"v":2.4e-15,"d":"2.40E-15"},"NA","ieu-b-4871","Sex hormone binding globulin (SHBG) || id:ieu-b-4871",true,"reported","igd",2,true,"NA",0.000314895,58.34296682]
[8,"rs11045806","A","G","A","G",0.034338,0.00811462,0.189969,0.114975,false,false,false,"orGVKS",21161802,0.857299,0.0451278,"outcome",true,"reported","textfile",130,12,21314736,0.0040678,{"v":3.1e-17,"d":"3.10E-17"},"NA","ieu-b-4871","Sex hormone binding globulin (SHBG) || id:ieu-b-4871",true,"reported","igd",2,true,"NA",0.000362881,67.23687581]
[9,"rs11075253","A","C","A","C",0.0227939,-0.00259962,0.296791,0.28421,false,false,false,"orGVKS",15054789,0.934505,0.0316339,"outcome",true,"reported","textfile",161,16,15148646,0.00348246,{"v":5.9e-11,"d":"5.90E-11"},"NA","ieu-b-4871","Sex hormone binding globulin (SHBG) || id:ieu-b-4871",true,"reported","igd",2,true,"NA",0.000216871,40.17742988]
[10,"rs111366116","T","C","T","C",-0.0396388,0.00919861,0.112719,0.121472,false,false,false,"orGVKS",53999716,0.833944,0.0438768,"outcome",true,"reported","textfile",53,5,53295546,0.00501926,{"v":2.8e-15,"d":"2.80E-15"},"NA","ieu-b-4871","Sex hormone binding globulin (SHBG) || id:ieu-b-4871",true,"reported","igd",2,true,"NA",0.000314289,58.23061168]
[11,"rs11158976","T","C","T","C",0.0195088,-0.0232023,0.287756,0.165453,false,false,false,"orGVKS",72763570,0.547574,0.0385805,"outcome",true,"reported","textfile",147,14,73230278,0.00351729,{"v":2.9e-8,"d":"2.90E-08"},"NA","ieu-b-4871","Sex hormone binding globulin (SHBG) || id:ieu-b-4871",true,"reported","igd",2,true,"NA",0.000156007,28.89998313]
[12,"rs111981233","G","T","G","T",0.0600074,-0.0830667,0.079176,0.0461852,false,false,false,"orGVKS",49513222,0.22152,0.0679484,"outcome",true,"reported","textfile",184,19,50016479,0.00585121,{"v":1.1e-24,"d":"1.10E-24"},"NA","ieu-b-4871","Sex hormone binding globulin (SHBG) || id:ieu-b-4871",true,"reported","igd",2,true,"NA",0.000525061,97.30237239]
[13,"rs115276619","A","T","A","T",-0.0745279,-0.0837989,0.01654,0.0181632,false,true,false,"orGVKS",184895998,0.434591,0.107248,"outcome",true,"reported","textfile",1,1,184865132,0.0128,{"v":5.8e-9,"d":"5.80E-09"},"NA","ieu-b-4871","Sex hormone binding globulin (SHBG) || id:ieu-b-4871",true,"reported","igd",2,true,"NA",0.000180701,33.47526235]
[14,"rs11564722","T","C","T","C",0.0227435,-0.0251394,0.241228,0.232818,false,false,false,"orGVKS",2157100,0.458329,0.0338987,"outcome",true,"reported","textfile",115,11,2178330,0.00375723,{"v":1.4e-9,"d":"1.40E-09"},"NA","ieu-b-4871","Sex hormone binding globulin (SHBG) || id:ieu-b-4871",true,"reported","igd",2,true,"NA",0.000189358,35.07933779]
[15,"rs115946508","A","C","A","C",0.0448585,-0.0161719,0.111157,0.0790403,false,false,false,"orGVKS",150800408,0.761576,0.0532999,"outcome",true,"reported","textfile",78,7,150497496,0.0050719,{"v":9.2e-19,"d":"9.20E-19"},"NA","ieu-b-4871","Sex hormone binding globulin (SHBG) || id:ieu-b-4871",true,"reported","igd",2,true,"NA",0.000397632,73.67830444]
[16,"rs11610256","T","C","T","C",0.0211943,-0.0489755,0.216936,0.232311,false,false,false,"orGVKS",111296317,0.150762,0.0340854,"outcome",true,"reported","textfile",128,12,111734121,0.00385374,{"v":3.8e-8,"d":"3.80E-08"},"NA","ieu-b-4871","Sex hormone binding globulin (SHBG) || id:ieu-b-4871",true,"reported","igd",2,true,"NA",0.000152615,28.27150036]
[17,"rs11621792","T","C","T","C",-0.028573,-0.00687113,0.453741,0.368081,false,false,false,"orGVKS",24402720,0.816529,0.0296155,"outcome",true,"reported","textfile",141,14,24871926,0.00320112,{"v":4.4e-19,"d":"4.40E-19"},"NA","ieu-b-4871","Sex hormone binding globulin (SHBG) || id:ieu-b-4871",true,"reported","igd",2,true,"NA",0.000404714,74.99108601]
[18,"rs11655704","C","T","C","T",0.078472,0.0534581,0.315415,0.27254,false,false,false,"orGVKS",49370810,0.0954399,0.0320613,"outcome",true,"reported","textfile",165,17,47448172,0.00335877,{"v":1e-120,"d":"1.00E-120"},"NA","ieu-b-4871","Sex hormone binding globulin (SHBG) || id:ieu-b-4871",true,"reported","igd",2,true,"NA",0.002659311,493.8683085]
[19,"rs11671010","C","T","C","T",0.0473728,-0.078164,0.179024,0.170237,false,false,false,"orGVKS",35068570,0.0405313,0.0381605,"outcome",true,"reported","textfile",183,19,35559474,0.00413311,{"v":2.1e-30,"d":"2.10E-30"},"NA","ieu-b-4871","Sex hormone binding globulin (SHBG) || id:ieu-b-4871",true,"reported","igd",2,true,"NA",0.000659675,122.2649419]
[20,"rs117233107","A","G","A","G",0.108995,-0.0207731,0.01533,0.0142776,false,false,false,"orGVKS",4219355,0.86612,0.123217,"outcome",true,"reported","textfile",122,12,4328521,0.013678,{"v":1.6e-15,"d":"1.60E-15"},"NA","ieu-b-4871","Sex hormone binding globulin (SHBG) || id:ieu-b-4871",true,"reported","igd",2,true,"NA",0.000358654,66.45341944]
[21,"rs11734408","G","A","G","A",0.020603,-0.0047204,0.290983,0.368769,false,false,false,"orGVKS",23880896,0.873704,0.0296965,"outcome",true,"reported","textfile",49,4,23882519,0.00348705,{"v":3.5e-9,"d":"3.50E-09"},"NA","ieu-b-4871","Sex hormone binding globulin (SHBG) || id:ieu-b-4871",true,"reported","igd",2,true,"NA",0.000175152,32.44716786]
[22,"rs11739158","T","C","T","C",0.0191199,-0.0559505,0.427543,0.451743,false,false,false,"orGVKS",73631467,0.0513842,0.0287182,"outcome",true,"reported","textfile",57,5,72927292,0.00321034,{"v":2.6e-9,"d":"2.60E-09"},"NA","ieu-b-4871","Sex hormone binding globulin (SHBG) || id:ieu-b-4871",true,"reported","igd",2,true,"NA",0.000178947,33.15027664]
[23,"rs11743810","T","C","T","C",0.0222265,0.0347991,0.559153,0.62525,false,false,false,"orGVKS",138466715,0.238417,0.029517,"outcome",true,"reported","textfile",55,5,137802404,0.00319528,{"v":3.5e-12,"d":"3.50E-12"},"NA","ieu-b-4871","Sex hormone binding globulin (SHBG) || id:ieu-b-4871",true,"reported","igd",2,true,"NA",0.000243551,45.12134382]
[24,"rs11765639","A","G","A","G",-0.0208357,-0.0224779,0.386532,0.33901,false,false,false,"orGVKS",1947103,0.457438,0.0302499,"outcome",true,"reported","textfile",76,7,1986738,0.0032643,{"v":1.7e-10,"d":"1.70E-10"},"NA","ieu-b-4871","Sex hormone binding globulin (SHBG) || id:ieu-b-4871",true,"reported","igd",2,true,"NA",0.000205884,38.14156541]
[25,"rs118064296","C","T","C","T",-0.0459538,-0.0616916,0.039244,0.0341071,false,false,false,"orGVKS",67025644,0.43238,0.0785755,"outcome",true,"reported","textfile",158,16,67059547,0.00820566,{"v":2.1e-8,"d":"2.10E-08"},"NA","ieu-b-4871","Sex hormone binding globulin (SHBG) || id:ieu-b-4871",true,"reported","igd",2,true,"NA",0.000159243,29.49945051]
[26,"rs11829410","G","A","G","A",-0.0439351,-0.0231597,0.053877,0.090371,false,false,false,"orGVKS",20979640,0.644079,0.0501288,"outcome",true,"reported","textfile",125,12,21132574,0.00700638,{"v":3.6e-10,"d":"3.60E-10"},"NA","ieu-b-4871","Sex hormone binding globulin (SHBG) || id:ieu-b-4871",true,"reported","igd",2,true,"NA",0.000196791,36.45652318]
[27,"rs11856926","A","G","A","G",-0.0264272,-0.0375267,0.448522,0.425668,false,false,false,"orGVKS",95680420,0.194627,0.0289331,"outcome",true,"reported","textfile",150,15,96223649,0.00320819,{"v":1.8e-16,"d":"1.80E-16"},"NA","ieu-b-4871","Sex hormone binding globulin (SHBG) || id:ieu-b-4871",true,"reported","igd",2,true,"NA",0.000345497,64.01471981]
[28,"rs1229492","C","T","C","T",-0.0264419,0.0399914,0.730031,0.739122,false,false,false,"orGVKS",81934806,0.220711,0.0326556,"outcome",true,"reported","textfile",69,7,81564122,0.00359122,{"v":1.8e-13,"d":"1.80E-13"},"NA","ieu-b-4871","Sex hormone binding globulin (SHBG) || id:ieu-b-4871",true,"reported","igd",2,true,"NA",0.000275594,51.05940546]
[29,"rs12320328","G","A","G","A",-0.059398,0.055389,0.084393,0.151141,false,false,false,"orGVKS",25255530,0.166337,0.040019,"outcome",true,"reported","textfile",124,12,25408464,0.00571811,{"v":2.8e-25,"d":"2.80E-25"},"NA","ieu-b-4871","Sex hormone binding globulin (SHBG) || id:ieu-b-4871",true,"reported","igd",2,true,"NA",0.000545242,101.0442407]
[30,"rs12543287","C","G","C","G",0.0265496,0.0634129,0.370996,0.346406,false,true,false,"orGVKS",42476993,0.0350227,0.0300807,"outcome",true,"reported","textfile",82,8,42334511,0.00330275,{"v":9.1e-16,"d":"9.10E-16"},"NA","ieu-b-4871","Sex hormone binding globulin (SHBG) || id:ieu-b-4871",true,"reported","igd",2,true,"NA",0.000328979,60.9532725]
[31,"rs1260326","C","T","C","T",0.0913154,-0.0432614,0.603649,0.650744,false,false,false,"orGVKS",27508073,0.150125,0.0300616,"outcome",true,"reported","textfile",25,2,27730940,0.00323084,{"v":9.71e-176,"d":"9.71E-176"},"NA","ieu-b-4871","Sex hormone binding globulin (SHBG) || id:ieu-b-4871",true,"reported","igd",2,true,"NA",0.003990088,742.000787]
[32,"rs12605524","G","A","G","A",-0.021653,-0.0181163,0.287924,0.308207,false,false,false,"orGVKS",24493587,0.561058,0.0311667,"outcome",true,"reported","textfile",181,18,22073551,0.00353358,{"v":8.9e-10,"d":"8.90E-10"},"NA","ieu-b-4871","Sex hormone binding globulin (SHBG) || id:ieu-b-4871",true,"reported","igd",2,true,"NA",0.000192252,35.61552906]
[33,"rs12711486","A","G","A","G",-0.0299043,0.00721366,0.66196,0.573751,false,false,false,"orGVKS",87983269,0.80263,0.028861,"outcome",true,"reported","textfile",156,16,88016875,0.00336216,{"v":5.9e-19,"d":"5.90E-19"},"NA","ieu-b-4871","Sex hormone binding globulin (SHBG) || id:ieu-b-4871",true,"reported","igd",2,true,"NA",0.000400218,74.15774246]
[34,"rs12797706","A","G","A","G",0.0312567,0.0311657,0.234894,0.214901,false,false,false,"orGVKS",65793898,0.370363,0.0347912,"outcome",true,"reported","textfile",121,11,65561369,0.00377669,{"v":1.3e-16,"d":"1.30E-16"},"NA","ieu-b-4871","Sex hormone binding globulin (SHBG) || id:ieu-b-4871",true,"reported","igd",2,true,"NA",0.000351164,65.06506174]
[35,"rs13029936","T","C","T","C",0.02599,-0.0638145,0.182948,0.146989,false,false,false,"orGVKS",207600820,0.113695,0.0403429,"outcome",true,"reported","textfile",23,2,208465544,0.00409027,{"v":2.1e-10,"d":"2.10E-10"},"NA","ieu-b-4871","Sex hormone binding globulin (SHBG) || id:ieu-b-4871",true,"reported","igd",2,true,"NA",0.000201939,37.41046989]
[36,"rs13108218","G","A","G","A",-0.0565755,-0.0352724,0.614877,0.677882,false,false,false,"orGVKS",3442204,0.2505,0.0306947,"outcome",true,"reported","textfile",48,4,3443931,0.00327979,{"v":1.1e-66,"d":"1.10E-66"},"NA","ieu-b-4871","Sex hormone binding globulin (SHBG) || id:ieu-b-4871",true,"reported","igd",2,true,"NA",0.001515914,281.2023133]
[37,"rs13150068","G","A","G","A",-0.048378,0.0284187,0.436463,0.338544,false,false,false,"orGVKS",87282676,0.347367,0.030242,"outcome",true,"reported","textfile",50,4,88203828,0.0031939,{"v":7.9e-52,"d":"7.90E-52"},"NA","ieu-b-4871","Sex hormone binding globulin (SHBG) || id:ieu-b-4871",true,"reported","igd",2,true,"NA",0.001151319,213.4919578]
[38,"rs13379043","C","T","C","T",0.0203851,-0.0678294,0.281518,0.199234,false,false,false,"orGVKS",73783423,0.0573614,0.0356894,"outcome",true,"reported","textfile",139,14,74250126,0.00359668,{"v":1.4e-8,"d":"1.40E-08"},"NA","ieu-b-4871","Sex hormone binding globulin (SHBG) || id:ieu-b-4871",true,"reported","igd",2,true,"NA",0.000168104,31.14126834]
[39,"rs138611541","C","T","C","T",-0.0381385,0.113095,0.077113,0.0408479,false,false,false,"orGVKS",56932213,0.114785,0.0717132,"outcome",true,"reported","textfile",56,5,56228040,0.00593873,{"v":1.3e-10,"d":"1.30E-10"},"NA","ieu-b-4871","Sex hormone binding globulin (SHBG) || id:ieu-b-4871",true,"reported","igd",2,true,"NA",0.00020703,38.35383503]
[40,"rs1408579","T","C","T","C",0.0290749,-0.0161571,0.496935,0.388499,false,false,false,"orGVKS",100152437,0.581464,0.02931,"outcome",true,"reported","textfile",109,10,101912194,0.00314925,{"v":2.6e-20,"d":"2.60E-20"},"NA","ieu-b-4871","Sex hormone binding globulin (SHBG) || id:ieu-b-4871",true,"reported","igd",2,true,"NA",0.000422659,78.31758306]
[41,"rs142051220","A","T","A","T",-0.13799,0.457598,0.009383,0.00542399,false,true,false,"orGVKS",99712595,0.0220816,0.199915,"outcome",true,"reported","textfile",134,12,100106373,0.0175068,{"v":3.2e-15,"d":"3.20E-15"},"NA","ieu-b-4871","Sex hormone binding globulin (SHBG) || id:ieu-b-4871",true,"reported","igd",2,true,"NA",0.000353975,65.58613063]
[42,"rs1461729","G","A","G","A",0.0519417,0.0524735,0.899058,0.84437,false,false,false,"orGVKS",9329732,0.182925,0.0394003,"outcome",true,"reported","textfile",88,8,9187242,0.00526956,{"v":6.4e-23,"d":"6.40E-23"},"NA","ieu-b-4871","Sex hormone binding globulin (SHBG) || id:ieu-b-4871",true,"reported","igd",2,true,"NA",0.000489691,90.7444739]
[43,"rs149624078","T","C","T","C",-0.231275,-0.035009,0.013564,0.0319321,false,false,false,"orGVKS",53436513,0.666796,0.0813125,"outcome",true,"reported","textfile",149,15,53728710,0.0141043,{"v":2e-60,"d":"2.00E-60"},"NA","ieu-b-4871","Sex hormone binding globulin (SHBG) || id:ieu-b-4871",true,"reported","igd",2,true,"NA",0.001431344,265.492144]
[44,"rs150313019","G","C","G","C",-0.025099,-0.0327983,0.208717,0.26384,false,true,false,"orGVKS",196750687,0.311094,0.0323797,"outcome",true,"reported","textfile",7,1,196719817,0.00390077,{"v":1.2e-10,"d":"1.20E-10"},"NA","ieu-b-4871","Sex hormone binding globulin (SHBG) || id:ieu-b-4871",true,"reported","igd",2,true,"NA",0.000208081,38.54858179]
[45,"rs150539196","G","A","G","A",0.0894658,0.132572,0.035697,0.0256384,false,false,false,"orGVKS",80486945,0.137985,0.0893742,"outcome",true,"reported","textfile",83,8,81399180,0.00878756,{"v":2.4e-24,"d":"2.40E-24"},"NA","ieu-b-4871","Sex hormone binding globulin (SHBG) || id:ieu-b-4871",true,"reported","igd",2,true,"NA",0.000551048,102.1208099]
[46,"rs157935","G","T","G","T",0.0300095,0.064438,0.302777,0.385189,false,false,false,"orGVKS",130900794,0.0279467,0.0293162,"outcome",true,"reported","textfile",73,7,130585553,0.00346114,{"v":4.3e-18,"d":"4.30E-18"},"NA","ieu-b-4871","Sex hormone binding globulin (SHBG) || id:ieu-b-4871",true,"reported","igd",2,true,"NA",0.000380226,70.4519143]
[47,"rs1616572","T","C","T","C",-0.0240918,-0.0293819,0.161167,0.161299,false,false,false,"orGVKS",6683701,0.448703,0.0387839,"outcome",true,"reported","textfile",98,9,6683701,0.00432117,{"v":2.5e-8,"d":"2.50E-08"},"NA","ieu-b-4871","Sex hormone binding globulin (SHBG) || id:ieu-b-4871",true,"reported","igd",2,true,"NA",0.000156935,29.07192703]
[48,"rs17041868","C","T","C","T",-0.0386263,-0.181091,0.064051,0.0425483,false,false,false,"orGVKS",111137143,0.0106782,0.0709312,"outcome",true,"reported","textfile",28,2,111894720,0.00645125,{"v":2.1e-9,"d":"2.10E-09"},"NA","ieu-b-4871","Sex hormone binding globulin (SHBG) || id:ieu-b-4871",true,"reported","igd",2,true,"NA",0.000178885,33.13885847]
[49,"rs1736180","A","G","A","G",0.0396983,0.00387605,0.287683,0.30666,false,false,false,"orGVKS",2796023,0.900544,0.0310148,"outcome",true,"reported","textfile",189,19,2796021,0.00350074,{"v":8.3e-30,"d":"8.30E-30"},"NA","ieu-b-4871","Sex hormone binding globulin (SHBG) || id:ieu-b-4871",true,"reported","igd",2,true,"NA",0.000645894,119.7091802]
[50,"rs17580","A","T","A","T",0.0725345,0.0104653,0.047832,0.00926729,false,true,false,"orGVKS",94380925,0.94453,0.150412,"outcome",true,"reported","textfile",140,14,94847262,0.00743486,{"v":1.7e-22,"d":"1.70E-22"},"NA","ieu-b-4871","Sex hormone binding globulin (SHBG) || id:ieu-b-4871",true,"reported","igd",2,true,"NA",0.000479238,88.80656596]
[51,"rs1762509","G","A","G","A",-0.0612053,-0.0514551,0.655605,0.704182,false,false,false,"orGVKS",107050337,0.101539,0.0314242,"outcome",true,"reported","textfile",13,1,107592959,0.00334461,{"v":8.3e-75,"d":"8.30E-75"},"NA","ieu-b-4871","Sex hormone binding globulin (SHBG) || id:ieu-b-4871",true,"reported","igd",2,true,"NA",0.001691637,313.8542241]
[52,"rs1772183","A","G","A","G",-0.030415,0.00821911,0.478523,0.595462,false,false,false,"orGVKS",91842848,0.777936,0.0291449,"outcome",true,"reported","textfile",108,10,93602605,0.00316265,{"v":6.8e-22,"d":"6.80E-22"},"NA","ieu-b-4871","Sex hormone binding globulin (SHBG) || id:ieu-b-4871",true,"reported","igd",2,true,"NA",0.000461683,85.55190808]
[53,"rs1801689","C","A","C","A",-0.0844628,-0.136333,0.030469,0.00991249,false,false,false,"orGVKS",66214462,0.345403,0.14449,"outcome",true,"reported","textfile",167,17,64210580,0.00909797,{"v":1.6e-20,"d":"1.60E-20"},"NA","ieu-b-4871","Sex hormone binding globulin (SHBG) || id:ieu-b-4871",true,"reported","igd",2,true,"NA",0.000421484,78.09971824]
[54,"rs1892501","G","A","G","A",-0.0388246,-0.0187401,0.195656,0.198221,false,false,false,"orGVKS",79337509,0.601463,0.0358802,"outcome",true,"reported","textfile",105,10,81097266,0.00397964,{"v":1.7e-22,"d":"1.70E-22"},"NA","ieu-b-4871","Sex hormone binding globulin (SHBG) || id:ieu-b-4871",true,"reported","igd",2,true,"NA",0.000474437,87.91654293]
[55,"rs1899727","A","G","A","G",-0.0466455,-0.0167231,0.13876,0.0758516,false,false,false,"orGVKS",52847848,0.756903,0.0540235,"outcome",true,"reported","textfile",148,15,53140045,0.00459299,{"v":3.1e-24,"d":"3.10E-24"},"NA","ieu-b-4871","Sex hormone binding globulin (SHBG) || id:ieu-b-4871",true,"reported","igd",2,true,"NA",0.000520041,96.37167992]
[56,"rs191093518","A","G","A","G",0.0301786,0.00834826,0.191667,0.193935,false,false,false,"orGVKS",23232292,0.817499,0.0361768,"outcome",true,"reported","textfile",145,14,23701501,0.0040313,{"v":7.1e-14,"d":"7.10E-14"},"NA","ieu-b-4871","Sex hormone binding globulin (SHBG) || id:ieu-b-4871",true,"reported","igd",2,true,"NA",0.000282206,52.28461813]
[57,"rs1991323","T","C","T","C",0.0337064,-0.0370157,0.103508,0.0718232,false,false,false,"orGVKS",80552775,0.503881,0.0553798,"outcome",true,"reported","textfile",84,8,81465010,0.00524433,{"v":1.3e-10,"d":"1.30E-10"},"NA","ieu-b-4871","Sex hormone binding globulin (SHBG) || id:ieu-b-4871",true,"reported","igd",2,true,"NA",0.000210851,39.06179423]
[58,"rs202200760","C","G","C","G",0.173273,-0.0189865,0.038762,0.0552129,false,true,false,"orGVKS",17236045,0.761846,0.0626499,"outcome",true,"reported","textfile",191,19,17346854,0.00895292,{"v":1.9e-83,"d":"1.90E-83"},"NA","ieu-b-4871","Sex hormone binding globulin (SHBG) || id:ieu-b-4871",true,"reported","igd",2,true,"NA",0.002237324,415.3241402]
[59,"rs2045345","G","A","G","A",-0.0295402,0.0251536,0.195481,0.246775,false,false,false,"orGVKS",26492403,0.447368,0.0331051,"outcome",true,"reported","textfile",11,1,26818894,0.00408556,{"v":4.8e-13,"d":"4.80E-13"},"NA","ieu-b-4871","Sex hormone binding globulin (SHBG) || id:ieu-b-4871",true,"reported","igd",2,true,"NA",0.000274472,50.85134784]
[60,"rs2073503","G","C","G","C",0.0187904,0.0133508,0.310192,0.383182,false,true,false,"orGVKS",3534449,0.653848,0.0297727,"outcome",true,"reported","textfile",41,4,3536176,0.00342339,{"v":4e-8,"d":"4.00E-08"},"NA","ieu-b-4871","Sex hormone binding globulin (SHBG) || id:ieu-b-4871",true,"reported","igd",2,true,"NA",0.000151099,27.99058835]
[61,"rs2239222","G","A","G","A",0.0267173,0.0279851,0.350617,0.375428,false,false,false,"orGVKS",72545177,0.346155,0.0297059,"outcome",true,"reported","textfile",142,14,73011885,0.0033486,{"v":1.5e-15,"d":"1.50E-15"},"NA","ieu-b-4871","Sex hormone binding globulin (SHBG) || id:ieu-b-4871",true,"reported","igd",2,true,"NA",0.000325049,60.22485173]
[62,"rs2257437","A","G","A","G",0.0209604,-0.0184868,0.244233,0.195599,false,false,false,"orGVKS",63715519,0.606207,0.0358622,"outcome",true,"reported","textfile",197,20,62346871,0.00368904,{"v":1.3e-8,"d":"1.30E-08"},"NA","ieu-b-4871","Sex hormone binding globulin (SHBG) || id:ieu-b-4871",true,"reported","igd",2,true,"NA",0.000162189,30.04535749]
[63,"rs2269856","T","C","T","C",0.0351691,0.0354403,0.706654,0.659453,false,false,false,"orGVKS",31155683,0.241732,0.0302736,"outcome",true,"reported","textfile",174,17,29482701,0.00343007,{"v":1.1e-24,"d":"1.10E-24"},"NA","ieu-b-4871","Sex hormone binding globulin (SHBG) || id:ieu-b-4871",true,"reported","igd",2,true,"NA",0.00051279,95.027169]
[64,"rs2281003","C","T","C","T",-0.0178547,0.0336691,0.4668,0.501084,false,false,false,"orGVKS",171137570,0.238075,0.0285377,"outcome",true,"reported","textfile",9,1,171106709,0.00317717,{"v":1.9e-8,"d":"1.90E-08"},"NA","ieu-b-4871","Sex hormone binding globulin (SHBG) || id:ieu-b-4871",true,"reported","igd",2,true,"NA",0.000158692,29.39751079]
[65,"rs2298058","T","C","T","C",0.028089,0.00784049,0.307329,0.369744,false,false,false,"orGVKS",94596312,0.791006,0.0295862,"outcome",true,"reported","textfile",135,13,95248566,0.00344243,{"v":3.4e-16,"d":"3.40E-16"},"NA","ieu-b-4871","Sex hormone binding globulin (SHBG) || id:ieu-b-4871",true,"reported","igd",2,true,"NA",0.000335918,62.23927815]
[66,"rs2302479","G","A","G","A",0.0209232,0.027003,0.576025,0.567846,false,false,false,"orGVKS",150791528,0.354073,0.0291383,"outcome",true,"reported","textfile",77,7,150488616,0.00321353,{"v":7.5e-11,"d":"7.50E-11"},"NA","ieu-b-4871","Sex hormone binding globulin (SHBG) || id:ieu-b-4871",true,"reported","igd",2,true,"NA",0.00021383,39.61377221]
[67,"rs2642438","G","A","G","A",0.0355439,0.00381869,0.701824,0.716802,false,false,false,"orGVKS",220796686,0.905134,0.0320418,"outcome",true,"reported","textfile",10,1,220970028,0.00345617,{"v":8.3e-25,"d":"8.30E-25"},"NA","ieu-b-4871","Sex hormone binding globulin (SHBG) || id:ieu-b-4871",true,"reported","igd",2,true,"NA",0.000528763,97.98876568]
[68,"rs2665357","C","A","C","A",-0.0362209,-0.0491239,0.516901,0.508942,false,false,false,"orGVKS",160427135,0.0858381,0.0285973,"outcome",true,"reported","textfile",65,6,160848167,0.00317707,{"v":4.1e-30,"d":"4.10E-30"},"NA","ieu-b-4871","Sex hormone binding globulin (SHBG) || id:ieu-b-4871",true,"reported","igd",2,true,"NA",0.000655227,121.4401153]
[69,"rs2694157","C","T","C","T",0.0217961,0.0292341,0.620165,0.701878,false,false,false,"orGVKS",102264528,0.350251,0.0312965,"outcome",true,"reported","textfile",71,7,101907808,0.00326107,{"v":2.3e-11,"d":"2.30E-11"},"NA","ieu-b-4871","Sex hormone binding globulin (SHBG) || id:ieu-b-4871",true,"reported","igd",2,true,"NA",0.000223815,41.46413023]
[70,"rs2721195","C","T","C","T",-0.0281438,-0.0199841,0.525212,0.541095,false,false,false,"orGVKS",144451628,0.486944,0.0287468,"outcome",true,"reported","textfile",91,8,145677011,0.00318673,{"v":1e-18,"d":"1.00E-18"},"NA","ieu-b-4871","Sex hormone binding globulin (SHBG) || id:ieu-b-4871",true,"reported","igd",2,true,"NA",0.00039503,73.19593618]
[71,"rs2791756","C","A","C","A",0.0213596,0.0215496,0.436904,0.340394,false,false,false,"orGVKS",4142506,0.475205,0.03018,"outcome",true,"reported","textfile",92,9,4142506,0.00320188,{"v":2.5e-11,"d":"2.50E-11"},"NA","ieu-b-4871","Sex hormone binding globulin (SHBG) || id:ieu-b-4871",true,"reported","igd",2,true,"NA",0.000224484,41.58797055]
[72,"rs28507491","A","G","A","G",0.032595,0.0649632,0.375258,0.343633,false,false,false,"orGVKS",76276498,0.0306041,0.0300452,"outcome",true,"reported","textfile",39,4,77197651,0.00326965,{"v":2.1e-23,"d":"2.10E-23"},"NA","ieu-b-4871","Sex hormone binding globulin (SHBG) || id:ieu-b-4871",true,"reported","igd",2,true,"NA",0.000498153,92.31336107]
[73,"rs28929474","T","C","T","C",0.344615,-0.00949892,0.019531,0.0197225,false,false,false,"orGVKS",94378610,0.926411,0.102846,"outcome",true,"reported","textfile",138,14,94844947,0.0114655,{"v":1.8e-198,"d":"1.80E-198"},"NA","ieu-b-4871","Sex hormone binding globulin (SHBG) || id:ieu-b-4871",true,"reported","igd",2,true,"NA",0.00454838,846.2955821]
[74,"rs2896906","C","T","C","T",-0.0253255,0.00871537,0.193825,0.181675,false,false,false,"orGVKS",4597416,0.814713,0.0371894,"outcome",true,"reported","textfile",160,16,4647417,0.00401762,{"v":2.9e-10,"d":"2.90E-10"},"NA","ieu-b-4871","Sex hormone binding globulin (SHBG) || id:ieu-b-4871",true,"reported","igd",2,true,"NA",0.00020044,37.13280572]
[75,"rs2924545","A","G","A","G",-0.0184394,0.0551542,0.429979,0.494701,false,false,false,"orGVKS",69115813,0.0553019,0.0287786,"outcome",true,"reported","textfile",113,11,68883281,0.00321423,{"v":9.6e-9,"d":"9.60E-09"},"NA","ieu-b-4871","Sex hormone binding globulin (SHBG) || id:ieu-b-4871",true,"reported","igd",2,true,"NA",0.000166672,30.8758977]
[76,"rs2943646","G","A","G","A",-0.0314343,-0.0209096,0.647532,0.639945,false,false,false,"orGVKS",226234818,0.481387,0.0296981,"outcome",true,"reported","textfile",24,2,227099534,0.00331118,{"v":2.2e-21,"d":"2.20E-21"},"NA","ieu-b-4871","Sex hormone binding globulin (SHBG) || id:ieu-b-4871",true,"reported","igd",2,true,"NA",0.000451044,83.5795402]
[77,"rs3006593","C","G","C","G",0.0182367,0.0340843,0.379451,0.269987,false,true,false,"orGVKS",30882697,0.290183,0.0322243,"outcome",true,"reported","textfile",103,10,31171626,0.00325436,{"v":2.1e-8,"d":"2.10E-08"},"NA","ieu-b-4871","Sex hormone binding globulin (SHBG) || id:ieu-b-4871",true,"reported","igd",2,true,"NA",0.000156623,29.01401598]
[78,"rs3132469","G","A","G","A",-0.0394517,-0.0668171,0.850932,0.868915,false,false,false,"orGVKS",31488790,0.113119,0.0421737,"outcome",true,"reported","textfile",67,6,31456567,0.0044473,{"v":7.3e-19,"d":"7.30E-19"},"NA","ieu-b-4871","Sex hormone binding globulin (SHBG) || id:ieu-b-4871",true,"reported","igd",2,true,"NA",0.000394858,73.16405606]
[79,"rs3212199","G","T","G","T",0.0435518,0.00657322,0.589381,0.572956,false,false,false,"orGVKS",44417405,0.820985,0.0290492,"outcome",true,"reported","textfile",196,20,43046045,0.0032857,{"v":4.2e-40,"d":"4.20E-40"},"NA","ieu-b-4871","Sex hormone binding globulin (SHBG) || id:ieu-b-4871",true,"reported","igd",2,true,"NA",0.000918073,170.2008869]
[80,"rs34190889","G","A","G","A",0.0336043,0.00722686,0.110578,0.0619792,false,false,false,"orGVKS",170244164,0.902739,0.0591385,"outcome",true,"reported","textfile",43,4,171165315,0.00507903,{"v":3.7e-11,"d":"3.70E-11"},"NA","ieu-b-4871","Sex hormone binding globulin (SHBG) || id:ieu-b-4871",true,"reported","igd",2,true,"NA",0.000222124,41.15080293]
[81,"rs34255979","T","C","T","C",0.0657433,-0.00782074,0.119161,0.0591307,false,false,false,"orGVKS",45881572,0.89735,0.0606216,"outcome",true,"reported","textfile",188,19,46384830,0.00490951,{"v":6.8e-41,"d":"6.80E-41"},"NA","ieu-b-4871","Sex hormone binding globulin (SHBG) || id:ieu-b-4871",true,"reported","igd",2,true,"NA",0.000907327,168.2067542]
[82,"rs34502855","A","G","A","G",0.0182912,-0.029316,0.426799,0.335183,false,false,false,"orGVKS",42781132,0.333013,0.0302831,"outcome",true,"reported","textfile",58,5,42781234,0.0032219,{"v":1.4e-8,"d":"1.40E-08"},"NA","ieu-b-4871","Sex hormone binding globulin (SHBG) || id:ieu-b-4871",true,"reported","igd",2,true,"NA",0.000163699,30.3250384]
[83,"rs34576922","G","C","G","C",0.0234211,0.022868,0.247562,0.155274,false,true,false,"orGVKS",128028411,0.561966,0.0394327,"outcome",true,"reported","textfile",54,5,127364103,0.00368287,{"v":2e-10,"d":"2.00E-10"},"NA","ieu-b-4871","Sex hormone binding globulin (SHBG) || id:ieu-b-4871",true,"reported","igd",2,true,"NA",0.000204362,37.85938655]
[84,"rs34587839","A","G","A","G",-0.0249521,0.0045028,0.155552,0.162159,false,false,false,"orGVKS",33712865,0.907502,0.0387537,"outcome",true,"reported","textfile",194,20,32300671,0.0043897,{"v":1.3e-8,"d":"1.30E-08"},"NA","ieu-b-4871","Sex hormone binding globulin (SHBG) || id:ieu-b-4871",true,"reported","igd",2,true,"NA",0.000163566,30.30046461]
[85,"rs34835","G","A","G","A",-0.0181026,-0.0190023,0.417512,0.477617,false,false,false,"orGVKS",28487970,0.505897,0.0285645,"outcome",true,"reported","textfile",157,16,28499291,0.00321957,{"v":1.9e-8,"d":"1.90E-08"},"NA","ieu-b-4871","Sex hormone binding globulin (SHBG) || id:ieu-b-4871",true,"reported","igd",2,true,"NA",0.000159392,29.52722376]
[86,"rs34858588","G","C","G","C",-0.0394118,-0.0227621,0.078264,0.0576287,false,true,false,"orGVKS",19346426,0.710176,0.0612513,"outcome",true,"reported","textfile",187,19,19457235,0.00590792,{"v":2.5e-11,"d":"2.50E-11"},"NA","ieu-b-4871","Sex hormone binding globulin (SHBG) || id:ieu-b-4871",true,"reported","igd",2,true,"NA",0.000224105,41.51776823]
[87,"rs35189848","G","A","G","A",-0.0276408,0.000448359,0.446037,0.453977,false,false,false,"orGVKS",25461931,0.987481,0.0285746,"outcome",true,"reported","textfile",15,1,25788422,0.00318506,{"v":4e-18,"d":"4.00E-18"},"NA","ieu-b-4871","Sex hormone binding globulin (SHBG) || id:ieu-b-4871",true,"reported","igd",2,true,"NA",0.000377557,69.9571961]
[88,"rs35368205","T","C","T","C",0.0223507,-0.0566951,0.19791,0.171415,false,false,false,"orGVKS",73603327,0.134339,0.0378672,"outcome",true,"reported","textfile",75,7,73017657,0.00397007,{"v":1.8e-8,"d":"1.80E-08"},"NA","ieu-b-4871","Sex hormone binding globulin (SHBG) || id:ieu-b-4871",true,"reported","igd",2,true,"NA",0.0001586,29.38038717]
[89,"rs35721044","T","C","T","C",0.155685,0.113891,0.228727,0.138226,false,false,false,"orGVKS",7411337,0.00570033,0.0411972,"outcome",true,"reported","textfile",168,17,7314656,0.00397198,{"v":1e-200,"d":"1.00E-200"},"NA","ieu-b-4871","Sex hormone binding globulin (SHBG) || id:ieu-b-4871",true,"reported","igd",2,true,"NA",0.008551634,1597.587057]
[90,"rs35877733","T","C","T","C",0.0239774,0.014396,0.845594,0.898513,false,false,false,"orGVKS",200284484,0.760815,0.0472915,"outcome",true,"reported","textfile",2,1,200253612,0.00439349,{"v":4.8e-8,"d":"4.80E-08"},"NA","ieu-b-4871","Sex hormone binding globulin (SHBG) || id:ieu-b-4871",true,"reported","igd",2,true,"NA",0.000150127,27.81063961]
[91,"rs36013981","G","A","G","A",-0.0176488,0.00245574,0.394558,0.411903,false,false,false,"orGVKS",81526281,0.932748,0.0291007,"outcome",true,"reported","textfile",173,17,79493307,0.00320825,{"v":3.8e-8,"d":"3.80E-08"},"NA","ieu-b-4871","Sex hormone binding globulin (SHBG) || id:ieu-b-4871",true,"reported","igd",2,true,"NA",0.000148814,27.56728057]
[92,"rs36086195","T","C","T","C",0.0404596,0.00143542,0.577156,0.682666,false,false,false,"orGVKS",16184399,0.962704,0.0306974,"outcome",true,"reported","textfile",14,1,16510894,0.00319828,{"v":1.1e-36,"d":"1.10E-36"},"NA","ieu-b-4871","Sex hormone binding globulin (SHBG) || id:ieu-b-4871",true,"reported","igd",2,true,"NA",0.000799,148.1082422]
[93,"rs3729931","A","G","A","G",0.0198673,-0.067357,0.357554,0.384651,false,false,false,"orGVKS",12585017,0.0225486,0.0295296,"outcome",true,"reported","textfile",36,3,12626516,0.00329209,{"v":1.6e-9,"d":"1.60E-09"},"NA","ieu-b-4871","Sex hormone binding globulin (SHBG) || id:ieu-b-4871",true,"reported","igd",2,true,"NA",0.000181337,33.59311382]
[94,"rs3744010","A","G","A","G",0.0229293,-0.0421605,0.245874,0.17949,false,false,false,"orGVKS",75844162,0.256386,0.0371467,"outcome",true,"reported","textfile",179,17,73840243,0.00362854,{"v":2.6e-10,"d":"2.60E-10"},"NA","ieu-b-4871","Sex hormone binding globulin (SHBG) || id:ieu-b-4871",true,"reported","igd",2,true,"NA",0.00019497,36.11921703]
[95,"rs3775327","C","T","C","T",-0.0319026,-0.0863273,0.751012,0.761715,false,false,false,"orGVKS",148064569,0.00879914,0.0329524,"outcome",true,"reported","textfile",46,4,148985720,0.00368547,{"v":4.9e-18,"d":"4.90E-18"},"NA","ieu-b-4871","Sex hormone binding globulin (SHBG) || id:ieu-b-4871",true,"reported","igd",2,true,"NA",0.000380634,70.52747244]
[96,"rs3867138","T","C","T","C",0.0214728,-0.0285646,0.231495,0.155006,false,false,false,"orGVKS",62143950,0.470199,0.0395547,"outcome",true,"reported","textfile",117,11,61911422,0.00377182,{"v":1.2e-8,"d":"1.20E-08"},"NA","ieu-b-4871","Sex hormone binding globulin (SHBG) || id:ieu-b-4871",true,"reported","igd",2,true,"NA",0.000164057,30.39152246]
[97,"rs390200","G","A","G","A",0.018758,-0.0301335,0.599721,0.649848,false,false,false,"orGVKS",7206676,0.31543,0.0300166,"outcome",true,"reported","textfile",175,17,7109995,0.00319513,{"v":4.3e-9,"d":"4.30E-09"},"NA","ieu-b-4871","Sex hormone binding globulin (SHBG) || id:ieu-b-4871",true,"reported","igd",2,true,"NA",0.000168933,31.29493324]
[98,"rs39749","T","C","T","C",-0.0211431,-0.0055579,0.42614,0.380925,false,false,false,"orGVKS",116696893,0.850218,0.0294318,"outcome",true,"reported","textfile",72,7,116336947,0.00322853,{"v":5.8e-11,"d":"5.80E-11"},"NA","ieu-b-4871","Sex hormone binding globulin (SHBG) || id:ieu-b-4871",true,"reported","igd",2,true,"NA",0.000218638,40.50476135]
[99,"rs40270","C","A","C","A",-0.0331526,-0.044226,0.771541,0.706653,false,false,false,"orGVKS",56508725,0.157968,0.0313229,"outcome",true,"reported","textfile",60,5,55804552,0.0037746,{"v":1.6e-18,"d":"1.60E-18"},"NA","ieu-b-4871","Sex hormone binding globulin (SHBG) || id:ieu-b-4871",true,"reported","igd",2,true,"NA",0.000387465,71.79369502]
[100,"rs4092465","G","A","G","A",0.0189967,-0.00673195,0.645793,0.623829,false,false,false,"orGVKS",57413205,0.819733,0.0295405,"outcome",true,"reported","textfile",180,18,55080437,0.00334352,{"v":1.3e-8,"d":"1.30E-08"},"NA","ieu-b-4871","Sex hormone binding globulin (SHBG) || id:ieu-b-4871",true,"reported","igd",2,true,"NA",0.000165096,30.58398264]
[101,"rs4135250","G","A","G","A",0.0393153,-0.015457,0.120985,0.170315,false,false,false,"orGVKS",12355346,0.683251,0.0378818,"outcome",true,"reported","textfile",35,3,12396845,0.00485016,{"v":5.2e-16,"d":"5.20E-16"},"NA","ieu-b-4871","Sex hormone binding globulin (SHBG) || id:ieu-b-4871",true,"reported","igd",2,true,"NA",0.000328762,60.91290844]
[102,"rs4149056","C","T","C","T",-0.0774044,0.0302289,0.151541,0.201568,false,false,false,"orGVKS",21178615,0.397295,0.0357121,"outcome",true,"reported","textfile",123,12,21331549,0.00440743,{"v":4.8e-69,"d":"4.80E-69"},"NA","ieu-b-4871","Sex hormone binding globulin (SHBG) || id:ieu-b-4871",true,"reported","igd",2,true,"NA",0.001540715,285.8100379]
[103,"rs42945","G","A","G","A",-0.0210752,-0.00438673,0.513876,0.570101,false,false,false,"orGVKS",58511522,0.879446,0.0289225,"outcome",true,"reported","textfile",155,16,58545426,0.00319356,{"v":4.1e-11,"d":"4.10E-11"},"NA","ieu-b-4871","Sex hormone binding globulin (SHBG) || id:ieu-b-4871",true,"reported","igd",2,true,"NA",0.000221911,41.11125392]
[104,"rs4297769","A","G","A","G",-0.0339221,-0.0110995,0.38805,0.368682,false,false,false,"orGVKS",8040730,0.709022,0.0297439,"outcome",true,"reported","textfile",177,17,7944048,0.00326022,{"v":2.4e-25,"d":"2.40E-25"},"NA","ieu-b-4871","Sex hormone binding globulin (SHBG) || id:ieu-b-4871",true,"reported","igd",2,true,"NA",0.000546511,101.2796121]
[105,"rs4590622","A","G","A","G",0.0247127,0.00934296,0.288149,0.318596,false,false,false,"orGVKS",1575864,0.763154,0.0310044,"outcome",true,"reported","textfile",4,1,1511244,0.00354346,{"v":3.1e-12,"d":"3.10E-12"},"NA","ieu-b-4871","Sex hormone binding globulin (SHBG) || id:ieu-b-4871",true,"reported","igd",2,true,"NA",0.00025054,46.41634749]
[106,"rs4599176","T","G","T","G",0.0238663,-0.08211,0.262325,0.222934,false,false,false,"orGVKS",48903557,0.0171732,0.0344568,"outcome",true,"reported","textfile",193,20,47520094,0.00362077,{"v":4.4e-11,"d":"4.40E-11"},"NA","ieu-b-4871","Sex hormone binding globulin (SHBG) || id:ieu-b-4871",true,"reported","igd",2,true,"NA",0.000220447,40.84004558]
[107,"rs4715316","T","C","T","C",0.0202711,-0.0424196,0.643873,0.624473,false,false,false,"orGVKS",52764200,0.148783,0.0293797,"outcome",true,"reported","textfile",62,6,52628998,0.00332066,{"v":1e-9,"d":"1.00E-09"},"NA","ieu-b-4871","Sex hormone binding globulin (SHBG) || id:ieu-b-4871",true,"reported","igd",2,true,"NA",0.000188447,34.91058508]
[108,"rs4804101","T","G","T","G",-0.0301168,-0.0120431,0.439855,0.433316,false,false,false,"orGVKS",7220734,0.676011,0.0288174,"outcome",true,"reported","textfile",186,19,7220745,0.00320222,{"v":5.2e-21,"d":"5.20E-21"},"NA","ieu-b-4871","Sex hormone binding globulin (SHBG) || id:ieu-b-4871",true,"reported","igd",2,true,"NA",0.000446949,82.82040084]
[109,"rs4853180","C","T","C","T",-0.0222845,-0.00400129,0.424013,0.539852,false,false,false,"orGVKS",69948195,0.889327,0.0287541,"outcome",true,"reported","textfile",27,2,70175327,0.00324763,{"v":6.8e-12,"d":"6.80E-12"},"NA","ieu-b-4871","Sex hormone binding globulin (SHBG) || id:ieu-b-4871",true,"reported","igd",2,true,"NA",0.000242565,44.93849566]
[110,"rs4860987","T","A","T","A",0.0729585,-0.00378879,0.259115,0.26351,false,true,false,"orGVKS",68625566,0.907706,0.0326811,"outcome",true,"reported","textfile",45,4,69491284,0.00381721,{"v":2e-81,"d":"2.00E-81"},"NA","ieu-b-4871","Sex hormone binding globulin (SHBG) || id:ieu-b-4871",true,"reported","igd",2,true,"NA",0.002043738,379.3142625]
[111,"rs4918722","T","C","T","C",-0.0232926,-0.0413593,0.725454,0.683044,false,false,false,"orGVKS",112187282,0.179007,0.0307774,"outcome",true,"reported","textfile",102,10,113947040,0.0035396,{"v":4.7e-11,"d":"4.70E-11"},"NA","ieu-b-4871","Sex hormone binding globulin (SHBG) || id:ieu-b-4871",true,"reported","igd",2,true,"NA",0.000216118,40.03781213]
[112,"rs4979372","C","T","C","T",0.0306061,0.0337873,0.489099,0.468416,false,false,false,"orGVKS",114377802,0.240044,0.0287582,"outcome",true,"reported","textfile",97,9,117140082,0.00318601,{"v":7.5e-22,"d":"7.50E-22"},"NA","ieu-b-4871","Sex hormone binding globulin (SHBG) || id:ieu-b-4871",true,"reported","igd",2,true,"NA",0.000468144,86.74978441]
[113,"rs511154","G","A","G","A",-0.0645704,-0.0656025,0.765441,0.848875,false,false,false,"orGVKS",136232079,0.0989715,0.0397624,"outcome",true,"reported","textfile",34,3,135950921,0.00373704,{"v":6.8e-67,"d":"6.80E-67"},"NA","ieu-b-4871","Sex hormone binding globulin (SHBG) || id:ieu-b-4871",true,"reported","igd",2,true,"NA",0.001497134,277.7134995]
[114,"rs540730","C","T","C","T",-0.0436693,0.00599912,0.756166,0.745405,false,false,false,"orGVKS",57413331,0.854657,0.0327498,"outcome",true,"reported","textfile",127,12,57807114,0.00368377,{"v":2e-32,"d":"2.00E-32"},"NA","ieu-b-4871","Sex hormone binding globulin (SHBG) || id:ieu-b-4871",true,"reported","igd",2,true,"NA",0.000703224,130.3421603]
[115,"rs55707100","T","C","T","C",-0.173481,0.106287,0.025969,0.00536663,false,false,false,"orGVKS",43528519,0.583881,0.194052,"outcome",true,"reported","textfile",153,15,43820717,0.00996273,{"v":6.6e-68,"d":"6.60E-68"},"NA","ieu-b-4871","Sex hormone binding globulin (SHBG) || id:ieu-b-4871",true,"reported","igd",2,true,"NA",0.001522516,282.4288738]
[116,"rs55729432","G","C","G","C",0.0241761,0.0150101,0.266259,0.190243,false,true,false,"orGVKS",88445140,0.6814,0.0365606,"outcome",true,"reported","textfile",162,16,88511548,0.00361845,{"v":2.4e-11,"d":"2.40E-11"},"NA","ieu-b-4871","Sex hormone binding globulin (SHBG) || id:ieu-b-4871",true,"reported","igd",2,true,"NA",0.000228376,42.30914947]
[117,"rs55869502","T","C","T","C",-0.0264543,-0.0201383,0.495399,0.417929,false,false,false,"orGVKS",100359333,0.486794,0.0289585,"outcome",true,"reported","textfile",143,14,100825670,0.00317995,{"v":8.9e-17,"d":"8.90E-17"},"NA","ieu-b-4871","Sex hormone binding globulin (SHBG) || id:ieu-b-4871",true,"reported","igd",2,true,"NA",0.000349885,64.82809974]
[118,"rs55894190","T","C","T","C",0.129527,0.0205796,0.601156,0.523885,false,false,false,"orGVKS",7479919,0.470948,0.0285457,"outcome",true,"reported","textfile",169,17,7383238,0.00320044,{"v":1e-200,"d":"1.00E-200"},"NA","ieu-b-4871","Sex hormone binding globulin (SHBG) || id:ieu-b-4871",true,"reported","igd",2,true,"NA",0.008045274,1502.22347]
[119,"rs56332871","A","C","A","C",0.0716063,0.0598836,0.274324,0.290683,false,false,false,"orGVKS",96171587,0.0578282,0.0315675,"outcome",true,"reported","textfile",151,15,96714816,0.0035702,{"v":1.8e-89,"d":"1.80E-89"},"NA","ieu-b-4871","Sex hormone binding globulin (SHBG) || id:ieu-b-4871",true,"reported","igd",2,true,"NA",0.002041451,378.8890552]
[120,"rs58833496","T","A","T","A",-0.0254415,-0.0159059,0.146448,0.100672,false,true,false,"orGVKS",123871744,0.739432,0.047822,"outcome",true,"reported","textfile",40,4,124792899,0.00448742,{"v":1.4e-8,"d":"1.40E-08"},"NA","ieu-b-4871","Sex hormone binding globulin (SHBG) || id:ieu-b-4871",true,"reported","igd",2,true,"NA",0.000161819,29.9767585]
[121,"rs58939796","T","G","T","G",0.0278056,-0.0385225,0.30098,0.347167,false,false,false,"orGVKS",25464759,0.199347,0.0300157,"outcome",true,"reported","textfile",137,14,25933965,0.00345975,{"v":9.2e-16,"d":"9.20E-16"},"NA","ieu-b-4871","Sex hormone binding globulin (SHBG) || id:ieu-b-4871",true,"reported","igd",2,true,"NA",0.000325328,60.27658281]
[122,"rs60018147","G","A","G","A",0.0298079,-0.0325679,0.120926,0.124654,false,false,false,"orGVKS",3375574,0.452761,0.0433765,"outcome",true,"reported","textfile",190,19,3375572,0.00510195,{"v":5.1e-9,"d":"5.10E-09"},"NA","ieu-b-4871","Sex hormone binding globulin (SHBG) || id:ieu-b-4871",true,"reported","igd",2,true,"NA",0.000188903,34.99495681]
[123,"rs6072263","C","T","C","T",0.0227177,0.021496,0.47733,0.532207,false,false,false,"orGVKS",41076906,0.45313,0.0286535,"outcome",true,"reported","textfile",195,20,39705546,0.00318367,{"v":9.6e-13,"d":"9.60E-13"},"NA","ieu-b-4871","Sex hormone binding globulin (SHBG) || id:ieu-b-4871",true,"reported","igd",2,true,"NA",0.000257516,47.70922999]
[124,"rs6088461","T","G","T","G",-0.0205424,-0.0178982,0.425211,0.475412,false,false,false,"orGVKS",34317355,0.531549,0.0286077,"outcome",true,"reported","textfile",192,20,32905161,0.00322339,{"v":1.9e-10,"d":"1.90E-10"},"NA","ieu-b-4871","Sex hormone binding globulin (SHBG) || id:ieu-b-4871",true,"reported","igd",2,true,"NA",0.000206274,38.21381758]
[125,"rs62011286","A","G","A","G",-0.0287125,0.0312832,0.342562,0.387081,false,false,false,"orGVKS",63498926,0.285232,0.0292739,"outcome",true,"reported","textfile",154,15,63791125,0.00334238,{"v":8.7e-18,"d":"8.70E-18"},"NA","ieu-b-4871","Sex hormone binding globulin (SHBG) || id:ieu-b-4871",true,"reported","igd",2,true,"NA",0.000371335,68.80386486]
[126,"rs62472728","T","C","T","C",0.0388978,-0.0271685,0.061521,0.0923034,false,false,false,"orGVKS",143408473,0.5825,0.049421,"outcome",true,"reported","textfile",74,7,143105566,0.00666919,{"v":5.5e-9,"d":"5.50E-09"},"NA","ieu-b-4871","Sex hormone binding globulin (SHBG) || id:ieu-b-4871",true,"reported","igd",2,true,"NA",0.000174714,32.36603042]
[127,"rs62637665","G","C","G","C",0.0238742,0.0229403,0.196063,0.122177,false,true,false,"orGVKS",114030823,0.601498,0.0439261,"outcome",true,"reported","textfile",136,13,114796299,0.00399394,{"v":2.3e-9,"d":"2.30E-09"},"NA","ieu-b-4871","Sex hormone binding globulin (SHBG) || id:ieu-b-4871",true,"reported","igd",2,true,"NA",0.000179682,33.28655796]
[128,"rs631695","G","T","G","T",-0.0392864,0.00562734,0.582079,0.595349,false,false,false,"orGVKS",69468535,0.84648,0.0290652,"outcome",true,"reported","textfile",114,11,69283303,0.00320898,{"v":1.8e-34,"d":"1.80E-34"},"NA","ieu-b-4871","Sex hormone binding globulin (SHBG) || id:ieu-b-4871",true,"reported","igd",2,true,"NA",0.000750915,139.188183]
[129,"rs6532796","G","A","G","A",-0.0497219,0.0150279,0.706224,0.705665,false,false,false,"orGVKS",99121091,0.631742,0.0313554,"outcome",true,"reported","textfile",51,4,100042242,0.0034742,{"v":1.8e-46,"d":"1.80E-46"},"NA","ieu-b-4871","Sex hormone binding globulin (SHBG) || id:ieu-b-4871",true,"reported","igd",2,true,"NA",0.001025851,190.2021834]
[130,"rs6541725","A","C","A","C",-0.0190861,0.0425261,0.380867,0.287388,false,false,false,"orGVKS",120580456,0.178962,0.0316425,"outcome",true,"reported","textfile",22,2,121338032,0.00326145,{"v":4.9e-9,"d":"4.90E-09"},"NA","ieu-b-4871","Sex hormone binding globulin (SHBG) || id:ieu-b-4871",true,"reported","igd",2,true,"NA",0.000171799,31.82598373]
[131,"rs6546096","G","A","G","A",-0.0356272,0.0668715,0.737087,0.776952,false,false,false,"orGVKS",64679161,0.0511599,0.0342906,"outcome",true,"reported","textfile",21,2,64906295,0.00361112,{"v":5.8e-23,"d":"5.80E-23"},"NA","ieu-b-4871","Sex hormone binding globulin (SHBG) || id:ieu-b-4871",true,"reported","igd",2,true,"NA",0.000491954,91.16401251]
[132,"rs6576009","C","T","C","T",-0.018855,0.0157658,0.57671,0.500875,false,false,false,"orGVKS",103868892,0.583778,0.0287762,"outcome",true,"reported","textfile",144,14,104335229,0.00326893,{"v":8e-9,"d":"8.00E-09"},"NA","ieu-b-4871","Sex hormone binding globulin (SHBG) || id:ieu-b-4871",true,"reported","igd",2,true,"NA",0.000173572,32.15433133]
[133,"rs663129","A","G","A","G",-0.024496,0.022916,0.233686,0.185135,false,false,false,"orGVKS",60171168,0.532127,0.0366796,"outcome",true,"reported","textfile",182,18,57838401,0.00375928,{"v":7.2e-11,"d":"7.20E-11"},"NA","ieu-b-4871","Sex hormone binding globulin (SHBG) || id:ieu-b-4871",true,"reported","igd",2,true,"NA",0.000214912,39.81426265]
[134,"rs6717858","C","T","C","T",0.0287395,-0.03795,0.40216,0.377677,false,false,false,"orGVKS",164683151,0.198619,0.0295217,"outcome",true,"reported","textfile",29,2,165539661,0.00323055,{"v":5.8e-19,"d":"5.80E-19"},"NA","ieu-b-4871","Sex hormone binding globulin (SHBG) || id:ieu-b-4871",true,"reported","igd",2,true,"NA",0.000397166,73.59194985]
[135,"rs6736913","G","A","G","A",-0.0846117,-0.0340562,0.979119,0.982007,false,false,false,"orGVKS",42282878,0.75123,0.107427,"outcome",true,"reported","textfile",20,2,42510018,0.0110529,{"v":1.9e-14,"d":"1.90E-14"},"NA","ieu-b-4871","Sex hormone binding globulin (SHBG) || id:ieu-b-4871",true,"reported","igd",2,true,"NA",0.000292737,54.23633029]
[136,"rs6792725","G","A","G","A",0.0259319,-0.0743119,0.69378,0.543395,false,false,false,"orGVKS",24478792,0.0101515,0.0289081,"outcome",true,"reported","textfile",33,3,24520283,0.00354169,{"v":2.4e-13,"d":"2.40E-13"},"NA","ieu-b-4871","Sex hormone binding globulin (SHBG) || id:ieu-b-4871",true,"reported","igd",2,true,"NA",0.000285729,52.93752631]
[137,"rs6939861","A","G","A","G",-0.0268266,-0.0304412,0.261697,0.261081,false,false,false,"orGVKS",41735303,0.352151,0.0327175,"outcome",true,"reported","textfile",64,6,41703041,0.00364951,{"v":2e-13,"d":"2.00E-13"},"NA","ieu-b-4871","Sex hormone binding globulin (SHBG) || id:ieu-b-4871",true,"reported","igd",2,true,"NA",0.000278096,51.52297927]
[138,"rs6950023","G","T","G","T",0.0776829,-0.00334346,0.814859,0.844526,false,false,false,"orGVKS",98286323,0.932932,0.0397293,"outcome",true,"reported","textfile",81,7,97915635,0.00407488,{"v":5e-81,"d":"5.00E-81"},"NA","ieu-b-4871","Sex hormone binding globulin (SHBG) || id:ieu-b-4871",true,"reported","igd",2,true,"NA",0.001820815,337.8648044]
[139,"rs695272","C","T","C","T",-0.040083,-0.0419682,0.663642,0.727785,false,false,false,"orGVKS",28460772,0.191946,0.0321634,"outcome",true,"reported","textfile",200,22,28856760,0.00335226,{"v":6e-33,"d":"6.00E-33"},"NA","ieu-b-4871","Sex hormone binding globulin (SHBG) || id:ieu-b-4871",true,"reported","igd",2,true,"NA",0.000717276,132.9484302]
[140,"rs71586027","TATCTC","T","TATCTC","T",0.02631,-0.00469588,0.479544,0.462487,false,false,false,"orGVKS",154610278,0.869707,0.0286282,"outcome",true,"reported","textfile",8,1,154582754,0.00316937,{"v":1e-16,"d":"1.00E-16"},"NA","ieu-b-4871","Sex hormone binding globulin (SHBG) || id:ieu-b-4871",true,"reported","igd",2,true,"NA",0.000345529,64.02060814]
[141,"rs7212309","G","A","G","A",-0.0318793,0.145908,0.828808,0.893887,false,false,false,"orGVKS",75235963,0.00232006,0.0479035,"outcome",true,"reported","textfile",176,17,73232058,0.00415746,{"v":1.7e-14,"d":"1.70E-14"},"NA","ieu-b-4871","Sex hormone binding globulin (SHBG) || id:ieu-b-4871",true,"reported","igd",2,true,"NA",0.000288393,53.43130111]
[142,"rs7214410","G","A","G","A",-0.0303225,-0.00314774,0.55034,0.520654,false,false,false,"orGVKS",47345262,0.912316,0.0285852,"outcome",true,"reported","textfile",164,17,45422628,0.0031481,{"v":5.9e-22,"d":"5.90E-22"},"NA","ieu-b-4871","Sex hormone binding globulin (SHBG) || id:ieu-b-4871",true,"reported","igd",2,true,"NA",0.000455067,84.32542796]
[143,"rs72666817","A","G","A","G",0.0261021,-0.00861176,0.204068,0.263543,false,false,false,"orGVKS",103207984,0.791214,0.0325297,"outcome",true,"reported","textfile",52,4,104129141,0.00393817,{"v":3.4e-11,"d":"3.40E-11"},"NA","ieu-b-4871","Sex hormone binding globulin (SHBG) || id:ieu-b-4871",true,"reported","igd",2,true,"NA",0.000221326,41.00279237]
[144,"rs72683923","C","T","C","T",0.0897608,-0.178295,0.01938,0.0114781,false,false,false,"orGVKS",50269229,0.188782,0.135669,"outcome",true,"reported","textfile",146,14,50735947,0.011514,{"v":6.4e-15,"d":"6.40E-15"},"NA","ieu-b-4871","Sex hormone binding globulin (SHBG) || id:ieu-b-4871",true,"reported","igd",2,true,"NA",0.000306237,56.73832319]
[145,"rs72708162","T","G","T","G",0.0386218,-0.0398457,0.078495,0.0558201,false,false,false,"orGVKS",149911259,0.521878,0.0622148,"outcome",true,"reported","textfile",18,1,149882811,0.00587371,{"v":4.9e-11,"d":"4.90E-11"},"NA","ieu-b-4871","Sex hormone binding globulin (SHBG) || id:ieu-b-4871",true,"reported","igd",2,true,"NA",0.000215792,39.97734692]
[146,"rs72787581","A","G","A","G",0.0707285,0.0178226,0.023084,0.0155503,false,false,false,"orGVKS",32787741,0.878662,0.116743,"outcome",true,"reported","textfile",19,2,33012808,0.0106683,{"v":3.4e-11,"d":"3.40E-11"},"NA","ieu-b-4871","Sex hormone binding globulin (SHBG) || id:ieu-b-4871",true,"reported","igd",2,true,"NA",0.000225625,41.79946404]
[147,"rs72798731","T","C","T","C",0.0633323,-0.228521,0.033951,0.022025,false,false,false,"orGVKS",32290268,0.0192402,0.0976232,"outcome",true,"reported","textfile",26,2,32515337,0.00896022,{"v":1.6e-12,"d":"1.60E-12"},"NA","ieu-b-4871","Sex hormone binding globulin (SHBG) || id:ieu-b-4871",true,"reported","igd",2,true,"NA",0.000263107,48.74522263]
[148,"rs72824931","T","C","T","C",-0.0466521,0.0576267,0.061059,0.0502489,false,false,false,"orGVKS",63089722,0.38155,0.0658557,"outcome",true,"reported","textfile",107,10,64849482,0.00661577,{"v":1.8e-12,"d":"1.80E-12"},"NA","ieu-b-4871","Sex hormone binding globulin (SHBG) || id:ieu-b-4871",true,"reported","igd",2,true,"NA",0.000249552,46.23323788]
[149,"rs72929847","A","G","A","G",0.0493165,-0.0305915,0.075594,0.0805342,false,false,false,"orGVKS",61218958,0.562243,0.0527883,"outcome",true,"reported","textfile",12,1,61684630,0.00600329,{"v":2.1e-16,"d":"2.10E-16"},"NA","ieu-b-4871","Sex hormone binding globulin (SHBG) || id:ieu-b-4871",true,"reported","igd",2,true,"NA",0.00033991,62.97928898]
[150,"rs7306128","G","A","G","A",-0.043938,-0.0245217,0.053877,0.0905206,false,false,false,"orGVKS",20979253,0.62466,0.0501202,"outcome",true,"reported","textfile",131,12,21132187,0.00700648,{"v":3.6e-10,"d":"3.60E-10"},"NA","ieu-b-4871","Sex hormone binding globulin (SHBG) || id:ieu-b-4871",true,"reported","igd",2,true,"NA",0.000196817,36.46133702]
[151,"rs7314285","G","T","G","T",0.0724648,-0.0315956,0.068885,0.0433736,false,false,false,"orGVKS",111084222,0.657158,0.071187,"outcome",true,"reported","textfile",132,12,111522026,0.00626139,{"v":5.6e-31,"d":"5.60E-31"},"NA","ieu-b-4871","Sex hormone binding globulin (SHBG) || id:ieu-b-4871",true,"reported","igd",2,true,"NA",0.000673616,124.8505209]
[152,"rs73193388","T","C","T","C",0.026423,-0.0879592,0.136139,0.0948605,false,false,false,"orGVKS",3399951,0.0730432,0.0490689,"outcome",true,"reported","textfile",44,4,3401678,0.00462767,{"v":1.1e-8,"d":"1.10E-08"},"NA","ieu-b-4871","Sex hormone binding globulin (SHBG) || id:ieu-b-4871",true,"reported","igd",2,true,"NA",0.000164218,30.4212832]
[153,"rs738409","G","C","G","C",0.0718376,-0.0186736,0.216787,0.22693,false,true,false,"orGVKS",43928847,0.584187,0.0341207,"outcome",true,"reported","textfile",199,22,44324727,0.00384397,{"v":6.2e-78,"d":"6.20E-78"},"NA","ieu-b-4871","Sex hormone binding globulin (SHBG) || id:ieu-b-4871",true,"reported","igd",2,true,"NA",0.001752454,325.1576918]
[154,"rs7504026","G","A","G","A",0.0172133,0.0296609,0.514937,0.492711,false,false,false,"orGVKS",69113532,0.300117,0.0286251,"outcome",true,"reported","textfile",172,17,67109673,0.00313757,{"v":4.1e-8,"d":"4.10E-08"},"NA","ieu-b-4871","Sex hormone binding globulin (SHBG) || id:ieu-b-4871",true,"reported","igd",2,true,"NA",0.000148017,27.41955114]
[155,"rs7552212","T","C","T","C",-0.0293305,-0.00102529,0.204464,0.223548,false,false,false,"orGVKS",92471140,0.976204,0.0343731,"outcome",true,"reported","textfile",5,1,92936697,0.00392461,{"v":7.8e-14,"d":"7.80E-14"},"NA","ieu-b-4871","Sex hormone binding globulin (SHBG) || id:ieu-b-4871",true,"reported","igd",2,true,"NA",0.000279863,51.85047197]
[156,"rs7696472","A","G","A","G",0.0501085,-0.000139401,0.475333,0.534428,false,false,false,"orGVKS",68672462,0.99612,0.0286672,"outcome",true,"reported","textfile",38,4,69538180,0.00317075,{"v":3e-56,"d":"3.00E-56"},"NA","ieu-b-4871","Sex hormone binding globulin (SHBG) || id:ieu-b-4871",true,"reported","igd",2,true,"NA",0.001252375,232.2545824]
[157,"rs7744830","G","T","G","T",-0.0229461,0.0437954,0.689114,0.688136,false,false,false,"orGVKS",130046580,0.154123,0.030731,"outcome",true,"reported","textfile",68,6,130367725,0.00342656,{"v":2.1e-11,"d":"2.10E-11"},"NA","ieu-b-4871","Sex hormone binding globulin (SHBG) || id:ieu-b-4871",true,"reported","igd",2,true,"NA",0.0002256,41.79492218]
[158,"rs77643000","C","T","C","T",0.0264503,-0.0435189,0.128513,0.133998,false,false,false,"orGVKS",118878854,0.305052,0.0424301,"outcome",true,"reported","textfile",118,11,118749563,0.00480039,{"v":3.6e-8,"d":"3.60E-08"},"NA","ieu-b-4871","Sex hormone binding globulin (SHBG) || id:ieu-b-4871",true,"reported","igd",2,true,"NA",0.000156711,29.03038357]
[159,"rs7794048","A","G","A","G",-0.035812,0.0455108,0.06373,0.0260762,false,false,false,"orGVKS",46236284,0.614024,0.0902386,"outcome",true,"reported","textfile",80,7,46275882,0.00651402,{"v":3.8e-8,"d":"3.80E-08"},"NA","ieu-b-4871","Sex hormone binding globulin (SHBG) || id:ieu-b-4871",true,"reported","igd",2,true,"NA",0.00015305,28.35203149]
[160,"rs7822342","G","A","G","A",0.0203078,-0.0298203,0.588278,0.611833,false,false,false,"orGVKS",80334464,0.309945,0.0293699,"outcome",true,"reported","textfile",87,8,81246699,0.00322677,{"v":3.1e-10,"d":"3.10E-10"},"NA","ieu-b-4871","Sex hormone binding globulin (SHBG) || id:ieu-b-4871",true,"reported","igd",2,true,"NA",0.000199776,37.00962948]
[161,"rs7828742","G","A","G","A",-0.0178056,0.00531132,0.601318,0.530125,false,false,false,"orGVKS",115948504,0.853077,0.0286798,"outcome",true,"reported","textfile",90,8,116960729,0.00325475,{"v":4.5e-8,"d":"4.50E-08"},"NA","ieu-b-4871","Sex hormone binding globulin (SHBG) || id:ieu-b-4871",true,"reported","igd",2,true,"NA",0.000152011,28.15954358]
[162,"rs7860122","G","A","G","A",0.0204873,0.0258927,0.249915,0.244351,false,false,false,"orGVKS",19087431,0.435405,0.0331968,"outcome",true,"reported","textfile",93,9,19087429,0.00367223,{"v":2.4e-8,"d":"2.40E-08"},"NA","ieu-b-4871","Sex hormone binding globulin (SHBG) || id:ieu-b-4871",true,"reported","igd",2,true,"NA",0.000157363,29.15117979]
[163,"rs7860634","A","G","A","G",0.0289016,-0.0144625,0.572759,0.553609,false,false,false,"orGVKS",136197833,0.614762,0.0287362,"outcome",true,"reported","textfile",96,9,139089679,0.00320618,{"v":2e-19,"d":"2.00E-19"},"NA","ieu-b-4871","Sex hormone binding globulin (SHBG) || id:ieu-b-4871",true,"reported","igd",2,true,"NA",0.000408807,75.74984125]
[164,"rs78679318","G","T","G","T",0.0240626,-0.0400607,0.187391,0.106243,false,false,false,"orGVKS",110271627,0.393547,0.0469533,"outcome",true,"reported","textfile",99,9,113033907,0.00407771,{"v":3.6e-9,"d":"3.60E-09"},"NA","ieu-b-4871","Sex hormone binding globulin (SHBG) || id:ieu-b-4871",true,"reported","igd",2,true,"NA",0.000176338,32.66687422]
[165,"rs78890745","A","G","A","G",0.035134,-0.0296249,0.107909,0.116672,false,false,false,"orGVKS",158913322,0.506019,0.0445454,"outcome",true,"reported","textfile",47,4,159834474,0.00512956,{"v":7.4e-12,"d":"7.40E-12"},"NA","ieu-b-4871","Sex hormone binding globulin (SHBG) || id:ieu-b-4871",true,"reported","igd",2,true,"NA",0.000237658,44.02919815]
[166,"rs7922024","T","C","T","C",0.0421167,-0.0465879,0.049055,0.0346932,false,false,false,"orGVKS",62003610,0.548311,0.0776087,"outcome",true,"reported","textfile",106,10,63763369,0.00735585,{"v":1e-8,"d":"1.00E-08"},"NA","ieu-b-4871","Sex hormone binding globulin (SHBG) || id:ieu-b-4871",true,"reported","igd",2,true,"NA",0.000165492,30.65736037]
[167,"rs79287178","A","G","A","G",-0.090053,-0.0789955,0.031519,0.041695,false,false,false,"orGVKS",172576710,0.270665,0.0717141,"outcome",true,"reported","textfile",37,3,172294500,0.00952221,{"v":3.2e-21,"d":"3.20E-21"},"NA","ieu-b-4871","Sex hormone binding globulin (SHBG) || id:ieu-b-4871",true,"reported","igd",2,true,"NA",0.000495097,91.74671171]
[168,"rs7947951","G","A","G","A",-0.030322,0.0467561,0.689182,0.538915,false,false,false,"orGVKS",13334483,0.102946,0.0286718,"outcome",true,"reported","textfile",116,11,13356030,0.00342253,{"v":8e-19,"d":"8.00E-19"},"NA","ieu-b-4871","Sex hormone binding globulin (SHBG) || id:ieu-b-4871",true,"reported","igd",2,true,"NA",0.0003939,72.98647807]
[169,"rs79598313","T","C","T","C",-0.213956,-0.0580903,0.02316,0.0349171,false,false,false,"orGVKS",26958422,0.455503,0.0778406,"outcome",true,"reported","textfile",16,1,27284913,0.0105136,{"v":4.6e-92,"d":"4.60E-92"},"NA","ieu-b-4871","Sex hormone binding globulin (SHBG) || id:ieu-b-4871",true,"reported","igd",2,true,"NA",0.00207129,384.4385615]
[170,"rs79717793","A","G","A","G",-0.0579424,0.0277609,0.153928,0.142137,false,false,false,"orGVKS",5220304,0.497692,0.0409378,"outcome",true,"reported","textfile",104,10,5262267,0.00438195,{"v":6.5e-40,"d":"6.50E-40"},"NA","ieu-b-4871","Sex hormone binding globulin (SHBG) || id:ieu-b-4871",true,"reported","igd",2,true,"NA",0.000874476,162.1113365]
[171,"rs8077638","T","C","T","C",0.0468405,-0.00635876,0.219616,0.213089,false,false,false,"orGVKS",1737499,0.855783,0.0349875,"outcome",true,"reported","textfile",163,17,1640793,0.00377831,{"v":2.7e-35,"d":"2.70E-35"},"NA","ieu-b-4871","Sex hormone binding globulin (SHBG) || id:ieu-b-4871",true,"reported","igd",2,true,"NA",0.000752048,139.3983529]
[172,"rs8113367","G","A","G","A",0.0195589,0.106766,0.632874,0.665584,false,false,false,"orGVKS",18277440,0.000485848,0.0306057,"outcome",true,"reported","textfile",185,19,18388250,0.0032919,{"v":2.8e-9,"d":"2.80E-09"},"NA","ieu-b-4871","Sex hormone binding globulin (SHBG) || id:ieu-b-4871",true,"reported","igd",2,true,"NA",0.000177767,32.93168784]
[173,"rs849133","T","C","T","C",0.023737,-0.0207048,0.502255,0.489573,false,false,false,"orGVKS",28152661,0.468178,0.0285408,"outcome",true,"reported","textfile",79,7,28192280,0.00316888,{"v":6.9e-14,"d":"6.90E-14"},"NA","ieu-b-4871","Sex hormone binding globulin (SHBG) || id:ieu-b-4871",true,"reported","igd",2,true,"NA",0.000281717,52.19401796]
[174,"rs876435","A","G","A","G",-0.0186658,-0.0373162,0.590766,0.557975,false,false,false,"orGVKS",23016020,0.195274,0.0288127,"outcome",true,"reported","textfile",85,8,22873533,0.00325624,{"v":9.9e-9,"d":"9.90E-09"},"NA","ieu-b-4871","Sex hormone binding globulin (SHBG) || id:ieu-b-4871",true,"reported","igd",2,true,"NA",0.000168465,31.20822857]
[175,"rs9288177","A","G","A","G",-0.0202455,0.0277545,0.373539,0.436519,false,false,false,"orGVKS",190720526,0.336466,0.0288757,"outcome",true,"reported","textfile",30,2,191585252,0.00329043,{"v":7.6e-10,"d":"7.60E-10"},"NA","ieu-b-4871","Sex hormone binding globulin (SHBG) || id:ieu-b-4871",true,"reported","igd",2,true,"NA",0.00019183,35.53741669]
[176,"rs9297994","A","G","A","G",0.030556,0.01474,0.663546,0.623801,false,false,false,"orGVKS",58479765,0.617625,0.0295261,"outcome",true,"reported","textfile",86,8,59392324,0.00335425,{"v":8.3e-20,"d":"8.30E-20"},"NA","ieu-b-4871","Sex hormone binding globulin (SHBG) || id:ieu-b-4871",true,"reported","igd",2,true,"NA",0.000416888,77.24784184]
[177,"rs935129","G","A","G","A",-0.0205639,-0.0115935,0.672877,0.644452,false,false,false,"orGVKS",49408654,0.698795,0.0299615,"outcome",true,"reported","textfile",171,17,47486016,0.00336898,{"v":1e-9,"d":"1.00E-09"},"NA","ieu-b-4871","Sex hormone binding globulin (SHBG) || id:ieu-b-4871",true,"reported","igd",2,true,"NA",0.000186161,34.4868968]
[178,"rs9379084","A","G","A","G",-0.0346877,-0.0464938,0.115528,0.113549,false,false,false,"orGVKS",7231610,0.303796,0.0452131,"outcome",true,"reported","textfile",61,6,7231843,0.00510523,{"v":1.1e-11,"d":"1.10E-11"},"NA","ieu-b-4871","Sex hormone binding globulin (SHBG) || id:ieu-b-4871",true,"reported","igd",2,true,"NA",0.000245897,45.55590601]
[179,"rs9379802","A","T","A","T",0.0275041,-0.0307999,0.402503,0.416277,false,true,false,"orGVKS",25933670,0.288362,0.0290094,"outcome",true,"reported","textfile",63,6,25933898,0.00322931,{"v":1.6e-17,"d":"1.60E-17"},"NA","ieu-b-4871","Sex hormone binding globulin (SHBG) || id:ieu-b-4871",true,"reported","igd",2,true,"NA",0.000363856,67.41760306]
[180,"rs9693586","C","A","C","A",-0.0302364,-0.0143846,0.660886,0.702873,false,false,false,"orGVKS",80433050,0.64877,0.031582,"outcome",true,"reported","textfile",89,8,81345285,0.00343252,{"v":1.3e-18,"d":"1.30E-18"},"NA","ieu-b-4871","Sex hormone binding globulin (SHBG) || id:ieu-b-4871",true,"reported","igd",2,true,"NA",0.000409791,75.93219824]
[181,"rs9697210","A","G","A","G",-0.0443715,-0.0163852,0.145266,0.106597,false,false,false,"orGVKS",128706461,0.724469,0.0464837,"outcome",true,"reported","textfile",100,9,131468740,0.0045101,{"v":7.7e-23,"d":"7.70E-23"},"NA","ieu-b-4871","Sex hormone binding globulin (SHBG) || id:ieu-b-4871",true,"reported","igd",2,true,"NA",0.000488915,90.60060435]
[182,"rs9738226","G","A","G","A",0.0492166,-0.0336557,0.620364,0.584963,false,false,false,"orGVKS",120985856,0.247129,0.0290799,"outcome",true,"reported","textfile",129,12,121423659,0.00327096,{"v":3.6e-51,"d":"3.60E-51"},"NA","ieu-b-4871","Sex hormone binding globulin (SHBG) || id:ieu-b-4871",true,"reported","igd",2,true,"NA",0.001140952,211.5672863]
[183,"rs9739640","G","A","G","A",-0.025073,-0.0215664,0.167072,0.1623,false,false,false,"orGVKS",53389390,0.578325,0.0388003,"outcome",true,"reported","textfile",133,12,53783174,0.00431444,{"v":6.2e-9,"d":"6.20E-09"},"NA","ieu-b-4871","Sex hormone binding globulin (SHBG) || id:ieu-b-4871",true,"reported","igd",2,true,"NA",0.000174966,32.41270367]
[184,"rs9811216","C","T","C","T",0.0203838,0.00554426,0.261317,0.285034,false,false,false,"orGVKS",169769713,0.861329,0.031739,"outcome",true,"reported","textfile",32,3,169487501,0.0036094,{"v":1.6e-8,"d":"1.60E-08"},"NA","ieu-b-4871","Sex hormone binding globulin (SHBG) || id:ieu-b-4871",true,"reported","igd",2,true,"NA",0.000160408,29.71537859]

{"sheet":"SHBG(females)","index":2,"n_rows":173,"n_cols":37,"rows_kept":173}
[null,"SNP","effect_allele.exposure","other_allele.exposure","effect_allele.outcome","other_allele.outcome","beta.exposure","beta.outcome","eaf.exposure","eaf.outcome","remove","palindromic","ambiguous","id.outcome","pos.outcome","pval.outcome","se.outcome","outcome","mr_keep.outcome","pval_origin.outcome","data_source.outcome","...1","chr.exposure","pos.exposure","se.exposure","pval.exposure","samplesize.exposure","id.exposure","exposure","mr_keep.exposure","pval_origin.exposure","data_source.exposure","action","mr_keep","samplesize.outcome","R2","F"]
[1,"rs1014291","T","G","T","G",0.0178266,0.0382756,0.427368,0.507551,false,false,false,"tPsrTQ",58656883,0.182556,0.0287155,"outcome",true,"reported","textfile",25,2,58884018,0.00298929,{"v":2.5e-9,"d":"2.50E-09"},"NA","ieu-b-4870","Sex hormone binding globulin (SHBG) || id:ieu-b-4870",true,"reported","igd",2,true,"NA",0.000155541,33.44447666]
[2,"rs10153315","C","T","C","T",-0.0191278,0.0140711,0.418469,0.432347,false,false,false,"tPsrTQ",81514746,0.626392,0.0289047,"outcome",true,"reported","textfile",162,17,79481772,0.0029778,{"v":1.3e-10,"d":"1.30E-10"},"NA","ieu-b-4870","Sex hormone binding globulin (SHBG) || id:ieu-b-4870",true,"reported","igd",2,true,"NA",0.000178072,38.29003331]
[3,"rs10184004","T","C","T","C",0.0330313,-0.033129,0.405686,0.359583,false,false,false,"tPsrTQ",164651879,0.265796,0.029771,"outcome",true,"reported","textfile",26,2,165508389,0.00300414,{"v":4e-28,"d":"4.00E-28"},"NA","ieu-b-4870","Sex hormone binding globulin (SHBG) || id:ieu-b-4870",true,"reported","igd",2,true,"NA",0.000526123,113.1691521]
[4,"rs10238028","G","A","G","A",0.0396673,-0.0488668,0.067698,0.0723723,false,false,false,"tPsrTQ",99611276,0.377202,0.0553377,"outcome",true,"reported","textfile",73,7,99208899,0.00590167,{"v":1.8e-11,"d":"1.80E-11"},"NA","ieu-b-4870","Sex hormone binding globulin (SHBG) || id:ieu-b-4870",true,"reported","igd",2,true,"NA",0.000198622,42.70966845]
[5,"rs1047891","A","C","A","C",0.0256461,-0.0225254,0.315465,0.321317,false,false,false,"tPsrTQ",210675783,0.463346,0.0307157,"outcome",true,"reported","textfile",22,2,211540507,0.00316928,{"v":5.9e-16,"d":"5.90E-16"},"NA","ieu-b-4870","Sex hormone binding globulin (SHBG) || id:ieu-b-4870",true,"reported","igd",2,true,"NA",0.000284066,61.08788435]
[6,"rs10504255","A","G","A","G",0.0195318,0.0146302,0.663223,0.623632,false,false,false,"tPsrTQ",58485902,0.620245,0.029526,"outcome",true,"reported","textfile",79,8,59398461,0.00313626,{"v":4.7e-10,"d":"4.70E-10"},"NA","ieu-b-4870","Sex hormone binding globulin (SHBG) || id:ieu-b-4870",true,"reported","igd",2,true,"NA",0.000170418,36.64398976]
[7,"rs10801178","C","G","C","G",0.0185299,-0.00395889,0.689629,0.628902,false,true,false,"tPsrTQ",193150810,0.893232,0.0294966,"outcome",true,"reported","textfile",18,1,193119940,0.00318804,{"v":6.2e-9,"d":"6.20E-09"},"NA","ieu-b-4870","Sex hormone binding globulin (SHBG) || id:ieu-b-4870",true,"reported","igd",2,true,"NA",0.000146985,31.60449369]
[8,"rs10824744","G","A","G","A",-0.0280181,-0.0242832,0.195895,0.184507,false,false,false,"tPsrTQ",79334368,0.511676,0.0370042,"outcome",true,"reported","textfile",95,10,81094125,0.00371985,{"v":5e-14,"d":"5.00E-14"},"NA","ieu-b-4870","Sex hormone binding globulin (SHBG) || id:ieu-b-4870",true,"reported","igd",2,true,"NA",0.000247311,53.18180706]
[9,"rs10841521","G","A","G","A",0.0185794,0.0365489,0.267714,0.29305,false,false,false,"tPsrTQ",20434258,0.248222,0.0316529,"outcome",true,"reported","textfile",129,12,20587192,0.00338289,{"v":4e-8,"d":"4.00E-08"},"NA","ieu-b-4870","Sex hormone binding globulin (SHBG) || id:ieu-b-4870",true,"reported","igd",2,true,"NA",0.000135346,29.10155283]
[10,"rs10898075","T","C","T","C",-0.0250661,-0.0145453,0.168909,0.117595,false,false,false,"tPsrTQ",83068694,0.742434,0.04426,"outcome",true,"reported","textfile",104,11,82779736,0.00395441,{"v":2.3e-10,"d":"2.30E-10"},"NA","ieu-b-4870","Sex hormone binding globulin (SHBG) || id:ieu-b-4870",true,"reported","igd",2,true,"NA",0.000176403,37.93094987]
[11,"rs10917373","T","C","T","C",0.0224874,0.0184024,0.74479,0.767828,false,false,false,"tPsrTQ",23365252,0.586681,0.0338495,"outcome",true,"reported","textfile",15,1,23691745,0.00339598,{"v":3.5e-11,"d":"3.50E-11"},"NA","ieu-b-4870","Sex hormone binding globulin (SHBG) || id:ieu-b-4870",true,"reported","igd",2,true,"NA",0.000192238,41.33669075]
[12,"rs11023881","A","T","A","T",-0.0231105,0.0429102,0.389095,0.334573,false,true,false,"tPsrTQ",16225154,0.157114,0.0303286,"outcome",true,"reported","textfile",103,11,16246700,0.00303378,{"v":2.6e-14,"d":"2.60E-14"},"NA","ieu-b-4870","Sex hormone binding globulin (SHBG) || id:ieu-b-4870",true,"reported","igd",2,true,"NA",0.000253909,54.60098699]
[13,"rs11064358","A","G","A","G",-0.0262817,-0.0187739,0.13584,0.102276,false,false,false,"tPsrTQ",6744600,0.691393,0.0472936,"outcome",true,"reported","textfile",123,12,6853766,0.00432125,{"v":1.2e-9,"d":"1.20E-09"},"NA","ieu-b-4870","Sex hormone binding globulin (SHBG) || id:ieu-b-4870",true,"reported","igd",2,true,"NA",0.000162166,34.86915062]
[14,"rs11110390","T","C","T","C",-0.0233781,-0.0211757,0.33294,0.419968,false,false,false,"tPsrTQ",100481123,0.466868,0.0291041,"outcome",true,"reported","textfile",119,12,100874901,0.00313808,{"v":9.3e-14,"d":"9.30E-14"},"NA","ieu-b-4870","Sex hormone binding globulin (SHBG) || id:ieu-b-4870",true,"reported","igd",2,true,"NA",0.000242761,52.20317722]
[15,"rs11172134","A","T","A","T",0.0312034,0.0143283,0.202001,0.210867,false,true,false,"tPsrTQ",57252006,0.682631,0.0350432,"outcome",true,"reported","textfile",114,12,57645789,0.00368476,{"v":2.5e-17,"d":"2.50E-17"},"NA","ieu-b-4870","Sex hormone binding globulin (SHBG) || id:ieu-b-4870",true,"reported","igd",2,true,"NA",0.000313899,67.50535794]
[16,"rs112086410","C","G","C","G",-0.0301626,-0.00333897,0.125469,0.10877,false,true,false,"tPsrTQ",128829615,0.942139,0.0460033,"outcome",true,"reported","textfile",86,9,131591894,0.00448813,{"v":1.8e-11,"d":"1.80E-11"},"NA","ieu-b-4870","Sex hormone binding globulin (SHBG) || id:ieu-b-4870",true,"reported","igd",2,true,"NA",0.000199655,42.93170214]
[17,"rs114165349","C","G","C","G",-0.146504,-0.0477202,0.023317,0.0375675,false,true,false,"tPsrTQ",26695422,0.525379,0.075141,"outcome",true,"reported","textfile",10,1,27021913,0.00984242,{"v":4.1e-50,"d":"4.10E-50"},"NA","ieu-b-4870","Sex hormone binding globulin (SHBG) || id:ieu-b-4870",true,"reported","igd",2,true,"NA",0.000977587,210.3740798]
[18,"rs114949263","C","T","C","T",0.0304011,-0.00602753,0.111485,0.0793499,false,false,false,"tPsrTQ",150801157,0.909748,0.0531733,"outcome",true,"reported","textfile",66,7,150498245,0.00471238,{"v":1.1e-10,"d":"1.10E-10"},"NA","ieu-b-4870","Sex hormone binding globulin (SHBG) || id:ieu-b-4870",true,"reported","igd",2,true,"NA",0.000183101,39.37146001]
[19,"rs11556924","T","C","T","C",0.023141,-0.0130709,0.388304,0.326974,false,false,false,"tPsrTQ",130023656,0.667647,0.0304414,"outcome",true,"reported","textfile",69,7,129663496,0.00303607,{"v":2.5e-14,"d":"2.50E-14"},"NA","ieu-b-4870","Sex hormone binding globulin (SHBG) || id:ieu-b-4870",true,"reported","igd",2,true,"NA",0.000254391,54.70467464]
[20,"rs11621792","T","C","T","C",-0.0480818,-0.00687113,0.452552,0.368081,false,false,false,"tPsrTQ",24402720,0.816529,0.0296155,"outcome",true,"reported","textfile",141,14,24871926,0.0029971,{"v":6.4e-58,"d":"6.40E-58"},"NA","ieu-b-4870","Sex hormone binding globulin (SHBG) || id:ieu-b-4870",true,"reported","igd",2,true,"NA",0.00114552,246.5544076]
[21,"rs11637595","T","C","T","C",-0.0186549,-0.0293632,0.275427,0.206578,false,false,false,"tPsrTQ",40095527,0.405624,0.0353085,"outcome",true,"reported","textfile",146,15,40387728,0.0033492,{"v":2.5e-8,"d":"2.50E-08"},"NA","ieu-b-4870","Sex hormone binding globulin (SHBG) || id:ieu-b-4870",true,"reported","igd",2,true,"NA",0.000138901,29.86599804]
[22,"rs11644601","C","T","C","T",0.0240504,-0.00422735,0.298714,0.286247,false,false,false,"tPsrTQ",15078261,0.893385,0.0315423,"outcome",true,"reported","textfile",152,16,15172118,0.00323789,{"v":1.1e-13,"d":"1.10E-13"},"NA","ieu-b-4870","Sex hormone binding globulin (SHBG) || id:ieu-b-4870",true,"reported","igd",2,true,"NA",0.00024234,52.1126081]
[23,"rs117233107","A","G","A","G",0.1107,-0.0207731,0.015052,0.0142776,false,false,false,"tPsrTQ",4219355,0.86612,0.123217,"outcome",true,"reported","textfile",118,12,4328521,0.0128532,{"v":7.1e-18,"d":"7.10E-18"},"NA","ieu-b-4870","Sex hormone binding globulin (SHBG) || id:ieu-b-4870",true,"reported","igd",2,true,"NA",0.000363356,78.14528538]
[24,"rs117387630","T","C","T","C",-0.307189,0.051015,0.021749,0.0372014,false,false,false,"tPsrTQ",7748588,0.506716,0.0768345,"outcome",true,"reported","textfile",164,17,7651906,0.0105124,{"v":1e-187,"d":"1.00E-187"},"NA","ieu-b-4870","Sex hormone binding globulin (SHBG) || id:ieu-b-4870",true,"reported","igd",2,true,"NA",0.004015419,866.7433022]
[25,"rs1217569","A","G","A","G",-0.0241018,-0.0289912,0.211972,0.186281,false,false,false,"tPsrTQ",57414607,0.430617,0.0367845,"outcome",true,"reported","textfile",175,18,55081839,0.00366856,{"v":5e-11,"d":"5.00E-11"},"NA","ieu-b-4870","Sex hormone binding globulin (SHBG) || id:ieu-b-4870",true,"reported","igd",2,true,"NA",0.000194066,41.72973128]
[26,"rs1223791","A","G","A","G",-0.0289385,0.0363407,0.836612,0.828012,false,false,false,"tPsrTQ",214147738,0.337956,0.0379256,"outcome",true,"reported","textfile",8,1,214321081,0.00399386,{"v":4.3e-13,"d":"4.30E-13"},"NA","ieu-b-4870","Sex hormone binding globulin (SHBG) || id:ieu-b-4870",true,"reported","igd",2,true,"NA",0.000228942,49.23091567]
[27,"rs1229498","G","T","G","T",-0.0215258,0.0313995,0.723431,0.729668,false,false,false,"tPsrTQ",81939434,0.330805,0.0322876,"outcome",true,"reported","textfile",68,7,81568750,0.00335963,{"v":1.5e-10,"d":"1.50E-10"},"NA","ieu-b-4870","Sex hormone binding globulin (SHBG) || id:ieu-b-4870",true,"reported","igd",2,true,"NA",0.000185417,39.86960602]
[28,"rs12334548","C","G","C","G",-0.0359285,-0.0345952,0.078821,0.036852,false,true,false,"tPsrTQ",71524723,0.650223,0.0762927,"outcome",true,"reported","textfile",75,8,72436958,0.00548636,{"v":5.8e-11,"d":"5.80E-11"},"NA","ieu-b-4870","Sex hormone binding globulin (SHBG) || id:ieu-b-4870",true,"reported","igd",2,true,"NA",0.000187454,40.30767555]
[29,"rs1239945","A","G","A","G",-0.0162516,-0.0141689,0.541295,0.598889,false,false,false,"tPsrTQ",50533621,0.62757,0.0292053,"outcome",true,"reported","textfile",132,13,51107757,0.00297052,{"v":4.5e-8,"d":"4.50E-08"},"NA","ieu-b-4870","Sex hormone binding globulin (SHBG) || id:ieu-b-4870",true,"reported","igd",2,true,"NA",0.000131156,28.20063568]
[30,"rs12444108","A","G","A","G",-0.0177667,-0.00767063,0.401832,0.372556,false,false,false,"tPsrTQ",30016373,0.794645,0.0294703,"outcome",true,"reported","textfile",156,16,30027694,0.00301912,{"v":4e-9,"d":"4.00E-09"},"NA","ieu-b-4870","Sex hormone binding globulin (SHBG) || id:ieu-b-4870",true,"reported","igd",2,true,"NA",0.000151744,32.62791595]
[31,"rs12575636","G","T","G","T",-0.0280622,0.00461814,0.188786,0.179232,false,false,false,"tPsrTQ",95578096,0.901576,0.0373422,"outcome",true,"reported","textfile",112,11,95311260,0.00378802,{"v":1.3e-13,"d":"1.30E-13"},"NA","ieu-b-4870","Sex hormone binding globulin (SHBG) || id:ieu-b-4870",true,"reported","igd",2,true,"NA",0.000241201,51.8675355]
[32,"rs1260326","C","T","C","T",0.0637846,-0.0432614,0.605329,0.650744,false,false,false,"tPsrTQ",27508073,0.150125,0.0300616,"outcome",true,"reported","textfile",19,2,27730940,0.00301669,{"v":3.1e-99,"d":"3.10E-99"},"NA","ieu-b-4870","Sex hormone binding globulin (SHBG) || id:ieu-b-4870",true,"reported","igd",2,true,"NA",0.001943965,418.7411479]
[33,"rs12613243","C","T","C","T",-0.0355853,-0.179841,0.063353,0.0422237,false,false,false,"tPsrTQ",111139929,0.011638,0.0712824,"outcome",true,"reported","textfile",20,2,111897506,0.00606463,{"v":4.4e-9,"d":"4.40E-09"},"NA","ieu-b-4870","Sex hormone binding globulin (SHBG) || id:ieu-b-4870",true,"reported","igd",2,true,"NA",0.000150285,32.31408495]
[34,"rs12805041","T","C","T","C",0.0328747,-0.00258883,0.229486,0.230564,false,false,false,"tPsrTQ",69469792,0.939025,0.033843,"outcome",true,"reported","textfile",107,11,69284560,0.00351764,{"v":9.1e-21,"d":"9.10E-21"},"NA","ieu-b-4870","Sex hormone binding globulin (SHBG) || id:ieu-b-4870",true,"reported","igd",2,true,"NA",0.0003822,82.19937985]
[35,"rs1293953","C","G","C","G",0.0214646,0.00286024,0.302711,0.370854,false,true,false,"tPsrTQ",151670065,0.923093,0.0296282,"outcome",true,"reported","textfile",62,6,151991200,0.00323468,{"v":3.2e-11,"d":"3.20E-11"},"NA","ieu-b-4870","Sex hormone binding globulin (SHBG) || id:ieu-b-4870",true,"reported","igd",2,true,"NA",0.000194499,41.82281773]
[36,"rs12943365","G","C","G","C",0.0215562,0.0384736,0.610002,0.600576,false,true,false,"tPsrTQ",31353508,0.187795,0.0292101,"outcome",true,"reported","textfile",171,17,29680526,0.0030076,{"v":7.7e-13,"d":"7.70E-13"},"NA","ieu-b-4870","Sex hormone binding globulin (SHBG) || id:ieu-b-4870",true,"reported","igd",2,true,"NA",0.000221089,47.54187121]
[37,"rs12947017","T","C","T","C",0.129396,0.0341301,0.401504,0.394369,false,false,false,"tPsrTQ",7415616,0.243282,0.0292504,"outcome",true,"reported","textfile",163,17,7318935,0.00305543,{"v":1e-200,"d":"1.00E-200"},"NA","ieu-b-4870","Sex hormone binding globulin (SHBG) || id:ieu-b-4870",true,"reported","igd",2,true,"NA",0.008046793,1743.989397]
[38,"rs13086465","T","C","T","C",-0.0277625,0.00128178,0.320168,0.252632,false,false,false,"tPsrTQ",49742473,0.968863,0.0328367,"outcome",true,"reported","textfile",33,3,49779906,0.00316041,{"v":1.6e-18,"d":"1.60E-18"},"NA","ieu-b-4870","Sex hormone binding globulin (SHBG) || id:ieu-b-4870",true,"reported","igd",2,true,"NA",0.000335526,72.15801974]
[39,"rs13108218","G","A","G","A",-0.0467657,-0.0352724,0.614831,0.677882,false,false,false,"tPsrTQ",3442204,0.2505,0.0306947,"outcome",true,"reported","textfile",45,4,3443931,0.00305625,{"v":7.5e-53,"d":"7.50E-53"},"NA","ieu-b-4870","Sex hormone binding globulin (SHBG) || id:ieu-b-4870",true,"reported","igd",2,true,"NA",0.001035838,222.9226764]
[40,"rs13150068","G","A","G","A",-0.0329623,0.0284187,0.435452,0.338544,false,false,false,"tPsrTQ",87282676,0.347367,0.030242,"outcome",true,"reported","textfile",47,4,88203828,0.00298399,{"v":2.3e-28,"d":"2.30E-28"},"NA","ieu-b-4870","Sex hormone binding globulin (SHBG) || id:ieu-b-4870",true,"reported","igd",2,true,"NA",0.000534203,114.9080452]
[41,"rs13179413","T","C","T","C",-0.0228055,-0.000321965,0.283791,0.253617,false,false,false,"tPsrTQ",56572270,0.992234,0.03308,"outcome",true,"reported","textfile",53,5,55868097,0.00333958,{"v":8.6e-12,"d":"8.60E-12"},"NA","ieu-b-4870","Sex hormone binding globulin (SHBG) || id:ieu-b-4870",true,"reported","igd",2,true,"NA",0.000211421,45.46232192]
[42,"rs13273326","G","A","G","A",-0.0192839,0.0187259,0.530454,0.523286,false,false,false,"tPsrTQ",144431423,0.512563,0.0285956,"outcome",true,"reported","textfile",83,8,145656806,0.00297287,{"v":8.8e-11,"d":"8.80E-11"},"NA","ieu-b-4870","Sex hormone binding globulin (SHBG) || id:ieu-b-4870",true,"reported","igd",2,true,"NA",0.000185245,39.83256455]
[43,"rs1330307","C","A","C","A",-0.0174195,0.101908,0.486123,0.519174,false,false,false,"tPsrTQ",4305064,0.00037449,0.0286463,"outcome",true,"reported","textfile",91,9,4305064,0.00297209,{"v":4.6e-9,"d":"4.60E-09"},"NA","ieu-b-4870","Sex hormone binding globulin (SHBG) || id:ieu-b-4870",true,"reported","igd",2,true,"NA",0.000151603,32.59753497]
[44,"rs13379043","C","T","C","T",0.0201121,-0.0678294,0.279423,0.199234,false,false,false,"tPsrTQ",73783423,0.0573614,0.0356894,"outcome",true,"reported","textfile",136,14,74250126,0.00335821,{"v":2.1e-9,"d":"2.10E-09"},"NA","ieu-b-4870","Sex hormone binding globulin (SHBG) || id:ieu-b-4870",true,"reported","igd",2,true,"NA",0.000162887,35.02436969]
[45,"rs13423088","A","T","A","T",0.0290991,0.0311685,0.316906,0.343229,false,true,false,"tPsrTQ",226162148,0.299767,0.0300584,"outcome",true,"reported","textfile",28,2,227026864,0.00317326,{"v":4.7e-20,"d":"4.70E-20"},"NA","ieu-b-4870","Sex hormone binding globulin (SHBG) || id:ieu-b-4870",true,"reported","igd",2,true,"NA",0.000366606,78.84451498]
[46,"rs13427019","A","T","A","T",-0.0195333,0.0267055,0.237235,0.339566,false,true,false,"tPsrTQ",190700167,0.376916,0.0302238,"outcome",true,"reported","textfile",21,2,191564893,0.00348208,{"v":2e-8,"d":"2.00E-08"},"NA","ieu-b-4870","Sex hormone binding globulin (SHBG) || id:ieu-b-4870",true,"reported","igd",2,true,"NA",0.000138086,29.69087037]
[47,"rs1350292","T","C","T","C",0.0640282,0.0694782,0.933163,0.938161,false,false,false,"tPsrTQ",35062852,0.24241,0.0594347,"outcome",true,"reported","textfile",178,19,35553756,0.00591625,{"v":2.7e-27,"d":"2.70E-27"},"NA","ieu-b-4870","Sex hormone binding globulin (SHBG) || id:ieu-b-4870",true,"reported","igd",2,true,"NA",0.000511384,109.9971386]
[48,"rs139974673","C","T","C","T",-0.0834946,0.143739,0.026337,0.00511537,false,false,false,"tPsrTQ",43735687,0.474155,0.200827,"outcome",true,"reported","textfile",150,15,44027885,0.00923435,{"v":1.5e-19,"d":"1.50E-19"},"NA","ieu-b-4870","Sex hormone binding globulin (SHBG) || id:ieu-b-4870",true,"reported","igd",2,true,"NA",0.000357538,76.89343229]
[49,"rs140215187","G","A","G","A",-0.0598337,0.0445861,0.028766,0.0334591,false,false,false,"tPsrTQ",7189214,0.58449,0.0815343,"outcome",true,"reported","textfile",168,17,7092533,0.00990605,{"v":1.5e-9,"d":"1.50E-09"},"NA","ieu-b-4870","Sex hormone binding globulin (SHBG) || id:ieu-b-4870",true,"reported","igd",2,true,"NA",0.000200044,43.01541868]
[50,"rs141881700","A","G","A","G",-0.119796,0.427512,0.013025,0.00656184,false,false,false,"tPsrTQ",100662435,0.0185909,0.181639,"outcome",true,"reported","textfile",120,12,101056213,0.0133069,{"v":2.2e-19,"d":"2.20E-19"},"NA","ieu-b-4870","Sex hormone binding globulin (SHBG) || id:ieu-b-4870",true,"reported","igd",2,true,"NA",0.000368976,79.35439548]
[51,"rs142331290","G","A","G","A",-0.172662,-0.0414598,0.015933,0.0109649,false,false,false,"tPsrTQ",7598716,0.759906,0.135665,"outcome",true,"reported","textfile",167,17,7502034,0.011754,{"v":7.5e-49,"d":"7.50E-49"},"NA","ieu-b-4870","Sex hormone binding globulin (SHBG) || id:ieu-b-4870",true,"reported","igd",2,true,"NA",0.000934858,201.1704316]
[52,"rs144613238","A","AATTT","A","AATTT",-0.0345806,0.0288346,0.924926,0.9196154,false,false,false,"tPsrTQ",61227345,0.585303,0.052844,"outcome",true,"reported","textfile",2,1,61693017,0.00561056,{"v":7.1e-10,"d":"7.10E-10"},"NA","ieu-b-4870","Sex hormone binding globulin (SHBG) || id:ieu-b-4870",true,"reported","igd",2,true,"NA",0.00016607,35.70885435]
[53,"rs150539196","G","A","G","A",0.0940289,0.132572,0.035588,0.0256384,false,false,false,"tPsrTQ",80486945,0.137985,0.0893742,"outcome",true,"reported","textfile",80,8,81399180,0.00822247,{"v":2.8e-30,"d":"2.80E-30"},"NA","ieu-b-4870","Sex hormone binding globulin (SHBG) || id:ieu-b-4870",true,"reported","igd",2,true,"NA",0.000606902,130.5553724]
[54,"rs157935","G","T","G","T",0.0179322,0.064438,0.302551,0.385189,false,false,false,"tPsrTQ",130900794,0.0279467,0.0293162,"outcome",true,"reported","textfile",70,7,130585553,0.00322814,{"v":2.8e-8,"d":"2.80E-08"},"NA","ieu-b-4870","Sex hormone binding globulin (SHBG) || id:ieu-b-4870",true,"reported","igd",2,true,"NA",0.000135709,29.17959994]
[55,"rs165722","T","C","T","C",-0.0172758,0.00293172,0.515456,0.546427,false,false,false,"tPsrTQ",19961490,0.918685,0.028717,"outcome",true,"reported","textfile",196,22,19949013,0.00298459,{"v":7.1e-9,"d":"7.10E-09"},"NA","ieu-b-4870","Sex hormone binding globulin (SHBG) || id:ieu-b-4870",true,"reported","igd",2,true,"NA",0.000149084,32.05590933]
[56,"rs16864042","T","G","T","G",-0.0173313,0.0370867,0.415,0.450918,false,false,false,"tPsrTQ",171109864,0.196095,0.028688,"outcome",true,"reported","textfile",14,1,171079005,0.00299143,{"v":6.9e-9,"d":"6.90E-09"},"NA","ieu-b-4870","Sex hormone binding globulin (SHBG) || id:ieu-b-4870",true,"reported","igd",2,true,"NA",0.000145847,31.35969157]
[57,"rs1688606","A","G","A","G",0.0742507,-0.00936761,0.81594,0.845295,false,false,false,"tPsrTQ",98345539,0.814237,0.0398685,"outcome",true,"reported","textfile",72,7,97974851,0.00381577,{"v":2.4e-84,"d":"2.40E-84"},"NA","ieu-b-4870","Sex hormone binding globulin (SHBG) || id:ieu-b-4870",true,"reported","igd",2,true,"NA",0.001655956,356.5994838]
[58,"rs1730864","T","C","T","C",-0.0425018,-0.0501846,0.659135,0.703976,false,false,false,"tPsrTQ",107065188,0.110349,0.0314316,"outcome",true,"reported","textfile",12,1,107607810,0.00313228,{"v":6.1e-42,"d":"6.10E-42"},"NA","ieu-b-4870","Sex hormone binding globulin (SHBG) || id:ieu-b-4870",true,"reported","igd",2,true,"NA",0.000811711,174.649075]
[59,"rs174537","T","G","T","G",-0.0276452,-0.00261817,0.344464,0.413237,false,false,false,"tPsrTQ",61785208,0.927997,0.0289732,"outcome",true,"reported","textfile",105,11,61552680,0.00311089,{"v":6.3e-19,"d":"6.30E-19"},"NA","ieu-b-4870","Sex hormone binding globulin (SHBG) || id:ieu-b-4870",true,"reported","igd",2,true,"NA",0.000345152,74.22872109]
[60,"rs17547712","A","G","A","G",0.0321779,0.0671395,0.078552,0.0346659,false,false,false,"tPsrTQ",170259410,0.390962,0.0782626,"outcome",true,"reported","textfile",48,4,171180561,0.00553384,{"v":6.1e-9,"d":"6.10E-09"},"NA","ieu-b-4870","Sex hormone binding globulin (SHBG) || id:ieu-b-4870",true,"reported","igd",2,true,"NA",0.00014989,32.2292924]
[61,"rs17580","A","T","A","T",0.0459238,0.0104653,0.047472,0.00926729,false,true,false,"tPsrTQ",94380925,0.94453,0.150412,"outcome",true,"reported","textfile",137,14,94847262,0.00695892,{"v":4.1e-11,"d":"4.10E-11"},"NA","ieu-b-4870","Sex hormone binding globulin (SHBG) || id:ieu-b-4870",true,"reported","igd",2,true,"NA",0.000190731,41.01247229]
[62,"rs17880847","A","T","A","T",-0.203969,-0.238041,0.013246,0.00563761,false,true,false,"tPsrTQ",7670579,0.236765,0.2012,"outcome",true,"reported","textfile",160,17,7573897,0.0131101,{"v":1.4e-54,"d":"1.40E-54"},"NA","ieu-b-4870","Sex hormone binding globulin (SHBG) || id:ieu-b-4870",true,"reported","igd",2,true,"NA",0.001087557,234.0651475]
[63,"rs17884589","A","G","A","G",0.0355752,-0.00531142,0.183948,0.211047,false,false,false,"tPsrTQ",100896090,0.879523,0.0350419,"outcome",true,"reported","textfile",67,7,100493711,0.00380609,{"v":9e-21,"d":"9.00E-21"},"NA","ieu-b-4870","Sex hormone binding globulin (SHBG) || id:ieu-b-4870",true,"reported","igd",2,true,"NA",0.00037996,81.7174574]
[64,"rs1866975","T","C","T","C",-0.022345,-0.0472764,0.386973,0.442016,false,false,false,"tPsrTQ",76217505,0.101597,0.0288771,"outcome",true,"reported","textfile",46,4,77138658,0.00304361,{"v":2.1e-13,"d":"2.10E-13"},"NA","ieu-b-4870","Sex hormone binding globulin (SHBG) || id:ieu-b-4870",true,"reported","igd",2,true,"NA",0.000236892,50.94083666]
[65,"rs1871395","G","A","G","A",-0.0533039,0.0283911,0.152399,0.279483,false,false,false,"tPsrTQ",21199381,0.37425,0.0319526,"outcome",true,"reported","textfile",113,12,21352315,0.00411869,{"v":2.6e-38,"d":"2.60E-38"},"NA","ieu-b-4870","Sex hormone binding globulin (SHBG) || id:ieu-b-4870",true,"reported","igd",2,true,"NA",0.000734043,157.9256423]
[66,"rs191273168","A","G","A","G",-0.192149,-0.324683,0.020966,0.0092104,false,false,false,"tPsrTQ",7633817,0.0321137,0.151509,"outcome",true,"reported","textfile",159,17,7537135,0.0109076,{"v":1.9e-69,"d":"1.90E-69"},"NA","ieu-b-4870","Sex hormone binding globulin (SHBG) || id:ieu-b-4870",true,"reported","igd",2,true,"NA",0.001515722,326.3552303]
[67,"rs1989390","A","C","A","C",-0.023683,-0.0483857,0.832772,0.805854,false,false,false,"tPsrTQ",21418722,0.183669,0.0363928,"outcome",true,"reported","textfile",124,12,21571656,0.00402738,{"v":4.1e-9,"d":"4.10E-09"},"NA","ieu-b-4870","Sex hormone binding globulin (SHBG) || id:ieu-b-4870",true,"reported","igd",2,true,"NA",0.000156221,33.59066383]
[68,"rs202200760","C","G","C","G",0.155205,-0.0189865,0.039306,0.0552129,false,true,false,"tPsrTQ",17236045,0.761846,0.0626499,"outcome",true,"reported","textfile",183,19,17346854,0.00830682,{"v":6.7e-78,"d":"6.70E-78"},"NA","ieu-b-4870","Sex hormone binding globulin (SHBG) || id:ieu-b-4870",true,"reported","igd",2,true,"NA",0.00181922,391.8215664]
[69,"rs2068888","A","G","A","G",0.0237089,0.00867138,0.4516,0.470027,false,false,false,"tPsrTQ",93079885,0.761505,0.0285709,"outcome",true,"reported","textfile",100,10,94839642,0.0029663,{"v":1.3e-15,"d":"1.30E-15"},"NA","ieu-b-4870","Sex hormone binding globulin (SHBG) || id:ieu-b-4870",true,"reported","igd",2,true,"NA",0.000278422,59.87386839]
[70,"rs2076947","C","T","C","T",-0.0257823,-0.0981591,0.796968,0.786792,false,false,false,"tPsrTQ",148067008,0.00420794,0.0342957,"outcome",true,"reported","textfile",41,4,148988159,0.00374068,{"v":5.5e-12,"d":"5.50E-12"},"NA","ieu-b-4870","Sex hormone binding globulin (SHBG) || id:ieu-b-4870",true,"reported","igd",2,true,"NA",0.000215119,46.25773052]
[71,"rs2123885","G","T","G","T",0.0210116,0.00491545,0.235023,0.237146,false,false,false,"tPsrTQ",68463270,0.883348,0.0335008,"outcome",true,"reported","textfile",42,4,69328988,0.00352624,{"v":2.5e-9,"d":"2.50E-09"},"NA","ieu-b-4870","Sex hormone binding globulin (SHBG) || id:ieu-b-4870",true,"reported","igd",2,true,"NA",0.000158748,34.13407482]
[72,"rs2130382","G","C","G","C",0.0206428,0.0309199,0.312001,0.291166,false,true,false,"tPsrTQ",124000096,0.32759,0.0315838,"outcome",true,"reported","textfile",128,12,124484643,0.00319336,{"v":1e-10,"d":"1.00E-10"},"NA","ieu-b-4870","Sex hormone binding globulin (SHBG) || id:ieu-b-4870",true,"reported","igd",2,true,"NA",0.000182941,39.33712858]
[73,"rs2160348","C","T","C","T",-0.0560969,0.0676281,0.735302,0.775888,false,false,false,"tPsrTQ",64682032,0.0479579,0.0341946,"outcome",true,"reported","textfile",27,2,64909166,0.00336141,{"v":1.6e-62,"d":"1.60E-62"},"NA","ieu-b-4870","Sex hormone binding globulin (SHBG) || id:ieu-b-4870",true,"reported","igd",2,true,"NA",0.001224966,263.6748142]
[74,"rs2223054","C","T","C","T",-0.0217112,0.0106834,0.570854,0.515406,false,false,false,"tPsrTQ",115987261,0.708685,0.0285941,"outcome",true,"reported","textfile",77,8,116999486,0.00299089,{"v":3.9e-13,"d":"3.90E-13"},"NA","ieu-b-4870","Sex hormone binding globulin (SHBG) || id:ieu-b-4870",true,"reported","igd",2,true,"NA",0.000230955,49.66383847]
[75,"rs2239222","G","A","G","A",0.019216,0.0279851,0.349946,0.375428,false,false,false,"tPsrTQ",72545177,0.346155,0.0297059,"outcome",true,"reported","textfile",135,14,73011885,0.00312118,{"v":7.4e-10,"d":"7.40E-10"},"NA","ieu-b-4870","Sex hormone binding globulin (SHBG) || id:ieu-b-4870",true,"reported","igd",2,true,"NA",0.000167999,36.12364878]
[76,"rs2254069","A","G","A","G",-0.0325153,0.0347746,0.119525,0.154819,false,false,false,"tPsrTQ",121116075,0.377406,0.0393964,"outcome",true,"reported","textfile",102,10,122875589,0.00455527,{"v":9.5e-13,"d":"9.50E-13"},"NA","ieu-b-4870","Sex hormone binding globulin (SHBG) || id:ieu-b-4870",true,"reported","igd",2,true,"NA",0.000222526,47.85090546]
[77,"rs2289746","C","T","C","T",0.0176246,-0.028636,0.66807,0.641052,false,false,false,"tPsrTQ",105737111,0.336172,0.0297747,"outcome",true,"reported","textfile",34,3,105455955,0.00314665,{"v":2.1e-8,"d":"2.10E-08"},"NA","ieu-b-4870","Sex hormone binding globulin (SHBG) || id:ieu-b-4870",true,"reported","igd",2,true,"NA",0.000137764,29.62163621]
[78,"rs2486922","C","T","C","T",-0.023057,0.0288697,0.74269,0.715231,false,false,false,"tPsrTQ",11064828,0.362183,0.0316828,"outcome",true,"reported","textfile",9,1,11124885,0.0033718,{"v":8e-12,"d":"8.00E-12"},"NA","ieu-b-4870","Sex hormone binding globulin (SHBG) || id:ieu-b-4870",true,"reported","igd",2,true,"NA",0.000203189,43.69183533]
[79,"rs2498786","G","C","G","C",-0.0226626,0.00676401,0.615674,0.626962,false,true,false,"tPsrTQ",104796031,0.819542,0.0296493,"outcome",true,"reported","textfile",138,14,105262368,0.00304528,{"v":9.9e-14,"d":"9.90E-14"},"NA","ieu-b-4870","Sex hormone binding globulin (SHBG) || id:ieu-b-4870",true,"reported","igd",2,true,"NA",0.000243052,52.26582509]
[80,"rs255755","G","A","G","A",-0.0245159,-0.0272486,0.269516,0.256907,false,false,false,"tPsrTQ",54011942,0.405723,0.0327726,"outcome",true,"reported","textfile",52,5,53307772,0.00335065,{"v":2.5e-13,"d":"2.50E-13"},"NA","ieu-b-4870","Sex hormone binding globulin (SHBG) || id:ieu-b-4870",true,"reported","igd",2,true,"NA",0.000236658,50.89040759]
[81,"rs2618567","T","G","T","G",-0.0193661,0.0328372,0.657848,0.659975,false,false,false,"tPsrTQ",17863848,0.281949,0.0305192,"outcome",true,"reported","textfile",187,20,17844492,0.00312356,{"v":5.6e-10,"d":"5.60E-10"},"NA","ieu-b-4870","Sex hormone binding globulin (SHBG) || id:ieu-b-4870",true,"reported","igd",2,true,"NA",0.000168834,36.30316642]
[82,"rs267733","G","A","G","A",-0.0272953,-0.033288,0.160766,0.147191,false,false,false,"tPsrTQ",150986360,0.411467,0.0405301,"outcome",true,"reported","textfile",13,1,150958836,0.00400964,{"v":9.9e-12,"d":"9.90E-12"},"NA","ieu-b-4870","Sex hormone binding globulin (SHBG) || id:ieu-b-4870",true,"reported","igd",2,true,"NA",0.00020104,43.22973118]
[83,"rs273492","A","G","A","G",-0.0279686,-0.0259009,0.255863,0.260956,false,false,false,"tPsrTQ",18127072,0.425475,0.0324997,"outcome",true,"reported","textfile",184,19,18237882,0.00338989,{"v":1.6e-16,"d":"1.60E-16"},"NA","ieu-b-4870","Sex hormone binding globulin (SHBG) || id:ieu-b-4870",true,"reported","igd",2,true,"NA",0.000297873,64.05800685]
[84,"rs28372209","G","A","G","A",-0.0164395,0.0275327,0.525651,0.574715,false,false,false,"tPsrTQ",89659474,0.339267,0.0288116,"outcome",true,"reported","textfile",88,9,92274389,0.00297218,{"v":3.2e-8,"d":"3.20E-08"},"NA","ieu-b-4870","Sex hormone binding globulin (SHBG) || id:ieu-b-4870",true,"reported","igd",2,true,"NA",0.000134773,28.97833466]
[85,"rs28539993","T","C","T","C",0.0266937,0.0205548,0.424169,0.32237,false,false,false,"tPsrTQ",63498463,0.501592,0.0305881,"outcome",true,"reported","textfile",145,15,63790662,0.00299324,{"v":4.7e-19,"d":"4.70E-19"},"NA","ieu-b-4870","Sex hormone binding globulin (SHBG) || id:ieu-b-4870",true,"reported","igd",2,true,"NA",0.000348082,74.859153]
[86,"rs28749241","C","T","C","T",-0.0169493,-0.00833215,0.498342,0.495036,false,false,false,"tPsrTQ",114503043,0.770616,0.0285769,"outcome",true,"reported","textfile",3,1,115045665,0.00295465,{"v":9.7e-9,"d":"9.70E-09"},"NA","ieu-b-4870","Sex hormone binding globulin (SHBG) || id:ieu-b-4870",true,"reported","igd",2,true,"NA",0.000143638,30.88469717]
[87,"rs28925904","T","C","T","C",-0.0621911,0.202249,0.025113,0.00331736,false,false,false,"tPsrTQ",143438337,0.437113,0.260269,"outcome",true,"reported","textfile",39,4,144359490,0.00943409,{"v":4.3e-11,"d":"4.30E-11"},"NA","ieu-b-4870","Sex hormone binding globulin (SHBG) || id:ieu-b-4870",true,"reported","igd",2,true,"NA",0.000189382,40.72244105]
[88,"rs28929474","T","C","T","C",0.124662,-0.00949892,0.019899,0.0197225,false,false,false,"tPsrTQ",94378610,0.926411,0.102846,"outcome",true,"reported","textfile",139,14,94844947,0.0106081,{"v":6.9e-32,"d":"6.90E-32"},"NA","ieu-b-4870","Sex hormone binding globulin (SHBG) || id:ieu-b-4870",true,"reported","igd",2,true,"NA",0.000606178,130.3994619]
[89,"rs2925979","C","T","C","T",0.0253781,-0.0726967,0.70015,0.676954,false,false,false,"tPsrTQ",81501185,0.0172663,0.0305321,"outcome",true,"reported","textfile",154,16,81534790,0.00323025,{"v":4e-15,"d":"4.00E-15"},"NA","ieu-b-4870","Sex hormone binding globulin (SHBG) || id:ieu-b-4870",true,"reported","igd",2,true,"NA",0.000270423,58.15311852]
[90,"rs2963431","T","C","T","C",-0.023049,0.0124103,0.237974,0.157838,false,false,false,"tPsrTQ",158543424,0.751865,0.0392506,"outcome",true,"reported","textfile",51,5,157970432,0.0034808,{"v":3.5e-11,"d":"3.50E-11"},"NA","ieu-b-4870","Sex hormone binding globulin (SHBG) || id:ieu-b-4870",true,"reported","igd",2,true,"NA",0.000192679,41.43137611]
[91,"rs3001032","C","T","C","T",0.0209467,0.0431963,0.318667,0.321873,false,false,false,"tPsrTQ",219554437,0.157611,0.0305673,"outcome",true,"reported","textfile",5,1,219727779,0.00316475,{"v":3.6e-11,"d":"3.60E-11"},"NA","ieu-b-4870","Sex hormone binding globulin (SHBG) || id:ieu-b-4870",true,"reported","igd",2,true,"NA",0.000190528,40.96874777]
[92,"rs3015966","C","T","C","T",-0.0238625,0.0321417,0.333462,0.195749,false,false,false,"tPsrTQ",65450118,0.373572,0.0361223,"outcome",true,"reported","textfile",106,11,65217589,0.00313563,{"v":2.7e-14,"d":"2.70E-14"},"NA","ieu-b-4870","Sex hormone binding globulin (SHBG) || id:ieu-b-4870",true,"reported","igd",2,true,"NA",0.000253124,54.43212469]
[93,"rs310670","C","G","C","G",-0.0173515,0.0154174,0.650093,0.632173,false,true,false,"tPsrTQ",63581039,0.603108,0.0296525,"outcome",true,"reported","textfile",189,20,62212392,0.00312717,{"v":2.9e-8,"d":"2.90E-08"},"NA","ieu-b-4870","Sex hormone binding globulin (SHBG) || id:ieu-b-4870",true,"reported","igd",2,true,"NA",0.000136972,29.45125833]
[94,"rs3130500","A","T","A","T",-0.0269001,0.0092294,0.743867,0.744954,false,true,false,"tPsrTQ",31152199,0.777626,0.0326803,"outcome",true,"reported","textfile",57,6,31119976,0.00338267,{"v":1.8e-15,"d":"1.80E-15"},"NA","ieu-b-4870","Sex hormone binding globulin (SHBG) || id:ieu-b-4870",true,"reported","igd",2,true,"NA",0.000275739,59.29670778]
[95,"rs34210072","A","G","A","G",0.0237447,0.0045558,0.188971,0.19227,false,false,false,"tPsrTQ",23216233,0.900325,0.0363732,"outcome",true,"reported","textfile",140,14,23685442,0.00378804,{"v":3.6e-10,"d":"3.60E-10"},"NA","ieu-b-4870","Sex hormone binding globulin (SHBG) || id:ieu-b-4870",true,"reported","igd",2,true,"NA",0.00017282,37.16055359]
[96,"rs34255979","T","C","T","C",0.0511146,-0.00782074,0.120529,0.0591307,false,false,false,"tPsrTQ",45881572,0.89735,0.0606216,"outcome",true,"reported","textfile",181,19,46384830,0.00455471,{"v":3.2e-29,"d":"3.20E-29"},"NA","ieu-b-4870","Sex hormone binding globulin (SHBG) || id:ieu-b-4870",true,"reported","igd",2,true,"NA",0.000553902,119.1477453]
[97,"rs34463468","T","C","T","C",-0.0310248,-0.0108846,0.779051,0.764901,false,false,false,"tPsrTQ",134376145,0.746868,0.0337221,"outcome",true,"reported","textfile",90,9,137267991,0.00357781,{"v":4.3e-18,"d":"4.30E-18"},"NA","ieu-b-4870","Sex hormone binding globulin (SHBG) || id:ieu-b-4870",true,"reported","igd",2,true,"NA",0.000331364,71.2626617]
[98,"rs3747207","A","G","A","G",0.0355567,-0.0176499,0.215014,0.226471,false,false,false,"tPsrTQ",43928975,0.605365,0.0341588,"outcome",true,"reported","textfile",197,22,44324855,0.00360423,{"v":5.9e-23,"d":"5.90E-23"},"NA","ieu-b-4870","Sex hormone binding globulin (SHBG) || id:ieu-b-4870",true,"reported","igd",2,true,"NA",0.000426778,91.79079404]
[99,"rs3842763","T","G","T","G",0.0277197,-0.0119429,0.241445,0.237801,false,false,false,"tPsrTQ",2157974,0.722667,0.0336518,"outcome",true,"reported","textfile",109,11,2179204,0.00349861,{"v":2.3e-15,"d":"2.30E-15"},"NA","ieu-b-4870","Sex hormone binding globulin (SHBG) || id:ieu-b-4870",true,"reported","igd",2,true,"NA",0.000281457,60.52667135]
[100,"rs3960788","C","T","C","T",0.0174139,-0.00123141,0.413016,0.38326,false,false,false,"tPsrTQ",102994461,0.96663,0.029435,"outcome",true,"reported","textfile",38,4,103915618,0.00300405,{"v":6.8e-9,"d":"6.80E-09"},"NA","ieu-b-4870","Sex hormone binding globulin (SHBG) || id:ieu-b-4870",true,"reported","igd",2,true,"NA",0.000147033,31.61486179]
[101,"rs40270","C","A","C","A",-0.038852,-0.044226,0.772585,0.706653,false,false,false,"tPsrTQ",56508725,0.157968,0.0313229,"outcome",true,"reported","textfile",54,5,55804552,0.00352312,{"v":2.8e-28,"d":"2.80E-28"},"NA","ieu-b-4870","Sex hormone binding globulin (SHBG) || id:ieu-b-4870",true,"reported","igd",2,true,"NA",0.000530423,114.0945119]
[102,"rs4307773","C","T","C","T",-0.0264537,-0.0391716,0.582524,0.614777,false,false,false,"tPsrTQ",50750649,0.1807,0.029263,"outcome",true,"reported","textfile",130,12,51144432,0.00299133,{"v":9.3e-19,"d":"9.30E-19"},"NA","ieu-b-4870","Sex hormone binding globulin (SHBG) || id:ieu-b-4870",true,"reported","igd",2,true,"NA",0.000340368,73.1995186]
[103,"rs440837","G","A","G","A",0.0519732,-0.0394032,0.20749,0.200113,false,false,false,"tPsrTQ",80549739,0.27008,0.0357276,"outcome",true,"reported","textfile",82,8,81461974,0.00364977,{"v":5.2e-46,"d":"5.20E-46"},"NA","ieu-b-4870","Sex hormone binding globulin (SHBG) || id:ieu-b-4870",true,"reported","igd",2,true,"NA",0.000888364,191.1564753]
[104,"rs469721","T","C","T","C",-0.0259489,0.00433494,0.196625,0.20841,false,false,false,"tPsrTQ",91064444,0.902162,0.0352634,"outcome",true,"reported","textfile",6,1,91530001,0.00372693,{"v":3.3e-12,"d":"3.30E-12"},"NA","ieu-b-4870","Sex hormone binding globulin (SHBG) || id:ieu-b-4870",true,"reported","igd",2,true,"NA",0.000212728,45.74351622]
[105,"rs4804416","G","T","G","T",-0.0361902,0.00850658,0.42688,0.396813,false,false,false,"tPsrTQ",7223837,0.770887,0.0292108,"outcome",true,"reported","textfile",176,19,7223848,0.00298919,{"v":9.7e-34,"d":"9.70E-34"},"NA","ieu-b-4870","Sex hormone binding globulin (SHBG) || id:ieu-b-4870",true,"reported","igd",2,true,"NA",0.00064086,137.8649745]
[106,"rs4820091","G","T","G","T",0.0244305,0.0537066,0.182395,0.315657,false,false,false,"tPsrTQ",21585900,0.0815324,0.0308329,"outcome",true,"reported","textfile",194,22,21940189,0.00386379,{"v":2.6e-10,"d":"2.60E-10"},"NA","ieu-b-4870","Sex hormone binding globulin (SHBG) || id:ieu-b-4870",true,"reported","igd",2,true,"NA",0.000178013,38.27724662]
[107,"rs4837794","C","T","C","T",-0.0259469,-0.0255288,0.668607,0.673952,false,false,false,"tPsrTQ",120745577,0.401923,0.030457,"outcome",true,"reported","textfile",85,9,123507855,0.00315623,{"v":2e-16,"d":"2.00E-16"},"NA","ieu-b-4870","Sex hormone binding globulin (SHBG) || id:ieu-b-4870",true,"reported","igd",2,true,"NA",0.000298343,64.15891173]
[108,"rs4938637","A","G","A","G",0.0357712,0.0659457,0.075177,0.0273538,false,false,false,"tPsrTQ",119204613,0.451243,0.0875372,"outcome",true,"reported","textfile",110,11,119075323,0.00560887,{"v":1.8e-10,"d":"1.80E-10"},"NA","ieu-b-4870","Sex hormone binding globulin (SHBG) || id:ieu-b-4870",true,"reported","igd",2,true,"NA",0.000177926,38.25869095]
[109,"rs5009837","C","T","C","T",-0.0276323,0.0319277,0.715685,0.652841,false,false,false,"tPsrTQ",102416491,0.287243,0.0300019,"outcome",true,"reported","textfile",121,12,102810269,0.00327168,{"v":3e-17,"d":"3.00E-17"},"NA","ieu-b-4870","Sex hormone binding globulin (SHBG) || id:ieu-b-4870",true,"reported","igd",2,true,"NA",0.000310732,66.82407007]
[110,"rs55987409","T","C","T","C",0.0322976,0.0747293,0.072173,0.0561754,false,false,false,"tPsrTQ",50952488,0.228678,0.0620793,"outcome",true,"reported","textfile",191,20,49569025,0.00573092,{"v":1.7e-8,"d":"1.70E-08"},"NA","ieu-b-4870","Sex hormone binding globulin (SHBG) || id:ieu-b-4870",true,"reported","igd",2,true,"NA",0.000139705,30.03897711]
[111,"rs56298514","C","A","C","A",-0.0198062,-0.0791289,0.240339,0.282088,false,false,false,"tPsrTQ",122640742,0.0125551,0.0317004,"outcome",true,"reported","textfile",35,3,122359589,0.00346149,{"v":1.1e-8,"d":"1.10E-08"},"NA","ieu-b-4870","Sex hormone binding globulin (SHBG) || id:ieu-b-4870",true,"reported","igd",2,true,"NA",0.000143244,30.80000668]
[112,"rs56332871","A","C","A","C",0.0749107,0.0598836,0.274457,0.290683,false,false,false,"tPsrTQ",96171587,0.0578282,0.0315675,"outcome",true,"reported","textfile",149,15,96714816,0.00332768,{"v":3.2e-112,"d":"3.20E-112"},"NA","ieu-b-4870","Sex hormone binding globulin (SHBG) || id:ieu-b-4870",true,"reported","igd",2,true,"NA",0.002234885,481.547418]
[113,"rs57116414","A","G","A","G",-0.149229,0.0655642,0.031495,0.0231297,false,false,false,"tPsrTQ",7635005,0.493148,0.0956707,"outcome",true,"reported","textfile",169,17,7538323,0.00843372,{"v":4.6e-70,"d":"4.60E-70"},"NA","ieu-b-4870","Sex hormone binding globulin (SHBG) || id:ieu-b-4870",true,"reported","igd",2,true,"NA",0.001358563,292.470825]
[114,"rs5892750","CA","C","CA","C",0.0327869,0.00403098,0.800246,0.789218,false,false,false,"tPsrTQ",80968018,0.908949,0.035247,"outcome",true,"reported","textfile",81,8,81880253,0.00369428,{"v":7e-19,"d":"7.00E-19"},"NA","ieu-b-4870","Sex hormone binding globulin (SHBG) || id:ieu-b-4870",true,"reported","igd",2,true,"NA",0.000343676,73.91135878]
[115,"rs6063803","G","A","G","A",-0.0194566,0.0327318,0.581469,0.629121,false,false,false,"tPsrTQ",52519885,0.268565,0.0295848,"outcome",true,"reported","textfile",193,20,51136424,0.00300595,{"v":9.6e-11,"d":"9.60E-11"},"NA","ieu-b-4870","Sex hormone binding globulin (SHBG) || id:ieu-b-4870",true,"reported","igd",2,true,"NA",0.000184254,39.61962142]
[116,"rs6073431","T","C","T","C",0.0327618,0.021799,0.531548,0.529944,false,false,false,"tPsrTQ",44411929,0.448908,0.0287875,"outcome",true,"reported","textfile",192,20,43040569,0.00301919,{"v":2e-27,"d":"2.00E-27"},"NA","ieu-b-4870","Sex hormone binding globulin (SHBG) || id:ieu-b-4870",true,"reported","igd",2,true,"NA",0.000534531,114.9787271]
[117,"rs6120663","A","C","A","C",-0.0193988,-0.0174717,0.440041,0.489218,false,false,false,"tPsrTQ",34494101,0.541005,0.0285815,"outcome",true,"reported","textfile",190,20,33081906,0.0029854,{"v":8.1e-11,"d":"8.10E-11"},"NA","ieu-b-4870","Sex hormone binding globulin (SHBG) || id:ieu-b-4870",true,"reported","igd",2,true,"NA",0.000185451,39.87694196]
[118,"rs6129802","T","C","T","C",0.0235482,-0.0317578,0.213305,0.232448,false,false,false,"tPsrTQ",41291374,0.348346,0.033864,"outcome",true,"reported","textfile",188,20,39920014,0.00360894,{"v":6.8e-11,"d":"6.80E-11"},"NA","ieu-b-4870","Sex hormone binding globulin (SHBG) || id:ieu-b-4870",true,"reported","igd",2,true,"NA",0.000186103,40.01712493]
[119,"rs61755579","T","C","T","C",0.0549996,-0.034419,0.030406,0.0168293,false,false,false,"tPsrTQ",50188589,0.759406,0.112385,"outcome",true,"reported","textfile",134,14,50655307,0.0086004,{"v":1.6e-10,"d":"1.60E-10"},"NA","ieu-b-4870","Sex hormone binding globulin (SHBG) || id:ieu-b-4870",true,"reported","igd",2,true,"NA",0.00017836,38.35199282]
[120,"rs61850811","A","G","A","G",0.0310896,-0.0629297,0.097582,0.10309,false,false,false,"tPsrTQ",62155131,0.18001,0.0469371,"outcome",true,"reported","textfile",98,10,63914890,0.00499178,{"v":4.7e-10,"d":"4.70E-10"},"NA","ieu-b-4870","Sex hormone binding globulin (SHBG) || id:ieu-b-4870",true,"reported","igd",2,true,"NA",0.000170231,36.6036054]
[121,"rs62033400","G","A","G","A",-0.0236057,0.00879063,0.392517,0.402143,false,false,false,"tPsrTQ",53777876,0.762918,0.0291417,"outcome",true,"reported","textfile",153,16,53811788,0.00303462,{"v":7.3e-15,"d":"7.30E-15"},"NA","ieu-b-4870","Sex hormone binding globulin (SHBG) || id:ieu-b-4870",true,"reported","igd",2,true,"NA",0.00026574,57.14575653]
[122,"rs62271373","A","T","A","T",-0.0456189,-0.0338817,0.060056,0.0435718,false,true,false,"tPsrTQ",150348753,0.629693,0.0702708,"outcome",true,"reported","textfile",30,3,150066540,0.00634288,{"v":6.4e-13,"d":"6.40E-13"},"NA","ieu-b-4870","Sex hormone binding globulin (SHBG) || id:ieu-b-4870",true,"reported","igd",2,true,"NA",0.000234951,50.52336243]
[123,"rs62565259","T","C","T","C",0.023005,-0.00113905,0.171696,0.134016,false,false,false,"tPsrTQ",99400288,0.978407,0.0420841,"outcome",true,"reported","textfile",93,9,102162570,0.00395274,{"v":5.9e-9,"d":"5.90E-09"},"NA","ieu-b-4870","Sex hormone binding globulin (SHBG) || id:ieu-b-4870",true,"reported","igd",2,true,"NA",0.00015053,32.36696558]
[124,"rs62618693","T","C","T","C",0.0432177,0.0085566,0.044458,0.0252058,false,false,false,"tPsrTQ",32934946,0.926679,0.0929829,"outcome",true,"reported","textfile",108,11,32956492,0.00716904,{"v":1.7e-9,"d":"1.70E-09"},"NA","ieu-b-4870","Sex hormone binding globulin (SHBG) || id:ieu-b-4870",true,"reported","igd",2,true,"NA",0.000158691,34.12197203]
[125,"rs651837","G","A","G","A",0.0195602,-0.0138656,0.590551,0.518069,false,false,false,"tPsrTQ",139508423,0.627467,0.0285714,"outcome",true,"reported","textfile",64,6,139829560,0.0030061,{"v":7.7e-11,"d":"7.70E-11"},"NA","ieu-b-4870","Sex hormone binding globulin (SHBG) || id:ieu-b-4870",true,"reported","igd",2,true,"NA",0.000185026,39.78564147]
[126,"rs6531735","A","G","A","G",-0.0173749,-0.0695082,0.507025,0.412064,false,false,false,"tPsrTQ",39684712,0.0165825,0.029012,"outcome",true,"reported","textfile",40,4,39686332,0.00295808,{"v":4.3e-9,"d":"4.30E-09"},"NA","ieu-b-4870","Sex hormone binding globulin (SHBG) || id:ieu-b-4870",true,"reported","igd",2,true,"NA",0.000150914,32.44939753]
[127,"rs663640","T","C","T","C",-0.022188,0.0198828,0.218928,0.163449,false,false,false,"tPsrTQ",60178844,0.606287,0.0385789,"outcome",true,"reported","textfile",174,18,57846077,0.00357678,{"v":5.5e-10,"d":"5.50E-10"},"NA","ieu-b-4870","Sex hormone binding globulin (SHBG) || id:ieu-b-4870",true,"reported","igd",2,true,"NA",0.000168368,36.20295462]
[128,"rs6736913","G","A","G","A",-0.0649187,-0.0340562,0.979622,0.982007,false,false,false,"tPsrTQ",42282878,0.75123,0.107427,"outcome",true,"reported","textfile",24,2,42510018,0.0104228,{"v":4.7e-10,"d":"4.70E-10"},"NA","ieu-b-4870","Sex hormone binding globulin (SHBG) || id:ieu-b-4870",true,"reported","igd",2,true,"NA",0.000168263,36.18053578]
[129,"rs673736","A","G","A","G",0.0307208,0.0616065,0.482874,0.498862,false,false,false,"tPsrTQ",160355621,0.0312622,0.0286047,"outcome",true,"reported","textfile",60,6,160776653,0.00296955,{"v":4.4e-25,"d":"4.40E-25"},"NA","ieu-b-4870","Sex hormone binding globulin (SHBG) || id:ieu-b-4870",true,"reported","igd",2,true,"NA",0.00047133,101.37764]
[130,"rs6758199","T","C","T","C",-0.0454102,0.0450997,0.06703,0.0995611,false,false,false,"tPsrTQ",70310041,0.34238,0.0474997,"outcome",true,"reported","textfile",23,2,70537173,0.00595386,{"v":2.4e-14,"d":"2.40E-14"},"NA","ieu-b-4870","Sex hormone binding globulin (SHBG) || id:ieu-b-4870",true,"reported","igd",2,true,"NA",0.000257913,55.4623092]
[131,"rs67611724","T","C","T","C",-0.0249406,0.00481296,0.154399,0.162171,false,false,false,"tPsrTQ",33720469,0.901169,0.0387563,"outcome",true,"reported","textfile",186,20,32308275,0.00408629,{"v":1e-9,"d":"1.00E-09"},"NA","ieu-b-4870","Sex hormone binding globulin (SHBG) || id:ieu-b-4870",true,"reported","igd",2,true,"NA",0.000162425,34.92500739]
[132,"rs6792725","G","A","G","A",0.0349923,-0.0743119,0.69137,0.543395,false,false,false,"tPsrTQ",24478792,0.0101515,0.0289081,"outcome",true,"reported","textfile",32,3,24520283,0.00329631,{"v":2.5e-26,"d":"2.50E-26"},"NA","ieu-b-4870","Sex hormone binding globulin (SHBG) || id:ieu-b-4870",true,"reported","igd",2,true,"NA",0.000522545,112.3991017]
[133,"rs6860245","C","G","C","G",0.0252273,0.022868,0.247648,0.155274,false,true,false,"tPsrTQ",128032306,0.561966,0.0394327,"outcome",true,"reported","textfile",49,5,127367998,0.00343589,{"v":2.1e-13,"d":"2.10E-13"},"NA","ieu-b-4870","Sex hormone binding globulin (SHBG) || id:ieu-b-4870",true,"reported","igd",2,true,"NA",0.000237152,50.99676763]
[134,"rs6865292","C","T","C","T",-0.0187035,0.00152058,0.2754,0.275131,false,false,false,"tPsrTQ",143413425,0.962435,0.0322855,"outcome",true,"reported","textfile",50,5,142792990,0.00337265,{"v":2.9e-8,"d":"2.90E-08"},"NA","ieu-b-4870","Sex hormone binding globulin (SHBG) || id:ieu-b-4870",true,"reported","igd",2,true,"NA",0.000139617,30.02001244]
[135,"rs687339","T","C","T","C",-0.0683786,-0.0625458,0.772208,0.848257,false,false,false,"tPsrTQ",136213517,0.114727,0.0396537,"outcome",true,"reported","textfile",36,3,135932359,0.00352857,{"v":1.2e-83,"d":"1.20E-83"},"NA","ieu-b-4870","Sex hormone binding globulin (SHBG) || id:ieu-b-4870",true,"reported","igd",2,true,"NA",0.001644914,354.2177613]
[136,"rs6939861","A","G","A","G",-0.0374876,-0.0304412,0.262046,0.261081,false,false,false,"tPsrTQ",41735303,0.352151,0.0327175,"outcome",true,"reported","textfile",59,6,41703041,0.00340731,{"v":3.7e-28,"d":"3.70E-28"},"NA","ieu-b-4870","Sex hormone binding globulin (SHBG) || id:ieu-b-4870",true,"reported","igd",2,true,"NA",0.000543516,116.9123542]
[137,"rs696825","T","C","T","C",0.0488535,{"v":5.97e-5,"d":"5.97E-05"},0.253119,0.319272,false,false,false,"tPsrTQ",83968161,0.998444,0.0305864,"outcome",true,"reported","textfile",92,9,86583076,0.00340666,{"v":1.2e-46,"d":"1.20E-46"},"NA","ieu-b-4870","Sex hormone binding globulin (SHBG) || id:ieu-b-4870",true,"reported","igd",2,true,"NA",0.000902397,194.1787951]
[138,"rs701810","T","C","T","C",-0.0188615,0.0546143,0.324168,0.338427,false,false,false,"tPsrTQ",97215092,0.070912,0.0302398,"outcome",true,"reported","textfile",101,10,98974849,0.00316889,{"v":2.6e-9,"d":"2.60E-09"},"NA","ieu-b-4870","Sex hormone binding globulin (SHBG) || id:ieu-b-4870",true,"reported","igd",2,true,"NA",0.00015588,33.51747138]
[139,"rs7194995","A","C","A","C",-0.0277241,-0.0225335,0.768827,0.758412,false,false,false,"tPsrTQ",87979423,0.499532,0.0333718,"outcome",true,"reported","textfile",151,16,88013029,0.00352084,{"v":3.4e-15,"d":"3.40E-15"},"NA","ieu-b-4870","Sex hormone binding globulin (SHBG) || id:ieu-b-4870",true,"reported","igd",2,true,"NA",0.000273219,58.75455181]
[140,"rs7220103","G","A","G","A",0.0603862,0.0518568,0.040603,0.0306181,false,false,false,"tPsrTQ",49144281,0.53242,0.0830618,"outcome",true,"reported","textfile",157,17,47221643,0.00742767,{"v":4.3e-16,"d":"4.30E-16"},"NA","ieu-b-4870","Sex hormone binding globulin (SHBG) || id:ieu-b-4870",true,"reported","igd",2,true,"NA",0.000284094,61.0938472]
[141,"rs724577","C","A","C","A",-0.019965,0.00308824,0.73841,0.673893,false,false,false,"tPsrTQ",17991787,0.919276,0.0304723,"outcome",true,"reported","textfile",37,4,17993410,0.00335904,{"v":2.8e-9,"d":"2.80E-09"},"NA","ieu-b-4870","Sex hormone binding globulin (SHBG) || id:ieu-b-4870",true,"reported","igd",2,true,"NA",0.000153988,33.11055138]
[142,"rs72844546","T","C","T","C",-0.0213563,0.0267986,0.653389,0.642743,false,false,false,"tPsrTQ",75153755,0.36813,0.0297768,"outcome",true,"reported","textfile",158,17,73149850,0.00307746,{"v":3.9e-12,"d":"3.90E-12"},"NA","ieu-b-4870","Sex hormone binding globulin (SHBG) || id:ieu-b-4870",true,"reported","igd",2,true,"NA",0.000206584,44.42200007]
[143,"rs7298698","C","T","C","T",-0.0559534,-0.00123441,0.468281,0.618736,false,false,false,"tPsrTQ",103127106,0.966544,0.0294304,"outcome",true,"reported","textfile",115,12,103520884,0.00296513,{"v":2e-79,"d":"2.00E-79"},"NA","ieu-b-4870","Sex hormone binding globulin (SHBG) || id:ieu-b-4870",true,"reported","igd",2,true,"NA",0.001559092,335.7078587]
[144,"rs7304705","G","A","G","A",0.0553875,-0.0680987,0.078492,0.0547468,false,false,false,"tPsrTQ",111000197,0.287091,0.0639711,"outcome",true,"reported","textfile",117,12,111438001,0.00549749,{"v":7.1e-24,"d":"7.10E-24"},"NA","ieu-b-4870","Sex hormone binding globulin (SHBG) || id:ieu-b-4870",true,"reported","igd",2,true,"NA",0.000443791,95.45155432]
[145,"rs7310409","G","A","G","A",0.0271474,-0.0321178,0.619636,0.585493,false,false,false,"tPsrTQ",120987058,0.269491,0.029086,"outcome",true,"reported","textfile",127,12,121424861,0.00304268,{"v":4.6e-19,"d":"4.60E-19"},"NA","ieu-b-4870","Sex hormone binding globulin (SHBG) || id:ieu-b-4870",true,"reported","igd",2,true,"NA",0.000347394,74.71118493]
[146,"rs740158","C","T","C","T",0.0162306,-0.0309552,0.487513,0.465801,false,false,false,"tPsrTQ",77426519,0.282397,0.0287969,"outcome",true,"reported","textfile",65,7,77055836,0.00296785,{"v":4.5e-8,"d":"4.50E-08"},"NA","ieu-b-4870","Sex hormone binding globulin (SHBG) || id:ieu-b-4870",true,"reported","igd",2,true,"NA",0.000131634,28.30333233]
[147,"rs74444983","C","T","C","T",-0.020953,-0.0662187,0.258852,0.295011,false,false,false,"tPsrTQ",45242349,0.0342634,0.03128,"outcome",true,"reported","textfile",185,19,45745607,0.00339712,{"v":6.9e-10,"d":"6.90E-10"},"NA","ieu-b-4870","Sex hormone binding globulin (SHBG) || id:ieu-b-4870",true,"reported","igd",2,true,"NA",0.000168453,36.22131819]
[148,"rs75130744","C","G","C","G",-0.0530844,0.0286863,0.070756,0.108037,false,true,false,"tPsrTQ",25257807,0.533099,0.0460246,"outcome",true,"reported","textfile",125,12,25410741,0.00577968,{"v":4.1e-20,"d":"4.10E-20"},"NA","ieu-b-4870","Sex hormone binding globulin (SHBG) || id:ieu-b-4870",true,"reported","igd",2,true,"NA",0.000370559,79.69480665]
[149,"rs75479205","G","A","G","A",0.0254311,0.0299855,0.189884,0.231808,false,false,false,"tPsrTQ",7255377,0.374947,0.0337962,"outcome",true,"reported","textfile",63,6,7255610,0.00378104,{"v":1.7e-11,"d":"1.70E-11"},"NA","ieu-b-4870","Sex hormone binding globulin (SHBG) || id:ieu-b-4870",true,"reported","igd",2,true,"NA",0.000198974,42.78529095]
[150,"rs75702986","A","G","A","G",0.0295021,-0.0822636,0.18616,0.205822,false,false,false,"tPsrTQ",35075247,0.0207927,0.0355853,"outcome",true,"reported","textfile",177,19,35566151,0.00383889,{"v":1.5e-14,"d":"1.50E-14"},"NA","ieu-b-4870","Sex hormone binding globulin (SHBG) || id:ieu-b-4870",true,"reported","igd",2,true,"NA",0.000263731,56.71370377]
[151,"rs757869","A","G","A","G",-0.0306421,0.0850236,0.707611,0.781791,false,false,false,"tPsrTQ",30368464,0.0144544,0.0347636,"outcome",true,"reported","textfile",195,22,30764453,0.00325743,{"v":5.1e-21,"d":"5.10E-21"},"NA","ieu-b-4870","Sex hormone binding globulin (SHBG) || id:ieu-b-4870",true,"reported","igd",2,true,"NA",0.000388528,83.56099836]
[152,"rs7655064","C","T","C","T",-0.0253791,-0.0135709,0.12535,0.1828,false,false,false,"tPsrTQ",119185193,0.712851,0.0368745,"outcome",true,"reported","textfile",43,4,120106348,0.00446946,{"v":1.4e-8,"d":"1.40E-08"},"NA","ieu-b-4870","Sex hormone binding globulin (SHBG) || id:ieu-b-4870",true,"reported","igd",2,true,"NA",0.000141235,30.36788944]
[153,"rs76610881","G","A","G","A",0.0451543,-0.0272866,0.108666,0.119454,false,false,false,"tPsrTQ",158798803,0.535853,0.044075,"outcome",true,"reported","textfile",44,4,159719955,0.0047491,{"v":1.9e-21,"d":"1.90E-21"},"NA","ieu-b-4870","Sex hormone binding globulin (SHBG) || id:ieu-b-4870",true,"reported","igd",2,true,"NA",0.000394968,84.94662794]
[154,"rs77258375","C","CT","C","CT",-0.0258712,-0.0451861,0.638849,0.672492,false,false,false,"tPsrTQ",42475122,0.13944,0.0305749,"outcome",true,"reported","textfile",74,8,42332640,0.00311175,{"v":9.3e-17,"d":"9.30E-17"},"NA","ieu-b-4870","Sex hormone binding globulin (SHBG) || id:ieu-b-4870",true,"reported","igd",2,true,"NA",0.000308852,66.41964288]
[155,"rs79240050","A","G","A","G",0.0580649,0.13308,0.030048,0.0436588,false,false,false,"tPsrTQ",96123819,0.0558329,0.06959,"outcome",true,"reported","textfile",148,15,96667048,0.00915163,{"v":2.2e-10,"d":"2.20E-10"},"NA","ieu-b-4870","Sex hormone binding globulin (SHBG) || id:ieu-b-4870",true,"reported","igd",2,true,"NA",0.000196527,42.25914759]
[156,"rs79287178","A","G","A","G",-0.0543203,-0.0789955,0.030823,0.041695,false,false,false,"tPsrTQ",172576710,0.270665,0.0717141,"outcome",true,"reported","textfile",31,3,172294500,0.00897452,{"v":1.4e-9,"d":"1.40E-09"},"NA","ieu-b-4870","Sex hormone binding globulin (SHBG) || id:ieu-b-4870",true,"reported","igd",2,true,"NA",0.000176292,37.90714613]
[157,"rs79391862","C","A","C","A",-0.148247,-0.0406971,0.013925,0.0320617,false,false,false,"tPsrTQ",53447229,0.616516,0.081265,"outcome",true,"reported","textfile",144,15,53739426,0.0128269,{"v":6.8e-31,"d":"6.80E-31"},"NA","ieu-b-4870","Sex hormone binding globulin (SHBG) || id:ieu-b-4870",true,"reported","igd",2,true,"NA",0.000603541,129.8318866]
[158,"rs7947951","G","A","G","A",-0.028028,0.0467561,0.689386,0.538915,false,false,false,"tPsrTQ",13334483,0.102946,0.0286718,"outcome",true,"reported","textfile",111,11,13356030,0.00319489,{"v":1.7e-18,"d":"1.70E-18"},"NA","ieu-b-4870","Sex hormone binding globulin (SHBG) || id:ieu-b-4870",true,"reported","igd",2,true,"NA",0.000336432,72.35291517]
[159,"rs79717793","A","G","A","G",-0.0421104,0.0277609,0.153705,0.142137,false,false,false,"tPsrTQ",5220304,0.497692,0.0409378,"outcome",true,"reported","textfile",94,10,5262267,0.00409969,{"v":9.5e-25,"d":"9.50E-25"},"NA","ieu-b-4870","Sex hormone binding globulin (SHBG) || id:ieu-b-4870",true,"reported","igd",2,true,"NA",0.000461337,99.22728334]
[160,"rs80028739","A","G","A","G",0.129658,0.152545,0.009688,0.00262435,false,false,false,"tPsrTQ",7707172,0.591533,0.284272,"outcome",true,"reported","textfile",161,17,7610490,0.0157991,{"v":2.3e-16,"d":"2.30E-16"},"NA","ieu-b-4870","Sex hormone binding globulin (SHBG) || id:ieu-b-4870",true,"reported","igd",2,true,"NA",0.000322578,69.37246393]
[161,"rs80127816","A","G","A","G",-0.0384471,-0.0429402,0.051979,0.0320111,false,false,false,"tPsrTQ",45873477,0.597705,0.0813718,"outcome",true,"reported","textfile",126,12,46267260,0.00666265,{"v":7.9e-9,"d":"7.90E-09"},"NA","ieu-b-4870","Sex hormone binding globulin (SHBG) || id:ieu-b-4870",true,"reported","igd",2,true,"NA",0.000145681,31.32409414]
[162,"rs8025155","G","C","G","C",-0.0449663,-0.021266,0.138996,0.0763496,false,true,false,"tPsrTQ",52801672,0.693806,0.0540164,"outcome",true,"reported","textfile",143,15,53093869,0.00430213,{"v":1.4e-25,"d":"1.40E-25"},"NA","ieu-b-4870","Sex hormone binding globulin (SHBG) || id:ieu-b-4870",true,"reported","igd",2,true,"NA",0.000483963,104.0960396]
[163,"rs806794","G","A","G","A",0.0239671,-0.0969109,0.275077,0.411111,false,false,false,"tPsrTQ",26200449,0.000850805,0.0290525,"outcome",true,"reported","textfile",56,6,26200677,0.00330704,{"v":4.3e-13,"d":"4.30E-13"},"NA","ieu-b-4870","Sex hormone binding globulin (SHBG) || id:ieu-b-4870",true,"reported","igd",2,true,"NA",0.000229091,49.2627706]
[164,"rs8087306","C","G","C","G",-0.0189063,0.0420026,0.686601,0.687776,false,true,false,"tPsrTQ",9094247,0.172708,0.0308038,"outcome",true,"reported","textfile",173,18,9094245,0.00319009,{"v":3.1e-9,"d":"3.10E-09"},"NA","ieu-b-4870","Sex hormone binding globulin (SHBG) || id:ieu-b-4870",true,"reported","igd",2,true,"NA",0.000153831,33.07684942]
[165,"rs8104606","A","G","A","G",0.0175703,0.0126346,0.649839,0.593447,false,false,false,"tPsrTQ",33397554,0.664667,0.029147,"outcome",true,"reported","textfile",180,19,33888460,0.0031019,{"v":1.5e-8,"d":"1.50E-08"},"NA","ieu-b-4870","Sex hormone binding globulin (SHBG) || id:ieu-b-4870",true,"reported","igd",2,true,"NA",0.000140495,30.20891416]
[166,"rs8178824","T","C","T","C",-0.0816256,-0.131986,0.030223,0.00985029,false,false,false,"tPsrTQ",66228657,0.362654,0.144988,"outcome",true,"reported","textfile",172,17,64224775,0.00858555,{"v":2e-21,"d":"2.00E-21"},"NA","ieu-b-4870","Sex hormone binding globulin (SHBG) || id:ieu-b-4870",true,"reported","igd",2,true,"NA",0.000390564,83.99899157]
[167,"rs941408","T","C","T","C",0.0453878,0.0033672,0.287351,0.306789,false,false,false,"tPsrTQ",2814183,0.913561,0.0310202,"outcome",true,"reported","textfile",182,19,2814181,0.0032662,{"v":6.7e-44,"d":"6.70E-44"},"NA","ieu-b-4870","Sex hormone binding globulin (SHBG) || id:ieu-b-4870",true,"reported","igd",2,true,"NA",0.000843717,181.541295]
[168,"rs9766229","C","A","C","A",0.0433795,-0.0764093,0.041334,0.0787723,false,false,false,"tPsrTQ",34440802,0.148267,0.0528535,"outcome",true,"reported","textfile",58,6,34408579,0.0075195,{"v":8e-9,"d":"8.00E-09"},"NA","ieu-b-4870","Sex hormone binding globulin (SHBG) || id:ieu-b-4870",true,"reported","igd",2,true,"NA",0.000149133,32.06644474]
[169,"rs9907478","T","C","T","C",0.131801,-0.060723,0.087112,0.0366761,false,false,false,"tPsrTQ",49318367,0.426973,0.0764406,"outcome",true,"reported","textfile",166,17,47395729,0.00519306,{"v":4.2e-142,"d":"4.20E-142"},"NA","ieu-b-4870","Sex hormone binding globulin (SHBG) || id:ieu-b-4870",true,"reported","igd",2,true,"NA",0.002762886,595.6301259]
[170,"rs9970073","A","G","A","G",0.0181328,0.00319392,0.361335,0.474329,false,false,false,"tPsrTQ",213982822,0.911282,0.0286653,"outcome",true,"reported","textfile",4,1,214156165,0.00307794,{"v":3.8e-9,"d":"3.80E-09"},"NA","ieu-b-4870","Sex hormone binding globulin (SHBG) || id:ieu-b-4870",true,"reported","igd",2,true,"NA",0.000151755,32.63029474]
[171,"rs998584","A","C","A","C",-0.0211222,0.00301204,0.483837,0.482394,false,false,false,"tPsrTQ",43790159,0.916474,0.0287199,"outcome",true,"reported","textfile",61,6,43757896,0.00296727,{"v":1.1e-12,"d":"1.10E-12"},"NA","ieu-b-4870","Sex hormone binding globulin (SHBG) || id:ieu-b-4870",true,"reported","igd",2,true,"NA",0.000222841,47.91850189]
[172,"rs9987289","G","A","G","A",0.0409459,0.039889,0.9084,0.857416,false,false,false,"tPsrTQ",9325848,0.328924,0.040858,"outcome",true,"reported","textfile",78,8,9183358,0.00512214,{"v":1.3e-15,"d":"1.30E-15"},"NA","ieu-b-4870","Sex hormone binding globulin (SHBG) || id:ieu-b-4870",true,"reported","igd",2,true,"NA",0.000279012,60.00077053]

{"sheet":"E2","index":3,"n_rows":2,"n_cols":37,"rows_kept":2}
[null,"SNP","effect_allele.exposure","other_allele.exposure","effect_allele.outcome","other_allele.outcome","beta.exposure","beta.outcome","eaf.exposure","eaf.outcome","remove","palindromic","ambiguous","id.outcome","pos.outcome","pval.outcome","se.outcome","outcome","mr_keep.outcome","pval_origin.outcome","data_source.outcome","...1","chr.exposure","se.exposure","samplesize.exposure","pval.exposure","pos.exposure","id.exposure","exposure","mr_keep.exposure","pval_origin.exposure","data_source.exposure","action","mr_keep","samplesize.outcome","R2","F"]
[1,"rs858518","A","G","A","G",0.031132,0.0364016,0.5808,0.627555,false,false,false,"mC21il",7629707,0.219546,0.0296493,"outcome",true,"reported","textfile",1,17,0.005073,54498,{"v":8.48e-10,"d":"8.48E-10"},7533025,"ukb-d-30800_irnt","Oestradiol || id:ukb-d-30800_irnt",true,"reported","igd",2,true,"NA",0.000471946,25.73128997]

{"sheet":"E2(males)","index":4,"n_rows":12,"n_cols":36,"rows_kept":12}
[null,"SNP","effect_allele.exposure","other_allele.exposure","effect_allele.outcome","other_allele.outcome","beta.exposure","beta.outcome","eaf.exposure","eaf.outcome","remove","palindromic","ambiguous","id.outcome","pos.outcome","pval.outcome","se.outcome","outcome","mr_keep.outcome","pval_origin.outcome","data_source.outcome","chr.exposure","pos.exposure","se.exposure","pval.exposure","samplesize.exposure","id.exposure","exposure","mr_keep.exposure","pval_origin.exposure","data_source.exposure","action","mr_keep","samplesize.outcome","R2","F"]
[1,"rs1073548","G","T","G","T",0.106682,0.00113479,0.125872,0.112027,false,false,false,"SYczTR",36012515,0.980038,0.0453519,"outcome",true,"reported","textfile",5,36012617,0.0189315,{"v":1.75e-8,"d":"1.75E-08"},147690,"ebi-a-GCST90020091","Estradiol levels || id:ebi-a-GCST90020091",true,"reported","igd",2,true,"NA",0.002504474,370.8093794]
[2,"rs11160915","A","G","A","G",-0.164053,-0.005112,0.443777,0.425836,false,false,false,"SYczTR",106058410,0.862942,0.0296124,"outcome",true,"reported","textfile",14,106514653,0.0132441,{"v":3.08e-35,"d":"3.08E-35"},147690,"ebi-a-GCST90020091","Estradiol levels || id:ebi-a-GCST90020091",true,"reported","igd",2,true,"NA",0.013286546,1988.686114]
[3,"rs112881196","G","C","G","C",0.302154,-0.216239,0.0391167,0.0238443,false,true,false,"SYczTR",31757742,0.0223882,0.0946876,"outcome",true,"reported","textfile",2,31982811,0.0300433,{"v":8.52e-24,"d":"8.52E-24"},147690,"ebi-a-GCST90020091","Estradiol levels || id:ebi-a-GCST90020091",true,"reported","igd",2,true,"NA",0.006863088,1020.600159]
[4,"rs113047993","T","C","T","C",-0.153581,-0.0918301,0.068121,0.059366,false,false,false,"SYczTR",23005436,0.128543,0.0604196,"outcome",true,"reported","textfile",18,20585399,0.0271096,{"v":1.47e-8,"d":"1.47E-08"},147690,"ebi-a-GCST90020091","Estradiol levels || id:ebi-a-GCST90020091",true,"reported","igd",2,true,"NA",0.002994646,443.6017352]
[5,"rs3751591","G","A","G","A",0.107544,0.0124049,0.166423,0.132143,false,false,false,"SYczTR",51314513,0.771951,0.0428018,"outcome",true,"reported","textfile",15,51606710,0.0168483,{"v":1.73e-10,"d":"1.73E-10"},147690,"ebi-a-GCST90020091","Estradiol levels || id:ebi-a-GCST90020091",true,"reported","igd",2,true,"NA",0.003208939,475.4474375]
[6,"rs45446698","G","T","G","T",-0.209456,0.104477,0.0425418,0.0518255,false,false,false,"SYczTR",99735325,0.103786,0.0642233,"outcome",true,"reported","textfile",7,99332948,0.034576,{"v":1.38e-9,"d":"1.38E-09"},147690,"ebi-a-GCST90020091","Estradiol levels || id:ebi-a-GCST90020091",true,"reported","igd",2,true,"NA",0.003573973,529.7261807]
[7,"rs56196860","A","C","A","C",0.233712,-0.233534,0.031495,0.0127391,false,false,false,"SYczTR",2799164,0.0727947,0.130167,"outcome",true,"reported","textfile",12,2908330,0.0337074,{"v":4.1e-12,"d":"4.10E-12"},147690,"ebi-a-GCST90020091","Estradiol levels || id:ebi-a-GCST90020091",true,"reported","igd",2,true,"NA",0.003332234,493.7763625]
[8,"rs600038","C","T","C","T",-0.126217,-0.051297,0.207315,0.223517,false,false,false,"SYczTR",133276354,0.133795,0.0342139,"outcome",true,"reported","textfile",9,136151806,0.0163807,{"v":1.31e-14,"d":"1.31E-14"},147690,"ebi-a-GCST90020091","Estradiol levels || id:ebi-a-GCST90020091",true,"reported","igd",2,true,"NA",0.005235969,777.3600262]
[9,"rs62059839","T","C","T","C",0.0935541,0.0621088,0.261655,0.276836,false,false,false,"SYczTR",7629697,0.0513393,0.0318731,"outcome",true,"reported","textfile",17,7533015,0.0144126,{"v":8.53e-11,"d":"8.53E-11"},147690,"ebi-a-GCST90020091","Estradiol levels || id:ebi-a-GCST90020091",true,"reported","igd",2,true,"NA",0.00338177,501.1415415]
[10,"rs7173595","T","C","T","C",0.22874,0.00207077,0.648851,0.652027,false,false,false,"SYczTR",51241539,0.944941,0.0299847,"outcome",true,"reported","textfile",15,51533736,0.0139251,{"v":1.24e-60,"d":"1.24E-60"},147690,"ebi-a-GCST90020091","Estradiol levels || id:ebi-a-GCST90020091",true,"reported","igd",2,true,"NA",0.023842437,3607.247402]
[11,"rs7662029","G","A","G","A",-0.112665,0.00065421,0.454926,0.567522,false,false,false,"SYczTR",69096194,0.981887,0.0288158,"outcome",true,"reported","textfile",4,69961912,0.0129643,{"v":3.61e-18,"d":"3.61E-18"},147690,"ebi-a-GCST90020091","Estradiol levels || id:ebi-a-GCST90020091",true,"reported","igd",2,true,"NA",0.006295124,935.6039595]

{"sheet":"E2(females)","index":5,"n_rows":3,"n_cols":36,"rows_kept":3}
[null,"SNP","effect_allele.exposure","other_allele.exposure","effect_allele.outcome","other_allele.outcome","beta.exposure","beta.outcome","eaf.exposure","eaf.outcome","remove","palindromic","ambiguous","id.outcome","pos.outcome","pval.outcome","se.outcome","outcome","mr_keep.outcome","pval_origin.outcome","data_source.outcome","chr.exposure","pos.exposure","se.exposure","pval.exposure","samplesize.exposure","id.exposure","exposure","mr_keep.exposure","pval_origin.exposure","data_source.exposure","action","mr_keep","samplesize.outcome","R2","F"]
[1,"rs16991615","A","G","A","G",0.130028,0.0449093,0.0650913,0.0210571,false,false,false,"6L14p1",5967581,0.652991,0.0998847,"outcome",true,"reported","textfile",20,5948227,0.0237994,{"v":4.67e-8,"d":"4.67E-08"},163985,"ebi-a-GCST90020092","Estradiol levels || id:ebi-a-GCST90020092",true,"reported","igd",2,true,"NA",0.002057766,338.1343813]
[2,"rs45446698","G","T","G","T",-0.206441,0.104477,0.0427387,0.0518255,false,false,false,"6L14p1",99735325,0.103786,0.0642233,"outcome",true,"reported","textfile",7,99332948,0.0301572,{"v":7.62e-12,"d":"7.62E-12"},163985,"ebi-a-GCST90020092","Estradiol levels || id:ebi-a-GCST90020092",true,"reported","igd",2,true,"NA",0.003487175,573.8384548]

{"sheet":"TT","index":6,"n_rows":150,"n_cols":37,"rows_kept":150}
[null,"SNP","effect_allele.exposure","other_allele.exposure","effect_allele.outcome","other_allele.outcome","beta.exposure","beta.outcome","eaf.exposure","eaf.outcome","remove","palindromic","ambiguous","id.outcome","pos.outcome","pval.outcome","se.outcome","outcome","mr_keep.outcome","pval_origin.outcome","data_source.outcome","...1","chr.exposure","pos.exposure","se.exposure","pval.exposure","samplesize.exposure","id.exposure","exposure","mr_keep.exposure","pval_origin.exposure","data_source.exposure","action","mr_keep","samplesize.outcome","R2","F"]
[1,"rs10184382","T","C","T","C",0.00821243,-0.00435716,0.442323,0.394778,false,false,false,"Ytgjfc",20077309,0.881874,0.0293227,"outcome",true,"reported","textfile",27,2,20277070,0.00130342,{"v":1.1e-10,"d":"1.10E-10"},425097,"ebi-a-GCST90012114","Total testosterone levels || id:ebi-a-GCST90012114",true,"reported","igd",2,true,"NA",{"v":3.32733e-5,"d":"3.33E-05"},14.14477556]
[2,"rs10202148","A","G","A","G",-0.00884922,-0.0528676,0.261127,0.25109,false,false,false,"Ytgjfc",85936644,0.10972,0.0330535,"outcome",true,"reported","textfile",19,2,86163767,0.00147253,{"v":2.7e-10,"d":"2.70E-10"},425097,"ebi-a-GCST90012114","Total testosterone levels || id:ebi-a-GCST90012114",true,"reported","igd",2,true,"NA",{"v":3.02177e-5,"d":"3.02E-05"},12.84578582]
[3,"rs10278686","T","C","T","C",0.00987923,-0.0178625,0.49053,0.555671,false,false,false,"Ytgjfc",14991825,0.534332,0.0287453,"outcome",true,"reported","textfile",78,7,15031450,0.00129008,{"v":1.3e-14,"d":"1.30E-14"},425097,"ebi-a-GCST90012114","Total testosterone levels || id:ebi-a-GCST90012114",true,"reported","igd",2,true,"NA",{"v":4.87821e-5,"d":"4.88E-05"},20.73803297]
[4,"rs10817260","T","C","T","C",-0.0137891,-0.0154672,0.190245,0.300517,false,false,false,"Ytgjfc",112066052,0.624008,0.0315542,"outcome",true,"reported","textfile",91,9,114828332,0.00167144,{"v":6.9e-17,"d":"6.90E-17"},425097,"ebi-a-GCST90012114","Total testosterone levels || id:ebi-a-GCST90012114",true,"reported","igd",2,true,"NA",{"v":5.85826e-5,"d":"5.86E-05"},24.90463422]
[5,"rs10851922","T","C","T","C",-0.00842346,-0.0120098,0.398101,0.369293,false,false,false,"Ytgjfc",79567477,0.686223,0.0297283,"outcome",true,"reported","textfile",142,15,79859819,0.0013165,{"v":5.7e-11,"d":"5.70E-11"},425097,"ebi-a-GCST90012114","Total testosterone levels || id:ebi-a-GCST90012114",true,"reported","igd",2,true,"NA",{"v":3.40038e-5,"d":"3.40E-05"},14.4553525]
[6,"rs10876041","C","T","C","T",0.00943347,0.029216,0.639778,0.63682,false,false,false,"Ytgjfc",50508099,0.324392,0.0296467,"outcome",true,"reported","textfile",122,12,50901882,0.00133944,{"v":1.9e-12,"d":"1.90E-12"},425097,"ebi-a-GCST90012114","Total testosterone levels || id:ebi-a-GCST90012114",true,"reported","igd",2,true,"NA",{"v":4.10178e-5,"d":"4.10E-05"},17.43718146]
[7,"rs11031005","C","T","C","T",0.00997621,0.0661359,0.143308,0.167509,false,false,false,"Ytgjfc",30204809,0.0837915,0.0382487,"outcome",true,"reported","textfile",115,11,30226356,0.00184291,{"v":2.1e-8,"d":"2.10E-08"},425097,"ebi-a-GCST90012114","Total testosterone levels || id:ebi-a-GCST90012114",true,"reported","igd",2,true,"NA",{"v":2.44375e-5,"d":"2.44E-05"},10.38850175]
[8,"rs11191801","C","A","C","A",-0.00919391,0.0412836,0.292536,0.246539,false,false,false,"Ytgjfc",103772407,0.212565,0.0331184,"outcome",true,"reported","textfile",107,10,105532165,0.00141081,{"v":6e-12,"d":"6.00E-12"},425097,"ebi-a-GCST90012114","Total testosterone levels || id:ebi-a-GCST90012114",true,"reported","igd",2,true,"NA",{"v":3.49876e-5,"d":"3.50E-05"},14.87357432]
[9,"rs112694713","G","A","G","A",-0.0406377,-0.0598024,0.013265,0.0219494,false,false,false,"Ytgjfc",35247830,0.540645,0.0977421,"outcome",true,"reported","textfile",53,5,35247932,0.00575113,{"v":3.5e-13,"d":"3.50E-13"},425097,"ebi-a-GCST90012114","Total testosterone levels || id:ebi-a-GCST90012114",true,"reported","igd",2,true,"NA",{"v":4.32311e-5,"d":"4.32E-05"},18.37810782]
[10,"rs1128249","T","G","T","G",0.00940047,-0.0298413,0.392683,0.349948,false,false,false,"Ytgjfc",164672114,0.319484,0.0299757,"outcome",true,"reported","textfile",20,2,165528624,0.00131392,{"v":4.1e-13,"d":"4.10E-13"},425097,"ebi-a-GCST90012114","Total testosterone levels || id:ebi-a-GCST90012114",true,"reported","igd",2,true,"NA",{"v":4.21489e-5,"d":"4.21E-05"},17.91805939]
[11,"rs113017476","A","G","A","G",0.048041,-0.21799,0.039108,0.0237589,false,false,false,"Ytgjfc",31764290,0.021457,0.0947847,"outcome",true,"reported","textfile",21,2,31989359,0.0033412,{"v":4e-47,"d":"4.00E-47"},425097,"ebi-a-GCST90012114","Total testosterone levels || id:ebi-a-GCST90012114",true,"reported","igd",2,true,"NA",0.000173458,73.74890778]
[12,"rs114678455","A","G","A","G",0.0380155,0.00726927,0.027335,0.0319616,false,false,false,"Ytgjfc",74359869,0.928487,0.0809964,"outcome",true,"reported","textfile",160,18,72027104,0.00406902,{"v":1e-21,"d":"1.00E-21"},425097,"ebi-a-GCST90012114","Total testosterone levels || id:ebi-a-GCST90012114",true,"reported","igd",2,true,"NA",{"v":7.68482e-5,"d":"7.68E-05"},32.67030202]
[13,"rs114945598","A","G","A","G",0.0116807,0.0660799,0.112748,0.0503445,false,false,false,"Ytgjfc",106407964,0.336312,0.0687275,"outcome",true,"reported","textfile",129,14,106863876,0.00213202,{"v":2.4e-8,"d":"2.40E-08"},425097,"ebi-a-GCST90012114","Total testosterone levels || id:ebi-a-GCST90012114",true,"reported","igd",2,true,"NA",{"v":2.72975e-5,"d":"2.73E-05"},11.60436609]
[14,"rs11556924","T","C","T","C",0.00823325,-0.0130709,0.389328,0.326974,false,false,false,"Ytgjfc",130023656,0.667647,0.0304414,"outcome",true,"reported","textfile",73,7,129663496,0.00131845,{"v":1.2e-9,"d":"1.20E-09"},425097,"ebi-a-GCST90012114","Total testosterone levels || id:ebi-a-GCST90012114",true,"reported","igd",2,true,"NA",{"v":3.22327e-5,"d":"3.22E-05"},13.70238744]
[15,"rs11564722","T","C","T","C",0.00868151,-0.0251394,0.239615,0.232818,false,false,false,"Ytgjfc",2157100,0.458329,0.0338987,"outcome",true,"reported","textfile",116,11,2178330,0.00152656,{"v":8.2e-9,"d":"8.20E-09"},425097,"ebi-a-GCST90012114","Total testosterone levels || id:ebi-a-GCST90012114",true,"reported","igd",2,true,"NA",{"v":2.74643e-5,"d":"2.75E-05"},11.67524499]
[16,"rs11624408","G","A","G","A",0.00798024,-0.016294,0.444647,0.421712,false,false,false,"Ytgjfc",99246608,0.572658,0.0288829,"outcome",true,"reported","textfile",132,14,99712945,0.00129985,{"v":5.6e-10,"d":"5.60E-10"},425097,"ebi-a-GCST90012114","Total testosterone levels || id:ebi-a-GCST90012114",true,"reported","igd",2,true,"NA",{"v":3.14519e-5,"d":"3.15E-05"},13.37045067]
[17,"rs116646027","C","T","C","T",-0.03987,0.114183,0.012503,0.000579506,false,false,false,"Ytgjfc",103640914,0.856754,0.632566,"outcome",true,"reported","textfile",43,4,104562071,0.00601395,{"v":5.9e-11,"d":"5.90E-11"},425097,"ebi-a-GCST90012114","Total testosterone levels || id:ebi-a-GCST90012114",true,"reported","igd",2,true,"NA",{"v":3.9253e-5,"d":"3.93E-05"},16.68689478]
[18,"rs11673591","T","A","T","A",-0.0123488,-0.000225063,0.74786,0.715361,false,true,false,"Ytgjfc",41480023,0.994327,0.0316564,"outcome",true,"reported","textfile",168,19,41985931,0.0014846,{"v":4.8e-17,"d":"4.80E-17"},425097,"ebi-a-GCST90012114","Total testosterone levels || id:ebi-a-GCST90012114",true,"reported","igd",2,true,"NA",{"v":5.75098e-5,"d":"5.75E-05"},24.4485179]
[19,"rs117007168","G","T","G","T",0.0188362,-0.0213249,0.043743,0.0279086,false,false,false,"Ytgjfc",32393908,0.806036,0.0868482,"outcome",true,"reported","textfile",175,21,33766217,0.00315005,{"v":2.5e-9,"d":"2.50E-09"},425097,"ebi-a-GCST90012114","Total testosterone levels || id:ebi-a-GCST90012114",true,"reported","igd",2,true,"NA",{"v":2.96825e-5,"d":"2.97E-05"},12.61823646]
[20,"rs11830764","C","G","C","G",0.0149059,-0.0314244,0.067722,0.0433013,false,true,false,"Ytgjfc",111077216,0.659468,0.0713143,"outcome",true,"reported","textfile",123,12,111515020,0.00256969,{"v":3.3e-9,"d":"3.30E-09"},425097,"ebi-a-GCST90012114","Total testosterone levels || id:ebi-a-GCST90012114",true,"reported","igd",2,true,"NA",{"v":2.80557e-5,"d":"2.81E-05"},11.92668626]
[21,"rs11937496","G","A","G","A",0.0070501,-0.0268649,0.555929,0.478997,false,false,false,"Ytgjfc",148692291,0.350784,0.028792,"outcome",true,"reported","textfile",46,4,149613443,0.00130412,{"v":2.9e-8,"d":"2.90E-08"},425097,"ebi-a-GCST90012114","Total testosterone levels || id:ebi-a-GCST90012114",true,"reported","igd",2,true,"NA",{"v":2.4541e-5,"d":"2.45E-05"},10.4325133]
[22,"rs12185851","C","T","C","T",0.00874017,0.0389703,0.231746,0.222258,false,false,false,"Ytgjfc",41952110,0.258013,0.0344535,"outcome",true,"reported","textfile",174,21,43372219,0.00153114,{"v":6.7e-9,"d":"6.70E-09"},425097,"ebi-a-GCST90012114","Total testosterone levels || id:ebi-a-GCST90012114",true,"reported","igd",2,true,"NA",{"v":2.72011e-5,"d":"2.72E-05"},11.56337587]
[23,"rs12416196","T","C","T","C",-0.00833378,0.0232022,0.36476,0.438795,false,false,false,"Ytgjfc",94840975,0.42012,0.0287792,"outcome",true,"reported","textfile",103,10,96600732,0.00133604,{"v":6.4e-10,"d":"6.40E-10"},425097,"ebi-a-GCST90012114","Total testosterone levels || id:ebi-a-GCST90012114",true,"reported","igd",2,true,"NA",{"v":3.21854e-5,"d":"3.22E-05"},13.68229903]
[24,"rs12436785","C","T","C","T",0.0105394,-0.022453,0.416258,0.410567,false,false,false,"Ytgjfc",98084153,0.439724,0.0290594,"outcome",true,"reported","textfile",131,14,98550490,0.00130656,{"v":7e-16,"d":"7.00E-16"},425097,"ebi-a-GCST90012114","Total testosterone levels || id:ebi-a-GCST90012114",true,"reported","igd",2,true,"NA",{"v":5.39815e-5,"d":"5.40E-05"},22.94852343]
[25,"rs1260326","C","T","C","T",0.0281178,-0.0432614,0.605726,0.650744,false,false,false,"Ytgjfc",27508073,0.150125,0.0300616,"outcome",true,"reported","textfile",28,2,27730940,0.00131298,{"v":3.5e-103,"d":"3.50E-103"},425097,"ebi-a-GCST90012114","Total testosterone levels || id:ebi-a-GCST90012114",true,"reported","igd",2,true,"NA",0.00037763,160.5894667]
[26,"rs12658172","C","G","C","G",-0.0177375,0.0178308,0.158235,0.153339,false,true,false,"Ytgjfc",124869692,0.654957,0.0399002,"outcome",true,"reported","textfile",55,5,124205385,0.0017863,{"v":2.7e-23,"d":"2.70E-23"},425097,"ebi-a-GCST90012114","Total testosterone levels || id:ebi-a-GCST90012114",true,"reported","igd",2,true,"NA",{"v":8.38124e-5,"d":"8.38E-05"},35.6312145]
[27,"rs12683780","C","A","C","A",-0.0104924,-0.0254258,0.330718,0.376711,false,false,false,"Ytgjfc",16252809,0.392138,0.0297118,"outcome",true,"reported","textfile",92,9,16252807,0.00140645,{"v":2.8e-13,"d":"2.80E-13"},425097,"ebi-a-GCST90012114","Total testosterone levels || id:ebi-a-GCST90012114",true,"reported","igd",2,true,"NA",{"v":4.87356e-5,"d":"4.87E-05"},20.71828553]
[28,"rs12796488","A","C","A","C",-0.0095618,0.0772645,0.175981,0.150596,false,false,false,"Ytgjfc",94398391,0.0535069,0.0400167,"outcome",true,"reported","textfile",117,11,94131557,0.00168961,{"v":1.4e-8,"d":"1.40E-08"},425097,"ebi-a-GCST90012114","Total testosterone levels || id:ebi-a-GCST90012114",true,"reported","igd",2,true,"NA",{"v":2.65163e-5,"d":"2.65E-05"},11.2722296]
[29,"rs12925980","C","T","C","T",-0.00934901,0.0342793,0.660442,0.733623,false,false,false,"Ytgjfc",81570014,0.288952,0.0323261,"outcome",true,"reported","textfile",146,16,81603619,0.00135874,{"v":4.7e-12,"d":"4.70E-12"},425097,"ebi-a-GCST90012114","Total testosterone levels || id:ebi-a-GCST90012114",true,"reported","igd",2,true,"NA",{"v":3.92022e-5,"d":"3.92E-05"},16.66529162]
[30,"rs13152154","T","C","T","C",-0.00830777,-0.0636068,0.726965,0.70623,false,false,false,"Ytgjfc",76496603,0.0425657,0.0313652,"outcome",true,"reported","textfile",50,4,77417756,0.0014419,{"v":7.3e-9,"d":"7.30E-09"},425097,"ebi-a-GCST90012114","Total testosterone levels || id:ebi-a-GCST90012114",true,"reported","igd",2,true,"NA",{"v":2.73987e-5,"d":"2.74E-05"},11.64739074]
[31,"rs13153019","C","T","C","T",0.00895584,0.0149633,0.248846,0.273011,false,false,false,"Ytgjfc",177355217,0.640892,0.032079,"outcome",true,"reported","textfile",51,5,176782218,0.00149819,{"v":4.1e-9,"d":"4.10E-09"},425097,"ebi-a-GCST90012114","Total testosterone levels || id:ebi-a-GCST90012114",true,"reported","igd",2,true,"NA",{"v":2.99849e-5,"d":"3.00E-05"},12.74680422]
[32,"rs1317701","C","T","C","T",0.0167637,0.0535539,0.311825,0.272464,false,false,false,"Ytgjfc",49367432,0.0947458,0.0320513,"outcome",true,"reported","textfile",151,17,47444794,0.00138684,{"v":3.7e-34,"d":"3.70E-34"},425097,"ebi-a-GCST90012114","Total testosterone levels || id:ebi-a-GCST90012114",true,"reported","igd",2,true,"NA",0.000120609,51.27645096]
[33,"rs13185520","A","G","A","G",0.0078686,0.0329089,0.574867,0.639027,false,false,false,"Ytgjfc",138471571,0.268528,0.0297425,"outcome",true,"reported","textfile",60,5,137807260,0.00129974,{"v":9.1e-10,"d":"9.10E-10"},425097,"ebi-a-GCST90012114","Total testosterone levels || id:ebi-a-GCST90012114",true,"reported","igd",2,true,"NA",{"v":3.02634e-5,"d":"3.03E-05"},12.86519192]
[34,"rs13410301","T","C","T","C",0.00836464,0.00789003,0.609933,0.580315,false,false,false,"Ytgjfc",134595613,0.785449,0.0289834,"outcome",true,"reported","textfile",24,2,135353183,0.00132056,{"v":5.1e-11,"d":"5.10E-11"},425097,"ebi-a-GCST90012114","Total testosterone levels || id:ebi-a-GCST90012114",true,"reported","igd",2,true,"NA",{"v":3.32925e-5,"d":"3.33E-05"},14.15292814]
[35,"rs1362234","G","A","G","A",-0.0354202,0.299505,0.01456,0.00571459,false,false,false,"Ytgjfc",75959048,0.122986,0.194186,"outcome",true,"reported","textfile",80,7,75588366,0.00558632,{"v":6e-10,"d":"6.00E-10"},425097,"ebi-a-GCST90012114","Total testosterone levels || id:ebi-a-GCST90012114",true,"reported","igd",2,true,"NA",{"v":3.60017e-5,"d":"3.60E-05"},15.30471364]
[36,"rs1408","A","G","A","G",-0.0114428,0.00908682,0.578259,0.520016,false,false,false,"Ytgjfc",87136201,0.752497,0.0288152,"outcome",true,"reported","textfile",49,4,88057353,0.00130454,{"v":6.8e-19,"d":"6.80E-19"},425097,"ebi-a-GCST90012114","Total testosterone levels || id:ebi-a-GCST90012114",true,"reported","igd",2,true,"NA",{"v":6.3865e-5,"d":"6.39E-05"},27.15042101]
[37,"rs143088266","TCGC","T","TCGC","T",0.0271874,0.0930348,0.066859,0.0323396,false,false,false,"Ytgjfc",63119946,0.251425,0.0811189,"outcome",true,"reported","textfile",110,11,62887418,0.0025857,{"v":1.1e-25,"d":"1.10E-25"},425097,"ebi-a-GCST90012114","Total testosterone levels || id:ebi-a-GCST90012114",true,"reported","igd",2,true,"NA",{"v":9.22301e-5,"d":"9.22E-05"},39.21015431]
[38,"rs146497684","T","A","T","A",0.0442434,-0.0310212,0.030328,0.0497767,false,true,false,"Ytgjfc",17235632,0.63653,0.0656456,"outcome",true,"reported","textfile",167,19,17346441,0.00395668,{"v":1.2e-29,"d":"1.20E-29"},425097,"ebi-a-GCST90012114","Total testosterone levels || id:ebi-a-GCST90012114",true,"reported","igd",2,true,"NA",0.000115132,48.94762355]
[39,"rs157934","C","T","C","T",0.00833858,0.0658329,0.305081,0.386908,false,false,false,"Ytgjfc",130900733,0.0245731,0.0292845,"outcome",true,"reported","textfile",74,7,130585492,0.00139587,{"v":3.4e-9,"d":"3.40E-09"},425097,"ebi-a-GCST90012114","Total testosterone levels || id:ebi-a-GCST90012114",true,"reported","igd",2,true,"NA",{"v":2.94824e-5,"d":"2.95E-05"},12.53321078]
[40,"rs1625895","C","T","C","T",0.0312301,0.0270326,0.874542,0.890745,false,false,false,"Ytgjfc",7674797,0.558381,0.0461901,"outcome",true,"reported","textfile",157,17,7578115,0.00193823,{"v":3.8e-59,"d":"3.80E-59"},425097,"ebi-a-GCST90012114","Total testosterone levels || id:ebi-a-GCST90012114",true,"reported","igd",2,true,"NA",0.000214021,90.99860432]
[41,"rs1681967","G","A","G","A",-0.0149523,0.0386785,0.082177,0.112286,false,false,false,"Ytgjfc",63560885,0.393788,0.0453564,"outcome",true,"reported","textfile",62,6,64270790,0.00234527,{"v":5.9e-10,"d":"5.90E-10"},425097,"ebi-a-GCST90012114","Total testosterone levels || id:ebi-a-GCST90012114",true,"reported","igd",2,true,"NA",{"v":3.37253e-5,"d":"3.37E-05"},14.33692003]
[42,"rs17270243","G","A","G","A",0.00922895,0.0337801,0.239317,0.192279,false,false,false,"Ytgjfc",60570301,0.353473,0.0364059,"outcome",true,"reported","textfile",140,15,60862500,0.00150818,{"v":6.1e-10,"d":"6.10E-10"},425097,"ebi-a-GCST90012114","Total testosterone levels || id:ebi-a-GCST90012114",true,"reported","igd",2,true,"NA",{"v":3.10107e-5,"d":"3.10E-05"},13.18291061]
[43,"rs17326209","A","G","A","G",-0.00887018,0.000851042,0.574578,0.570366,false,false,false,"Ytgjfc",48680499,0.97647,0.0288544,"outcome",true,"reported","textfile",29,2,48907638,0.00130414,{"v":1.6e-11,"d":"1.60E-11"},425097,"ebi-a-GCST90012114","Total testosterone levels || id:ebi-a-GCST90012114",true,"reported","igd",2,true,"NA",{"v":3.84648e-5,"d":"3.85E-05"},16.35183522]
[44,"rs17497828","A","G","A","G",-0.00891926,-0.0379928,0.2619,0.35162,false,false,false,"Ytgjfc",66986639,0.205922,0.0300372,"outcome",true,"reported","textfile",2,1,67452322,0.00147376,{"v":2.8e-10,"d":"2.80E-10"},425097,"ebi-a-GCST90012114","Total testosterone levels || id:ebi-a-GCST90012114",true,"reported","igd",2,true,"NA",{"v":3.07566e-5,"d":"3.08E-05"},13.0748797]
[45,"rs1782652","A","T","A","T",-0.00761397,-0.0125955,0.380879,0.305065,false,true,false,"Ytgjfc",79314368,0.685826,0.0311364,"outcome",true,"reported","textfile",102,10,81074125,0.00133929,{"v":9.5e-9,"d":"9.50E-09"},425097,"ebi-a-GCST90012114","Total testosterone levels || id:ebi-a-GCST90012114",true,"reported","igd",2,true,"NA",{"v":2.7341e-5,"d":"2.73E-05"},11.6228532]
[46,"rs17880847","A","T","A","T",-0.0638608,-0.238041,0.013409,0.00563761,false,true,false,"Ytgjfc",7670579,0.236765,0.2012,"outcome",true,"reported","textfile",155,17,7573897,0.00571299,{"v":7.2e-29,"d":"7.20E-29"},425097,"ebi-a-GCST90012114","Total testosterone levels || id:ebi-a-GCST90012114",true,"reported","igd",2,true,"NA",0.000107903,45.87384113]
[47,"rs1822246","G","A","G","A",-0.0083795,-0.00460538,0.296689,0.261023,false,false,false,"Ytgjfc",95701791,0.887458,0.0325419,"outcome",true,"reported","textfile",135,15,96245020,0.00140942,{"v":1.6e-9,"d":"1.60E-09"},425097,"ebi-a-GCST90012114","Total testosterone levels || id:ebi-a-GCST90012114",true,"reported","igd",2,true,"NA",{"v":2.93032e-5,"d":"2.93E-05"},12.45700917]
[48,"rs1835542","T","C","T","C",-0.00732365,0.0209784,0.62331,0.570887,false,false,false,"Ytgjfc",88009533,0.467699,0.0288868,"outcome",true,"reported","textfile",40,3,88058683,0.00132822,{"v":2.2e-8,"d":"2.20E-08"},425097,"ebi-a-GCST90012114","Total testosterone levels || id:ebi-a-GCST90012114",true,"reported","igd",2,true,"NA",{"v":2.51868e-5,"d":"2.52E-05"},10.70706105]
[49,"rs1837095","A","T","A","T",-0.00857442,0.0429248,0.387984,0.334572,false,true,false,"Ytgjfc",16224146,0.156955,0.0303272,"outcome",true,"reported","textfile",112,11,16245692,0.00131961,{"v":1.7e-11,"d":"1.70E-11"},425097,"ebi-a-GCST90012114","Total testosterone levels || id:ebi-a-GCST90012114",true,"reported","igd",2,true,"NA",{"v":3.49153e-5,"d":"3.49E-05"},14.84284848]
[50,"rs1889237","G","A","G","A",-0.00783273,0.0186362,0.365885,0.422963,false,false,false,"Ytgjfc",50289441,0.520692,0.0290157,"outcome",true,"reported","textfile",169,20,48905978,0.00134119,{"v":4.5e-9,"d":"4.50E-09"},425097,"ebi-a-GCST90012114","Total testosterone levels || id:ebi-a-GCST90012114",true,"reported","igd",2,true,"NA",{"v":2.84688e-5,"d":"2.85E-05"},12.10228291]
[51,"rs1897999","T","C","T","C",-0.00749141,-0.0258427,0.395519,0.338445,false,false,false,"Ytgjfc",128525919,0.394032,0.0303202,"outcome",true,"reported","textfile",56,5,127861612,0.00132356,{"v":3.2e-9,"d":"3.20E-09"},425097,"ebi-a-GCST90012114","Total testosterone levels || id:ebi-a-GCST90012114",true,"reported","igd",2,true,"NA",{"v":2.68353e-5,"d":"2.68E-05"},11.40787583]
[52,"rs1977658","G","T","G","T",-0.0145824,-0.0501712,0.655918,0.704113,false,false,false,"Ytgjfc",107064415,0.110361,0.0314243,"outcome",true,"reported","textfile",12,1,107607037,0.00136406,{"v":1.6e-27,"d":"1.60E-27"},425097,"ebi-a-GCST90012114","Total testosterone levels || id:ebi-a-GCST90012114",true,"reported","igd",2,true,"NA",{"v":9.59841e-5,"d":"9.60E-05"},40.80629799]
[53,"rs1980091","A","G","A","G",-0.0116459,0.037271,0.307092,0.325011,false,false,false,"Ytgjfc",72577555,0.220792,0.0304396,"outcome",true,"reported","textfile",108,11,72288599,0.0013938,{"v":1.9e-16,"d":"1.90E-16"},425097,"ebi-a-GCST90012114","Total testosterone levels || id:ebi-a-GCST90012114",true,"reported","igd",2,true,"NA",{"v":5.77192e-5,"d":"5.77E-05"},24.53755307]
[54,"rs2004511","C","T","C","T",0.00980757,0.020887,0.222201,0.123165,false,false,false,"Ytgjfc",42127209,0.632629,0.043694,"outcome",true,"reported","textfile",178,22,42523211,0.00152425,{"v":2.7e-10,"d":"2.70E-10"},425097,"ebi-a-GCST90012114","Total testosterone levels || id:ebi-a-GCST90012114",true,"reported","igd",2,true,"NA",{"v":3.32481e-5,"d":"3.32E-05"},14.13405102]
[55,"rs2011425","G","T","G","T",-0.0249772,0.0598582,0.079563,0.0637553,false,false,false,"Ytgjfc",233718962,0.305886,0.0584614,"outcome",true,"reported","textfile",25,2,234627608,0.00238935,{"v":3.1e-26,"d":"3.10E-26"},425097,"ebi-a-GCST90012114","Total testosterone levels || id:ebi-a-GCST90012114",true,"reported","igd",2,true,"NA",{"v":9.1374e-5,"d":"9.14E-05"},38.84618721]
[56,"rs2035838","G","A","G","A",-0.0111111,-0.00078204,0.148259,0.161031,false,false,false,"Ytgjfc",29178837,0.983947,0.0388681,"outcome",true,"reported","textfile",114,11,29200384,0.00181541,{"v":2.5e-10,"d":"2.50E-10"},425097,"ebi-a-GCST90012114","Total testosterone levels || id:ebi-a-GCST90012114",true,"reported","igd",2,true,"NA",{"v":3.11798e-5,"d":"3.12E-05"},13.25477214]
[57,"rs2061679","T","C","T","C",0.0332963,0.0393044,0.06627,0.0277708,false,false,false,"Ytgjfc",81540371,0.650492,0.0867495,"outcome",true,"reported","textfile",145,16,81573976,0.00259764,{"v":1.5e-36,"d":"1.50E-36"},425097,"ebi-a-GCST90012114","Total testosterone levels || id:ebi-a-GCST90012114",true,"reported","igd",2,true,"NA",0.000137202,58.33185902]
[58,"rs2201003","G","A","G","A",-0.00800069,0.0223405,0.636126,0.617391,false,false,false,"Ytgjfc",75170803,0.44777,0.0294288,"outcome",true,"reported","textfile",141,15,75463144,0.00133805,{"v":6.7e-10,"d":"6.70E-10"},425097,"ebi-a-GCST90012114","Total testosterone levels || id:ebi-a-GCST90012114",true,"reported","igd",2,true,"NA",{"v":2.96332e-5,"d":"2.96E-05"},12.597313]
[59,"rs2241388","C","T","C","T",-0.0108006,-0.0269737,0.721174,0.659674,false,false,false,"Ytgjfc",47069730,0.370407,0.0301143,"outcome",true,"reported","textfile",165,19,47572987,0.00143709,{"v":3.2e-14,"d":"3.20E-14"},425097,"ebi-a-GCST90012114","Total testosterone levels || id:ebi-a-GCST90012114",true,"reported","igd",2,true,"NA",{"v":4.69136e-5,"d":"4.69E-05"},19.94368754]
[60,"rs2250010","T","C","T","C",0.00968821,-0.0626975,0.809826,0.808439,false,false,false,"Ytgjfc",46800035,0.082945,0.0361609,"outcome",true,"reported","textfile",121,12,47193818,0.00164008,{"v":3.1e-9,"d":"3.10E-09"},425097,"ebi-a-GCST90012114","Total testosterone levels || id:ebi-a-GCST90012114",true,"reported","igd",2,true,"NA",{"v":2.89108e-5,"d":"2.89E-05"},12.29018707]
[61,"rs2250352","A","G","A","G",0.0188041,-0.0207014,0.245273,0.265748,false,false,false,"Ytgjfc",179304806,0.52168,0.0323077,"outcome",true,"reported","textfile",13,1,179273941,0.00149346,{"v":6.6e-37,"d":"6.60E-37"},425097,"ebi-a-GCST90012114","Total testosterone levels || id:ebi-a-GCST90012114",true,"reported","igd",2,true,"NA",0.000130911,55.65671686]
[62,"rs2256191","C","T","C","T",-0.00750751,0.0536548,0.345356,0.287792,false,false,false,"Ytgjfc",64190137,0.0897925,0.0316269,"outcome",true,"reported","textfile",130,14,64656855,0.00135349,{"v":7.4e-9,"d":"7.40E-09"},425097,"ebi-a-GCST90012114","Total testosterone levels || id:ebi-a-GCST90012114",true,"reported","igd",2,true,"NA",{"v":2.54856e-5,"d":"2.55E-05"},10.83405652]
[63,"rs2273991","C","G","C","G",-0.0128192,-0.0844291,0.102611,0.150431,false,true,false,"Ytgjfc",62012993,0.0352566,0.0401012,"outcome",true,"reported","textfile",171,20,60588049,0.00211997,{"v":3e-9,"d":"3.00E-09"},425097,"ebi-a-GCST90012114","Total testosterone levels || id:ebi-a-GCST90012114",true,"reported","igd",2,true,"NA",{"v":3.0264e-5,"d":"3.03E-05"},12.86546965]
[64,"rs2306847","T","A","T","A",0.0189427,-0.0286961,0.791144,0.803399,false,true,false,"Ytgjfc",138113847,0.425006,0.0359705,"outcome",true,"reported","textfile",81,7,137798593,0.00158342,{"v":5.2e-34,"d":"5.20E-34"},425097,"ebi-a-GCST90012114","Total testosterone levels || id:ebi-a-GCST90012114",true,"reported","igd",2,true,"NA",0.000118581,50.41430126]
[65,"rs2342307","G","A","G","A",-0.0118683,0.00426137,0.616632,0.62936,false,false,false,"Ytgjfc",196215616,0.885844,0.0296824,"outcome",true,"reported","textfile",41,3,195942487,0.00133323,{"v":4.2e-20,"d":"4.20E-20"},425097,"ebi-a-GCST90012114","Total testosterone levels || id:ebi-a-GCST90012114",true,"reported","igd",2,true,"NA",{"v":6.65961e-5,"d":"6.66E-05"},28.31156421]
[66,"rs2359776","C","A","C","A",-0.00963429,-0.0126098,0.331471,0.428813,false,false,false,"Ytgjfc",77184472,0.662673,0.0289065,"outcome",true,"reported","textfile",58,5,76480297,0.00137612,{"v":1.4e-12,"d":"1.40E-12"},425097,"ebi-a-GCST90012114","Total testosterone levels || id:ebi-a-GCST90012114",true,"reported","igd",2,true,"NA",{"v":4.11372e-5,"d":"4.11E-05"},17.48795704]
[67,"rs2571001","A","C","A","C",-0.00739034,0.0339626,0.481845,0.496099,false,false,false,"Ytgjfc",47138712,0.234964,0.028596,"outcome",true,"reported","textfile",158,18,44665083,0.00128965,{"v":1.7e-8,"d":"1.70E-08"},425097,"ebi-a-GCST90012114","Total testosterone levels || id:ebi-a-GCST90012114",true,"reported","igd",2,true,"NA",{"v":2.72726e-5,"d":"2.73E-05"},11.59374449]
[68,"rs2583949","T","C","T","C",-0.0123421,-0.128341,0.104747,0.0979014,false,false,false,"Ytgjfc",65800463,0.00965473,0.0495918,"outcome",true,"reported","textfile",119,12,66194243,0.00212058,{"v":5e-9,"d":"5.00E-09"},425097,"ebi-a-GCST90012114","Total testosterone levels || id:ebi-a-GCST90012114",true,"reported","igd",2,true,"NA",{"v":2.8569e-5,"d":"2.86E-05"},12.1448988]
[69,"rs267733","G","A","G","A",-0.0118795,-0.033288,0.161226,0.147191,false,false,false,"Ytgjfc",150986360,0.411467,0.0405301,"outcome",true,"reported","textfile",8,1,150958836,0.00174647,{"v":1.2e-12,"d":"1.20E-12"},425097,"ebi-a-GCST90012114","Total testosterone levels || id:ebi-a-GCST90012114",true,"reported","igd",2,true,"NA",{"v":3.81686e-5,"d":"3.82E-05"},16.22590512]
[70,"rs2723065","G","A","G","A",0.0105151,-0.0180808,0.374952,0.342147,false,false,false,"Ytgjfc",65052280,0.548148,0.0301077,"outcome",true,"reported","textfile",18,2,65279414,0.00132637,{"v":1.3e-14,"d":"1.30E-14"},425097,"ebi-a-GCST90012114","Total testosterone levels || id:ebi-a-GCST90012114",true,"reported","igd",2,true,"NA",{"v":5.18258e-5,"d":"5.18E-05"},22.03202215]
[71,"rs28421540","A","C","A","C",0.0108359,0.0103543,0.714548,0.657221,false,false,false,"Ytgjfc",3818842,0.731043,0.0301225,"outcome",true,"reported","textfile",159,18,3818842,0.00143216,{"v":3e-14,"d":"3.00E-14"},425097,"ebi-a-GCST90012114","Total testosterone levels || id:ebi-a-GCST90012114",true,"reported","igd",2,true,"NA",{"v":4.78988e-5,"d":"4.79E-05"},20.36250811]
[72,"rs28495625","A","C","A","C",0.0127398,-0.119646,0.148715,0.101144,false,false,false,"Ytgjfc",11797505,0.011966,0.0476079,"outcome",true,"reported","textfile",148,16,11891361,0.00181009,{"v":1.2e-12,"d":"1.20E-12"},425097,"ebi-a-GCST90012114","Total testosterone levels || id:ebi-a-GCST90012114",true,"reported","igd",2,true,"NA",{"v":4.10946e-5,"d":"4.11E-05"},17.46983555]
[73,"rs28929474","T","C","T","C",0.0399493,-0.00949892,0.02,0.0197225,false,false,false,"Ytgjfc",94378610,0.926411,0.102846,"outcome",true,"reported","textfile",128,14,94844947,0.00460163,{"v":1.1e-17,"d":"1.10E-17"},425097,"ebi-a-GCST90012114","Total testosterone levels || id:ebi-a-GCST90012114",true,"reported","igd",2,true,"NA",{"v":6.25611e-5,"d":"6.26E-05"},26.59607705]
[74,"rs2903385","A","G","A","G",0.00939408,-0.0167346,0.484539,0.441585,false,false,false,"Ytgjfc",105173270,0.560921,0.0287796,"outcome",true,"reported","textfile",42,4,106094427,0.00128845,{"v":2.1e-14,"d":"2.10E-14"},425097,"ebi-a-GCST90012114","Total testosterone levels || id:ebi-a-GCST90012114",true,"reported","igd",2,true,"NA",{"v":4.40822e-5,"d":"4.41E-05"},18.73994003]
[75,"rs34060476","G","A","G","A",0.0197945,-0.0766854,0.133669,0.131934,false,false,false,"Ytgjfc",73623626,0.068661,0.0421198,"outcome",true,"reported","textfile",71,7,73037956,0.0018896,{"v":5.3e-26,"d":"5.30E-26"},425097,"ebi-a-GCST90012114","Total testosterone levels || id:ebi-a-GCST90012114",true,"reported","igd",2,true,"NA",{"v":9.07473e-5,"d":"9.07E-05"},38.57971648]
[76,"rs34632394","CAT","C","CAT","C",0.00761219,-0.0420432,0.537623,0.49533,false,false,false,"Ytgjfc",143440335,0.140999,0.0285604,"outcome",true,"reported","textfile",52,5,142819900,0.00131083,{"v":9.3e-10,"d":"9.30E-10"},425097,"ebi-a-GCST90012114","Total testosterone levels || id:ebi-a-GCST90012114",true,"reported","igd",2,true,"NA",{"v":2.88087e-5,"d":"2.88E-05"},12.2467769]
[77,"rs34955534","A","G","A","G",-0.0147669,0.0101352,0.099317,0.108937,false,false,false,"Ytgjfc",80798114,0.826291,0.0461822,"outcome",true,"reported","textfile",89,8,81710349,0.0022096,{"v":6.5e-12,"d":"6.50E-12"},425097,"ebi-a-GCST90012114","Total testosterone levels || id:ebi-a-GCST90012114",true,"reported","igd",2,true,"NA",{"v":3.90125e-5,"d":"3.90E-05"},16.5846825]
[78,"rs35222808","A","C","A","C",-0.00907747,-0.00619225,0.252148,0.321749,false,false,false,"Ytgjfc",76967468,0.841944,0.0310532,"outcome",true,"reported","textfile",84,8,77879704,0.00146955,{"v":5.7e-10,"d":"5.70E-10"},425097,"ebi-a-GCST90012114","Total testosterone levels || id:ebi-a-GCST90012114",true,"reported","igd",2,true,"NA",{"v":3.10764e-5,"d":"3.11E-05"},13.21083659]
[79,"rs35783704","A","G","A","G",0.0200758,-0.0388121,0.10108,0.154928,false,false,false,"Ytgjfc",104954030,0.327152,0.0396096,"outcome",true,"reported","textfile",90,8,105966258,0.00215659,{"v":2.6e-20,"d":"2.60E-20"},425097,"ebi-a-GCST90012114","Total testosterone levels || id:ebi-a-GCST90012114",true,"reported","igd",2,true,"NA",{"v":7.32423e-5,"d":"7.32E-05"},31.13721745]
[80,"rs35816571","G","C","G","C",-0.0140933,-0.0134856,0.170715,0.203379,false,true,false,"Ytgjfc",85010891,0.704711,0.035585,"outcome",true,"reported","textfile",134,15,85554122,0.00171047,{"v":1.4e-16,"d":"1.40E-16"},425097,"ebi-a-GCST90012114","Total testosterone levels || id:ebi-a-GCST90012114",true,"reported","igd",2,true,"NA",{"v":5.62381e-5,"d":"5.62E-05"},23.90789297]
[81,"rs36032941","A","C","A","C",-0.0225548,0.01747,0.295733,0.294708,false,false,false,"Ytgjfc",5020560,0.579461,0.0315245,"outcome",true,"reported","textfile",101,10,5062752,0.00142233,{"v":5e-56,"d":"5.00E-56"},425097,"ebi-a-GCST90012114","Total testosterone levels || id:ebi-a-GCST90012114",true,"reported","igd",2,true,"NA",0.000211907,90.09965355]
[82,"rs36182456","A","G","A","G",0.0184446,-0.0427249,0.779383,0.834529,false,false,false,"Ytgjfc",118846786,0.267399,0.0385231,"outcome",true,"reported","textfile",63,6,119167949,0.00154918,{"v":2.1e-33,"d":"2.10E-33"},425097,"ebi-a-GCST90012114","Total testosterone levels || id:ebi-a-GCST90012114",true,"reported","igd",2,true,"NA",0.000116993,49.7387871]
[83,"rs370222","A","G","A","G",-0.0100454,0.0318439,0.303221,0.275311,false,false,false,"Ytgjfc",4107695,0.322635,0.0321963,"outcome",true,"reported","textfile",147,16,4157696,0.00141209,{"v":3.1e-12,"d":"3.10E-12"},425097,"ebi-a-GCST90012114","Total testosterone levels || id:ebi-a-GCST90012114",true,"reported","igd",2,true,"NA",{"v":4.26402e-5,"d":"4.26E-05"},18.12689042]
[84,"rs3767844","G","A","G","A",0.0081603,0.035012,0.287266,0.310175,false,false,false,"Ytgjfc",214007378,0.256494,0.0308553,"outcome",true,"reported","textfile",5,1,214180721,0.00142632,{"v":5.5e-9,"d":"5.50E-09"},425097,"ebi-a-GCST90012114","Total testosterone levels || id:ebi-a-GCST90012114",true,"reported","igd",2,true,"NA",{"v":2.7268e-5,"d":"2.73E-05"},11.59182428]
[85,"rs3790604","A","C","A","C",0.0198755,-0.0269161,0.073634,0.171215,false,false,false,"Ytgjfc",112504257,0.479181,0.0380375,"outcome",true,"reported","textfile",7,1,113046879,0.00246763,{"v":2.6e-15,"d":"2.60E-15"},425097,"ebi-a-GCST90012114","Total testosterone levels || id:ebi-a-GCST90012114",true,"reported","igd",2,true,"NA",{"v":5.38923e-5,"d":"5.39E-05"},22.91060322]
[86,"rs41284816","T","G","T","G",0.0260423,0.107131,0.019113,0.0199124,false,false,false,"Ytgjfc",50081853,0.292145,0.101698,"outcome",true,"reported","textfile",126,13,50655989,0.00479925,{"v":1.5e-8,"d":"1.50E-08"},425097,"ebi-a-GCST90012114","Total testosterone levels || id:ebi-a-GCST90012114",true,"reported","igd",2,true,"NA",{"v":2.54294e-5,"d":"2.54E-05"},10.81019555]
[87,"rs445","T","C","T","C",-0.0118382,0.044365,0.094895,0.0587979,false,false,false,"Ytgjfc",92779056,0.469785,0.0613769,"outcome",true,"reported","textfile",72,7,92408370,0.0021897,{"v":1.2e-8,"d":"1.20E-08"},425097,"ebi-a-GCST90012114","Total testosterone levels || id:ebi-a-GCST90012114",true,"reported","igd",2,true,"NA",{"v":2.40737e-5,"d":"2.41E-05"},10.23387452]
[88,"rs4453027","T","G","T","G",-0.0101731,0.0168164,0.42481,0.456832,false,false,false,"Ytgjfc",40987781,0.559997,0.0288522,"outcome",true,"reported","textfile",6,1,41453453,0.00131571,{"v":5.5e-15,"d":"5.50E-15"},425097,"ebi-a-GCST90012114","Total testosterone levels || id:ebi-a-GCST90012114",true,"reported","igd",2,true,"NA",{"v":5.05758e-5,"d":"5.06E-05"},21.50060316]
[89,"rs45446698","G","T","G","T",-0.120075,0.104477,0.04215,0.0518255,false,false,false,"Ytgjfc",99735325,0.103786,0.0642233,"outcome",true,"reported","textfile",75,7,99332948,0.00319886,{"v":1e-200,"d":"1.00E-200"},425097,"ebi-a-GCST90012114","Total testosterone levels || id:ebi-a-GCST90012114",true,"reported","igd",2,true,"NA",0.001164207,495.4754821]
[90,"rs4632729","G","A","G","A",-0.0148349,-0.000319771,0.45495,0.567381,false,false,false,"Ytgjfc",69080286,0.991159,0.0288596,"outcome",true,"reported","textfile",44,4,69946004,0.00128974,{"v":2.1e-30,"d":"2.10E-30"},425097,"ebi-a-GCST90012114","Total testosterone levels || id:ebi-a-GCST90012114",true,"reported","igd",2,true,"NA",0.000109144,46.40156787]
[91,"rs4678408","G","A","G","A",0.00937888,0.00699752,0.629475,0.637516,false,false,false,"Ytgjfc",138334345,0.814369,0.0298028,"outcome",true,"reported","textfile",35,3,138053187,0.00134017,{"v":5.9e-12,"d":"5.90E-12"},425097,"ebi-a-GCST90012114","Total testosterone levels || id:ebi-a-GCST90012114",true,"reported","igd",2,true,"NA",{"v":4.10325e-5,"d":"4.10E-05"},17.44342547]
[92,"rs4725944","C","G","C","G",0.00727243,0.0128192,0.390093,0.348766,false,true,false,"Ytgjfc",150779585,0.668889,0.0299742,"outcome",true,"reported","textfile",82,7,150476673,0.00131882,{"v":4.6e-8,"d":"4.60E-08"},425097,"ebi-a-GCST90012114","Total testosterone levels || id:ebi-a-GCST90012114",true,"reported","igd",2,true,"NA",{"v":2.51664e-5,"d":"2.52E-05"},10.69837451]
[93,"rs4775935","G","T","G","T",-0.0116532,0.00170647,0.649113,0.652187,false,false,false,"Ytgjfc",51227079,0.95464,0.0300005,"outcome",true,"reported","textfile",143,15,51519276,0.00134759,{"v":3.9e-18,"d":"3.90E-18"},425097,"ebi-a-GCST90012114","Total testosterone levels || id:ebi-a-GCST90012114",true,"reported","igd",2,true,"NA",{"v":6.18597e-5,"d":"6.19E-05"},26.29788636]
[94,"rs4790820","C","T","C","T",0.0084947,0.0114134,0.216791,0.219886,false,false,false,"Ytgjfc",1750438,0.742403,0.0347256,"outcome",true,"reported","textfile",152,17,1653732,0.00156755,{"v":4.3e-8,"d":"4.30E-08"},425097,"ebi-a-GCST90012114","Total testosterone levels || id:ebi-a-GCST90012114",true,"reported","igd",2,true,"NA",{"v":2.45045e-5,"d":"2.45E-05"},10.41697554]
[95,"rs4912377","A","C","A","C",-0.00763583,0.0574648,0.513212,0.534632,false,false,false,"Ytgjfc",56549449,0.0448363,0.0286438,"outcome",true,"reported","textfile",1,1,57015121,0.00128977,{"v":1.4e-9,"d":"1.40E-09"},425097,"ebi-a-GCST90012114","Total testosterone levels || id:ebi-a-GCST90012114",true,"reported","igd",2,true,"NA",{"v":2.91326e-5,"d":"2.91E-05"},12.38448105]
[96,"rs4961485","C","T","C","T",-0.0157393,-0.0982875,0.066557,0.0407688,false,false,false,"Ytgjfc",16360891,0.175065,0.0724777,"outcome",true,"reported","textfile",93,9,16360889,0.00258242,{"v":5.9e-10,"d":"5.90E-10"},425097,"ebi-a-GCST90012114","Total testosterone levels || id:ebi-a-GCST90012114",true,"reported","igd",2,true,"NA",{"v":3.0781e-5,"d":"3.08E-05"},13.08524109]
[97,"rs520829","G","T","G","T",0.0100721,0.0675001,0.475492,0.496831,false,false,false,"Ytgjfc",160346873,0.0181276,0.0285654,"outcome",true,"reported","textfile",64,6,160767905,0.00128977,{"v":2.2e-16,"d":"2.20E-16"},425097,"ebi-a-GCST90012114","Total testosterone levels || id:ebi-a-GCST90012114",true,"reported","igd",2,true,"NA",{"v":5.06017e-5,"d":"5.06E-05"},21.51163192]
[98,"rs55707100","T","C","T","C",-0.0269106,0.106287,0.02538,0.00536663,false,false,false,"Ytgjfc",43528519,0.583881,0.194052,"outcome",true,"reported","textfile",139,15,43820717,0.00408708,{"v":7.7e-12,"d":"7.70E-12"},425097,"ebi-a-GCST90012114","Total testosterone levels || id:ebi-a-GCST90012114",true,"reported","igd",2,true,"NA",{"v":3.58264e-5,"d":"3.58E-05"},15.23018753]
[99,"rs55707502","T","C","T","C",0.0102629,0.0609739,0.188822,0.134103,false,false,false,"Ytgjfc",128397646,0.14696,0.0420407,"outcome",true,"reported","textfile",118,11,128267541,0.00165543,{"v":1.6e-10,"d":"1.60E-10"},425097,"ebi-a-GCST90012114","Total testosterone levels || id:ebi-a-GCST90012114",true,"reported","igd",2,true,"NA",{"v":3.22655e-5,"d":"3.23E-05"},13.71636258]
[100,"rs56028970","C","T","C","T",0.0153384,0.1091,0.089014,0.0556786,false,false,false,"Ytgjfc",123551247,0.0819823,0.0627268,"outcome",true,"reported","textfile",113,11,123421955,0.00226215,{"v":6.8e-12,"d":"6.80E-12"},425097,"ebi-a-GCST90012114","Total testosterone levels || id:ebi-a-GCST90012114",true,"reported","igd",2,true,"NA",{"v":3.81558e-5,"d":"3.82E-05"},16.22044267]
[101,"rs56117787","G","A","G","A",0.0126732,0.0176913,0.199475,0.212987,false,false,false,"Ytgjfc",177289615,0.616263,0.0353012,"outcome",true,"reported","textfile",30,2,178154343,0.0016125,{"v":1.9e-14,"d":"1.90E-14"},425097,"ebi-a-GCST90012114","Total testosterone levels || id:ebi-a-GCST90012114",true,"reported","igd",2,true,"NA",{"v":5.12939e-5,"d":"5.13E-05"},21.80591024]
[102,"rs56196860","A","C","A","C",0.0644544,-0.233534,0.031409,0.0127391,false,false,false,"Ytgjfc",2799164,0.0727947,0.130167,"outcome",true,"reported","textfile",120,12,2908330,0.00368455,{"v":7.2e-71,"d":"7.20E-71"},425097,"ebi-a-GCST90012114","Total testosterone levels || id:ebi-a-GCST90012114",true,"reported","igd",2,true,"NA",0.000252772,107.4794568]
[103,"rs56271032","G","A","G","A",0.0110385,0.0410485,0.131219,0.105189,false,false,false,"Ytgjfc",172436420,0.380404,0.0467975,"outcome",true,"reported","textfile",37,3,172154210,0.00192725,{"v":3.6e-9,"d":"3.60E-09"},425097,"ebi-a-GCST90012114","Total testosterone levels || id:ebi-a-GCST90012114",true,"reported","igd",2,true,"NA",{"v":2.77816e-5,"d":"2.78E-05"},11.81014474]
[104,"rs56332871","A","C","A","C",0.0172791,0.0598836,0.272698,0.290683,false,false,false,"Ytgjfc",96171587,0.0578282,0.0315675,"outcome",true,"reported","textfile",138,15,96714816,0.00145087,{"v":3.5e-34,"d":"3.50E-34"},425097,"ebi-a-GCST90012114","Total testosterone levels || id:ebi-a-GCST90012114",true,"reported","igd",2,true,"NA",0.000118432,50.35080294]
[105,"rs57108174","C","T","C","T",-0.0103746,-0.0362051,0.223721,0.185546,false,false,false,"Ytgjfc",111826204,0.325445,0.0368189,"outcome",true,"reported","textfile",94,9,114588484,0.00154816,{"v":1.1e-11,"d":"1.10E-11"},425097,"ebi-a-GCST90012114","Total testosterone levels || id:ebi-a-GCST90012114",true,"reported","igd",2,true,"NA",{"v":3.7385e-5,"d":"3.74E-05"},15.8927679]
[106,"rs5752773","C","G","C","G",-0.0108792,-0.033764,0.673405,0.744132,false,true,false,"Ytgjfc",28709427,0.302952,0.0327766,"outcome",true,"reported","textfile",179,22,29105415,0.00137246,{"v":2.2e-14,"d":"2.20E-14"},425097,"ebi-a-GCST90012114","Total testosterone levels || id:ebi-a-GCST90012114",true,"reported","igd",2,true,"NA",{"v":5.20607e-5,"d":"5.21E-05"},22.13188437]
[107,"rs57615517","A","G","A","G",-0.00804383,-0.0287345,0.315013,0.369916,false,false,false,"Ytgjfc",52288401,0.330966,0.0295571,"outcome",true,"reported","textfile",33,3,52322417,0.00138589,{"v":4.7e-10,"d":"4.70E-10"},425097,"ebi-a-GCST90012114","Total testosterone levels || id:ebi-a-GCST90012114",true,"reported","igd",2,true,"NA",{"v":2.79233e-5,"d":"2.79E-05"},11.87038193]
[108,"rs5763599","T","G","T","G",-0.0247713,-0.0646479,0.022152,0.0331218,false,false,false,"Ytgjfc",29913726,0.415106,0.0793282,"outcome",true,"reported","textfile",176,22,30309715,0.00438722,{"v":3.8e-8,"d":"3.80E-08"},425097,"ebi-a-GCST90012114","Total testosterone levels || id:ebi-a-GCST90012114",true,"reported","igd",2,true,"NA",{"v":2.65835e-5,"d":"2.66E-05"},11.30080628]
[109,"rs58839393","T","A","T","A",-0.0157925,0.00354043,0.161374,0.161254,false,true,false,"Ytgjfc",43263480,0.927349,0.038829,"outcome",true,"reported","textfile",16,2,43490619,0.00175803,{"v":3.9e-19,"d":"3.90E-19"},425097,"ebi-a-GCST90012114","Total testosterone levels || id:ebi-a-GCST90012114",true,"reported","igd",2,true,"NA",{"v":6.75046e-5,"d":"6.75E-05"},28.69782403]
[110,"rs590097","G","T","G","T",0.0192827,-0.0423747,0.646578,0.615161,false,false,false,"Ytgjfc",111176530,0.148833,0.0293522,"outcome",true,"reported","textfile",23,2,111934107,0.00134582,{"v":3.8e-48,"d":"3.80E-48"},425097,"ebi-a-GCST90012114","Total testosterone levels || id:ebi-a-GCST90012114",true,"reported","igd",2,true,"NA",0.000169934,72.25035627]
[111,"rs59781317","G","A","G","A",-0.00949673,0.043663,0.249441,0.27464,false,false,false,"Ytgjfc",156046565,0.173648,0.0320915,"outcome",true,"reported","textfile",4,1,156016356,0.00149303,{"v":6.4e-10,"d":"6.40E-10"},425097,"ebi-a-GCST90012114","Total testosterone levels || id:ebi-a-GCST90012114",true,"reported","igd",2,true,"NA",{"v":3.377e-5,"d":"3.38E-05"},14.35593609]
[112,"rs6130613","T","C","T","C",0.0105361,0.00271576,0.469842,0.414959,false,false,false,"Ytgjfc",44425801,0.925819,0.0291685,"outcome",true,"reported","textfile",172,20,43054441,0.00131346,{"v":2.9e-15,"d":"2.90E-15"},425097,"ebi-a-GCST90012114","Total testosterone levels || id:ebi-a-GCST90012114",true,"reported","igd",2,true,"NA",{"v":5.53028e-5,"d":"5.53E-05"},23.51023306]
[113,"rs61823391","C","T","C","T",-0.0110331,-0.0681345,0.317121,0.336414,false,false,false,"Ytgjfc",218368650,0.023608,0.0301021,"outcome",true,"reported","textfile",11,1,218541992,0.00138102,{"v":4.2e-16,"d":"4.20E-16"},425097,"ebi-a-GCST90012114","Total testosterone levels || id:ebi-a-GCST90012114",true,"reported","igd",2,true,"NA",{"v":5.27222e-5,"d":"5.27E-05"},22.41314283]
[114,"rs62115715","C","T","C","T",0.0295327,-0.01597,0.027788,0.0943529,false,false,false,"Ytgjfc",12391737,0.745334,0.049169,"outcome",true,"reported","textfile",26,2,12531863,0.00394106,{"v":8.3e-14,"d":"8.30E-14"},425097,"ebi-a-GCST90012114","Total testosterone levels || id:ebi-a-GCST90012114",true,"reported","igd",2,true,"NA",{"v":4.71253e-5,"d":"4.71E-05"},20.03369392]
[115,"rs62231815","C","T","C","T",-0.0152825,-0.0109358,0.101836,0.0564702,false,false,false,"Ytgjfc",14379380,0.85999,0.0619989,"outcome",true,"reported","textfile",39,3,14420880,0.00213435,{"v":1.8e-13,"d":"1.80E-13"},425097,"ebi-a-GCST90012114","Total testosterone levels || id:ebi-a-GCST90012114",true,"reported","igd",2,true,"NA",{"v":4.27244e-5,"d":"4.27E-05"},18.16269679]
[116,"rs62394296","T","C","T","C",0.01233,-0.0368487,0.116613,0.138271,false,false,false,"Ytgjfc",25870153,0.372424,0.0413129,"outcome",true,"reported","textfile",68,6,25870381,0.00200352,{"v":4.2e-10,"d":"4.20E-10"},425097,"ebi-a-GCST90012114","Total testosterone levels || id:ebi-a-GCST90012114",true,"reported","igd",2,true,"NA",{"v":3.13223e-5,"d":"3.13E-05"},13.31538478]
[117,"rs6462989","C","A","C","A",-0.00798825,-0.0262314,0.340577,0.402962,false,false,false,"Ytgjfc",40830155,0.368741,0.0291838,"outcome",true,"reported","textfile",79,7,40869754,0.00135837,{"v":1.5e-9,"d":"1.50E-09"},425097,"ebi-a-GCST90012114","Total testosterone levels || id:ebi-a-GCST90012114",true,"reported","igd",2,true,"NA",{"v":2.86624e-5,"d":"2.87E-05"},12.18459626]
[118,"rs6471583","A","G","A","G",-0.0113891,-0.0240928,0.556907,0.617885,false,false,false,"Ytgjfc",142909676,0.412849,0.0294213,"outcome",true,"reported","textfile",88,8,143991092,0.00129558,{"v":1.1e-19,"d":"1.10E-19"},425097,"ebi-a-GCST90012114","Total testosterone levels || id:ebi-a-GCST90012114",true,"reported","igd",2,true,"NA",{"v":6.40157e-5,"d":"6.40E-05"},27.21448832]
[119,"rs6847587","G","A","G","A",0.0081187,0.045044,0.538727,0.482905,false,false,false,"Ytgjfc",102669707,0.11513,0.0285894,"outcome",true,"reported","textfile",45,4,103590864,0.00129232,{"v":4.9e-11,"d":"4.90E-11"},425097,"ebi-a-GCST90012114","Total testosterone levels || id:ebi-a-GCST90012114",true,"reported","igd",2,true,"NA",{"v":3.27589e-5,"d":"3.28E-05"},13.92611521]
[120,"rs6939861","A","G","A","G",-0.00864192,-0.0304412,0.261777,0.261081,false,false,false,"Ytgjfc",41735303,0.352151,0.0327175,"outcome",true,"reported","textfile",69,6,41703041,0.00148096,{"v":3.4e-9,"d":"3.40E-09"},425097,"ebi-a-GCST90012114","Total testosterone levels || id:ebi-a-GCST90012114",true,"reported","igd",2,true,"NA",{"v":2.88649e-5,"d":"2.89E-05"},12.27066416]
[121,"rs6951286","C","T","C","T",0.0108698,-0.0301291,0.737582,0.775823,false,false,false,"Ytgjfc",98309910,0.382241,0.0344815,"outcome",true,"reported","textfile",83,7,97939222,0.00145952,{"v":8.3e-14,"d":"8.30E-14"},425097,"ebi-a-GCST90012114","Total testosterone levels || id:ebi-a-GCST90012114",true,"reported","igd",2,true,"NA",{"v":4.5738e-5,"d":"4.57E-05"},19.4438783]
[122,"rs698270","G","A","G","A",-0.00860831,-0.0693326,0.767357,0.85778,false,false,false,"Ytgjfc",136390670,0.0884627,0.0406985,"outcome",true,"reported","textfile",34,3,136109512,0.00152138,{"v":3.8e-9,"d":"3.80E-09"},425097,"ebi-a-GCST90012114","Total testosterone levels || id:ebi-a-GCST90012114",true,"reported","igd",2,true,"NA",{"v":2.64578e-5,"d":"2.65E-05"},11.24736343]
[123,"rs7183977","C","T","C","T",0.021492,-0.00187639,0.347321,0.366072,false,false,false,"Ytgjfc",40084891,0.949606,0.0296892,"outcome",true,"reported","textfile",136,15,40377092,0.0013597,{"v":3.1e-57,"d":"3.10E-57"},425097,"ebi-a-GCST90012114","Total testosterone levels || id:ebi-a-GCST90012114",true,"reported","igd",2,true,"NA",0.000209418,89.04126004]
[124,"rs72660136","C","T","C","T",-0.0212318,0.101929,0.034235,0.0160034,false,false,false,"Ytgjfc",109307959,0.380928,0.116333,"outcome",true,"reported","textfile",124,13,109960307,0.00353751,{"v":8.5e-10,"d":"8.50E-10"},425097,"ebi-a-GCST90012114","Total testosterone levels || id:ebi-a-GCST90012114",true,"reported","igd",2,true,"NA",{"v":2.98089e-5,"d":"2.98E-05"},12.67197659]
[125,"rs72961013","A","G","A","G",-0.014537,0.0952741,0.066225,0.0677467,false,false,false,"Ytgjfc",127208635,0.1009,0.058076,"outcome",true,"reported","textfile",67,6,127529780,0.00258581,{"v":2.1e-8,"d":"2.10E-08"},425097,"ebi-a-GCST90012114","Total testosterone levels || id:ebi-a-GCST90012114",true,"reported","igd",2,true,"NA",{"v":2.61363e-5,"d":"2.61E-05"},11.11069264]
[126,"rs73075656","T","G","T","G",-0.0147509,0.0136537,0.132959,0.0719703,false,false,false,"Ytgjfc",41064456,0.806207,0.0556561,"outcome",true,"reported","textfile",32,3,41105947,0.00190594,{"v":2.1e-15,"d":"2.10E-15"},425097,"ebi-a-GCST90012114","Total testosterone levels || id:ebi-a-GCST90012114",true,"reported","igd",2,true,"NA",{"v":5.01677e-5,"d":"5.02E-05"},21.32711903]
[127,"rs73200740","A","C","A","C",0.00921089,-0.0235405,0.235927,0.232237,false,false,false,"Ytgjfc",10769801,0.488543,0.0339872,"outcome",true,"reported","textfile",85,8,10627311,0.00151554,{"v":1.8e-9,"d":"1.80E-09"},425097,"ebi-a-GCST90012114","Total testosterone levels || id:ebi-a-GCST90012114",true,"reported","igd",2,true,"NA",{"v":3.05876e-5,"d":"3.06E-05"},13.00304205]
[128,"rs733190","C","T","C","T",-0.00773479,0.0437928,0.474437,0.461166,false,false,false,"Ytgjfc",172126086,0.125522,0.0285853,"outcome",true,"reported","textfile",10,1,172095226,0.00128895,{"v":1.6e-9,"d":"1.60E-09"},425097,"ebi-a-GCST90012114","Total testosterone levels || id:ebi-a-GCST90012114",true,"reported","igd",2,true,"NA",{"v":2.98353e-5,"d":"2.98E-05"},12.68321452]
[129,"rs73340354","C","T","C","T",0.00947336,-0.0423431,0.226627,0.217103,false,false,false,"Ytgjfc",49242952,0.222836,0.0347353,"outcome",true,"reported","textfile",150,17,47320314,0.00154185,{"v":4.9e-10,"d":"4.90E-10"},425097,"ebi-a-GCST90012114","Total testosterone levels || id:ebi-a-GCST90012114",true,"reported","igd",2,true,"NA",{"v":3.14586e-5,"d":"3.15E-05"},13.37329403]
[130,"rs738409","G","C","G","C",0.0147054,-0.0186736,0.21646,0.22693,false,true,false,"Ytgjfc",43928847,0.584187,0.0341207,"outcome",true,"reported","textfile",180,22,44324727,0.00156094,{"v":7.4e-21,"d":"7.40E-21"},425097,"ebi-a-GCST90012114","Total testosterone levels || id:ebi-a-GCST90012114",true,"reported","igd",2,true,"NA",{"v":7.33538e-5,"d":"7.34E-05"},31.18461319]
[131,"rs7574528","A","G","A","G",0.00827368,-0.072957,0.746138,0.687212,false,false,false,"Ytgjfc",43057294,0.0181326,0.030876,"outcome",true,"reported","textfile",22,2,43284432,0.00148395,{"v":1.3e-8,"d":"1.30E-08"},425097,"ebi-a-GCST90012114","Total testosterone levels || id:ebi-a-GCST90012114",true,"reported","igd",2,true,"NA",{"v":2.59325e-5,"d":"2.59E-05"},11.02405954]
[132,"rs759068","A","G","A","G",0.0114466,-0.000322821,0.294135,0.372374,false,false,false,"Ytgjfc",2792568,0.991292,0.0295771,"outcome",true,"reported","textfile",163,19,2792566,0.0014137,{"v":5.2e-16,"d":"5.20E-16"},425097,"ebi-a-GCST90012114","Total testosterone levels || id:ebi-a-GCST90012114",true,"reported","igd",2,true,"NA",{"v":5.44066e-5,"d":"5.44E-05"},23.12922009]
[133,"rs7618363","G","C","G","C",-0.0116041,-0.0286087,0.159052,0.118763,false,true,false,"Ytgjfc",10503441,0.519188,0.0443823,"outcome",true,"reported","textfile",38,3,10545125,0.00175913,{"v":1.3e-10,"d":"1.30E-10"},425097,"ebi-a-GCST90012114","Total testosterone levels || id:ebi-a-GCST90012114",true,"reported","igd",2,true,"NA",{"v":3.60215e-5,"d":"3.60E-05"},15.31309013]
[134,"rs77017252","A","T","A","T",-0.0104464,0.0428765,0.243979,0.170406,false,true,false,"Ytgjfc",7218911,0.259702,0.0380416,"outcome",true,"reported","textfile",164,19,7218922,0.00150601,{"v":4.8e-12,"d":"4.80E-12"},425097,"ebi-a-GCST90012114","Total testosterone levels || id:ebi-a-GCST90012114",true,"reported","igd",2,true,"NA",{"v":4.02578e-5,"d":"4.03E-05"},17.11406137]
[135,"rs7759938","T","C","T","C",0.00999899,0.0195647,0.677632,0.686077,false,false,false,"Ytgjfc",104931079,0.524934,0.0307739,"outcome",true,"reported","textfile",66,6,105378954,0.00137665,{"v":1.7e-13,"d":"1.70E-13"},425097,"ebi-a-GCST90012114","Total testosterone levels || id:ebi-a-GCST90012114",true,"reported","igd",2,true,"NA",{"v":4.36805e-5,"d":"4.37E-05"},18.56919439]
[136,"rs78248023","A","C","A","C",0.0192124,-0.0104698,0.077892,0.140536,false,false,false,"Ytgjfc",49011914,0.798677,0.0410486,"outcome",true,"reported","textfile",166,19,49515171,0.00240541,{"v":1.6e-16,"d":"1.60E-16"},425097,"ebi-a-GCST90012114","Total testosterone levels || id:ebi-a-GCST90012114",true,"reported","igd",2,true,"NA",{"v":5.30234e-5,"d":"5.30E-05"},22.54119344]
[137,"rs784420","G","A","G","A",0.0129787,-0.0476741,0.288392,0.290194,false,false,false,"Ytgjfc",78691701,0.13159,0.031617,"outcome",true,"reported","textfile",59,5,77987524,0.00141823,{"v":3.2e-21,"d":"3.20E-21"},425097,"ebi-a-GCST90012114","Total testosterone levels || id:ebi-a-GCST90012114",true,"reported","igd",2,true,"NA",{"v":6.91379e-5,"d":"6.91E-05"},29.39222329]
[138,"rs78744936","A","G","A","G",0.0539805,0.0395863,0.267403,0.235951,false,false,false,"Ytgjfc",7558026,0.240204,0.0337055,"outcome",true,"reported","textfile",153,17,7461343,0.00145968,{"v":1e-200,"d":"1.00E-200"},425097,"ebi-a-GCST90012114","Total testosterone levels || id:ebi-a-GCST90012114",true,"reported","igd",2,true,"NA",0.001141656,485.8668934]
[139,"rs79384925","A","C","A","C",-0.0255801,0.0172405,0.136615,0.153727,false,false,false,"Ytgjfc",74271383,0.663971,0.0396848,"outcome",true,"reported","textfile",161,18,71938618,0.00187278,{"v":2e-41,"d":"2.00E-41"},425097,"ebi-a-GCST90012114","Total testosterone levels || id:ebi-a-GCST90012114",true,"reported","igd",2,true,"NA",0.000154361,65.62818554]
[140,"rs79391862","C","A","C","A",-0.0407221,-0.0406971,0.013954,0.0320617,false,false,false,"Ytgjfc",53447229,0.616516,0.081265,"outcome",true,"reported","textfile",144,15,53739426,0.00557431,{"v":2.4e-14,"d":"2.40E-14"},425097,"ebi-a-GCST90012114","Total testosterone levels || id:ebi-a-GCST90012114",true,"reported","igd",2,true,"NA",{"v":4.56338e-5,"d":"4.56E-05"},19.39956706]
[141,"rs8126001","T","C","T","C",0.00953407,0.0737965,0.490077,0.521605,false,false,false,"Ytgjfc",64080106,0.0105041,0.0288406,"outcome",true,"reported","textfile",173,20,62711459,0.00129175,{"v":2.3e-14,"d":"2.30E-14"},425097,"ebi-a-GCST90012114","Total testosterone levels || id:ebi-a-GCST90012114",true,"reported","igd",2,true,"NA",{"v":4.54313e-5,"d":"4.54E-05"},19.31351486]
[142,"rs881301","C","T","C","T",-0.0081257,0.0150782,0.412933,0.433515,false,false,false,"Ytgjfc",38474800,0.600472,0.0287906,"outcome",true,"reported","textfile",86,8,38332318,0.00130258,{"v":6.4e-10,"d":"6.40E-10"},425097,"ebi-a-GCST90012114","Total testosterone levels || id:ebi-a-GCST90012114",true,"reported","igd",2,true,"NA",{"v":3.20124e-5,"d":"3.20E-05"},13.60876529]
[143,"rs9272309","G","A","G","A",-0.0128993,0.30152,0.379901,0.233743,false,false,false,"Ytgjfc",32636159,{"v":2.1e-21,"d":"2.10E-21"},0.0317384,"outcome",true,"reported","textfile",61,6,32603936,0.00133283,{"v":1.1e-19,"d":"1.10E-19"},425097,"ebi-a-GCST90012114","Total testosterone levels || id:ebi-a-GCST90012114",true,"reported","igd",2,true,"NA",{"v":7.8396e-5,"d":"7.84E-05"},33.32834859]
[144,"rs941446","T","C","T","C",0.00843126,0.0149075,0.632345,0.566649,false,false,false,"Ytgjfc",17776959,0.605641,0.0288734,"outcome",true,"reported","textfile",154,17,17680273,0.00133551,{"v":3.5e-10,"d":"3.50E-10"},425097,"ebi-a-GCST90012114","Total testosterone levels || id:ebi-a-GCST90012114",true,"reported","igd",2,true,"NA",{"v":3.30529e-5,"d":"3.31E-05"},14.05108552]
[145,"rs9509847","A","C","A","C",-0.0200719,0.0165331,0.371959,0.393423,false,false,false,"Ytgjfc",21744175,0.572754,0.0293139,"outcome",true,"reported","textfile",125,13,22318314,0.00133617,{"v":1.6e-52,"d":"1.60E-52"},425097,"ebi-a-GCST90012114","Total testosterone levels || id:ebi-a-GCST90012114",true,"reported","igd",2,true,"NA",0.000188231,80.03091546]
[146,"rs9543012","C","T","C","T",0.00806298,0.00545046,0.352587,0.370268,false,false,false,"Ytgjfc",72598510,0.853916,0.0296021,"outcome",true,"reported","textfile",127,13,73172648,0.00134861,{"v":2.6e-10,"d":"2.60E-10"},425097,"ebi-a-GCST90012114","Total testosterone levels || id:ebi-a-GCST90012114",true,"reported","igd",2,true,"NA",{"v":2.96803e-5,"d":"2.97E-05"},12.61733863]
[147,"rs9638084","G","A","G","A",0.00725485,-0.0242948,0.60362,0.526055,false,false,false,"Ytgjfc",156519051,0.394674,0.0285428,"outcome",true,"reported","textfile",76,7,156311745,0.00131376,{"v":1.6e-8,"d":"1.60E-08"},425097,"ebi-a-GCST90012114","Total testosterone levels || id:ebi-a-GCST90012114",true,"reported","igd",2,true,"NA",{"v":2.51862e-5,"d":"2.52E-05"},10.70678693]
[148,"rs9686661","T","C","T","C",-0.012459,0.0309793,0.200299,0.13414,false,false,false,"Ytgjfc",56565959,0.460391,0.0419659,"outcome",true,"reported","textfile",57,5,55861786,0.00160491,{"v":1.3e-14,"d":"1.30E-14"},425097,"ebi-a-GCST90012114","Total testosterone levels || id:ebi-a-GCST90012114",true,"reported","igd",2,true,"NA",{"v":4.97282e-5,"d":"4.97E-05"},21.14026278]
[149,"rs9913470","G","A","G","A",-0.0138148,-0.0364825,0.196796,0.35503,false,false,false,"Ytgjfc",31239557,0.222674,0.0299172,"outcome",true,"reported","textfile",149,17,29566575,0.00174864,{"v":5.3e-15,"d":"5.30E-15"},425097,"ebi-a-GCST90012114","Total testosterone levels || id:ebi-a-GCST90012114",true,"reported","igd",2,true,"NA",{"v":6.03339e-5,"d":"6.03E-05"},25.64918259]

{"sheet":"TT(males)","index":7,"n_rows":147,"n_cols":37,"rows_kept":147}
[null,"SNP","effect_allele.exposure","other_allele.exposure","effect_allele.outcome","other_allele.outcome","beta.exposure","beta.outcome","eaf.exposure","eaf.outcome","remove","palindromic","ambiguous","id.outcome","pos.outcome","pval.outcome","se.outcome","outcome","mr_keep.outcome","pval_origin.outcome","data_source.outcome","...1","chr.exposure","pos.exposure","se.exposure","pval.exposure","samplesize.exposure","id.exposure","exposure","mr_keep.exposure","pval_origin.exposure","data_source.exposure","action","mr_keep","samplesize.outcome","R2","F"]
[1,"rs10017466","T","C","T","C",-0.0279527,0.0087461,0.69646,0.695912,false,false,false,"oi4W9W",99134649,0.778225,0.031055,"outcome",true,"reported","textfile",33,4,100055800,0.00336477,{"v":9.8e-17,"d":"9.80E-17"},"NA","ieu-b-4865","Total Testosterone || id:ieu-b-4865",true,"reported","igd",2,true,"NA",0.000330362,65.95107178]
[2,"rs10192634","T","C","T","C",0.0233516,-0.0488881,0.267844,0.295144,false,false,false,"oi4W9W",179636223,0.118532,0.0313191,"outcome",true,"reported","textfile",14,2,180500950,0.00350118,{"v":2.6e-11,"d":"2.60E-11"},"NA","ieu-b-4865","Total Testosterone || id:ieu-b-4865",true,"reported","igd",2,true,"NA",0.000213869,42.69042224]
[3,"rs10279715","G","A","G","A",-0.0189982,-0.0363567,0.462602,0.478941,false,false,false,"oi4W9W",40831336,0.204319,0.0286422,"outcome",true,"reported","textfile",63,7,40870935,0.00311713,{"v":1.1e-9,"d":"1.10E-09"},"NA","ieu-b-4865","Total Testosterone || id:ieu-b-4865",true,"reported","igd",2,true,"NA",0.000179456,35.81996283]
[4,"rs10484012","C","T","C","T",-0.0201769,0.0427839,0.281631,0.241202,false,false,false,"oi4W9W",89535886,0.200258,0.0334035,"outcome",true,"reported","textfile",121,14,90002230,0.0034447,{"v":4.7e-9,"d":"4.70E-09"},"NA","ieu-b-4865","Total Testosterone || id:ieu-b-4865",true,"reported","igd",2,true,"NA",0.000164728,32.87965061]
[5,"rs10750766","A","C","A","C",-0.0227224,-0.0162605,0.71013,0.736727,false,false,false,"oi4W9W",65706327,0.616453,0.0324637,"outcome",true,"reported","textfile",93,11,65473798,0.00341626,{"v":2.9e-11,"d":"2.90E-11"},"NA","ieu-b-4865","Total Testosterone || id:ieu-b-4865",true,"reported","igd",2,true,"NA",0.000212559,42.42878347]
[6,"rs10779612","A","G","A","G",-0.0220699,0.0228904,0.758408,0.743205,false,false,false,"oi4W9W",214144657,0.486166,0.0328688,"outcome",true,"reported","textfile",6,1,214318000,0.00362739,{"v":1.2e-9,"d":"1.20E-09"},"NA","ieu-b-4865","Total Testosterone || id:ieu-b-4865",true,"reported","igd",2,true,"NA",0.000178491,35.62726091]
[7,"rs10832570","G","A","G","A",-0.0248809,0.0428233,0.389117,0.334582,false,false,false,"oi4W9W",16227964,0.157993,0.0303312,"outcome",true,"reported","textfile",95,11,16249510,0.00317508,{"v":4.6e-15,"d":"4.60E-15"},"NA","ieu-b-4865","Total Testosterone || id:ieu-b-4865",true,"reported","igd",2,true,"NA",0.000294307,58.7512316]
[8,"rs10846658","A","C","A","C",-0.0199426,-0.00994821,0.284962,0.31521,false,false,false,"oi4W9W",124341490,0.74659,0.0307861,"outcome",true,"reported","textfile",110,12,124826036,0.00344173,{"v":6.9e-9,"d":"6.90E-09"},"NA","ieu-b-4865","Total Testosterone || id:ieu-b-4865",true,"reported","igd",2,true,"NA",0.000162073,32.34958749]
[9,"rs10868080","A","T","A","T",-0.0355409,-0.00832405,0.743534,0.741356,false,true,false,"oi4W9W",84011854,0.798238,0.0325632,"outcome",true,"reported","textfile",76,9,86626769,0.00353938,{"v":1e-23,"d":"1.00E-23"},"NA","ieu-b-4865","Total Testosterone || id:ieu-b-4865",true,"reported","igd",2,true,"NA",0.000481745,96.18679799]
[10,"rs10878334","G","C","G","C",-0.0343752,-0.116146,0.099714,0.073317,false,true,false,"oi4W9W",65817226,0.0349285,0.0550667,"outcome",true,"reported","textfile",113,12,66211006,0.00517275,{"v":3e-11,"d":"3.00E-11"},"NA","ieu-b-4865","Total Testosterone || id:ieu-b-4865",true,"reported","igd",2,true,"NA",0.000212157,42.34849443]
[11,"rs10978435","C","T","C","T",-0.0263954,-0.0213267,0.316693,0.335858,false,false,false,"oi4W9W",106186878,0.480899,0.0302568,"outcome",true,"reported","textfile",80,9,108949159,0.00334308,{"v":2.9e-15,"d":"2.90E-15"},"NA","ieu-b-4865","Total Testosterone || id:ieu-b-4865",true,"reported","igd",2,true,"NA",0.000301537,60.19501535]
[12,"rs10982192","T","C","T","C",0.0241026,-0.00509403,0.222039,0.326611,false,false,false,"oi4W9W",114387137,0.868293,0.0307189,"outcome",true,"reported","textfile",78,9,117149417,0.00374571,{"v":1.2e-10,"d":"1.20E-10"},"NA","ieu-b-4865","Total Testosterone || id:ieu-b-4865",true,"reported","igd",2,true,"NA",0.000200699,40.06090638]
[13,"rs11039847","C","G","C","G",0.0228287,-0.0431351,0.760577,0.809667,false,true,false,"oi4W9W",48574995,0.235838,0.0363869,"outcome",true,"reported","textfile",96,11,48596547,0.00362695,{"v":3.1e-10,"d":"3.10E-10"},"NA","ieu-b-4865","Total Testosterone || id:ieu-b-4865",true,"reported","igd",2,true,"NA",0.000189802,37.88546138]
[14,"rs111981233","G","T","G","T",0.0511461,-0.0830667,0.079257,0.0461852,false,false,false,"oi4W9W",49513222,0.22152,0.0679484,"outcome",true,"reported","textfile",157,19,50016479,0.00571352,{"v":3.5e-19,"d":"3.50E-19"},"NA","ieu-b-4865","Total Testosterone || id:ieu-b-4865",true,"reported","igd",2,true,"NA",0.000381796,76.22293547]
[15,"rs113017476","A","G","A","G",0.192676,-0.21799,0.038602,0.0237589,false,false,false,"oi4W9W",31764290,0.021457,0.0947847,"outcome",true,"reported","textfile",20,2,31989359,0.00810176,{"v":5.11e-125,"d":"5.11E-125"},"NA","ieu-b-4865","Total Testosterone || id:ieu-b-4865",true,"reported","igd",2,true,"NA",0.002755486,551.4235792]
[16,"rs114949263","C","T","C","T",0.0294434,-0.00602753,0.111544,0.0793499,false,false,false,"oi4W9W",150801157,0.909748,0.0531733,"outcome",true,"reported","textfile",64,7,150498245,0.00493458,{"v":2.4e-9,"d":"2.40E-09"},"NA","ieu-b-4865","Total Testosterone || id:ieu-b-4865",true,"reported","igd",2,true,"NA",0.000171826,34.29662706]
[17,"rs11621792","T","C","T","C",-0.0174571,-0.00687113,0.453567,0.368081,false,false,false,"oi4W9W",24402720,0.816529,0.0296155,"outcome",true,"reported","textfile",123,14,24871926,0.0031277,{"v":2.4e-8,"d":"2.40E-08"},"NA","ieu-b-4865","Total Testosterone || id:ieu-b-4865",true,"reported","igd",2,true,"NA",0.000151061,30.15135974]
[18,"rs11703376","T","C","T","C",0.0341451,-0.0439035,0.27023,0.221722,false,false,false,"oi4W9W",49282787,0.201304,0.0343574,"outcome",true,"reported","textfile",164,22,49678713,0.00350557,{"v":2e-22,"d":"2.00E-22"},"NA","ieu-b-4865","Total Testosterone || id:ieu-b-4865",true,"reported","igd",2,true,"NA",0.00045984,91.81102192]
[19,"rs11735092","C","T","C","T",-0.0368285,0.0277331,0.436371,0.339796,false,false,false,"oi4W9W",87305079,0.359126,0.0302422,"outcome",true,"reported","textfile",37,4,88226231,0.0031262,{"v":4.9e-32,"d":"4.90E-32"},"NA","ieu-b-4865","Total Testosterone || id:ieu-b-4865",true,"reported","igd",2,true,"NA",0.000667187,133.237308]
[20,"rs117372143","A","G","A","G",-0.138631,0.0580383,0.07149,0.0871416,false,false,false,"oi4W9W",7589070,0.252709,0.0507419,"outcome",true,"reported","textfile",141,17,7492388,0.00599393,{"v":2.4e-118,"d":"2.40E-118"},"NA","ieu-b-4865","Total Testosterone || id:ieu-b-4865",true,"reported","igd",2,true,"NA",0.002551424,510.4824362]
[21,"rs117664177","T","C","T","C",-0.0869073,0.406254,0.012417,0.00612921,false,false,false,"oi4W9W",100642784,0.0303585,0.187613,"outcome",true,"reported","textfile",109,12,101036562,0.014278,{"v":1.2e-9,"d":"1.20E-09"},"NA","ieu-b-4865","Total Testosterone || id:ieu-b-4865",true,"reported","igd",2,true,"NA",0.000185239,36.97447211]
[22,"rs118049783","G","C","G","C",-0.0551118,-0.0401598,0.024823,0.00373358,false,true,false,"oi4W9W",62811173,0.869976,0.245342,"outcome",true,"reported","textfile",85,10,64570933,0.0100716,{"v":4.4e-8,"d":"4.40E-08"},"NA","ieu-b-4865","Total Testosterone || id:ieu-b-4865",true,"reported","igd",2,true,"NA",0.000147047,29.35009419]
[23,"rs12320328","G","A","G","A",-0.045272,0.055389,0.084406,0.151141,false,false,false,"oi4W9W",25255530,0.166337,0.040019,"outcome",true,"reported","textfile",112,12,25408464,0.0055864,{"v":5.3e-16,"d":"5.30E-16"},"NA","ieu-b-4865","Total Testosterone || id:ieu-b-4865",true,"reported","igd",2,true,"NA",0.000316786,63.24001205]
[24,"rs12429920","A","G","A","G",0.0201288,-0.0210554,0.472792,0.404465,false,false,false,"oi4W9W",112066040,0.477262,0.0296257,"outcome",true,"reported","textfile",115,13,112720354,0.00310551,{"v":9.1e-11,"d":"9.10E-11"},"NA","ieu-b-4865","Total Testosterone || id:ieu-b-4865",true,"reported","igd",2,true,"NA",0.000201984,40.3175687]
[25,"rs12450799","C","T","C","T",0.0180774,-0.0118116,0.623523,0.526482,false,false,false,"oi4W9W",17826887,0.6811,0.0287414,"outcome",true,"reported","textfile",143,17,17730201,0.00318886,{"v":1.4e-8,"d":"1.40E-08"},"NA","ieu-b-4865","Total Testosterone || id:ieu-b-4865",true,"reported","igd",2,true,"NA",0.000153424,30.62303449]
[26,"rs1260326","C","T","C","T",0.0608871,-0.0432614,0.60332,0.650744,false,false,false,"oi4W9W",27508073,0.150125,0.0300616,"outcome",true,"reported","textfile",19,2,27730940,0.00315774,{"v":7.6e-83,"d":"7.60E-83"},"NA","ieu-b-4865","Total Testosterone || id:ieu-b-4865",true,"reported","igd",2,true,"NA",0.00177447,354.7551079]
[27,"rs12717441","G","C","G","C",0.0282131,0.00333409,0.192767,0.195994,false,true,false,"oi4W9W",23252751,0.926196,0.0359927,"outcome",true,"reported","textfile",117,14,23721960,0.00392164,{"v":6.3e-13,"d":"6.30E-13"},"NA","ieu-b-4865","Total Testosterone || id:ieu-b-4865",true,"reported","igd",2,true,"NA",0.000247721,49.44923013]
[28,"rs12796488","A","C","A","C",-0.0404176,0.0772645,0.176715,0.150596,false,false,false,"oi4W9W",94398391,0.0535069,0.0400167,"outcome",true,"reported","textfile",97,11,94131557,0.00405375,{"v":2.1e-23,"d":"2.10E-23"},"NA","ieu-b-4865","Total Testosterone || id:ieu-b-4865",true,"reported","igd",2,true,"NA",0.000475329,94.9051691]
[29,"rs12946520","T","G","T","G",0.124225,0.0487882,0.64016,0.639941,false,false,false,"oi4W9W",7433052,0.103132,0.0299341,"outcome",true,"reported","textfile",146,17,7336371,0.00322276,{"v":1e-200,"d":"1.00E-200"},"NA","ieu-b-4865","Total Testosterone || id:ieu-b-4865",true,"reported","igd",2,true,"NA",0.007109613,1429.003859]
[30,"rs13029936","T","C","T","C",0.0236447,-0.0638145,0.182678,0.146989,false,false,false,"oi4W9W",207600820,0.113695,0.0403429,"outcome",true,"reported","textfile",21,2,208465544,0.00399914,{"v":3.4e-9,"d":"3.40E-09"},"NA","ieu-b-4865","Total Testosterone || id:ieu-b-4865",true,"reported","igd",2,true,"NA",0.000166946,33.32255458]
[31,"rs13103534","G","A","G","A",-0.0173398,-0.0344121,0.600402,0.582714,false,false,false,"oi4W9W",148055830,0.235726,0.0290217,"outcome",true,"reported","textfile",35,4,148976981,0.00316911,{"v":4.5e-8,"d":"4.50E-08"},"NA","ieu-b-4865","Total Testosterone || id:ieu-b-4865",true,"reported","igd",2,true,"NA",0.000144273,28.79618731]
[32,"rs13108218","G","A","G","A",-0.0371803,-0.0352724,0.614787,0.677882,false,false,false,"oi4W9W",3442204,0.2505,0.0306947,"outcome",true,"reported","textfile",36,4,3443931,0.00320763,{"v":4.6e-31,"d":"4.60E-31"},"NA","ieu-b-4865","Total Testosterone || id:ieu-b-4865",true,"reported","igd",2,true,"NA",0.000654759,130.7538742]
[33,"rs1349359","A","G","A","G",0.0179934,-0.00563419,0.436476,0.534859,false,false,false,"oi4W9W",166474441,0.84452,0.028729,"outcome",true,"reported","textfile",49,5,165901446,0.00313524,{"v":9.5e-9,"d":"9.50E-09"},"NA","ieu-b-4865","Total Testosterone || id:ieu-b-4865",true,"reported","igd",2,true,"NA",0.000159268,31.78975304]
[34,"rs1408579","T","C","T","C",0.0189749,-0.0161571,0.49698,0.388499,false,false,false,"oi4W9W",100152437,0.581464,0.02931,"outcome",true,"reported","textfile",89,10,101912194,0.00308285,{"v":7.5e-10,"d":"7.50E-10"},"NA","ieu-b-4865","Total Testosterone || id:ieu-b-4865",true,"reported","igd",2,true,"NA",0.000180017,35.93189054]
[35,"rs145460421","T","TAAGAAAGA","T","TAAGAAAGA",0.0330614,0.0531078,0.917001,0.9012682,false,false,false,"oi4W9W",103782245,0.27413,0.0485623,"outcome",true,"reported","textfile",43,4,104703402,0.00574414,{"v":8.6e-9,"d":"8.60E-09"},"NA","ieu-b-4865","Total Testosterone || id:ieu-b-4865",true,"reported","igd",2,true,"NA",0.000166385,33.2105555]
[36,"rs148117900","C","CA","C","CA",0.0207707,-0.0760512,0.788948,0.84499,false,false,false,"oi4W9W",52818248,0.0546387,0.0395742,"outcome",true,"reported","textfile",150,18,50344618,0.00380699,{"v":4.9e-8,"d":"4.90E-08"},"NA","ieu-b-4865","Total Testosterone || id:ieu-b-4865",true,"reported","igd",2,true,"NA",0.000143671,28.67617634]
[37,"rs149131600","T","C","T","C",0.0344342,-0.0909271,0.173382,0.149884,false,false,false,"oi4W9W",35058218,0.0240348,0.0402944,"outcome",true,"reported","textfile",158,19,35549122,0.00409502,{"v":4.1e-17,"d":"4.10E-17"},"NA","ieu-b-4865","Total Testosterone || id:ieu-b-4865",true,"reported","igd",2,true,"NA",0.000339875,67.85083816]
[38,"rs1513272","T","C","T","C",0.0194735,-0.0309324,0.501435,0.464444,false,false,false,"oi4W9W",28160478,0.279869,0.0286249,"outcome",true,"reported","textfile",65,7,28200097,0.00309669,{"v":3.2e-10,"d":"3.20E-10"},"NA","ieu-b-4865","Total Testosterone || id:ieu-b-4865",true,"reported","igd",2,true,"NA",0.000189607,37.84648398]
[39,"rs1570203","A","G","A","G",-0.0177417,-0.0241019,0.527118,0.626129,false,false,false,"oi4W9W",4120648,0.415031,0.0295703,"outcome",true,"reported","textfile",79,9,4120648,0.00312767,{"v":1.4e-8,"d":"1.40E-08"},"NA","ieu-b-4865","Total Testosterone || id:ieu-b-4865",true,"reported","igd",2,true,"NA",0.000156921,31.32116968]
[40,"rs17289915","G","C","G","C",-0.140284,-0.369285,0.012355,0.000642167,false,true,false,"oi4W9W",103569921,0.557228,0.629145,"outcome",true,"reported","textfile",38,4,104491078,0.0140039,{"v":1.3e-23,"d":"1.30E-23"},"NA","ieu-b-4865","Total Testosterone || id:ieu-b-4865",true,"reported","igd",2,true,"NA",0.000480275,95.89307732]
[41,"rs1730865","T","G","T","G",-0.0336587,-0.0503123,0.656323,0.704146,false,false,false,"oi4W9W",107062989,0.109364,0.0314244,"outcome",true,"reported","textfile",12,1,107605611,0.00327485,{"v":8.9e-25,"d":"8.90E-25"},"NA","ieu-b-4865","Total Testosterone || id:ieu-b-4865",true,"reported","igd",2,true,"NA",0.000511085,102.0477683]
[42,"rs1736177","T","C","T","C",0.0309257,-0.000295626,0.293519,0.37237,false,false,false,"oi4W9W",2791626,0.992026,0.0295788,"outcome",true,"reported","textfile",153,19,2791624,0.00340369,{"v":1e-19,"d":"1.00E-19"},"NA","ieu-b-4865","Total Testosterone || id:ieu-b-4865",true,"reported","igd",2,true,"NA",0.000396648,79.18935466]
[43,"rs17580","A","T","A","T",0.0511024,0.0104653,0.047712,0.00926729,false,true,false,"oi4W9W",94380925,0.94453,0.150412,"outcome",true,"reported","textfile",122,14,94847262,0.00726965,{"v":2.1e-12,"d":"2.10E-12"},"NA","ieu-b-4865","Total Testosterone || id:ieu-b-4865",true,"reported","igd",2,true,"NA",0.000237306,47.36966626]
[44,"rs17680065","C","A","C","A",0.022203,-0.00685191,0.300867,0.340917,false,false,false,"oi4W9W",20069449,0.819885,0.0300928,"outcome",true,"reported","textfile",136,16,20080771,0.0033932,{"v":6e-11,"d":"6.00E-11"},"NA","ieu-b-4865","Total Testosterone || id:ieu-b-4865",true,"reported","igd",2,true,"NA",0.00020739,41.39677201]
[45,"rs1899727","A","G","A","G",-0.0396609,-0.0167231,0.138588,0.0758516,false,false,false,"oi4W9W",52847848,0.756903,0.0540235,"outcome",true,"reported","textfile",132,15,53140045,0.00448543,{"v":9.4e-19,"d":"9.40E-19"},"NA","ieu-b-4865","Total Testosterone || id:ieu-b-4865",true,"reported","igd",2,true,"NA",0.000375571,74.9796724]
[46,"rs1933801","T","C","T","C",0.035832,0.020345,0.678554,0.686159,false,false,false,"oi4W9W",104917850,0.508605,0.0307787,"outcome",true,"reported","textfile",58,6,105365725,0.00331124,{"v":2.7e-27,"d":"2.70E-27"},"NA","ieu-b-4865","Total Testosterone || id:ieu-b-4865",true,"reported","igd",2,true,"NA",0.000560099,111.8398511]
[47,"rs1979835","A","G","A","G",-0.0315697,-0.0935625,0.136334,0.103459,false,false,false,"oi4W9W",136354151,0.0472476,0.0471568,"outcome",true,"reported","textfile",48,5,135689839,0.00451581,{"v":2.7e-12,"d":"2.70E-12"},"NA","ieu-b-4865","Total Testosterone || id:ieu-b-4865",true,"reported","igd",2,true,"NA",0.000234704,46.85021379]
[48,"rs1994721","A","G","A","G",-0.05035,-0.00227272,0.148723,0.161215,false,false,false,"oi4W9W",29182984,0.953374,0.0388692,"outcome",true,"reported","textfile",92,11,29204531,0.00435989,{"v":7.5e-31,"d":"7.50E-31"},"NA","ieu-b-4865","Total Testosterone || id:ieu-b-4865",true,"reported","igd",2,true,"NA",0.000641916,128.1874715]
[49,"rs2013030","G","A","G","A",-0.0458038,0.0454585,0.0847,0.0746544,false,false,false,"oi4W9W",233712394,0.401887,0.0542298,"outcome",true,"reported","textfile",15,2,234621040,0.00555939,{"v":1.7e-16,"d":"1.70E-16"},"NA","ieu-b-4865","Total Testosterone || id:ieu-b-4865",true,"reported","igd",2,true,"NA",0.000325297,64.93964559]
[50,"rs202200760","C","G","C","G",0.115689,-0.0189865,0.038814,0.0552129,false,true,false,"oi4W9W",17236045,0.761846,0.0626499,"outcome",true,"reported","textfile",155,19,17346854,0.00874171,{"v":5.6e-40,"d":"5.60E-40"},"NA","ieu-b-4865","Total Testosterone || id:ieu-b-4865",true,"reported","igd",2,true,"NA",0.000998642,199.495277]
[51,"rs2090409","A","C","A","C",-0.0269784,-0.0209635,0.315804,0.33584,false,false,false,"oi4W9W",106204807,0.488477,0.030262,"outcome",true,"reported","textfile",77,9,108967088,0.00334353,{"v":7.1e-16,"d":"7.10E-16"},"NA","ieu-b-4865","Total Testosterone || id:ieu-b-4865",true,"reported","igd",2,true,"NA",0.000314529,62.78933458]
[52,"rs2144026","A","G","A","G",-0.0197479,-0.00422343,0.275092,0.35079,false,false,false,"oi4W9W",152041199,0.888818,0.0302105,"outcome",true,"reported","textfile",59,6,152362334,0.00346787,{"v":1.2e-8,"d":"1.20E-08"},"NA","ieu-b-4865","Total Testosterone || id:ieu-b-4865",true,"reported","igd",2,true,"NA",0.000155537,31.04480745]
[53,"rs222855","C","A","C","A",-0.0221964,-0.00782362,0.264282,0.256538,false,false,false,"oi4W9W",7207146,0.810734,0.0326694,"outcome",true,"reported","textfile",142,17,7110465,0.00348523,{"v":1.9e-10,"d":"1.90E-10"},"NA","ieu-b-4865","Total Testosterone || id:ieu-b-4865",true,"reported","igd",2,true,"NA",0.000191591,38.24247493]
[54,"rs223373","C","G","C","G",0.0222279,-0.000758881,0.217725,0.268406,false,true,false,"oi4W9W",102837845,0.981274,0.0323313,"outcome",true,"reported","textfile",34,4,103759002,0.00374679,{"v":3e-9,"d":"3.00E-09"},"NA","ieu-b-4865","Total Testosterone || id:ieu-b-4865",true,"reported","igd",2,true,"NA",0.000168304,33.59359199]
[55,"rs2239222","G","A","G","A",0.0200719,0.0279851,0.350306,0.375428,false,false,false,"oi4W9W",72545177,0.346155,0.0297059,"outcome",true,"reported","textfile",125,14,73011885,0.00327135,{"v":8.5e-10,"d":"8.50E-10"},"NA","ieu-b-4865","Total Testosterone || id:ieu-b-4865",true,"reported","igd",2,true,"NA",0.000183385,36.60427218]
[56,"rs2269856","T","C","T","C",0.0296379,0.0354403,0.706802,0.659453,false,false,false,"oi4W9W",31155683,0.241732,0.0302736,"outcome",true,"reported","textfile",144,17,29482701,0.00338324,{"v":1.9e-18,"d":"1.90E-18"},"NA","ieu-b-4865","Total Testosterone || id:ieu-b-4865",true,"reported","igd",2,true,"NA",0.000364069,72.68260701]
[57,"rs2290867","C","A","C","A",-0.0185208,0.0489391,0.626764,0.641198,false,false,false,"oi4W9W",57725735,0.100686,0.0298129,"outcome",true,"reported","textfile",17,2,57952870,0.00321236,{"v":8.1e-9,"d":"8.10E-09"},"NA","ieu-b-4865","Total Testosterone || id:ieu-b-4865",true,"reported","igd",2,true,"NA",0.000160486,32.03284278]
[58,"rs2293252","T","C","T","C",0.0254495,0.0313423,0.658603,0.681362,false,false,false,"oi4W9W",138405012,0.306519,0.030651,"outcome",true,"reported","textfile",26,3,138123854,0.00327091,{"v":7.2e-15,"d":"7.20E-15"},"NA","ieu-b-4865","Total Testosterone || id:ieu-b-4865",true,"reported","igd",2,true,"NA",0.000291254,58.14162244]
[59,"rs2306216","G","A","G","A",-0.0270106,0.147487,0.831108,0.894626,false,false,false,"oi4W9W",75244478,0.00215234,0.0480669,"outcome",true,"reported","textfile",145,17,73240559,0.00412571,{"v":5.9e-11,"d":"5.90E-11"},"NA","ieu-b-4865","Total Testosterone || id:ieu-b-4865",true,"reported","igd",2,true,"NA",0.000204817,40.88299357]
[60,"rs2393775","A","G","A","G",0.0273074,-0.0322653,0.620689,0.58554,false,false,false,"oi4W9W",120986771,0.267278,0.0290848,"outcome",true,"reported","textfile",107,12,121424574,0.00319441,{"v":1.2e-17,"d":"1.20E-17"},"NA","ieu-b-4865","Total Testosterone || id:ieu-b-4865",true,"reported","igd",2,true,"NA",0.000351124,70.09732296]
[61,"rs2393969","C","A","C","A",0.109136,0.012276,0.47116,0.472353,false,false,false,"oi4W9W",63380680,0.667704,0.0285954,"outcome",true,"reported","textfile",86,10,65140440,0.00309919,{"v":1e-200,"d":"1.00E-200"},"NA","ieu-b-4865","Total Testosterone || id:ieu-b-4865",true,"reported","igd",2,true,"NA",0.00593552,1191.606717]
[62,"rs2608911","G","T","G","T",-0.0278038,0.0372555,0.189857,0.221869,false,false,false,"oi4W9W",131608611,0.277533,0.0343091,"outcome",true,"reported","textfile",60,6,131929751,0.00394925,{"v":1.9e-12,"d":"1.90E-12"},"NA","ieu-b-4865","Total Testosterone || id:ieu-b-4865",true,"reported","igd",2,true,"NA",0.000237808,47.46993371]
[63,"rs2668623","T","C","T","C",0.0301766,-0.173824,0.222113,0.0833072,false,false,false,"oi4W9W",46274995,0.00132072,0.0541265,"outcome",true,"reported","textfile",147,17,44352361,0.00375871,{"v":9.9e-16,"d":"9.90E-16"},"NA","ieu-b-4865","Total Testosterone || id:ieu-b-4865",true,"reported","igd",2,true,"NA",0.000314674,62.81834803]
[64,"rs2668776","T","C","T","C",-0.0234237,0.0132427,0.531293,0.589646,false,false,false,"oi4W9W",47223994,0.648185,0.0290229,"outcome",true,"reported","textfile",151,18,44750365,0.00311315,{"v":5.3e-14,"d":"5.30E-14"},"NA","ieu-b-4865","Total Testosterone || id:ieu-b-4865",true,"reported","igd",2,true,"NA",0.00027326,54.54864211]
[65,"rs28394864","A","G","A","G",-0.0520544,-0.0155357,0.459061,0.485964,false,false,false,"oi4W9W",49373413,0.58667,0.0285757,"outcome",true,"reported","textfile",148,17,47450775,0.00311088,{"v":7.5e-63,"d":"7.50E-63"},"NA","ieu-b-4865","Total Testosterone || id:ieu-b-4865",true,"reported","igd",2,true,"NA",0.001345747,268.9286991]
[66,"rs28929474","T","C","T","C",0.213781,-0.00949892,0.019619,0.0197225,false,false,false,"oi4W9W",94378610,0.926411,0.102846,"outcome",true,"reported","textfile",120,14,94844947,0.0111762,{"v":1.5e-81,"d":"1.50E-81"},"NA","ieu-b-4865","Total Testosterone || id:ieu-b-4865",true,"reported","igd",2,true,"NA",0.001758085,351.4737417]
[67,"rs3130293","A","G","A","G",-0.0249479,0.104489,0.699943,0.636022,false,false,false,"oi4W9W",32209486,0.000441692,0.0297365,"outcome",true,"reported","textfile",55,6,32177263,0.00337339,{"v":1.4e-13,"d":"1.40E-13"},"NA","ieu-b-4865","Total Testosterone || id:ieu-b-4865",true,"reported","igd",2,true,"NA",0.000261435,52.1875256]
[68,"rs329122","A","G","A","G",-0.0193751,-0.0490252,0.419661,0.422017,false,false,false,"oi4W9W",134528909,0.0901633,0.0289314,"outcome",true,"reported","textfile",45,5,133864599,0.00314316,{"v":7.1e-10,"d":"7.10E-10"},"NA","ieu-b-4865","Total Testosterone || id:ieu-b-4865",true,"reported","igd",2,true,"NA",0.000182851,36.49777728]
[69,"rs34040779","C","T","C","T",-0.0341059,-0.0520219,0.076092,0.0782454,false,false,false,"oi4W9W",107516262,0.331455,0.0535652,"outcome",true,"reported","textfile",25,3,107235109,0.00599619,{"v":1.3e-8,"d":"1.30E-08"},"NA","ieu-b-4865","Total Testosterone || id:ieu-b-4865",true,"reported","igd",2,true,"NA",0.000163552,32.64498818]
[70,"rs34407256","A","AT","A","AT",0.019561,-0.00175577,0.520971,0.405218,false,false,false,"oi4W9W",69103107,0.951931,0.0291259,"outcome",true,"reported","textfile",40,4,69968825,0.00309905,{"v":2.8e-10,"d":"2.80E-10"},"NA","ieu-b-4865","Total Testosterone || id:ieu-b-4865",true,"reported","igd",2,true,"NA",0.00019098,38.12054798]
[71,"rs34532102","T","C","T","C",0.0300711,-0.0794374,0.205697,0.197976,false,false,false,"oi4W9W",64678048,0.0268646,0.0358881,"outcome",true,"reported","textfile",18,2,64905182,0.00384763,{"v":5.5e-15,"d":"5.50E-15"},"NA","ieu-b-4865","Total Testosterone || id:ieu-b-4865",true,"reported","igd",2,true,"NA",0.00029549,58.98748276]
[72,"rs34851490","G","A","G","A",0.0489878,0.0100479,0.11613,0.0559845,false,false,false,"oi4W9W",45881296,0.871784,0.0622571,"outcome",true,"reported","textfile",154,19,46384554,0.00485653,{"v":6.3e-24,"d":"6.30E-24"},"NA","ieu-b-4865","Total Testosterone || id:ieu-b-4865",true,"reported","igd",2,true,"NA",0.00049265,98.36518752]
[73,"rs34955534","A","G","A","G",-0.0404455,0.0101352,0.098812,0.108937,false,false,false,"oi4W9W",80798114,0.826291,0.0461822,"outcome",true,"reported","textfile",74,8,81710349,0.00533784,{"v":3.5e-14,"d":"3.50E-14"},"NA","ieu-b-4865","Total Testosterone || id:ieu-b-4865",true,"reported","igd",2,true,"NA",0.000291337,58.15817583]
[74,"rs35002667","A","T","A","T",0.0234371,-0.0312776,0.17547,0.248021,false,true,false,"oi4W9W",163286822,0.34293,0.0329796,"outcome",true,"reported","textfile",4,1,163256612,0.00409843,{"v":1.1e-8,"d":"1.10E-08"},"NA","ieu-b-4865","Total Testosterone || id:ieu-b-4865",true,"reported","igd",2,true,"NA",0.000158945,31.72523465]
[75,"rs35233014","A","C","A","C",-0.0230035,-0.0158756,0.744787,0.732367,false,false,false,"oi4W9W",134376331,0.623399,0.0323307,"outcome",true,"reported","textfile",81,9,137268177,0.00357763,{"v":1.3e-10,"d":"1.30E-10"},"NA","ieu-b-4865","Total Testosterone || id:ieu-b-4865",true,"reported","igd",2,true,"NA",0.000201165,40.15400021]
[76,"rs35728231","G","A","G","A",0.0256728,0.00529253,0.163354,0.101004,false,false,false,"oi4W9W",20905555,0.911093,0.0473984,"outcome",true,"reported","textfile",105,12,21058489,0.00420148,{"v":9.9e-10,"d":"9.90E-10"},"NA","ieu-b-4865","Total Testosterone || id:ieu-b-4865",true,"reported","igd",2,true,"NA",0.000180156,35.9596089]
[77,"rs35824797","T","C","T","C",-0.0438149,-0.0227621,0.078284,0.0576287,false,false,false,"oi4W9W",19345455,0.710176,0.0612513,"outcome",true,"reported","textfile",152,19,19456264,0.00577499,{"v":3.3e-14,"d":"3.30E-14"},"NA","ieu-b-4865","Total Testosterone || id:ieu-b-4865",true,"reported","igd",2,true,"NA",0.000277041,55.3035287]
[78,"rs35988619","C","T","C","T",0.0347383,-0.029254,0.069398,0.0735211,false,false,false,"oi4W9W",62434155,0.596741,0.0552909,"outcome",true,"reported","textfile",87,10,64193914,0.00633095,{"v":4.1e-8,"d":"4.10E-08"},"NA","ieu-b-4865","Total Testosterone || id:ieu-b-4865",true,"reported","igd",2,true,"NA",0.000155868,31.11103658]
[79,"rs36086195","T","C","T","C",0.0215167,0.00143542,0.577377,0.682666,false,false,false,"oi4W9W",16184399,0.962704,0.0306974,"outcome",true,"reported","textfile",1,1,16510894,0.00312754,{"v":6e-12,"d":"6.00E-12"},"NA","ieu-b-4865","Total Testosterone || id:ieu-b-4865",true,"reported","igd",2,true,"NA",0.00022594,45.10044196]
[80,"rs3768321","T","G","T","G",-0.0311249,0.0241017,0.196418,0.164237,false,false,false,"oi4W9W",39570256,0.533888,0.0387437,"outcome",true,"reported","textfile",10,1,40035928,0.00390531,{"v":1.6e-15,"d":"1.60E-15"},"NA","ieu-b-4865","Total Testosterone || id:ieu-b-4865",true,"reported","igd",2,true,"NA",0.000305814,61.04905875]
[81,"rs3802650","G","A","G","A",-0.0182724,0.00877561,0.478318,0.596211,false,false,false,"oi4W9W",91817867,0.763409,0.0291541,"outcome",true,"reported","textfile",84,10,93577624,0.00309568,{"v":3.6e-9,"d":"3.60E-09"},"NA","ieu-b-4865","Total Testosterone || id:ieu-b-4865",true,"reported","igd",2,true,"NA",0.000166626,33.2586686]
[82,"rs3809272","A","G","A","G",-0.0186412,-0.0404436,0.302272,0.354027,false,false,false,"oi4W9W",111362454,0.17863,0.0300699,"outcome",true,"reported","textfile",106,12,111800258,0.0033717,{"v":3.2e-8,"d":"3.20E-08"},"NA","ieu-b-4865","Total Testosterone || id:ieu-b-4865",true,"reported","igd",2,true,"NA",0.000146576,29.25594894]
[83,"rs3842763","T","G","T","G",0.0226021,-0.0119429,0.241222,0.237801,false,false,false,"oi4W9W",2157974,0.722667,0.0336518,"outcome",true,"reported","textfile",91,11,2179204,0.00366927,{"v":7.3e-10,"d":"7.30E-10"},"NA","ieu-b-4865","Total Testosterone || id:ieu-b-4865",true,"reported","igd",2,true,"NA",0.000187008,37.32752345]
[84,"rs40270","C","A","C","A",-0.0230442,-0.044226,0.771281,0.706653,false,false,false,"oi4W9W",56508725,0.157968,0.0313229,"outcome",true,"reported","textfile",47,5,55804552,0.00368356,{"v":4e-10,"d":"4.00E-10"},"NA","ieu-b-4865","Total Testosterone || id:ieu-b-4865",true,"reported","igd",2,true,"NA",0.000187356,37.39712775]
[85,"rs40831","G","A","G","A",-0.0341851,-0.0228658,0.429215,0.500451,false,false,false,"oi4W9W",28497126,0.423971,0.0285983,"outcome",true,"reported","textfile",134,16,28508447,0.0031387,{"v":1.3e-27,"d":"1.30E-27"},"NA","ieu-b-4865","Total Testosterone || id:ieu-b-4865",true,"reported","igd",2,true,"NA",0.0005726,114.3374822]
[86,"rs4149056","C","T","C","T",-0.053511,0.0302289,0.151475,0.201568,false,false,false,"oi4W9W",21178615,0.397295,0.0357121,"outcome",true,"reported","textfile",111,12,21331549,0.00430782,{"v":2e-35,"d":"2.00E-35"},"NA","ieu-b-4865","Total Testosterone || id:ieu-b-4865",true,"reported","igd",2,true,"NA",0.000736074,147.0043726]
[87,"rs4522206","C","G","C","G",-0.0193845,0.0277645,0.352888,0.295789,false,true,false,"oi4W9W",130464302,0.376733,0.0314103,"outcome",true,"reported","textfile",114,12,130948847,0.00326445,{"v":2.9e-9,"d":"2.90E-09"},"NA","ieu-b-4865","Total Testosterone || id:ieu-b-4865",true,"reported","igd",2,true,"NA",0.000171615,34.25459309]
[88,"rs4757142","A","G","A","G",-0.0182726,0.0544054,0.60815,0.566496,false,false,false,"oi4W9W",13304148,0.0603268,0.0289638,"outcome",true,"reported","textfile",98,11,13325695,0.00319281,{"v":1e-8,"d":"1.00E-08"},"NA","ieu-b-4865","Total Testosterone || id:ieu-b-4865",true,"reported","igd",2,true,"NA",0.000159133,31.76282322]
[89,"rs476180","A","G","A","G",-0.0186691,-0.0227267,0.644046,0.616776,false,false,false,"oi4W9W",49362160,0.44083,0.0294849,"outcome",true,"reported","textfile",56,6,49329838,0.00325099,{"v":9.3e-9,"d":"9.30E-09"},"NA","ieu-b-4865","Total Testosterone || id:ieu-b-4865",true,"reported","igd",2,true,"NA",0.000159804,31.89669318]
[90,"rs4843753","G","A","G","A",-0.0248908,0.00336147,0.494446,0.32615,false,false,false,"oi4W9W",87969717,0.9122,0.0304855,"outcome",true,"reported","textfile",135,16,88003323,0.00310978,{"v":1.2e-15,"d":"1.20E-15"},"NA","ieu-b-4865","Total Testosterone || id:ieu-b-4865",true,"reported","igd",2,true,"NA",0.000309738,61.8325834]
[91,"rs4860987","T","A","T","A",0.0577007,-0.00378879,0.259159,0.26351,false,true,false,"oi4W9W",68625566,0.907706,0.0326811,"outcome",true,"reported","textfile",44,4,69491284,0.00373046,{"v":5.8e-54,"d":"5.80E-54"},"NA","ieu-b-4865","Total Testosterone || id:ieu-b-4865",true,"reported","igd",2,true,"NA",0.001278449,255.462861]
[92,"rs4925809","T","C","T","C",0.0204283,0.0143225,0.468258,0.452317,false,false,false,"oi4W9W",144460930,0.618499,0.0287613,"outcome",true,"reported","textfile",69,8,145686313,0.00310222,{"v":4.5e-11,"d":"4.50E-11"},"NA","ieu-b-4865","Total Testosterone || id:ieu-b-4865",true,"reported","igd",2,true,"NA",0.000207817,41.48199284]
[93,"rs520829","G","T","G","T",0.0204455,0.0675001,0.475831,0.496831,false,false,false,"oi4W9W",160346873,0.0181276,0.0285654,"outcome",true,"reported","textfile",54,6,160767905,0.00310685,{"v":4.7e-11,"d":"4.70E-11"},"NA","ieu-b-4865","Total Testosterone || id:ieu-b-4865",true,"reported","igd",2,true,"NA",0.000208521,41.62256404]
[94,"rs540730","C","T","C","T",-0.031527,0.00599912,0.756605,0.745405,false,false,false,"oi4W9W",57413331,0.854657,0.0327498,"outcome",true,"reported","textfile",104,12,57807114,0.00360102,{"v":2e-18,"d":"2.00E-18"},"NA","ieu-b-4865","Total Testosterone || id:ieu-b-4865",true,"reported","igd",2,true,"NA",0.00036608,73.08426658]
[95,"rs55707100","T","C","T","C",-0.109276,0.106287,0.025872,0.00536663,false,false,false,"oi4W9W",43528519,0.583881,0.194052,"outcome",true,"reported","textfile",131,15,43820717,0.00975024,{"v":3.7e-29,"d":"3.70E-29"},"NA","ieu-b-4865","Total Testosterone || id:ieu-b-4865",true,"reported","igd",2,true,"NA",0.000601902,120.1920698]
[96,"rs55737039","G","A","G","A",0.0232874,-0.0399671,0.196505,0.349217,false,false,false,"oi4W9W",65677878,0.182022,0.0299479,"outcome",true,"reported","textfile",2,1,66143561,0.00389061,{"v":2.2e-9,"d":"2.20E-09"},"NA","ieu-b-4865","Total Testosterone || id:ieu-b-4865",true,"reported","igd",2,true,"NA",0.000171249,34.18156109]
[97,"rs55869022","G","C","G","C",-0.0281685,-0.0223143,0.131717,0.0707712,false,true,false,"oi4W9W",61670838,0.692556,0.0564363,"outcome",true,"reported","textfile",28,3,61656512,0.00463934,{"v":1.3e-9,"d":"1.30E-09"},"NA","ieu-b-4865","Total Testosterone || id:ieu-b-4865",true,"reported","igd",2,true,"NA",0.000181493,36.22664572]
[98,"rs55869502","T","C","T","C",-0.0200108,-0.0201383,0.495634,0.417929,false,false,false,"oi4W9W",100359333,0.486794,0.0289585,"outcome",true,"reported","textfile",119,14,100825670,0.00310474,{"v":1.2e-10,"d":"1.20E-10"},"NA","ieu-b-4865","Total Testosterone || id:ieu-b-4865",true,"reported","igd",2,true,"NA",0.000200201,39.96147183]
[99,"rs55872725","T","C","T","C",-0.0225151,0.00256278,0.405996,0.418444,false,false,false,"oi4W9W",53775211,0.929461,0.0289506,"outcome",true,"reported","textfile",133,16,53809123,0.00315324,{"v":9.3e-13,"d":"9.30E-13"},"NA","ieu-b-4865","Total Testosterone || id:ieu-b-4865",true,"reported","igd",2,true,"NA",0.000244506,48.80719057]
[100,"rs56196860","A","C","A","C",0.30074,-0.233534,0.03131,0.0127391,false,false,false,"oi4W9W",2799164,0.0727947,0.130167,"outcome",true,"reported","textfile",108,12,2908330,0.0088872,{"v":1e-200,"d":"1.00E-200"},"NA","ieu-b-4865","Total Testosterone || id:ieu-b-4865",true,"reported","igd",2,true,"NA",0.005486309,1100.926266]
[101,"rs56332871","A","C","A","C",0.0487614,0.0598836,0.27448,0.290683,false,false,false,"oi4W9W",96171587,0.0578282,0.0315675,"outcome",true,"reported","textfile",128,15,96714816,0.00348576,{"v":1.8e-44,"d":"1.80E-44"},"NA","ieu-b-4865","Total Testosterone || id:ieu-b-4865",true,"reported","igd",2,true,"NA",0.000946984,189.1657974]
[102,"rs5752773","C","G","C","G",-0.0227863,-0.033764,0.674301,0.744132,false,true,false,"oi4W9W",28709427,0.302952,0.0327766,"outcome",true,"reported","textfile",165,22,29105415,0.00329994,{"v":5e-12,"d":"5.00E-12"},"NA","ieu-b-4865","Total Testosterone || id:ieu-b-4865",true,"reported","igd",2,true,"NA",0.000228059,45.52349861]
[103,"rs57586626","C","T","C","T",-0.0433248,0.041795,0.065375,0.0993235,false,false,false,"oi4W9W",70187353,0.379806,0.0475888,"outcome",true,"reported","textfile",16,2,70414485,0.00625045,{"v":4.2e-12,"d":"4.20E-12"},"NA","ieu-b-4865","Total Testosterone || id:ieu-b-4865",true,"reported","igd",2,true,"NA",0.000229378,45.78683059]
[104,"rs59194935","A","G","A","G",0.0199212,0.0529067,0.432604,0.369151,false,false,false,"oi4W9W",172429449,0.0735766,0.0295695,"outcome",true,"reported","textfile",31,3,172147239,0.00313458,{"v":2.1e-10,"d":"2.10E-10"},"NA","ieu-b-4865","Total Testosterone || id:ieu-b-4865",true,"reported","igd",2,true,"NA",0.000194822,38.88759943]
[105,"rs6029632","A","G","A","G",0.0208978,0.0254917,0.398528,0.486467,false,false,false,"oi4W9W",41331702,0.372073,0.028559,"outcome",true,"reported","textfile",161,20,39960342,0.00316583,{"v":4.1e-11,"d":"4.10E-11"},"NA","ieu-b-4865","Total Testosterone || id:ieu-b-4865",true,"reported","igd",2,true,"NA",0.000209366,41.79122021]
[106,"rs6073431","T","C","T","C",0.0307286,0.021799,0.531837,0.529944,false,false,false,"oi4W9W",44411929,0.448908,0.0287875,"outcome",true,"reported","textfile",160,20,43040569,0.00316163,{"v":2.5e-22,"d":"2.50E-22"},"NA","ieu-b-4865","Total Testosterone || id:ieu-b-4865",true,"reported","igd",2,true,"NA",0.000470209,93.88239616]
[107,"rs6077461","G","A","G","A",-0.0171334,0.0188876,0.44199,0.523528,false,false,false,"oi4W9W",8959940,0.509624,0.0286427,"outcome",true,"reported","textfile",159,20,8940587,0.00312939,{"v":4.4e-8,"d":"4.40E-08"},"NA","ieu-b-4865","Total Testosterone || id:ieu-b-4865",true,"reported","igd",2,true,"NA",0.000144801,28.90168405]
[108,"rs62011286","A","G","A","G",-0.0279982,0.0312832,0.342824,0.387081,false,false,false,"oi4W9W",63498926,0.285232,0.0292739,"outcome",true,"reported","textfile",127,15,63791125,0.00326421,{"v":9.7e-18,"d":"9.70E-18"},"NA","ieu-b-4865","Total Testosterone || id:ieu-b-4865",true,"reported","igd",2,true,"NA",0.000353218,70.51561336]
[109,"rs645040","T","G","T","G",-0.0416185,-0.0645252,0.772451,0.850989,false,false,false,"oi4W9W",136207780,0.106345,0.0399576,"outcome",true,"reported","textfile",23,3,135926622,0.00368915,{"v":1.6e-29,"d":"1.60E-29"},"NA","ieu-b-4865","Total Testosterone || id:ieu-b-4865",true,"reported","igd",2,true,"NA",0.000608904,121.5911502]
[110,"rs6676846","A","G","A","G",0.0293132,0.00560301,0.795692,0.776473,false,false,false,"oi4W9W",92476795,0.870549,0.0343824,"outcome",true,"reported","textfile",3,1,92942352,0.00384483,{"v":2.5e-14,"d":"2.50E-14"},"NA","ieu-b-4865","Total Testosterone || id:ieu-b-4865",true,"reported","igd",2,true,"NA",0.000279375,55.76951898]
[111,"rs66956368","A","T","A","T",-0.0308791,-0.00709582,0.29603,0.325817,false,true,false,"oi4W9W",61294052,0.819937,0.0311732,"outcome",true,"reported","textfile",22,3,61279726,0.00357844,{"v":6.2e-18,"d":"6.20E-18"},"NA","ieu-b-4865","Total Testosterone || id:ieu-b-4865",true,"reported","igd",2,true,"NA",0.000397419,79.34334409]
[112,"rs6736913","G","A","G","A",-0.0621693,-0.0340562,0.979191,0.982007,false,false,false,"oi4W9W",42282878,0.75123,0.107427,"outcome",true,"reported","textfile",13,2,42510018,0.0108168,{"v":9.1e-9,"d":"9.10E-09"},"NA","ieu-b-4865","Total Testosterone || id:ieu-b-4865",true,"reported","igd",2,true,"NA",0.000157507,31.4382029]
[113,"rs6792725","G","A","G","A",0.0195875,-0.0743119,0.693399,0.543395,false,false,false,"oi4W9W",24478792,0.0101515,0.0289081,"outcome",true,"reported","textfile",27,3,24520283,0.0034591,{"v":1.5e-8,"d":"1.50E-08"},"NA","ieu-b-4865","Total Testosterone || id:ieu-b-4865",true,"reported","igd",2,true,"NA",0.000163134,32.56149792]
[114,"rs6870458","T","G","T","G",0.0216406,0.0354238,0.54791,0.61011,false,false,false,"oi4W9W",138483227,0.226844,0.0293115,"outcome",true,"reported","textfile",51,5,137818916,0.00310944,{"v":3.4e-12,"d":"3.40E-12"},"NA","ieu-b-4865","Total Testosterone || id:ieu-b-4865",true,"reported","igd",2,true,"NA",0.000232008,46.3118595]
[115,"rs6939861","A","G","A","G",-0.0235248,-0.0304412,0.261629,0.261081,false,false,false,"oi4W9W",41735303,0.352151,0.0327175,"outcome",true,"reported","textfile",53,6,41703041,0.0035658,{"v":4.2e-11,"d":"4.20E-11"},"NA","ieu-b-4865","Total Testosterone || id:ieu-b-4865",true,"reported","igd",2,true,"NA",0.000213817,42.67995827]
[116,"rs6984305","T","A","T","A",0.0293821,0.0269578,0.886353,0.841642,false,true,false,"oi4W9W",9320758,0.490848,0.0391281,"outcome",true,"reported","textfile",70,8,9178268,0.00488662,{"v":1.8e-9,"d":"1.80E-09"},"NA","ieu-b-4865","Total Testosterone || id:ieu-b-4865",true,"reported","igd",2,true,"NA",0.000173924,34.71559597]
[117,"rs7015","G","A","G","A",0.0558212,-0.00338058,0.814734,0.844514,false,false,false,"oi4W9W",98291311,0.932192,0.0397306,"outcome",true,"reported","textfile",67,7,97920623,0.00398232,{"v":1.2e-44,"d":"1.20E-44"},"NA","ieu-b-4865","Total Testosterone || id:ieu-b-4865",true,"reported","igd",2,true,"NA",0.000940676,187.9045728]
[118,"rs7123283","T","C","T","C",-0.0183549,-0.0193013,0.475191,0.498254,false,false,false,"oi4W9W",122938347,0.501208,0.028697,"outcome",true,"reported","textfile",101,11,122809055,0.0031179,{"v":3.9e-9,"d":"3.90E-09"},"NA","ieu-b-4865","Total Testosterone || id:ieu-b-4865",true,"reported","igd",2,true,"NA",0.000168036,33.54016805]
[119,"rs71529289","T","C","T","C",-0.0329028,-0.00618723,0.252846,0.321743,false,false,false,"oi4W9W",76967251,0.842072,0.0310536,"outcome",true,"reported","textfile",71,8,77879487,0.00353355,{"v":1.3e-20,"d":"1.30E-20"},"NA","ieu-b-4865","Total Testosterone || id:ieu-b-4865",true,"reported","igd",2,true,"NA",0.000409036,81.66356437]
[120,"rs7166920","G","A","G","A",-0.0190646,-0.0453094,0.499477,0.487237,false,false,false,"oi4W9W",95676274,0.112916,0.0285824,"outcome",true,"reported","textfile",126,15,96219503,0.00312235,{"v":1e-9,"d":"1.00E-09"},"NA","ieu-b-4865","Total Testosterone || id:ieu-b-4865",true,"reported","igd",2,true,"NA",0.000181729,36.27376077]
[121,"rs72683923","C","T","C","T",0.069948,-0.178295,0.019342,0.0114781,false,false,false,"oi4W9W",50269229,0.188782,0.135669,"outcome",true,"reported","textfile",124,14,50735947,0.0112632,{"v":5.3e-10,"d":"5.30E-10"},"NA","ieu-b-4865","Total Testosterone || id:ieu-b-4865",true,"reported","igd",2,true,"NA",0.000185609,37.04835234]
[122,"rs72721770","C","G","C","G",-0.0190917,0.0336032,0.34522,0.353417,false,true,false,"oi4W9W",73737983,0.262054,0.0299614,"outcome",true,"reported","textfile",118,14,74204686,0.00326305,{"v":4.9e-9,"d":"4.90E-09"},"NA","ieu-b-4865","Total Testosterone || id:ieu-b-4865",true,"reported","igd",2,true,"NA",0.000164782,32.89052843]
[123,"rs7314285","G","T","G","T",0.0419894,-0.0315956,0.06878,0.0433736,false,false,false,"oi4W9W",111084222,0.657158,0.071187,"outcome",true,"reported","textfile",103,12,111522026,0.00612227,{"v":7e-12,"d":"7.00E-12"},"NA","ieu-b-4865","Total Testosterone || id:ieu-b-4865",true,"reported","igd",2,true,"NA",0.000225852,45.08277349]
[124,"rs7338818","T","C","T","C",-0.0186167,{"v":3.86e-5,"d":"3.86E-05"},0.551864,0.543331,false,false,false,"oi4W9W",99916364,0.99893,0.0287818,"outcome",true,"reported","textfile",116,13,100568618,0.003119,{"v":2.4e-9,"d":"2.40E-09"},"NA","ieu-b-4865","Total Testosterone || id:ieu-b-4865",true,"reported","igd",2,true,"NA",0.000171426,34.21688568]
[125,"rs738409","G","C","G","C",0.0498588,-0.0186736,0.216745,0.22693,false,true,false,"oi4W9W",43928847,0.584187,0.0341207,"outcome",true,"reported","textfile",163,22,44324727,0.00375431,{"v":3e-40,"d":"3.00E-40"},"NA","ieu-b-4865","Total Testosterone || id:ieu-b-4865",true,"reported","igd",2,true,"NA",0.000844046,168.5859396]
[126,"rs74618501","T","C","T","C",0.0440022,0.0515147,0.402253,0.346788,false,false,false,"oi4W9W",7398169,0.0871485,0.0301143,"outcome",true,"reported","textfile",140,17,7301488,0.00315531,{"v":3.4e-44,"d":"3.40E-44"},"NA","ieu-b-4865","Total Testosterone || id:ieu-b-4865",true,"reported","igd",2,true,"NA",0.000931098,185.9896435]
[127,"rs7679843","G","C","G","C",0.0403912,0.0110864,0.094902,0.0690732,false,true,false,"oi4W9W",22026456,0.844811,0.0566376,"outcome",true,"reported","textfile",42,4,22028079,0.00542357,{"v":9.5e-14,"d":"9.50E-14"},"NA","ieu-b-4865","Total Testosterone || id:ieu-b-4865",true,"reported","igd",2,true,"NA",0.000280269,55.94804853]
[128,"rs7696472","A","G","A","G",0.038471,-0.000139401,0.475611,0.534428,false,false,false,"oi4W9W",68672462,0.99612,0.0286672,"outcome",true,"reported","textfile",39,4,69538180,0.00309986,{"v":2.3e-35,"d":"2.30E-35"},"NA","ieu-b-4865","Total Testosterone || id:ieu-b-4865",true,"reported","igd",2,true,"NA",0.000738248,147.4388294]
[129,"rs7697073","T","C","T","C",-0.018622,-0.00682178,0.336475,0.344393,false,false,false,"oi4W9W",76211481,0.821366,0.0302132,"outcome",true,"reported","textfile",32,4,77132634,0.00327597,{"v":1.3e-8,"d":"1.30E-08"},"NA","ieu-b-4865","Total Testosterone || id:ieu-b-4865",true,"reported","igd",2,true,"NA",0.000154843,30.90642088]
[130,"rs77258375","C","CT","C","CT",-0.0216576,-0.0451861,0.640006,0.672492,false,false,false,"oi4W9W",42475122,0.13944,0.0305749,"outcome",true,"reported","textfile",68,8,42332640,0.00326196,{"v":3.1e-11,"d":"3.10E-11"},"NA","ieu-b-4865","Total Testosterone || id:ieu-b-4865",true,"reported","igd",2,true,"NA",0.000216137,43.14322109]
[131,"rs7835492","C","T","C","T",0.0251242,0.035899,0.147817,0.125067,false,false,false,"oi4W9W",21232006,0.403421,0.0429658,"outcome",true,"reported","textfile",72,8,21089517,0.00437453,{"v":9.3e-9,"d":"9.30E-09"},"NA","ieu-b-4865","Total Testosterone || id:ieu-b-4865",true,"reported","igd",2,true,"NA",0.000159027,31.7416522]
[132,"rs7844586","C","T","C","T",0.0204269,-0.0134195,0.751688,0.830128,false,false,false,"oi4W9W",60869745,0.724514,0.0380768,"outcome",true,"reported","textfile",73,8,61782304,0.00360298,{"v":1.4e-8,"d":"1.40E-08"},"NA","ieu-b-4865","Total Testosterone || id:ieu-b-4865",true,"reported","igd",2,true,"NA",0.000155765,31.09042282]
[133,"rs79223973","C","A","C","A",0.0331777,-0.18802,0.101679,0.0618118,false,false,false,"oi4W9W",152274373,0.00272665,0.0627366,"outcome",true,"reported","textfile",30,3,151992162,0.00515103,{"v":1.2e-10,"d":"1.20E-10"},"NA","ieu-b-4865","Total Testosterone || id:ieu-b-4865",true,"reported","igd",2,true,"NA",0.000201088,40.13852738]
[134,"rs79391862","C","A","C","A",-0.160095,-0.0406971,0.013638,0.0320617,false,false,false,"oi4W9W",53447229,0.616516,0.081265,"outcome",true,"reported","textfile",130,15,53739426,0.0135948,{"v":5.2e-32,"d":"5.20E-32"},"NA","ieu-b-4865","Total Testosterone || id:ieu-b-4865",true,"reported","igd",2,true,"NA",0.000689561,137.7085343]
[135,"rs7945917","G","A","G","A",-0.0246918,0.00844277,0.585119,0.596122,false,false,false,"oi4W9W",69471018,0.771649,0.0290912,"outcome",true,"reported","textfile",94,11,69285786,0.00314405,{"v":4e-15,"d":"4.00E-15"},"NA","ieu-b-4865","Total Testosterone || id:ieu-b-4865",true,"reported","igd",2,true,"NA",0.000296008,59.09089205]
[136,"rs79598313","T","C","T","C",-0.14434,-0.0580903,0.023113,0.0349171,false,false,false,"oi4W9W",26958422,0.455503,0.0778406,"outcome",true,"reported","textfile",9,1,27284913,0.0102978,{"v":1.2e-44,"d":"1.20E-44"},"NA","ieu-b-4865","Total Testosterone || id:ieu-b-4865",true,"reported","igd",2,true,"NA",0.000940815,187.9323562]
[137,"rs79717793","A","G","A","G",-0.049049,0.0277609,0.15367,0.142137,false,false,false,"oi4W9W",5220304,0.497692,0.0409378,"outcome",true,"reported","textfile",82,10,5262267,0.00429007,{"v":2.9e-30,"d":"2.90E-30"},"NA","ieu-b-4865","Total Testosterone || id:ieu-b-4865",true,"reported","igd",2,true,"NA",0.000625776,124.9625051]
[138,"rs80138475","T","C","T","C",-0.0301926,0.00909594,0.112799,0.121505,false,false,false,"oi4W9W",54009161,0.835739,0.0438683,"outcome",true,"reported","textfile",50,5,53304991,0.00490831,{"v":7.7e-10,"d":"7.70E-10"},"NA","ieu-b-4865","Total Testosterone || id:ieu-b-4865",true,"reported","igd",2,true,"NA",0.000182456,36.41885355]
[139,"rs8057818","A","G","A","G",0.032826,0.0107418,0.074137,0.0665654,false,false,false,"oi4W9W",1705415,0.850927,0.0571567,"outcome",true,"reported","textfile",139,16,1755416,0.00593077,{"v":3.1e-8,"d":"3.10E-08"},"NA","ieu-b-4865","Total Testosterone || id:ieu-b-4865",true,"reported","igd",2,true,"NA",0.000147927,29.52572975]
[140,"rs8059151","G","T","G","T",0.0251301,0.0413855,0.814692,0.830771,false,false,false,"oi4W9W",4621728,0.277404,0.0381022,"outcome",true,"reported","textfile",137,16,4671729,0.00399167,{"v":3.1e-10,"d":"3.10E-10"},"NA","ieu-b-4865","Total Testosterone || id:ieu-b-4865",true,"reported","igd",2,true,"NA",0.00019068,38.06077243]
[141,"rs8107967","G","A","G","A",0.0206551,0.00517101,0.565602,0.50922,false,false,false,"oi4W9W",7907730,0.856422,0.0285801,"outcome",true,"reported","textfile",156,19,7972615,0.00312109,{"v":3.6e-11,"d":"3.60E-11"},"NA","ieu-b-4865","Total Testosterone || id:ieu-b-4865",true,"reported","igd",2,true,"NA",0.000209644,41.84688532]
[142,"rs9379802","A","T","A","T",0.0198,-0.0307999,0.402414,0.416277,false,true,false,"oi4W9W",25933670,0.288362,0.0290094,"outcome",true,"reported","textfile",61,6,25933898,0.00315571,{"v":3.5e-10,"d":"3.50E-10"},"NA","ieu-b-4865","Total Testosterone || id:ieu-b-4865",true,"reported","igd",2,true,"NA",0.000188553,37.63608981]
[143,"rs9426823","G","A","G","A",0.0197641,0.048396,0.698313,0.671976,false,false,false,"oi4W9W",154596189,0.112235,0.0304717,"outcome",true,"reported","textfile",7,1,154568665,0.00336807,{"v":4.4e-9,"d":"4.40E-09"},"NA","ieu-b-4865","Total Testosterone || id:ieu-b-4865",true,"reported","igd",2,true,"NA",0.000164585,32.8511833]
[144,"rs9495551","T","C","T","C",-0.025757,-0.00471344,0.219571,0.267444,false,false,false,"oi4W9W",99788450,0.883916,0.0322823,"outcome",true,"reported","textfile",57,6,100236326,0.0037413,{"v":5.8e-12,"d":"5.80E-12"},"NA","ieu-b-4865","Total Testosterone || id:ieu-b-4865",true,"reported","igd",2,true,"NA",0.000227368,45.38542588]
[145,"rs9970140","G","A","G","A",0.0431746,-0.0305981,0.075272,0.0805349,false,false,false,"oi4W9W",61218616,0.562156,0.0527879,"outcome",true,"reported","textfile",11,1,61684288,0.00588059,{"v":2.1e-13,"d":"2.10E-13"},"NA","ieu-b-4865","Total Testosterone || id:ieu-b-4865",true,"reported","igd",2,true,"NA",0.000259498,51.8006902]
[146,"rs9986829","A","G","A","G",0.042141,-0.0212279,0.507335,0.564349,false,false,false,"oi4W9W",14979634,0.46154,0.02883,"outcome",true,"reported","textfile",66,7,15019259,0.00310962,{"v":7.7e-42,"d":"7.70E-42"},"NA","ieu-b-4865","Total Testosterone || id:ieu-b-4865",true,"reported","igd",2,true,"NA",0.000887741,177.3211934]

{"sheet":"TT(females)","index":8,"n_rows":98,"n_cols":37,"rows_kept":98}
[null,"SNP","effect_allele.exposure","other_allele.exposure","effect_allele.outcome","other_allele.outcome","beta.exposure","beta.outcome","eaf.exposure","eaf.outcome","remove","palindromic","ambiguous","id.outcome","pos.outcome","pval.outcome","se.outcome","outcome","mr_keep.outcome","pval_origin.outcome","data_source.outcome","...1","chr.exposure","pos.exposure","se.exposure","pval.exposure","samplesize.exposure","id.exposure","exposure","mr_keep.exposure","pval_origin.exposure","data_source.exposure","action","mr_keep","samplesize.outcome","R2","F"]
[1,"rs10184382","T","C","T","C",0.0202495,-0.00435716,0.446216,0.394778,false,false,false,"yv5npG",20077309,0.881874,0.0293227,"outcome",true,"reported","textfile",23,2,20277070,0.00318279,{"v":2e-10,"d":"2.00E-10"},"NA","ieu-b-4864","Total Testosterone || id:ieu-b-4864",true,"reported","igd",2,true,"NA",0.000202649,40.45022052]
[2,"rs10817260","T","C","T","C",-0.0376605,-0.0154672,0.189333,0.300517,false,false,false,"yv5npG",112066052,0.624008,0.0315542,"outcome",true,"reported","textfile",66,9,114828332,0.00409337,{"v":3.6e-20,"d":"3.60E-20"},"NA","ieu-b-4864","Total Testosterone || id:ieu-b-4864",true,"reported","igd",2,true,"NA",0.000435383,86.92582556]
[3,"rs10822145","T","C","T","C",0.0236448,-0.000749592,0.477824,0.484105,false,false,false,"yv5npG",63174788,0.979075,0.0285798,"outcome",true,"reported","textfile",69,10,64934548,0.00314749,{"v":5.8e-14,"d":"5.80E-14"},"NA","ieu-b-4864","Total Testosterone || id:ieu-b-4864",true,"reported","igd",2,true,"NA",0.000278988,55.69241632]
[4,"rs10852974","C","G","C","G",-0.0189962,-0.00387338,0.621293,0.613221,false,true,false,"yv5npG",55295205,0.894874,0.0293128,"outcome",true,"reported","textfile",102,17,53372566,0.00325442,{"v":5.3e-9,"d":"5.30E-09"},"NA","ieu-b-4864","Total Testosterone || id:ieu-b-4864",true,"reported","igd",2,true,"NA",0.00016981,33.89422735]
[5,"rs10866828","T","C","T","C",0.0225307,-0.00160072,0.256742,0.268659,false,false,false,"yv5npG",23544021,0.960308,0.0321645,"outcome",true,"reported","textfile",61,8,23401534,0.00362035,{"v":4.9e-10,"d":"4.90E-10"},"NA","ieu-b-4864","Total Testosterone || id:ieu-b-4864",true,"reported","igd",2,true,"NA",0.000193738,38.67129845]
[6,"rs10882525","T","A","T","A",-0.0193228,-0.0343474,0.336913,0.305167,false,true,false,"yv5npG",95065575,0.267857,0.0309991,"outcome",true,"reported","textfile",73,10,96825332,0.0033166,{"v":5.7e-9,"d":"5.70E-09"},"NA","ieu-b-4864","Total Testosterone || id:ieu-b-4864",true,"reported","igd",2,true,"NA",0.000166824,33.2981098]
[7,"rs11031005","C","T","C","T",0.0273306,0.0661359,0.143584,0.167509,false,false,false,"yv5npG",30204809,0.0837915,0.0382487,"outcome",true,"reported","textfile",75,11,30226356,0.00450042,{"v":1.3e-9,"d":"1.30E-09"},"NA","ieu-b-4864","Total Testosterone || id:ieu-b-4864",true,"reported","igd",2,true,"NA",0.000183704,36.66803742]
[8,"rs111903103","T","C","T","C",-0.0443855,0.0285628,0.042153,0.02904,false,false,false,"yv5npG",118437784,0.739455,0.0858837,"outcome",true,"reported","textfile",76,11,118308499,0.00792843,{"v":2.2e-8,"d":"2.20E-08"},"NA","ieu-b-4864","Total Testosterone || id:ieu-b-4864",true,"reported","igd",2,true,"NA",0.000159088,31.75372548]
[9,"rs1119208","T","C","T","C",-0.0260057,-0.0072844,0.34923,0.433773,false,false,false,"yv5npG",77192788,0.800605,0.0288418,"outcome",true,"reported","textfile",43,5,76488613,0.00330484,{"v":3.6e-15,"d":"3.60E-15"},"NA","ieu-b-4864","Total Testosterone || id:ieu-b-4864",true,"reported","igd",2,true,"NA",0.000307402,61.36608431]
[10,"rs11249524","C","T","C","T",-0.0255226,0.000129978,0.454115,0.567295,false,false,false,"yv5npG",69080653,0.996406,0.0288525,"outcome",true,"reported","textfile",36,4,69946371,0.00315437,{"v":5.9e-16,"d":"5.90E-16"},"NA","ieu-b-4864","Total Testosterone || id:ieu-b-4864",true,"reported","igd",2,true,"NA",0.000322959,64.47269772]
[11,"rs1134095","A","G","A","G",-0.0363996,-0.0250085,0.553618,0.618685,false,false,false,"yv5npG",142872874,0.395447,0.0294294,"outcome",true,"reported","textfile",63,8,143954290,0.00315509,{"v":8.6e-31,"d":"8.60E-31"},"NA","ieu-b-4864","Total Testosterone || id:ieu-b-4864",true,"reported","igd",2,true,"NA",0.000654847,130.7715623]
[12,"rs11673591","T","A","T","A",-0.0269222,-0.000225063,0.746085,0.715361,false,true,false,"yv5npG",41480023,0.994327,0.0316564,"outcome",true,"reported","textfile",109,19,41985931,0.00361847,{"v":1e-13,"d":"1.00E-13"},"NA","ieu-b-4864","Total Testosterone || id:ieu-b-4864",true,"reported","igd",2,true,"NA",0.000274617,54.81958761]
[13,"rs11676745","C","G","C","G",0.0209746,-0.0674675,0.660983,0.624831,false,true,false,"yv5npG",43055825,0.0223326,0.0295306,"outcome",true,"reported","textfile",18,2,43282963,0.00332892,{"v":3e-10,"d":"3.00E-10"},"NA","ieu-b-4864","Total Testosterone || id:ieu-b-4864",true,"reported","igd",2,true,"NA",0.000197165,39.35532483]
[14,"rs11683263","C","T","C","T",-0.0178057,0.0549989,0.512373,0.588124,false,false,false,"yv5npG",62311546,0.0590813,0.0291371,"outcome",true,"reported","textfile",14,2,62538681,0.00316275,{"v":1.8e-8,"d":"1.80E-08"},"NA","ieu-b-4864","Total Testosterone || id:ieu-b-4864",true,"reported","igd",2,true,"NA",0.000158424,31.62129248]
[15,"rs11683361","G","C","G","C",0.0264912,-0.00561737,0.807018,0.775197,false,true,false,"yv5npG",111622982,0.869517,0.0341955,"outcome",true,"reported","textfile",16,2,112380559,0.0039906,{"v":3.2e-11,"d":"3.20E-11"},"NA","ieu-b-4864","Total Testosterone || id:ieu-b-4864",true,"reported","igd",2,true,"NA",0.000218592,43.633189]
[16,"rs1171617","T","G","T","G",0.041289,-0.108839,0.770347,0.839754,false,false,false,"yv5npG",59707424,0.0039326,0.0377453,"outcome",true,"reported","textfile",70,10,61467182,0.00373885,{"v":2.4e-28,"d":"2.40E-28"},"NA","ieu-b-4864","Total Testosterone || id:ieu-b-4864",true,"reported","igd",2,true,"NA",0.000603194,120.4503359]
[17,"rs117327231","A","C","A","C",0.144653,0.304933,0.023715,0.00287794,false,false,false,"yv5npG",74249401,0.258004,0.269585,"outcome",true,"reported","textfile",103,18,71916636,0.0103323,{"v":1.6e-44,"d":"1.60E-44"},"NA","ieu-b-4864","Total Testosterone || id:ieu-b-4864",true,"reported","igd",2,true,"NA",0.000968913,193.5505268]
[18,"rs11774829","A","T","A","T",0.0466002,-0.0366845,0.1019,0.155086,false,true,false,"yv5npG",104966140,0.354379,0.0396106,"outcome",true,"reported","textfile",62,8,105978368,0.00525458,{"v":7.4e-19,"d":"7.40E-19"},"NA","ieu-b-4864","Total Testosterone || id:ieu-b-4864",true,"reported","igd",2,true,"NA",0.00039747,79.35345117]
[19,"rs11892043","G","A","G","A",-0.0245709,0.0380463,0.270918,0.325175,false,false,false,"yv5npG",24767213,0.212249,0.0305003,"outcome",true,"reported","textfile",15,2,24990082,0.00353304,{"v":3.5e-12,"d":"3.50E-12"},"NA","ieu-b-4864","Total Testosterone || id:ieu-b-4864",true,"reported","igd",2,true,"NA",0.000238499,47.60786234]
[20,"rs12091273","T","C","T","C",-0.0216015,0.0368364,0.204702,0.191954,false,false,false,"yv5npG",155959771,0.311678,0.0364101,"outcome",true,"reported","textfile",6,1,155929562,0.00388952,{"v":2.8e-8,"d":"2.80E-08"},"NA","ieu-b-4864","Total Testosterone || id:ieu-b-4864",true,"reported","igd",2,true,"NA",0.000151932,30.32525824]
[21,"rs12143068","G","A","G","A",-0.0246428,0.00317755,0.252539,0.231466,false,false,false,"yv5npG",112595488,0.925329,0.0339035,"outcome",true,"reported","textfile",10,1,113138110,0.00360971,{"v":8.7e-12,"d":"8.70E-12"},"NA","ieu-b-4864","Total Testosterone || id:ieu-b-4864",true,"reported","igd",2,true,"NA",0.000229259,45.76309628]
[22,"rs1214759","G","A","G","A",0.0324661,-0.0874299,0.679056,0.694808,false,false,false,"yv5npG",43385242,0.00408338,0.0304459,"outcome",true,"reported","textfile",52,6,43352980,0.00336783,{"v":5.4e-22,"d":"5.40E-22"},"NA","ieu-b-4864","Total Testosterone || id:ieu-b-4864",true,"reported","igd",2,true,"NA",0.000459436,91.73042313]
[23,"rs12436785","C","T","C","T",0.0290759,-0.022453,0.419242,0.410567,false,false,false,"yv5npG",98084153,0.439724,0.0290594,"outcome",true,"reported","textfile",88,14,98550490,0.00318676,{"v":7.2e-20,"d":"7.20E-20"},"NA","ieu-b-4864","Total Testosterone || id:ieu-b-4864",true,"reported","igd",2,true,"NA",0.000411677,82.19092504]
[24,"rs1260326","C","T","C","T",0.0280491,-0.0432614,0.608239,0.650744,false,false,false,"yv5npG",27508073,0.150125,0.0300616,"outcome",true,"reported","textfile",17,2,27730940,0.00321756,{"v":2.8e-18,"d":"2.80E-18"},"NA","ieu-b-4864","Total Testosterone || id:ieu-b-4864",true,"reported","igd",2,true,"NA",0.000374941,74.85398306]
[25,"rs12658172","C","G","C","G",-0.0416447,0.0178308,0.156772,0.153339,false,true,false,"yv5npG",124869692,0.654957,0.0399002,"outcome",true,"reported","textfile",42,5,124205385,0.00438517,{"v":2.2e-21,"d":"2.20E-21"},"NA","ieu-b-4864","Total Testosterone || id:ieu-b-4864",true,"reported","igd",2,true,"NA",0.000458525,91.54842957]
[26,"rs12683780","C","A","C","A",-0.0274871,-0.0254258,0.330274,0.376711,false,false,false,"yv5npG",16252809,0.392138,0.0297118,"outcome",true,"reported","textfile",65,9,16252807,0.00343951,{"v":1.3e-15,"d":"1.30E-15"},"NA","ieu-b-4864","Total Testosterone || id:ieu-b-4864",true,"reported","igd",2,true,"NA",0.000334241,66.72572453]
[27,"rs1296527","C","T","C","T",-0.0252366,0.0242936,0.143278,0.122357,false,false,false,"yv5npG",68218743,0.576271,0.0434716,"outcome",true,"reported","textfile",90,14,68685460,0.00448333,{"v":1.8e-8,"d":"1.80E-08"},"NA","ieu-b-4864","Total Testosterone || id:ieu-b-4864",true,"reported","igd",2,true,"NA",0.000156355,31.20813042]
[28,"rs13022088","G","A","G","A",0.0278696,0.0269334,0.27636,0.386089,false,false,false,"yv5npG",12427811,0.359506,0.0293935,"outcome",true,"reported","textfile",22,2,12567937,0.00352747,{"v":2.8e-15,"d":"2.80E-15"},"NA","ieu-b-4864","Total Testosterone || id:ieu-b-4864",true,"reported","igd",2,true,"NA",0.000310663,62.01730426]
[29,"rs13091026","T","C","T","C",0.055697,0.0604295,0.02521,0.0451534,false,false,false,"yv5npG",27522195,0.375566,0.0681974,"outcome",true,"reported","textfile",26,3,27563686,0.0100101,{"v":2.6e-8,"d":"2.60E-08"},"NA","ieu-b-4864","Total Testosterone || id:ieu-b-4864",true,"reported","igd",2,true,"NA",0.000152468,30.4321379]
[30,"rs13153019","C","T","C","T",0.0229443,0.0149633,0.250394,0.273011,false,false,false,"yv5npG",177355217,0.640892,0.032079,"outcome",true,"reported","textfile",39,5,176782218,0.00365609,{"v":3.5e-10,"d":"3.50E-10"},"NA","ieu-b-4864","Total Testosterone || id:ieu-b-4864",true,"reported","igd",2,true,"NA",0.000197623,39.44674353]
[31,"rs1416685","C","G","C","G",-0.0181722,0.0464212,0.410058,0.245014,false,true,false,"yv5npG",50777702,0.164188,0.0333696,"outcome",true,"reported","textfile",1,1,51243374,0.00320131,{"v":1.4e-8,"d":"1.40E-08"},"NA","ieu-b-4864","Total Testosterone || id:ieu-b-4864",true,"reported","igd",2,true,"NA",0.000159772,31.89023644]
[32,"rs1453373","A","G","A","G",-0.0195434,0.0253149,0.644585,0.638223,false,false,false,"yv5npG",177356940,0.398982,0.0300138,"outcome",true,"reported","textfile",20,2,178221668,0.00327848,{"v":2.5e-9,"d":"2.50E-09"},"NA","ieu-b-4864","Total Testosterone || id:ieu-b-4864",true,"reported","igd",2,true,"NA",0.000175003,34.93099236]
[33,"rs17245822","C","A","C","A",0.0227913,-0.0525547,0.374486,0.393513,false,false,false,"yv5npG",72557556,0.0714957,0.0291595,"outcome",true,"reported","textfile",85,13,73131694,0.00328154,{"v":3.8e-12,"d":"3.80E-12"},"NA","ieu-b-4864","Total Testosterone || id:ieu-b-4864",true,"reported","igd",2,true,"NA",0.000243355,48.57750906]
[34,"rs17558745","T","C","T","C",-0.0201411,-0.0658455,0.309223,0.334879,false,false,false,"yv5npG",218375179,0.0290416,0.0301639,"outcome",true,"reported","textfile",13,1,218548521,0.00341965,{"v":3.9e-9,"d":"3.90E-09"},"NA","ieu-b-4864","Total Testosterone || id:ieu-b-4864",true,"reported","igd",2,true,"NA",0.000173303,34.59155021]
[35,"rs17677724","T","C","T","C",-0.0252101,-0.0465041,0.164125,0.120785,false,false,false,"yv5npG",128679677,0.290763,0.0440192,"outcome",true,"reported","textfile",41,5,128015370,0.00427254,{"v":3.6e-9,"d":"3.60E-09"},"NA","ieu-b-4864","Total Testosterone || id:ieu-b-4864",true,"reported","igd",2,true,"NA",0.000174379,34.80644555]
[36,"rs1788174","C","G","C","G",-0.0187586,-0.00746678,0.389472,0.382649,false,true,false,"yv5npG",100318729,0.7994,0.0293824,"outcome",true,"reported","textfile",64,8,101330957,0.00322004,{"v":5.7e-9,"d":"5.70E-09"},"NA","ieu-b-4864","Total Testosterone || id:ieu-b-4864",true,"reported","igd",2,true,"NA",0.000167345,33.40212371]
[37,"rs1889236","T","C","T","C",-0.0325784,0.0249686,0.230158,0.306077,false,false,false,"yv5npG",50289430,0.422014,0.0310968,"outcome",true,"reported","textfile",111,20,48905967,0.00374435,{"v":3.3e-18,"d":"3.30E-18"},"NA","ieu-b-4864","Total Testosterone || id:ieu-b-4864",true,"reported","igd",2,true,"NA",0.000376112,75.08778221]
[38,"rs1918975","T","C","T","C",-0.0207904,-0.0127845,0.595574,0.576932,false,false,false,"yv5npG",169462088,0.658523,0.0289271,"outcome",true,"reported","textfile",30,3,169179876,0.00320744,{"v":9.1e-11,"d":"9.10E-11"},"NA","ieu-b-4864","Total Testosterone || id:ieu-b-4864",true,"reported","igd",2,true,"NA",0.000208224,41.56326467]
[39,"rs1989147","T","C","T","C",-0.0257622,-0.0829346,0.191364,0.233662,false,false,false,"yv5npG",7849313,0.0142446,0.0338365,"outcome",true,"reported","textfile",3,1,7909373,0.00402565,{"v":1.6e-10,"d":"1.60E-10"},"NA","ieu-b-4864","Total Testosterone || id:ieu-b-4864",true,"reported","igd",2,true,"NA",0.000205404,41.0003106]
[40,"rs2142361","G","C","G","C",-0.0278877,-0.0955324,0.872389,0.903706,false,true,false,"yv5npG",16917450,0.0483025,0.0483783,"outcome",true,"reported","textfile",112,21,18289770,0.00472977,{"v":3.7e-9,"d":"3.70E-09"},"NA","ieu-b-4864","Total Testosterone || id:ieu-b-4864",true,"reported","igd",2,true,"NA",0.000173162,34.56349277]
[41,"rs2261033","G","A","G","A",0.0266542,-0.259401,0.433135,0.580572,false,false,false,"yv5npG",31635814,{"v":5.49e-20,"d":"5.49E-20"},0.0283374,"outcome",true,"reported","textfile",51,6,31603591,0.00315804,{"v":3.2e-17,"d":"3.20E-17"},"NA","ieu-b-4864","Total Testosterone || id:ieu-b-4864",true,"reported","igd",2,true,"NA",0.00034887,69.64733284]
[42,"rs2293275","C","T","C","T",-0.0189892,0.000112801,0.577365,0.572071,false,false,false,"yv5npG",48694236,0.996887,0.0289134,"outcome",true,"reported","textfile",19,2,48921375,0.00320302,{"v":3.1e-9,"d":"3.10E-09"},"NA","ieu-b-4864","Total Testosterone || id:ieu-b-4864",true,"reported","igd",2,true,"NA",0.000175978,35.12565311]
[43,"rs2342307","G","A","G","A",-0.0285088,0.00426137,0.615192,0.62936,false,false,false,"yv5npG",196215616,0.885844,0.0296824,"outcome",true,"reported","textfile",33,3,195942487,0.00326074,{"v":2.3e-18,"d":"2.30E-18"},"NA","ieu-b-4864","Total Testosterone || id:ieu-b-4864",true,"reported","igd",2,true,"NA",0.000384807,76.82428413]
[44,"rs2344744","G","T","G","T",0.0175729,-0.0184966,0.417523,0.443555,false,false,false,"yv5npG",170279471,0.51934,0.0287052,"outcome",true,"reported","textfile",54,6,170588559,0.00317656,{"v":3.2e-8,"d":"3.20E-08"},"NA","ieu-b-4864","Total Testosterone || id:ieu-b-4864",true,"reported","igd",2,true,"NA",0.000150202,29.97988912]
[45,"rs246660","T","C","T","C",0.0223277,0.0596067,0.228091,0.27166,false,false,false,"yv5npG",143044457,0.0637837,0.0321557,"outcome",true,"reported","textfile",38,5,142424022,0.00376338,{"v":3e-9,"d":"3.00E-09"},"NA","ieu-b-4864","Total Testosterone || id:ieu-b-4864",true,"reported","igd",2,true,"NA",0.000175547,35.03944353]
[46,"rs2801885","G","A","G","A",-0.0269284,0.0181452,0.269965,0.25435,false,false,false,"yv5npG",5005822,0.581202,0.0328938,"outcome",true,"reported","textfile",74,10,5048014,0.00357374,{"v":4.9e-14,"d":"4.90E-14"},"NA","ieu-b-4864","Total Testosterone || id:ieu-b-4864",true,"reported","igd",2,true,"NA",0.000285826,57.05781278]
[47,"rs3118386","C","T","C","T",0.0180973,-0.0453014,0.399294,0.430448,false,false,false,"yv5npG",68373559,0.116921,0.0288944,"outcome",true,"reported","textfile",11,1,68839242,0.003207,{"v":1.7e-8,"d":"1.70E-08"},"NA","ieu-b-4864","Total Testosterone || id:ieu-b-4864",true,"reported","igd",2,true,"NA",0.000157113,31.3595115]
[48,"rs312023","A","G","A","G",-0.0238637,-0.0137646,0.525969,0.647916,false,false,false,"yv5npG",68329581,0.647096,0.0300669,"outcome",true,"reported","textfile",77,11,68097049,0.00316332,{"v":4.6e-14,"d":"4.60E-14"},"NA","ieu-b-4864","Total Testosterone || id:ieu-b-4864",true,"reported","igd",2,true,"NA",0.00028397,56.68713683]
[49,"rs34060476","G","A","G","A",0.0438926,-0.0766854,0.135375,0.131934,false,false,false,"yv5npG",73623626,0.068661,0.0421198,"outcome",true,"reported","textfile",56,7,73037956,0.00459046,{"v":1.2e-21,"d":"1.20E-21"},"NA","ieu-b-4864","Total Testosterone || id:ieu-b-4864",true,"reported","igd",2,true,"NA",0.000451002,90.04581006]
[50,"rs34931250","T","C","T","C",-0.0440774,0.0789113,0.058979,0.0661415,false,false,false,"yv5npG",68883786,0.177796,0.0585582,"outcome",true,"reported","textfile",101,17,66879927,0.00667115,{"v":3.9e-11,"d":"3.90E-11"},"NA","ieu-b-4864","Total Testosterone || id:ieu-b-4864",true,"reported","igd",2,true,"NA",0.000215655,43.04681758]
[51,"rs35169377","C","A","C","A",-0.0186522,0.00693358,0.324346,0.389382,false,false,false,"yv5npG",23573364,0.813326,0.0293625,"outcome",true,"reported","textfile",29,3,23614855,0.00335869,{"v":2.8e-8,"d":"2.80E-08"},"NA","ieu-b-4864","Total Testosterone || id:ieu-b-4864",true,"reported","igd",2,true,"NA",0.000152484,30.43532741]
[52,"rs36032941","A","C","A","C",-0.0555401,0.01747,0.292362,0.294708,false,false,false,"yv5npG",5020560,0.579461,0.0315245,"outcome",true,"reported","textfile",72,10,5062752,0.00349001,{"v":5.1e-57,"d":"5.10E-57"},"NA","ieu-b-4864","Total Testosterone || id:ieu-b-4864",true,"reported","igd",2,true,"NA",0.001276366,255.0461562]
[53,"rs36182456","A","G","A","G",0.0518677,-0.0427249,0.78172,0.834529,false,false,false,"yv5npG",118846786,0.267399,0.0385231,"outcome",true,"reported","textfile",50,6,119167949,0.00380573,{"v":2.7e-42,"d":"2.70E-42"},"NA","ieu-b-4864","Total Testosterone || id:ieu-b-4864",true,"reported","igd",2,true,"NA",0.000918098,183.3904776]
[54,"rs371862","T","C","T","C",-0.0252504,0.0367,0.30726,0.325327,false,false,false,"yv5npG",72577799,0.227763,0.0304277,"outcome",true,"reported","textfile",81,11,72288843,0.00340521,{"v":1.2e-13,"d":"1.20E-13"},"NA","ieu-b-4864","Total Testosterone || id:ieu-b-4864",true,"reported","igd",2,true,"NA",0.000271421,54.1813015]
[55,"rs3730074","A","C","A","C",-0.0247295,0.0325911,0.151876,0.097531,false,false,false,"yv5npG",48773900,0.496381,0.0479143,"outcome",true,"reported","textfile",82,12,49167683,0.00438838,{"v":1.7e-8,"d":"1.70E-08"},"NA","ieu-b-4864","Total Testosterone || id:ieu-b-4864",true,"reported","igd",2,true,"NA",0.000157547,31.44606632]
[56,"rs3786432","T","C","T","C",0.0205054,0.00430289,0.723632,0.675442,false,false,false,"yv5npG",3813758,0.887916,0.0305297,"outcome",true,"reported","textfile",106,18,3813758,0.00352498,{"v":6e-9,"d":"6.00E-09"},"NA","ieu-b-4864","Total Testosterone || id:ieu-b-4864",true,"reported","igd",2,true,"NA",0.000168179,33.5686426]
[57,"rs3933469","A","G","A","G",0.025603,0.0244982,0.268335,0.310437,false,false,false,"yv5npG",7596184,0.427144,0.0308508,"outcome",true,"reported","textfile",100,17,7499502,0.00356876,{"v":7.3e-13,"d":"7.30E-13"},"NA","ieu-b-4864","Total Testosterone || id:ieu-b-4864",true,"reported","igd",2,true,"NA",0.000257396,51.38091577]
[58,"rs4149056","C","T","C","T",0.0267818,0.0302289,0.152701,0.201568,false,false,false,"yv5npG",21178615,0.397295,0.0357121,"outcome",true,"reported","textfile",83,12,21331549,0.00436998,{"v":8.9e-10,"d":"8.90E-10"},"NA","ieu-b-4864","Total Testosterone || id:ieu-b-4864",true,"reported","igd",2,true,"NA",0.000185604,37.04737479]
[59,"rs4245930","A","G","A","G",-0.0234395,0.00348232,0.631101,0.572992,false,false,false,"yv5npG",108117498,0.904157,0.0289201,"outcome",true,"reported","textfile",35,4,109038654,0.00325418,{"v":5.9e-13,"d":"5.90E-13"},"NA","ieu-b-4864","Total Testosterone || id:ieu-b-4864",true,"reported","igd",2,true,"NA",0.000255819,51.06612129]
[60,"rs4453027","T","G","T","G",-0.0187358,0.0168164,0.424391,0.456832,false,false,false,"yv5npG",40987781,0.559997,0.0288522,"outcome",true,"reported","textfile",7,1,41453453,0.0032145,{"v":5.6e-9,"d":"5.60E-09"},"NA","ieu-b-4864","Total Testosterone || id:ieu-b-4864",true,"reported","igd",2,true,"NA",0.000171502,34.23193412]
[61,"rs4464040","T","C","T","C",-0.0405937,0.00487284,0.148196,0.0849363,false,false,false,"yv5npG",79548215,0.924753,0.0515924,"outcome",true,"reported","textfile",92,15,79840557,0.00443873,{"v":5.9e-20,"d":"5.90E-20"},"NA","ieu-b-4864","Total Testosterone || id:ieu-b-4864",true,"reported","igd",2,true,"NA",0.000416029,83.06018107]
[62,"rs45446698","G","T","G","T",-0.312449,0.104477,0.036476,0.0518255,false,false,false,"yv5npG",99735325,0.103786,0.0642233,"outcome",true,"reported","textfile",60,7,99332948,0.0083647,{"v":1e-200,"d":"1.00E-200"},"NA","ieu-b-4864","Total Testosterone || id:ieu-b-4864",true,"reported","igd",2,true,"NA",0.006862115,1378.914052]
[63,"rs4804181","A","C","A","C",-0.0343441,0.0315524,0.777483,0.777534,false,false,false,"yv5npG",12398722,0.364505,0.0347947,"outcome",true,"reported","textfile",107,19,12509536,0.00382471,{"v":2.7e-19,"d":"2.70E-19"},"NA","ieu-b-4864","Total Testosterone || id:ieu-b-4864",true,"reported","igd",2,true,"NA",0.00040812,81.48063089]
[64,"rs505237","G","A","G","A",0.0180945,0.00263263,0.615965,0.617473,false,false,false,"yv5npG",66272940,0.928483,0.0293317,"outcome",true,"reported","textfile",2,1,66738623,0.00323481,{"v":2.2e-8,"d":"2.20E-08"},"NA","ieu-b-4864","Total Testosterone || id:ieu-b-4864",true,"reported","igd",2,true,"NA",0.000154899,30.91761734]
[65,"rs58072681","C","T","C","T",0.0895985,0.00813916,0.072484,0.0436613,false,false,false,"yv5npG",81556936,0.907094,0.0697414,"outcome",true,"reported","textfile",97,16,81590541,0.00609963,{"v":7.6e-49,"d":"7.60E-49"},"NA","ieu-b-4864","Total Testosterone || id:ieu-b-4864",true,"reported","igd",2,true,"NA",0.001079431,215.6516616]
[66,"rs58282071","G","A","G","A",-0.0506314,0.00511219,0.04734,0.0815926,false,false,false,"yv5npG",35267641,0.921955,0.0521808,"outcome",true,"reported","textfile",40,5,35267743,0.00745809,{"v":1.1e-11,"d":"1.10E-11"},"NA","ieu-b-4864","Total Testosterone || id:ieu-b-4864",true,"reported","igd",2,true,"NA",0.000231226,46.15568626]
[67,"rs590097","G","T","G","T",0.0474651,-0.0423747,0.649287,0.615161,false,false,false,"yv5npG",111176530,0.148833,0.0293522,"outcome",true,"reported","textfile",25,2,111934107,0.0032978,{"v":5.7e-47,"d":"5.70E-47"},"NA","ieu-b-4864","Total Testosterone || id:ieu-b-4864",true,"reported","igd",2,true,"NA",0.001026047,204.9754895]
[68,"rs6008259","A","G","A","G",-0.0288927,0.0114483,0.17752,0.139698,false,false,false,"yv5npG",46237885,0.781059,0.04119,"outcome",true,"reported","textfile",114,22,46633782,0.00411974,{"v":2.3e-12,"d":"2.30E-12"},"NA","ieu-b-4864","Total Testosterone || id:ieu-b-4864",true,"reported","igd",2,true,"NA",0.000243769,48.66015599]
[69,"rs61237993","A","G","A","G",0.036618,0.00437853,0.129325,0.13275,false,false,false,"yv5npG",34130437,0.917114,0.0420731,"outcome",true,"reported","textfile",67,9,34130435,0.00468973,{"v":5.8e-15,"d":"5.80E-15"},"NA","ieu-b-4864","Total Testosterone || id:ieu-b-4864",true,"reported","igd",2,true,"NA",0.000301966,60.28061698]
[70,"rs61964100","T","G","T","G",-0.0535352,0.0581316,0.032839,0.0152117,false,false,false,"yv5npG",109271935,0.625919,0.11925,"outcome",true,"reported","textfile",87,13,109924283,0.00887575,{"v":1.6e-9,"d":"1.60E-09"},"NA","ieu-b-4864","Total Testosterone || id:ieu-b-4864",true,"reported","igd",2,true,"NA",0.000182053,36.33836263]
[71,"rs629042","C","G","C","G",0.0457678,-0.0253909,0.612723,0.580203,false,true,false,"yv5npG",21744367,0.381865,0.0290359,"outcome",true,"reported","textfile",84,13,22318506,0.00323938,{"v":2.5e-45,"d":"2.50E-45"},"NA","ieu-b-4864","Total Testosterone || id:ieu-b-4864",true,"reported","igd",2,true,"NA",0.000994113,198.5896633]
[72,"rs67128646","C","A","C","A",0.0229157,0.126657,0.252906,0.26135,false,false,false,"yv5npG",30660776,{"v":7.13e-5,"d":"7.13E-05"},0.0318877,"outcome",true,"reported","textfile",96,16,30672097,0.00361809,{"v":2.4e-10,"d":"2.40E-10"},"NA","ieu-b-4864","Total Testosterone || id:ieu-b-4864",true,"reported","igd",2,true,"NA",0.000198441,39.61006473]
[73,"rs6788984","G","A","G","A",-0.0408146,0.00481751,0.14373,0.0755489,false,false,false,"yv5npG",41065682,0.92966,0.0545756,"outcome",true,"reported","textfile",27,3,41107173,0.00451461,{"v":1.6e-19,"d":"1.60E-19"},"NA","ieu-b-4864","Total Testosterone || id:ieu-b-4864",true,"reported","igd",2,true,"NA",0.000410033,81.86270283]
[74,"rs7111278","A","G","A","G",-0.0236623,-0.0434644,0.181479,0.176775,false,false,false,"yv5npG",64248812,0.245452,0.037422,"outcome",true,"reported","textfile",80,11,64016284,0.00407412,{"v":6.3e-9,"d":"6.30E-09"},"NA","ieu-b-4864","Total Testosterone || id:ieu-b-4864",true,"reported","igd",2,true,"NA",0.000166341,33.20175861]
[75,"rs72916919","G","T","G","T",0.0174596,0.0682186,0.497458,0.414966,false,false,false,"yv5npG",197627592,0.0188226,0.0290412,"outcome",true,"reported","textfile",21,2,198492316,0.00316657,{"v":3.5e-8,"d":"3.50E-08"},"NA","ieu-b-4864","Total Testosterone || id:ieu-b-4864",true,"reported","igd",2,true,"NA",0.000152415,30.42161637]
[76,"rs7521867","C","T","C","T",-0.0216021,0.0441802,0.786521,0.777883,false,false,false,"yv5npG",21759674,0.197743,0.0343012,"outcome",true,"reported","textfile",4,1,22086167,0.00383093,{"v":1.7e-8,"d":"1.70E-08"},"NA","ieu-b-4864","Total Testosterone || id:ieu-b-4864",true,"reported","igd",2,true,"NA",0.000156707,31.27837726]
[77,"rs75287599","T","C","T","C",0.036683,-0.0123068,0.078047,0.140715,false,false,false,"yv5npG",49013883,0.76405,0.0409998,"outcome",true,"reported","textfile",108,19,49517140,0.00587387,{"v":4.2e-10,"d":"4.20E-10"},"NA","ieu-b-4864","Total Testosterone || id:ieu-b-4864",true,"reported","igd",2,true,"NA",0.000193653,38.65427417]
[78,"rs7575635","T","C","T","C",-0.0323923,0.0062602,0.193928,0.180945,false,false,false,"yv5npG",43288288,0.865547,0.0369733,"outcome",true,"reported","textfile",24,2,43515427,0.0039782,{"v":3.9e-16,"d":"3.90E-16"},"NA","ieu-b-4864","Total Testosterone || id:ieu-b-4864",true,"reported","igd",2,true,"NA",0.000328041,65.4876099]
[79,"rs76021834","G","A","G","A",0.0196037,0.03631,0.292127,0.393545,false,false,false,"yv5npG",75977837,0.215307,0.0293034,"outcome",true,"reported","textfile",57,7,75607155,0.00346804,{"v":1.6e-8,"d":"1.60E-08"},"NA","ieu-b-4864","Total Testosterone || id:ieu-b-4864",true,"reported","igd",2,true,"NA",0.00015894,31.72421603]
[80,"rs7618363","G","C","G","C",-0.0305355,-0.0286087,0.15741,0.118763,false,true,false,"yv5npG",10503441,0.519188,0.0443823,"outcome",true,"reported","textfile",31,3,10545125,0.00432142,{"v":1.6e-12,"d":"1.60E-12"},"NA","ieu-b-4864","Total Testosterone || id:ieu-b-4864",true,"reported","igd",2,true,"NA",0.000247337,49.37246898]
[81,"rs7633673","A","G","A","G",-0.0212506,-0.0529273,0.405397,0.254586,false,false,false,"yv5npG",152366454,0.107698,0.0329022,"outcome",true,"reported","textfile",32,3,152084243,0.00319504,{"v":2.9e-11,"d":"2.90E-11"},"NA","ieu-b-4864","Total Testosterone || id:ieu-b-4864",true,"reported","igd",2,true,"NA",0.000217711,43.45735655]
[82,"rs76505784","C","T","C","T",-0.0687077,-0.0531367,0.032487,0.00935884,false,false,false,"yv5npG",74356513,0.726109,0.151687,"outcome",true,"reported","textfile",105,18,72023748,0.00902254,{"v":2.6e-14,"d":"2.60E-14"},"NA","ieu-b-4864","Total Testosterone || id:ieu-b-4864",true,"reported","igd",2,true,"NA",0.000296761,59.24133877]
[83,"rs77822621","T","C","T","C",0.0446695,-0.0866011,0.042412,0.011903,false,false,false,"yv5npG",1014424,0.520118,0.134649,"outcome",true,"reported","textfile",34,4,1008212,0.00784146,{"v":1.2e-8,"d":"1.20E-08"},"NA","ieu-b-4864","Total Testosterone || id:ieu-b-4864",true,"reported","igd",2,true,"NA",0.000162076,32.35033255]
[84,"rs784420","G","A","G","A",0.0276032,-0.0476741,0.292025,0.290194,false,false,false,"yv5npG",78691701,0.13159,0.031617,"outcome",true,"reported","textfile",44,5,77987524,0.00345106,{"v":1.3e-15,"d":"1.30E-15"},"NA","ieu-b-4864","Total Testosterone || id:ieu-b-4864",true,"reported","igd",2,true,"NA",0.000315055,62.89445988]
[85,"rs78816356","A","G","A","G",0.0333871,0.0778889,0.099103,0.121637,false,false,false,"yv5npG",1373379,0.075856,0.0438748,"outcome",true,"reported","textfile",47,6,1373614,0.00530437,{"v":3.1e-10,"d":"3.10E-10"},"NA","ieu-b-4864","Total Testosterone || id:ieu-b-4864",true,"reported","igd",2,true,"NA",0.000199044,39.7305443]
[86,"rs78865787","G","A","G","A",-0.0581436,-0.00658505,0.033811,0.0602102,false,false,false,"yv5npG",4106808,0.912755,0.060102,"outcome",true,"reported","textfile",95,16,4156809,0.00868934,{"v":2.2e-11,"d":"2.20E-11"},"NA","ieu-b-4864","Total Testosterone || id:ieu-b-4864",true,"reported","igd",2,true,"NA",0.000220879,44.08984802]
[87,"rs79586456","A","G","A","G",0.0736444,0.0895432,0.067076,0.0323666,false,false,false,"yv5npG",63146110,0.269847,0.081151,"outcome",true,"reported","textfile",79,11,62913582,0.00630972,{"v":1.8e-31,"d":"1.80E-31"},"NA","ieu-b-4864","Total Testosterone || id:ieu-b-4864",true,"reported","igd",2,true,"NA",0.00067877,135.5521745]
[88,"rs8044524","A","G","A","G",-0.0240018,0.0134463,0.60121,0.640723,false,false,false,"yv5npG",81570166,0.651676,0.0297857,"outcome",true,"reported","textfile",99,16,81603771,0.00321801,{"v":8.7e-14,"d":"8.70E-14"},"NA","ieu-b-4864","Total Testosterone || id:ieu-b-4864",true,"reported","igd",2,true,"NA",0.000276241,55.14381281]
[89,"rs8093038","C","T","C","T",-0.0442243,0.0695804,0.100013,0.0919745,false,false,false,"yv5npG",74368947,0.163307,0.049913,"outcome",true,"reported","textfile",104,18,72036182,0.00526395,{"v":4.4e-17,"d":"4.40E-17"},"NA","ieu-b-4864","Total Testosterone || id:ieu-b-4864",true,"reported","igd",2,true,"NA",0.000352083,70.28882522]
[90,"rs8111359","T","C","T","C",-0.0610807,0.00231755,0.093472,0.163735,false,false,false,"yv5npG",10360786,0.952268,0.0387173,"outcome",true,"reported","textfile",110,19,10471462,0.0054744,{"v":6.6e-29,"d":"6.60E-29"},"NA","ieu-b-4864","Total Testosterone || id:ieu-b-4864",true,"reported","igd",2,true,"NA",0.000632267,126.2595307]
[91,"rs850294","T","C","T","C",0.0452636,0.0413251,0.114183,0.0726343,false,false,false,"yv5npG",123566961,0.455608,0.0553881,"outcome",true,"reported","textfile",78,11,123437669,0.00497962,{"v":9.9e-20,"d":"9.90E-20"},"NA","ieu-b-4864","Total Testosterone || id:ieu-b-4864",true,"reported","igd",2,true,"NA",0.000414451,82.74512192]
[92,"rs928008","G","A","G","A",0.0175667,-0.0198047,0.502023,0.583085,false,false,false,"yv5npG",157774663,0.495484,0.0290557,"outcome",true,"reported","textfile",53,6,158195695,0.00315747,{"v":2.6e-8,"d":"2.60E-08"},"NA","ieu-b-4864","Total Testosterone || id:ieu-b-4864",true,"reported","igd",2,true,"NA",0.000154292,30.79633294]
[93,"rs9527","T","C","T","C",-0.0330583,0.041665,0.240105,0.21448,false,false,false,"yv5npG",102863821,0.231626,0.0348317,"outcome",true,"reported","textfile",71,10,104623578,0.00368164,{"v":2.7e-19,"d":"2.70E-19"},"NA","ieu-b-4864","Total Testosterone || id:ieu-b-4864",true,"reported","igd",2,true,"NA",0.000398791,79.61736055]
[94,"rs9599996","G","T","G","T",-0.0179544,0.00249418,0.400732,0.38308,false,false,false,"yv5npG",72629673,0.932419,0.029412,"outcome",true,"reported","textfile",86,13,73203811,0.00322886,{"v":2.7e-8,"d":"2.70E-08"},"NA","ieu-b-4864","Total Testosterone || id:ieu-b-4864",true,"reported","igd",2,true,"NA",0.000154827,30.90315888]
[95,"rs9642092","T","C","T","C",0.0432338,-0.0291176,0.79399,0.803402,false,false,false,"yv5npG",138114577,0.418301,0.0359756,"outcome",true,"reported","textfile",55,7,137799323,0.0038906,{"v":1.1e-28,"d":"1.10E-28"},"NA","ieu-b-4864","Total Testosterone || id:ieu-b-4864",true,"reported","igd",2,true,"NA",0.000611477,122.1053014]
[96,"rs9686661","T","C","T","C",-0.0227385,0.0309793,0.199021,0.13414,false,false,false,"yv5npG",56565959,0.460391,0.0419659,"outcome",true,"reported","textfile",45,5,55861786,0.00393417,{"v":7.5e-9,"d":"7.50E-09"},"NA","ieu-b-4864","Total Testosterone || id:ieu-b-4864",true,"reported","igd",2,true,"NA",0.000164844,32.90288498]
[97,"rs974801","G","A","G","A",0.0233453,0.000527773,0.367299,0.383519,false,false,false,"yv5npG",105149907,0.985636,0.0293158,"outcome",true,"reported","textfile",37,4,106071064,0.00325992,{"v":8e-13,"d":"8.00E-13"},"NA","ieu-b-4864","Total Testosterone || id:ieu-b-4864",true,"reported","igd",2,true,"NA",0.000253307,50.56452519]

{"sheet":"BT","index":9,"n_rows":95,"n_cols":36,"rows_kept":95}
[null,"SNP","effect_allele.exposure","other_allele.exposure","effect_allele.outcome","other_allele.outcome","beta.exposure","beta.outcome","eaf.exposure","eaf.outcome","remove","palindromic","ambiguous","id.outcome","pos.outcome","pval.outcome","se.outcome","outcome","mr_keep.outcome","pval_origin.outcome","data_source.outcome","chr.exposure","pos.exposure","se.exposure","pval.exposure","samplesize.exposure","id.exposure","exposure","mr_keep.exposure","pval_origin.exposure","data_source.exposure","action","mr_keep","samplesize.outcome","R2","F"]
[1,"rs10192634","T","C","T","C",0.0166649,-0.0488881,0.268761,0.295144,false,false,false,"JQCsBY",179636223,0.118532,0.0313191,"outcome",true,"reported","textfile",2,180500950,0.00225554,{"v":4.5e-13,"d":"4.50E-13"},382988,"ebi-a-GCST90012104","Bioavailable testosterone levels || id:ebi-a-GCST90012104",true,"reported","igd",2,true,"NA",0.000109159,41.81107392]
[2,"rs10212007","G","C","G","C",0.01963,0.0153003,0.090377,0.104517,false,true,false,"JQCsBY",28164160,0.742321,0.0465363,"outcome",true,"reported","textfile",22,28560148,0.00348949,{"v":3.1e-8,"d":"3.10E-08"},382988,"ebi-a-GCST90012104","Bioavailable testosterone levels || id:ebi-a-GCST90012104",true,"reported","igd",2,true,"NA",{"v":6.33563e-5,"d":"6.34E-05"},24.26612128]
[3,"rs10279715","G","A","G","A",-0.014209,-0.0363567,0.46265,0.478941,false,false,false,"JQCsBY",40831336,0.204319,0.0286422,"outcome",true,"reported","textfile",7,40870935,0.0020076,{"v":1.3e-12,"d":"1.30E-12"},382988,"ebi-a-GCST90012104","Bioavailable testosterone levels || id:ebi-a-GCST90012104",true,"reported","igd",2,true,"NA",0.000100385,38.44973414]
[4,"rs10445374","C","T","C","T",-0.0194906,0.00299019,0.513897,0.533447,false,false,false,"JQCsBY",47585017,0.91665,0.028572,"outcome",true,"reported","textfile",17,45662383,0.00199961,{"v":4.8e-22,"d":"4.80E-22"},382988,"ebi-a-GCST90012104","Bioavailable testosterone levels || id:ebi-a-GCST90012104",true,"reported","igd",2,true,"NA",0.000189795,72.70263143]
[5,"rs1050541","G","T","G","T",-0.0304246,0.0394897,0.556976,0.544464,false,false,false,"JQCsBY",7657517,0.17162,0.0288875,"outcome",true,"reported","textfile",17,7560835,0.00206597,{"v":8.4e-49,"d":"8.40E-49"},382988,"ebi-a-GCST90012104","Bioavailable testosterone levels || id:ebi-a-GCST90012104",true,"reported","igd",2,true,"NA",0.000456818,175.0349696]
[6,"rs10745954","G","A","G","A",0.0129654,-0.00288317,0.480447,0.619952,false,false,false,"JQCsBY",103089316,0.922043,0.0294619,"outcome",true,"reported","textfile",12,103483094,0.00199861,{"v":6.1e-11,"d":"6.10E-11"},382988,"ebi-a-GCST90012104","Bioavailable testosterone levels || id:ebi-a-GCST90012104",true,"reported","igd",2,true,"NA",{"v":8.39223e-5,"d":"8.39E-05"},32.1437488]
[7,"rs10978435","C","T","C","T",-0.0175351,-0.0213267,0.315582,0.335858,false,false,false,"JQCsBY",106186878,0.480899,0.0302568,"outcome",true,"reported","textfile",9,108949159,0.00215378,{"v":4.8e-16,"d":"4.80E-16"},382988,"ebi-a-GCST90012104","Bioavailable testosterone levels || id:ebi-a-GCST90012104",true,"reported","igd",2,true,"NA",0.000132825,50.87690972]
[8,"rs112295236","G","C","G","C",0.0313604,0.088908,0.063633,0.0319992,false,true,false,"JQCsBY",63147874,0.275153,0.0814719,"outcome",true,"reported","textfile",11,62915346,0.00411368,{"v":2.3e-14,"d":"2.30E-14"},382988,"ebi-a-GCST90012104","Bioavailable testosterone levels || id:ebi-a-GCST90012104",true,"reported","igd",2,true,"NA",0.000117198,44.89060734]
[9,"rs11240695","A","C","A","C",0.0183046,-0.0596374,0.246864,0.219352,false,false,false,"JQCsBY",204189004,0.0828533,0.0343858,"outcome",true,"reported","textfile",1,204158132,0.00231952,{"v":1.8e-15,"d":"1.80E-15"},382988,"ebi-a-GCST90012104","Bioavailable testosterone levels || id:ebi-a-GCST90012104",true,"reported","igd",2,true,"NA",0.00012459,47.72200273]
[10,"rs113017476","A","G","A","G",0.0874817,-0.21799,0.039246,0.0237589,false,false,false,"JQCsBY",31764290,0.021457,0.0947847,"outcome",true,"reported","textfile",2,31989359,0.00518438,{"v":7.8e-65,"d":"7.80E-65"},382988,"ebi-a-GCST90012104","Bioavailable testosterone levels || id:ebi-a-GCST90012104",true,"reported","igd",2,true,"NA",0.000577128,221.1595201]
[11,"rs114165349","C","G","C","G",0.053148,-0.0477202,0.023414,0.0375675,false,true,false,"JQCsBY",26695422,0.525379,0.075141,"outcome",true,"reported","textfile",1,27021913,0.00663973,{"v":4e-16,"d":"4.00E-16"},382988,"ebi-a-GCST90012104","Bioavailable testosterone levels || id:ebi-a-GCST90012104",true,"reported","igd",2,true,"NA",0.000129178,49.47991675]
[12,"rs115260227","G","A","G","A",-0.111876,0.155449,0.011906,0.000402633,false,false,false,"JQCsBY",103853541,0.839276,0.766439,"outcome",true,"reported","textfile",4,104774698,0.00962046,{"v":2.4e-31,"d":"2.40E-31"},382988,"ebi-a-GCST90012104","Bioavailable testosterone levels || id:ebi-a-GCST90012104",true,"reported","igd",2,true,"NA",0.000294488,112.8181071]
[13,"rs11588341","G","A","G","A",-0.0120369,0.0261351,0.572418,0.613098,false,false,false,"JQCsBY",16171553,0.372938,0.0293329,"outcome",true,"reported","textfile",1,16498048,0.00202753,{"v":2.3e-9,"d":"2.30E-09"},382988,"ebi-a-GCST90012104","Bioavailable testosterone levels || id:ebi-a-GCST90012104",true,"reported","igd",2,true,"NA",{"v":7.09238e-5,"d":"7.09E-05"},27.16474913]
[14,"rs11621792","T","C","T","C",0.01275,-0.00687113,0.453191,0.368081,false,false,false,"JQCsBY",24402720,0.816529,0.0296155,"outcome",true,"reported","textfile",14,24871926,0.00201949,{"v":2.1e-10,"d":"2.10E-10"},382988,"ebi-a-GCST90012104","Bioavailable testosterone levels || id:ebi-a-GCST90012104",true,"reported","igd",2,true,"NA",{"v":8.05689e-5,"d":"8.06E-05"},30.85923719]
[15,"rs11919691","G","A","G","A",-0.0132684,-0.0208738,0.379649,0.4062,false,false,false,"JQCsBY",86733432,0.474563,0.0291911,"outcome",true,"reported","textfile",3,86782582,0.00205777,{"v":2.9e-10,"d":"2.90E-10"},382988,"ebi-a-GCST90012104","Bioavailable testosterone levels || id:ebi-a-GCST90012104",true,"reported","igd",2,true,"NA",{"v":8.29253e-5,"d":"8.29E-05"},31.76184836]
[16,"rs12347838","C","T","C","T",-0.0175311,-0.0212237,0.315497,0.335827,false,false,false,"JQCsBY",106187315,0.483008,0.0302559,"outcome",true,"reported","textfile",9,108949596,0.0021541,{"v":5.1e-16,"d":"5.10E-16"},382988,"ebi-a-GCST90012104","Bioavailable testosterone levels || id:ebi-a-GCST90012104",true,"reported","igd",2,true,"NA",0.000132745,50.84631371]
[17,"rs1264332","C","G","C","G",0.0233666,-0.18861,0.352643,0.381549,false,true,false,"JQCsBY",30877786,{"v":1.79e-10,"d":"1.79E-10"},0.0295723,"outcome",true,"reported","textfile",6,30845563,0.00209381,{"v":2.2e-22,"d":"2.20E-22"},382988,"ebi-a-GCST90012104","Bioavailable testosterone levels || id:ebi-a-GCST90012104",true,"reported","igd",2,true,"NA",0.000249287,95.4973535]
[18,"rs12658172","C","G","C","G",-0.018886,0.0178308,0.158086,0.153339,false,true,false,"JQCsBY",124869692,0.654957,0.0399002,"outcome",true,"reported","textfile",5,124205385,0.00277283,{"v":3.3e-12,"d":"3.30E-12"},382988,"ebi-a-GCST90012104","Bioavailable testosterone levels || id:ebi-a-GCST90012104",true,"reported","igd",2,true,"NA",{"v":9.49448e-5,"d":"9.49E-05"},36.36597561]
[19,"rs12796488","A","C","A","C",-0.0248549,0.0772645,0.175913,0.150596,false,false,false,"JQCsBY",94398391,0.0535069,0.0400167,"outcome",true,"reported","textfile",11,94131557,0.00262245,{"v":3.7e-21,"d":"3.70E-21"},382988,"ebi-a-GCST90012104","Bioavailable testosterone levels || id:ebi-a-GCST90012104",true,"reported","igd",2,true,"NA",0.000179112,68.6097327]
[20,"rs12940654","G","A","G","A",-0.0255154,0.0192623,0.913443,0.801902,false,false,false,"JQCsBY",7364918,0.593256,0.0360634,"outcome",true,"reported","textfile",17,7268237,0.0036055,{"v":2.6e-13,"d":"2.60E-13"},382988,"ebi-a-GCST90012104","Bioavailable testosterone levels || id:ebi-a-GCST90012104",true,"reported","igd",2,true,"NA",0.000102948,39.43174679]
[21,"rs13028479","T","G","T","G",-0.0184182,-0.0170803,0.553305,0.595967,false,false,false,"JQCsBY",11571949,0.559435,0.0292631,"outcome",true,"reported","textfile",2,11712075,0.00201877,{"v":3.2e-20,"d":"3.20E-20"},382988,"ebi-a-GCST90012104","Bioavailable testosterone levels || id:ebi-a-GCST90012104",true,"reported","igd",2,true,"NA",0.000167687,64.23264136]
[22,"rs13065463","A","G","A","G",-0.0169449,-0.0411548,0.130364,0.0693337,false,false,false,"JQCsBY",61677322,0.468464,0.0567668,"outcome",true,"reported","textfile",3,61662996,0.00296978,{"v":1.5e-8,"d":"1.50E-08"},382988,"ebi-a-GCST90012104","Bioavailable testosterone levels || id:ebi-a-GCST90012104",true,"reported","igd",2,true,"NA",{"v":6.51033e-5,"d":"6.51E-05"},24.93528734]
[23,"rs13108218","G","A","G","A",0.0176657,-0.0352724,0.617072,0.677882,false,false,false,"JQCsBY",3442204,0.2505,0.0306947,"outcome",true,"reported","textfile",4,3443931,0.00207171,{"v":1.7e-17,"d":"1.70E-17"},382988,"ebi-a-GCST90012104","Bioavailable testosterone levels || id:ebi-a-GCST90012104",true,"reported","igd",2,true,"NA",0.000147484,56.49260694]
[24,"rs1318995","G","T","G","T",0.0118184,0.0133608,0.480902,0.510738,false,false,false,"JQCsBY",24911676,0.63957,0.0285305,"outcome",true,"reported","textfile",9,24911674,0.00200463,{"v":3.7e-9,"d":"3.70E-09"},382988,"ebi-a-GCST90012104","Bioavailable testosterone levels || id:ebi-a-GCST90012104",true,"reported","igd",2,true,"NA",{"v":6.97354e-5,"d":"6.97E-05"},26.70954499]
[25,"rs13261573","A","G","A","G",-0.0161763,0.0325137,0.248115,0.272508,false,false,false,"JQCsBY",25391099,0.309852,0.0320164,"outcome",true,"reported","textfile",8,25248615,0.00230981,{"v":2.3e-12,"d":"2.30E-12"},382988,"ebi-a-GCST90012104","Bioavailable testosterone levels || id:ebi-a-GCST90012104",true,"reported","igd",2,true,"NA",{"v":9.76321e-5,"d":"9.76E-05"},37.39539494]
[26,"rs17580","A","T","A","T",-0.0270762,0.0104653,0.048182,0.00926729,false,true,false,"JQCsBY",94380925,0.94453,0.150412,"outcome",true,"reported","textfile",14,94847262,0.00466701,{"v":9.9e-9,"d":"9.90E-09"},382988,"ebi-a-GCST90012104","Bioavailable testosterone levels || id:ebi-a-GCST90012104",true,"reported","igd",2,true,"NA",{"v":6.72425e-5,"d":"6.72E-05"},25.75468616]
[27,"rs17703883","C","T","C","T",0.0243257,-0.00413016,0.255144,0.255972,false,false,false,"JQCsBY",51237900,0.899687,0.0327644,"outcome",true,"reported","textfile",15,51530097,0.00229818,{"v":3.6e-27,"d":"3.60E-27"},382988,"ebi-a-GCST90012104","Bioavailable testosterone levels || id:ebi-a-GCST90012104",true,"reported","igd",2,true,"NA",0.000224915,86.15866436]
[28,"rs187383202","T","C","T","C",-0.0533955,-0.140055,0.012973,0.00571738,false,false,false,"JQCsBY",76728644,0.472285,0.194855,"outcome",true,"reported","textfile",7,76357961,0.00919384,{"v":1.7e-8,"d":"1.70E-08"},382988,"ebi-a-GCST90012104","Bioavailable testosterone levels || id:ebi-a-GCST90012104",true,"reported","igd",2,true,"NA",{"v":7.30144e-5,"d":"7.30E-05"},27.96555042]
[29,"rs192287715","A","G","A","G",0.0297064,-0.0193098,0.081162,0.09408,false,false,false,"JQCsBY",7358547,0.69382,0.04905,"outcome",true,"reported","textfile",17,7261866,0.00370174,{"v":5.6e-16,"d":"5.60E-16"},382988,"ebi-a-GCST90012104","Bioavailable testosterone levels || id:ebi-a-GCST90012104",true,"reported","igd",2,true,"NA",0.00013162,50.41523517]
[30,"rs1937883","A","G","A","G",-0.0182063,0.0174329,0.295698,0.294711,false,false,false,"JQCsBY",5020020,0.58039,0.0315348,"outcome",true,"reported","textfile",10,5062212,0.00220973,{"v":3.2e-16,"d":"3.20E-16"},382988,"ebi-a-GCST90012104","Bioavailable testosterone levels || id:ebi-a-GCST90012104",true,"reported","igd",2,true,"NA",0.000138064,52.88390995]
[31,"rs1994721","A","G","A","G",-0.0335511,-0.00227272,0.147941,0.161215,false,false,false,"JQCsBY",29182984,0.953374,0.0388692,"outcome",true,"reported","textfile",11,29204531,0.00282112,{"v":5.9e-33,"d":"5.90E-33"},382988,"ebi-a-GCST90012104","Bioavailable testosterone levels || id:ebi-a-GCST90012104",true,"reported","igd",2,true,"NA",0.000283793,108.7196152]
[32,"rs2011425","G","T","G","T",-0.0376561,0.0598582,0.079474,0.0637553,false,false,false,"JQCsBY",233718962,0.305886,0.0584614,"outcome",true,"reported","textfile",2,234627608,0.00371428,{"v":8.9e-25,"d":"8.90E-25"},382988,"ebi-a-GCST90012104","Bioavailable testosterone levels || id:ebi-a-GCST90012104",true,"reported","igd",2,true,"NA",0.000207473,79.47578329]
[33,"rs202200760","C","G","C","G",-0.0396479,-0.0189865,0.038889,0.0552129,false,true,false,"JQCsBY",17236045,0.761846,0.0626499,"outcome",true,"reported","textfile",19,17346854,0.00563831,{"v":8.3e-13,"d":"8.30E-13"},382988,"ebi-a-GCST90012104","Bioavailable testosterone levels || id:ebi-a-GCST90012104",true,"reported","igd",2,true,"NA",0.000117509,45.00954607]
[34,"rs2038695","A","C","A","C",-0.0113985,-0.00107608,0.550752,0.543466,false,false,false,"JQCsBY",99906869,0.97017,0.0287765,"outcome",true,"reported","textfile",13,100559123,0.00202819,{"v":5.3e-9,"d":"5.30E-09"},382988,"ebi-a-GCST90012104","Bioavailable testosterone levels || id:ebi-a-GCST90012104",true,"reported","igd",2,true,"NA",{"v":6.42936e-5,"d":"6.43E-05"},24.62512592]
[35,"rs2350892","G","A","G","A",0.014464,0.0142952,0.382941,0.285286,false,false,false,"JQCsBY",60325385,0.653415,0.0318362,"outcome",true,"reported","textfile",14,60792103,0.00207315,{"v":1.3e-12,"d":"1.30E-12"},382988,"ebi-a-GCST90012104","Bioavailable testosterone levels || id:ebi-a-GCST90012104",true,"reported","igd",2,true,"NA",{"v":9.88702e-5,"d":"9.89E-05"},37.86964375]
[36,"rs2364232","C","A","C","A",0.0125666,-0.0590927,0.260014,0.275848,false,false,false,"JQCsBY",93601051,0.0647172,0.0319903,"outcome",true,"reported","textfile",12,93994827,0.00228639,{"v":3.2e-8,"d":"3.20E-08"},382988,"ebi-a-GCST90012104","Bioavailable testosterone levels || id:ebi-a-GCST90012104",true,"reported","igd",2,true,"NA",{"v":6.07695e-5,"d":"6.08E-05"},23.27529027]
[37,"rs2392239","T","C","T","C",0.0193946,-0.0326743,0.307566,0.383322,false,false,false,"JQCsBY",101270361,0.266239,0.0293895,"outcome",true,"reported","textfile",1,101735917,0.00217474,{"v":2.9e-19,"d":"2.90E-19"},382988,"ebi-a-GCST90012104","Bioavailable testosterone levels || id:ebi-a-GCST90012104",true,"reported","igd",2,true,"NA",0.000160217,61.37066713]
[38,"rs2587507","C","T","C","T",0.0117181,0.0541437,0.505998,0.512223,false,false,false,"JQCsBY",79816336,0.0584427,0.0286117,"outcome",true,"reported","textfile",17,77790135,0.00198261,{"v":2.9e-9,"d":"2.90E-09"},382988,"ebi-a-GCST90012104","Bioavailable testosterone levels || id:ebi-a-GCST90012104",true,"reported","igd",2,true,"NA",{"v":6.86471e-5,"d":"6.86E-05"},26.29266546]
[39,"rs2764772","A","T","A","T",0.0189214,0.0347542,0.334421,0.360214,false,true,false,"JQCsBY",20049331,0.242253,0.0297203,"outcome",true,"reported","textfile",16,20060653,0.00211997,{"v":8.8e-19,"d":"8.80E-19"},382988,"ebi-a-GCST90012104","Bioavailable testosterone levels || id:ebi-a-GCST90012104",true,"reported","igd",2,true,"NA",0.000159378,61.04945662]
[40,"rs284487","T","C","T","C",0.0119763,-0.0348368,0.326868,0.511593,false,false,false,"JQCsBY",104945204,0.224662,0.0286906,"outcome",true,"reported","textfile",8,105957432,0.00213276,{"v":5.5e-9,"d":"5.50E-09"},382988,"ebi-a-GCST90012104","Bioavailable testosterone levels || id:ebi-a-GCST90012104",true,"reported","igd",2,true,"NA",{"v":6.31172e-5,"d":"6.31E-05"},24.17454351]
[41,"rs28929474","T","C","T","C",-0.0915661,-0.00949892,0.019975,0.0197225,false,false,false,"JQCsBY",94378610,0.926411,0.102846,"outcome",true,"reported","textfile",14,94844947,0.00714536,{"v":9.5e-39,"d":"9.50E-39"},382988,"ebi-a-GCST90012104","Bioavailable testosterone levels || id:ebi-a-GCST90012104",true,"reported","igd",2,true,"NA",0.000328264,125.7618327]
[42,"rs35319517","T","C","T","C",-0.0144524,0.0192519,0.195209,0.213447,false,false,false,"JQCsBY",43579033,0.581253,0.0349048,"outcome",true,"reported","textfile",2,43806172,0.00252126,{"v":4.7e-9,"d":"4.70E-09"},382988,"ebi-a-GCST90012104","Bioavailable testosterone levels || id:ebi-a-GCST90012104",true,"reported","igd",2,true,"NA",{"v":6.56286e-5,"d":"6.56E-05"},25.13647018]
[43,"rs41264945","T","C","T","C",0.0244992,-0.0715271,0.054824,0.0614466,false,false,false,"JQCsBY",155670324,0.229813,0.0595643,"outcome",true,"reported","textfile",1,155640115,0.00437897,{"v":1.9e-8,"d":"1.90E-08"},382988,"ebi-a-GCST90012104","Bioavailable testosterone levels || id:ebi-a-GCST90012104",true,"reported","igd",2,true,"NA",{"v":6.22038e-5,"d":"6.22E-05"},23.82468243]
[44,"rs41313485","A","G","A","G",0.0333064,-0.0766545,0.032239,0.0330871,false,false,false,"JQCsBY",133241597,0.338922,0.0801576,"outcome",true,"reported","textfile",10,135055101,0.00568545,{"v":6e-9,"d":"6.00E-09"},382988,"ebi-a-GCST90012104","Bioavailable testosterone levels || id:ebi-a-GCST90012104",true,"reported","igd",2,true,"NA",{"v":6.92206e-5,"d":"6.92E-05"},26.51233771]
[45,"rs4149056","C","T","C","T",0.0231508,0.0302289,0.151255,0.201568,false,false,false,"JQCsBY",21178615,0.397295,0.0357121,"outcome",true,"reported","textfile",12,21331549,0.0027858,{"v":2.2e-16,"d":"2.20E-16"},382988,"ebi-a-GCST90012104","Bioavailable testosterone levels || id:ebi-a-GCST90012104",true,"reported","igd",2,true,"NA",0.00013761,52.70983256]
[46,"rs4237037","A","C","A","C",0.0164615,-0.00956035,0.757622,0.833195,false,false,false,"JQCsBY",60818514,0.802724,0.0382685,"outcome",true,"reported","textfile",8,61731073,0.00233007,{"v":6.7e-13,"d":"6.70E-13"},382988,"ebi-a-GCST90012104","Bioavailable testosterone levels || id:ebi-a-GCST90012104",true,"reported","igd",2,true,"NA",{"v":9.9521e-5,"d":"9.95E-05"},38.11893035]
[47,"rs4506131","C","G","C","G",-0.0158816,-0.0271825,0.737031,0.775491,false,true,false,"JQCsBY",98283884,0.430354,0.0344699,"outcome",true,"reported","textfile",7,97913196,0.00226765,{"v":1.4e-12,"d":"1.40E-12"},382988,"ebi-a-GCST90012104","Bioavailable testosterone levels || id:ebi-a-GCST90012104",true,"reported","igd",2,true,"NA",{"v":9.77707e-5,"d":"9.78E-05"},37.44847826]
[48,"rs4522206","C","G","C","G",-0.0136065,0.0277645,0.35233,0.295789,false,true,false,"JQCsBY",130464302,0.376733,0.0314103,"outcome",true,"reported","textfile",12,130948847,0.00210549,{"v":6.5e-11,"d":"6.50E-11"},382988,"ebi-a-GCST90012104","Bioavailable testosterone levels || id:ebi-a-GCST90012104",true,"reported","igd",2,true,"NA",{"v":8.44941e-5,"d":"8.45E-05"},32.36278202]
[49,"rs45446698","G","T","G","T",-0.058755,0.104477,0.042204,0.0518255,false,false,false,"JQCsBY",99735325,0.103786,0.0642233,"outcome",true,"reported","textfile",7,99332948,0.00497617,{"v":1.2e-32,"d":"1.20E-32"},382988,"ebi-a-GCST90012104","Bioavailable testosterone levels || id:ebi-a-GCST90012104",true,"reported","igd",2,true,"NA",0.000279091,106.9178984]
[50,"rs4565819","A","G","A","G",-0.0158151,-0.0226116,0.828825,0.837806,false,false,false,"JQCsBY",91886511,0.559469,0.0387431,"outcome",true,"reported","textfile",10,93646268,0.00265779,{"v":2.3e-9,"d":"2.30E-09"},382988,"ebi-a-GCST90012104","Bioavailable testosterone levels || id:ebi-a-GCST90012104",true,"reported","igd",2,true,"NA",{"v":7.09704e-5,"d":"7.10E-05"},27.18258664]
[51,"rs56196860","A","C","A","C",0.128389,-0.233534,0.031464,0.0127391,false,false,false,"JQCsBY",2799164,0.0727947,0.130167,"outcome",true,"reported","textfile",12,2908330,0.00571671,{"v":4.8e-112,"d":"4.80E-112"},382988,"ebi-a-GCST90012104","Bioavailable testosterone levels || id:ebi-a-GCST90012104",true,"reported","igd",2,true,"NA",0.001004651,385.1543098]
[52,"rs56332871","A","C","A","C",-0.0181845,0.0598836,0.272117,0.290683,false,false,false,"JQCsBY",96171587,0.0578282,0.0315675,"outcome",true,"reported","textfile",15,96714816,0.0022547,{"v":8.5e-16,"d":"8.50E-16"},382988,"ebi-a-GCST90012104","Bioavailable testosterone levels || id:ebi-a-GCST90012104",true,"reported","igd",2,true,"NA",0.000130994,50.17527565]
[53,"rs590097","G","T","G","T",0.018975,-0.0423747,0.646876,0.615161,false,false,false,"JQCsBY",111176530,0.148833,0.0293522,"outcome",true,"reported","textfile",2,111934107,0.00209302,{"v":1.1e-19,"d":"1.10E-19"},382988,"ebi-a-GCST90012104","Bioavailable testosterone levels || id:ebi-a-GCST90012104",true,"reported","igd",2,true,"NA",0.000164491,63.00807054]
[54,"rs6009583","T","C","T","C",0.018393,-0.0452666,0.267089,0.220874,false,false,false,"JQCsBY",49281720,0.187936,0.0343786,"outcome",true,"reported","textfile",22,49677646,0.00226235,{"v":2.7e-16,"d":"2.70E-16"},382988,"ebi-a-GCST90012104","Bioavailable testosterone levels || id:ebi-a-GCST90012104",true,"reported","igd",2,true,"NA",0.000132447,50.73209568]
[55,"rs61237993","A","G","A","G",0.0180937,0.00437853,0.127189,0.13275,false,false,false,"JQCsBY",34130437,0.917114,0.0420731,"outcome",true,"reported","textfile",9,34130435,0.00300057,{"v":9.4e-10,"d":"9.40E-10"},382988,"ebi-a-GCST90012104","Bioavailable testosterone levels || id:ebi-a-GCST90012104",true,"reported","igd",2,true,"NA",{"v":7.26866e-5,"d":"7.27E-05"},27.83998502]
[56,"rs6142206","A","G","A","G",0.0133602,-0.0115044,0.421119,0.471802,false,false,false,"JQCsBY",34624251,0.68789,0.0286379,"outcome",true,"reported","textfile",20,33212055,0.00202413,{"v":5.2e-11,"d":"5.20E-11"},382988,"ebi-a-GCST90012104","Bioavailable testosterone levels || id:ebi-a-GCST90012104",true,"reported","igd",2,true,"NA",{"v":8.70262e-5,"d":"8.70E-05"},33.33271904]
[57,"rs62260729","C","T","C","T",0.0136548,0.0034913,0.324447,0.253748,false,false,false,"JQCsBY",49852486,0.915351,0.0328464,"outcome",true,"reported","textfile",3,49889919,0.00213581,{"v":3e-10,"d":"3.00E-10"},382988,"ebi-a-GCST90012104","Bioavailable testosterone levels || id:ebi-a-GCST90012104",true,"reported","igd",2,true,"NA",{"v":8.17342e-5,"d":"8.17E-05"},31.30561711]
[58,"rs629042","C","G","C","G",0.0173631,-0.0253909,0.607033,0.580203,false,true,false,"JQCsBY",21744367,0.381865,0.0290359,"outcome",true,"reported","textfile",13,22318506,0.00205386,{"v":4.2e-18,"d":"4.20E-18"},382988,"ebi-a-GCST90012104","Bioavailable testosterone levels || id:ebi-a-GCST90012104",true,"reported","igd",2,true,"NA",0.000143831,55.09323565]
[59,"rs6473232","G","C","G","C",-0.0148692,0.0394052,0.231998,0.195183,false,true,false,"JQCsBY",80492062,0.272908,0.0359408,"outcome",true,"reported","textfile",8,81404297,0.00236934,{"v":2e-10,"d":"2.00E-10"},382988,"ebi-a-GCST90012104","Bioavailable testosterone levels || id:ebi-a-GCST90012104",true,"reported","igd",2,true,"NA",{"v":7.87865e-5,"d":"7.88E-05"},30.176503]
[60,"rs66956368","A","T","A","T",-0.0167712,-0.00709582,0.29684,0.325817,false,true,false,"JQCsBY",61294052,0.819937,0.0311732,"outcome",true,"reported","textfile",3,61279726,0.00230246,{"v":1.5e-13,"d":"1.50E-13"},382988,"ebi-a-GCST90012104","Bioavailable testosterone levels || id:ebi-a-GCST90012104",true,"reported","igd",2,true,"NA",0.000117418,44.97474895]
[61,"rs6854749","T","A","T","A",0.0144127,-0.0465546,0.200696,0.244643,false,true,false,"JQCsBY",87047646,0.163067,0.0333765,"outcome",true,"reported","textfile",4,87968798,0.0024802,{"v":3.8e-9,"d":"3.80E-09"},382988,"ebi-a-GCST90012104","Bioavailable testosterone levels || id:ebi-a-GCST90012104",true,"reported","igd",2,true,"NA",{"v":6.66456e-5,"d":"6.66E-05"},25.52602769]
[62,"rs687339","T","C","T","C",0.023072,-0.0625458,0.772359,0.848257,false,false,false,"JQCsBY",136213517,0.114727,0.0396537,"outcome",true,"reported","textfile",3,135932359,0.00238265,{"v":3.5e-22,"d":"3.50E-22"},382988,"ebi-a-GCST90012104","Bioavailable testosterone levels || id:ebi-a-GCST90012104",true,"reported","igd",2,true,"NA",0.000187185,71.70251312]
[63,"rs6912283","A","G","A","G",0.0138991,-0.0800427,0.562199,0.619951,false,false,false,"JQCsBY",43396756,0.00589861,0.0290709,"outcome",true,"reported","textfile",6,43364494,0.00201324,{"v":1.4e-12,"d":"1.40E-12"},382988,"ebi-a-GCST90012104","Bioavailable testosterone levels || id:ebi-a-GCST90012104",true,"reported","igd",2,true,"NA",{"v":9.50977e-5,"d":"9.51E-05"},36.42456499]
[64,"rs71529289","T","C","T","C",-0.017019,-0.00618723,0.252008,0.321743,false,false,false,"JQCsBY",76967251,0.842072,0.0310536,"outcome",true,"reported","textfile",8,77879487,0.00228128,{"v":1.8e-13,"d":"1.80E-13"},382988,"ebi-a-GCST90012104","Bioavailable testosterone levels || id:ebi-a-GCST90012104",true,"reported","igd",2,true,"NA",0.000109197,41.82535903]
[65,"rs7183977","C","T","C","T",0.0188057,-0.00187639,0.34705,0.366072,false,false,false,"JQCsBY",40084891,0.949606,0.0296892,"outcome",true,"reported","textfile",15,40377092,0.00211228,{"v":7.8e-19,"d":"7.80E-19"},382988,"ebi-a-GCST90012104","Bioavailable testosterone levels || id:ebi-a-GCST90012104",true,"reported","igd",2,true,"NA",0.000160281,61.39506892]
[66,"rs7248104","A","G","A","G",-0.0127354,-0.0366092,0.41508,0.433739,false,false,false,"JQCsBY",7224420,0.204075,0.0288255,"outcome",true,"reported","textfile",19,7224431,0.00202954,{"v":1.1e-10,"d":"1.10E-10"},382988,"ebi-a-GCST90012104","Bioavailable testosterone levels || id:ebi-a-GCST90012104",true,"reported","igd",2,true,"NA",{"v":7.8756e-5,"d":"7.88E-05"},30.16480752]
[67,"rs7254216","C","T","C","T",-0.0118109,-0.0442105,0.389227,0.326475,false,false,false,"JQCsBY",47853484,0.147571,0.0305286,"outcome",true,"reported","textfile",19,48356741,0.00206389,{"v":9.9e-9,"d":"9.90E-09"},382988,"ebi-a-GCST90012104","Bioavailable testosterone levels || id:ebi-a-GCST90012104",true,"reported","igd",2,true,"NA",{"v":6.63252e-5,"d":"6.63E-05"},25.40331971]
[68,"rs727428","C","T","C","T",-0.0642089,0.0490696,0.556707,0.611841,false,false,false,"JQCsBY",7634474,0.0953784,0.0294237,"outcome",true,"reported","textfile",17,7537792,0.00201032,{"v":1e-200,"d":"1.00E-200"},382988,"ebi-a-GCST90012104","Bioavailable testosterone levels || id:ebi-a-GCST90012104",true,"reported","igd",2,true,"NA",0.002034876,780.9182017]
[69,"rs72834698","A","G","A","G",-0.0177982,-0.0465518,0.142401,0.131867,false,false,false,"JQCsBY",26176289,0.270972,0.0422881,"outcome",true,"reported","textfile",6,26176517,0.00286306,{"v":8e-11,"d":"8.00E-11"},382988,"ebi-a-GCST90012104","Bioavailable testosterone levels || id:ebi-a-GCST90012104",true,"reported","igd",2,true,"NA",{"v":7.73712e-5,"d":"7.74E-05"},29.63438835]
[70,"rs73597479","T","C","T","C",0.0333661,-0.068482,0.037974,0.0527298,false,false,false,"JQCsBY",35054481,0.285116,0.0640679,"outcome",true,"reported","textfile",19,35545385,0.00527443,{"v":1.1e-10,"d":"1.10E-10"},382988,"ebi-a-GCST90012104","Bioavailable testosterone levels || id:ebi-a-GCST90012104",true,"reported","igd",2,true,"NA",{"v":8.13418e-5,"d":"8.13E-05"},31.15532399]
[71,"rs7395670","T","C","T","C",-0.0122007,0.00412572,0.406149,0.467145,false,false,false,"JQCsBY",66352092,0.885246,0.0285869,"outcome",true,"reported","textfile",11,66119563,0.00203825,{"v":2.8e-9,"d":"2.80E-09"},382988,"ebi-a-GCST90012104","Bioavailable testosterone levels || id:ebi-a-GCST90012104",true,"reported","igd",2,true,"NA",{"v":7.18063e-5,"d":"7.18E-05"},27.50277133]
[72,"rs73969326","A","T","A","T",0.0230056,-0.0507276,0.108423,0.097224,false,true,false,"JQCsBY",74248550,0.291874,0.0481279,"outcome",true,"reported","textfile",18,71915785,0.00321217,{"v":1.2e-12,"d":"1.20E-12"},382988,"ebi-a-GCST90012104","Bioavailable testosterone levels || id:ebi-a-GCST90012104",true,"reported","igd",2,true,"NA",0.000102324,39.19266004]
[73,"rs76006132","T","G","T","G",0.0322757,0.00749805,0.069912,0.0436274,false,false,false,"JQCsBY",81554966,0.914376,0.0697358,"outcome",true,"reported","textfile",16,81588571,0.00394023,{"v":1.1e-16,"d":"1.10E-16"},382988,"ebi-a-GCST90012104","Bioavailable testosterone levels || id:ebi-a-GCST90012104",true,"reported","igd",2,true,"NA",0.000135474,51.89181269]
[74,"rs7610095","A","G","A","G",-0.0160018,0.0189873,0.451525,0.350644,false,false,false,"JQCsBY",152317848,0.5265,0.0299788,"outcome",true,"reported","textfile",3,152035637,0.00200342,{"v":2.1e-15,"d":"2.10E-15"},382988,"ebi-a-GCST90012104","Bioavailable testosterone levels || id:ebi-a-GCST90012104",true,"reported","igd",2,true,"NA",0.000126825,48.57852137]
[75,"rs76229206","C","T","C","T",-0.0339272,-0.0282661,0.036025,0.0355695,false,false,false,"JQCsBY",103876723,0.715517,0.0775567,"outcome",true,"reported","textfile",4,104797880,0.00536541,{"v":2.3e-10,"d":"2.30E-10"},382988,"ebi-a-GCST90012104","Bioavailable testosterone levels || id:ebi-a-GCST90012104",true,"reported","igd",2,true,"NA",{"v":7.99458e-5,"d":"7.99E-05"},30.6205801]
[76,"rs7679843","G","C","G","C",0.0235565,0.0110864,0.095386,0.0690732,false,true,false,"JQCsBY",22026456,0.844811,0.0566376,"outcome",true,"reported","textfile",4,22028079,0.00349268,{"v":1.9e-11,"d":"1.90E-11"},382988,"ebi-a-GCST90012104","Bioavailable testosterone levels || id:ebi-a-GCST90012104",true,"reported","igd",2,true,"NA",{"v":9.57634e-5,"d":"9.58E-05"},36.67954632]
[77,"rs76895963","G","T","G","T",-0.065956,-0.0561005,0.020875,0.0305294,false,false,false,"JQCsBY",4275678,0.510339,0.085219,"outcome",true,"reported","textfile",12,4384844,0.00770035,{"v":3.6e-18,"d":"3.60E-18"},382988,"ebi-a-GCST90012104","Bioavailable testosterone levels || id:ebi-a-GCST90012104",true,"reported","igd",2,true,"NA",0.000177829,68.11823302]
[78,"rs7780066","A","G","A","G",0.0134951,-0.0139733,0.792599,0.812192,false,false,false,"JQCsBY",138117169,0.703529,0.0367176,"outcome",true,"reported","textfile",7,137801915,0.00246504,{"v":3.3e-8,"d":"3.30E-08"},382988,"ebi-a-GCST90012104","Bioavailable testosterone levels || id:ebi-a-GCST90012104",true,"reported","igd",2,true,"NA",{"v":5.98751e-5,"d":"5.99E-05"},22.93271526]
[79,"rs7912521","C","T","C","T",0.0306435,-0.0134998,0.414855,0.321148,false,false,false,"JQCsBY",65502331,0.660078,0.0306948,"outcome",true,"reported","textfile",10,67262089,0.00202589,{"v":1e-51,"d":"1.00E-51"},382988,"ebi-a-GCST90012104","Bioavailable testosterone levels || id:ebi-a-GCST90012104",true,"reported","igd",2,true,"NA",0.000455897,174.6817343]
[80,"rs7924036","T","G","T","G",-0.0165262,-0.00199314,0.502871,0.514097,false,false,false,"JQCsBY",63431885,0.944324,0.0285403,"outcome",true,"reported","textfile",10,65191645,0.00199742,{"v":1.9e-16,"d":"1.90E-16"},382988,"ebi-a-GCST90012104","Bioavailable testosterone levels || id:ebi-a-GCST90012104",true,"reported","igd",2,true,"NA",0.000136553,52.30508362]
[81,"rs7928369","T","C","T","C",-0.0125316,-0.0314567,0.722577,0.702578,false,false,false,"JQCsBY",125225325,0.318608,0.0315412,"outcome",true,"reported","textfile",11,125095221,0.00222955,{"v":6.2e-9,"d":"6.20E-09"},382988,"ebi-a-GCST90012104","Bioavailable testosterone levels || id:ebi-a-GCST90012104",true,"reported","igd",2,true,"NA",{"v":6.29607e-5,"d":"6.30E-05"},24.1145901]
[82,"rs794614","G","A","G","A",-0.0229194,0.0571633,0.220341,0.158155,false,false,false,"JQCsBY",118963719,0.145084,0.0392304,"outcome",true,"reported","textfile",6,119284884,0.00241255,{"v":3.7e-22,"d":"3.70E-22"},382988,"ebi-a-GCST90012104","Bioavailable testosterone levels || id:ebi-a-GCST90012104",true,"reported","igd",2,true,"NA",0.000180483,69.13497104]
[83,"rs7979473","G","A","G","A",-0.017473,-0.0305015,0.614645,0.582341,false,false,false,"JQCsBY",120982457,0.293581,0.0290408,"outcome",true,"reported","textfile",12,121420260,0.00206906,{"v":1.4e-17,"d":"1.40E-17"},382988,"ebi-a-GCST90012104","Bioavailable testosterone levels || id:ebi-a-GCST90012104",true,"reported","igd",2,true,"NA",0.000144627,55.39824607]
[84,"rs799158","C","T","C","T",0.0277953,-0.0426946,0.957222,0.976063,false,false,false,"JQCsBY",73604744,0.654386,0.0953693,"outcome",true,"reported","textfile",7,73019074,0.00494232,{"v":2.4e-8,"d":"2.40E-08"},382988,"ebi-a-GCST90012104","Bioavailable testosterone levels || id:ebi-a-GCST90012104",true,"reported","igd",2,true,"NA",{"v":6.32712e-5,"d":"6.33E-05"},24.23350613]
[85,"rs8078625","T","C","T","C",0.0107762,0.0007935,0.600794,0.599439,false,false,false,"JQCsBY",2075040,0.978309,0.0291853,"outcome",true,"reported","textfile",17,1978334,0.00203675,{"v":4.5e-8,"d":"4.50E-08"},382988,"ebi-a-GCST90012104","Bioavailable testosterone levels || id:ebi-a-GCST90012104",true,"reported","igd",2,true,"NA",{"v":5.57037e-5,"d":"5.57E-05"},21.33492005]
[86,"rs8178824","T","C","T","C",0.04606,-0.131986,0.029783,0.00985029,false,false,false,"JQCsBY",66228657,0.362654,0.144988,"outcome",true,"reported","textfile",17,64224775,0.00588661,{"v":5.8e-15,"d":"5.80E-15"},382988,"ebi-a-GCST90012104","Bioavailable testosterone levels || id:ebi-a-GCST90012104",true,"reported","igd",2,true,"NA",0.000122607,46.96251361]
[87,"rs9321953","C","T","C","T",0.0115038,0.0542345,0.450414,0.327149,false,false,false,"JQCsBY",143967885,0.0750706,0.0304683,"outcome",true,"reported","textfile",6,144289022,0.00200797,{"v":6.2e-9,"d":"6.20E-09"},382988,"ebi-a-GCST90012104","Bioavailable testosterone levels || id:ebi-a-GCST90012104",true,"reported","igd",2,true,"NA",{"v":6.55179e-5,"d":"6.55E-05"},25.09409494]
[88,"rs9322822","T","C","T","C",-0.023054,-0.0199726,0.321047,0.313857,false,false,false,"JQCsBY",104921723,0.516366,0.0307765,"outcome",true,"reported","textfile",6,105369598,0.00213857,{"v":8.9e-27,"d":"8.90E-27"},382988,"ebi-a-GCST90012104","Bioavailable testosterone levels || id:ebi-a-GCST90012104",true,"reported","igd",2,true,"NA",0.000231703,88.75941649]
[89,"rs9378160","C","A","C","A",0.0148439,-0.124455,0.193119,0.155005,false,false,false,"JQCsBY",31500215,0.00201039,0.0402938,"outcome",true,"reported","textfile",6,31467992,0.00253008,{"v":1.6e-10,"d":"1.60E-10"},382988,"ebi-a-GCST90012104","Bioavailable testosterone levels || id:ebi-a-GCST90012104",true,"reported","igd",2,true,"NA",{"v":6.8669e-5,"d":"6.87E-05"},26.30105992]
[90,"rs9495551","T","C","T","C",-0.0170792,-0.00471344,0.220434,0.267444,false,false,false,"JQCsBY",99788450,0.883916,0.0322823,"outcome",true,"reported","textfile",6,100236326,0.00241511,{"v":8.4e-13,"d":"8.40E-13"},382988,"ebi-a-GCST90012104","Bioavailable testosterone levels || id:ebi-a-GCST90012104",true,"reported","igd",2,true,"NA",0.000100253,38.39926885]
[91,"rs967514","G","A","G","A",0.0115983,0.0281415,0.581825,0.641574,false,false,false,"JQCsBY",57121578,0.345235,0.0298149,"outcome",true,"reported","textfile",15,57413776,0.0020239,{"v":2.3e-8,"d":"2.30E-08"},382988,"ebi-a-GCST90012104","Bioavailable testosterone levels || id:ebi-a-GCST90012104",true,"reported","igd",2,true,"NA",{"v":6.5459e-5,"d":"6.55E-05"},25.07150724]
[92,"rs968257","C","T","C","T",-0.0118628,0.0640036,0.346443,0.29238,false,false,false,"JQCsBY",64213567,0.0418842,0.0314565,"outcome",true,"reported","textfile",14,64680285,0.00209955,{"v":2.2e-8,"d":"2.20E-08"},382988,"ebi-a-GCST90012104","Bioavailable testosterone levels || id:ebi-a-GCST90012104",true,"reported","igd",2,true,"NA",{"v":6.37264e-5,"d":"6.37E-05"},24.40789068]
[93,"rs9986829","A","G","A","G",0.0279447,-0.0212279,0.506704,0.564349,false,false,false,"JQCsBY",14979634,0.46154,0.02883,"outcome",true,"reported","textfile",7,15019259,0.00200469,{"v":4.2e-43,"d":"4.20E-43"},382988,"ebi-a-GCST90012104","Bioavailable testosterone levels || id:ebi-a-GCST90012104",true,"reported","igd",2,true,"NA",0.000390383,149.5695884]
[94,"rs9987289","G","A","G","A",-0.0252994,0.039889,0.908273,0.857416,false,false,false,"JQCsBY",9325848,0.328924,0.040858,"outcome",true,"reported","textfile",8,9183358,0.00346152,{"v":2e-13,"d":"2.00E-13"},382988,"ebi-a-GCST90012104","Bioavailable testosterone levels || id:ebi-a-GCST90012104",true,"reported","igd",2,true,"NA",0.000106651,40.85011203]

{"sheet":"BT(males)","index":10,"n_rows":70,"n_cols":36,"rows_kept":70}
[null,"SNP","effect_allele.exposure","other_allele.exposure","effect_allele.outcome","other_allele.outcome","beta.exposure","beta.outcome","eaf.exposure","eaf.outcome","remove","palindromic","ambiguous","id.outcome","pos.outcome","pval.outcome","se.outcome","outcome","mr_keep.outcome","pval_origin.outcome","data_source.outcome","chr.exposure","pos.exposure","se.exposure","pval.exposure","samplesize.exposure","id.exposure","exposure","mr_keep.exposure","pval_origin.exposure","data_source.exposure","action","mr_keep","samplesize.outcome","R2","F"]
[1,"rs10279715","G","A","G","A",-0.0216642,-0.0363567,0.462621,0.478941,false,false,false,"eAaNSY",40831336,0.204319,0.0286422,"outcome",true,"reported","textfile",7,40870935,0.00327445,{"v":3.7e-11,"d":"3.70E-11"},"NA","ieu-b-4868","Bioavailable Testosterone || id:ieu-b-4868",true,"reported","igd",2,true,"NA",0.000233357,42.99514311]
[2,"rs10738700","G","A","G","A",-0.0191927,-0.0138285,0.429493,0.41379,false,false,false,"eAaNSY",24973799,0.63282,0.0289443,"outcome",true,"reported","textfile",9,24973797,0.00330132,{"v":6.1e-9,"d":"6.10E-09"},"NA","ieu-b-4868","Bioavailable Testosterone || id:ieu-b-4868",true,"reported","igd",2,true,"NA",0.000180517,33.25786122]
[3,"rs10867084","C","T","C","T",0.0200646,0.0313605,0.488368,0.5055,false,false,false,"eAaNSY",137880269,0.275354,0.0287496,"outcome",true,"reported","textfile",9,140774721,0.00325442,{"v":7e-10,"d":"7.00E-10"},"NA","ieu-b-4868","Bioavailable Testosterone || id:ieu-b-4868",true,"reported","igd",2,true,"NA",0.000201185,37.06636418]
[4,"rs10959646","A","G","A","G",-0.024738,-0.0381976,0.281879,0.346813,false,false,false,"eAaNSY",11235729,0.20385,0.0300612,"outcome",true,"reported","textfile",9,11235729,0.00361595,{"v":7.8e-12,"d":"7.80E-12"},"NA","ieu-b-4868","Bioavailable Testosterone || id:ieu-b-4868",true,"reported","igd",2,true,"NA",0.000247753,45.64821769]
[5,"rs10978435","C","T","C","T",-0.0297007,-0.0213267,0.316968,0.335858,false,false,false,"eAaNSY",106186878,0.480899,0.0302568,"outcome",true,"reported","textfile",9,108949159,0.00351078,{"v":2.7e-17,"d":"2.70E-17"},"NA","ieu-b-4868","Bioavailable Testosterone || id:ieu-b-4868",true,"reported","igd",2,true,"NA",0.000381962,70.38537856]
[6,"rs11191415","T","G","T","G",-0.0233939,0.0466176,0.289502,0.279042,false,false,false,"eAaNSY",102842818,0.14293,0.0318216,"outcome",true,"reported","textfile",10,104602575,0.00358139,{"v":6.5e-11,"d":"6.50E-11"},"NA","ieu-b-4868","Bioavailable Testosterone || id:ieu-b-4868",true,"reported","igd",2,true,"NA",0.000225138,41.48051774]
[7,"rs112217694","C","G","C","G",-0.0522982,-0.00989272,0.057605,0.0437326,false,true,false,"eAaNSY",103719907,0.886599,0.0693692,"outcome",true,"reported","textfile",4,104641064,0.00702763,{"v":9.9e-14,"d":"9.90E-14"},"NA","ieu-b-4868","Bioavailable Testosterone || id:ieu-b-4868",true,"reported","igd",2,true,"NA",0.000296959,54.71700514]
[8,"rs113017476","A","G","A","G",0.184269,-0.21799,0.038728,0.0237589,false,false,false,"eAaNSY",31764290,0.021457,0.0947847,"outcome",true,"reported","textfile",2,31989359,0.00850186,{"v":3.6e-104,"d":"3.60E-104"},"NA","ieu-b-4868","Bioavailable Testosterone || id:ieu-b-4868",true,"reported","igd",2,true,"NA",0.002528168,466.8764568]
[9,"rs115260227","G","A","G","A",-0.228462,0.155449,0.011861,0.000402633,false,false,false,"eAaNSY",103853541,0.839276,0.766439,"outcome",true,"reported","textfile",4,104774698,0.0156919,{"v":5.1e-48,"d":"5.10E-48"},"NA","ieu-b-4868","Bioavailable Testosterone || id:ieu-b-4868",true,"reported","igd",2,true,"NA",0.001223481,225.6449749]
[10,"rs11600831","T","C","T","C",-0.0252512,0.0186389,0.161256,0.252551,false,false,false,"eAaNSY",72649176,0.571131,0.0329086,"outcome",true,"reported","textfile",11,72360220,0.00443564,{"v":1.2e-8,"d":"1.20E-08"},"NA","ieu-b-4868","Bioavailable Testosterone || id:ieu-b-4868",true,"reported","igd",2,true,"NA",0.00017248,31.77685857]
[11,"rs11703376","T","C","T","C",0.0415677,-0.0439035,0.270183,0.221722,false,false,false,"eAaNSY",49282787,0.201304,0.0343574,"outcome",true,"reported","textfile",22,49678713,0.00368058,{"v":1.4e-29,"d":"1.40E-29"},"NA","ieu-b-4868","Bioavailable Testosterone || id:ieu-b-4868",true,"reported","igd",2,true,"NA",0.000681419,125.604939]
[12,"rs12470971","A","G","A","G",0.032754,0.026528,0.338126,0.383074,false,false,false,"eAaNSY",11585115,0.365884,0.0293382,"outcome",true,"reported","textfile",2,11725241,0.00343581,{"v":1.5e-21,"d":"1.50E-21"},"NA","ieu-b-4868","Bioavailable Testosterone || id:ieu-b-4868",true,"reported","igd",2,true,"NA",0.000480189,88.49482319]
[13,"rs12524918","C","T","C","T",0.0184473,0.0153612,0.427365,0.43516,false,false,false,"eAaNSY",52871382,0.593306,0.0287635,"outcome",true,"reported","textfile",6,52736180,0.00329826,{"v":2.2e-8,"d":"2.20E-08"},"NA","ieu-b-4868","Bioavailable Testosterone || id:ieu-b-4868",true,"reported","igd",2,true,"NA",0.000166561,30.68608608]
[14,"rs1264327","A","G","A","G",0.0351245,-0.194943,0.340937,0.376568,false,false,false,"eAaNSY",30882805,{"v":4.99e-11,"d":"4.99E-11"},0.0296656,"outcome",true,"reported","textfile",6,30850582,0.00343138,{"v":1.4e-24,"d":"1.40E-24"},"NA","ieu-b-4868","Bioavailable Testosterone || id:ieu-b-4868",true,"reported","igd",2,true,"NA",0.000554436,102.1854161]
[15,"rs1272131","C","T","C","T",0.0291659,0.0100914,0.388999,0.287682,false,false,false,"eAaNSY",60419432,0.750414,0.0317249,"outcome",true,"reported","textfile",14,60886150,0.00336821,{"v":4.8e-18,"d":"4.80E-18"},"NA","ieu-b-4868","Bioavailable Testosterone || id:ieu-b-4868",true,"reported","igd",2,true,"NA",0.000404363,74.514967]
[16,"rs12796488","A","C","A","C",-0.0574329,0.0772645,0.176783,0.150596,false,false,false,"eAaNSY",94398391,0.0535069,0.0400167,"outcome",true,"reported","textfile",11,94131557,0.00425836,{"v":1.9e-41,"d":"1.90E-41"},"NA","ieu-b-4868","Bioavailable Testosterone || id:ieu-b-4868",true,"reported","igd",2,true,"NA",0.000960078,177.0191183]
[17,"rs13072540","C","A","C","A",-0.0213791,0.0178966,0.452646,0.350342,false,false,false,"eAaNSY",152276385,0.550629,0.0299867,"outcome",true,"reported","textfile",3,151994174,0.00328062,{"v":7.2e-11,"d":"7.20E-11"},"NA","ieu-b-4868","Bioavailable Testosterone || id:ieu-b-4868",true,"reported","igd",2,true,"NA",0.000226483,41.7283187]
[18,"rs13148682","G","C","G","C",-0.0343469,-0.058613,0.101331,0.0774302,false,true,false,"eAaNSY",103834506,0.277589,0.0539837,"outcome",true,"reported","textfile",4,104755663,0.00535459,{"v":1.4e-10,"d":"1.40E-10"},"NA","ieu-b-4868","Bioavailable Testosterone || id:ieu-b-4868",true,"reported","igd",2,true,"NA",0.000214856,39.58559673]
[19,"rs1361109","T","C","T","C",0.0205278,0.0016434,0.454459,0.444343,false,false,false,"eAaNSY",126449997,0.95423,0.0286327,"outcome",true,"reported","textfile",6,126771143,0.0032634,{"v":3.2e-10,"d":"3.20E-10"},"NA","ieu-b-4868","Bioavailable Testosterone || id:ieu-b-4868",true,"reported","igd",2,true,"NA",0.000208947,38.49677673]
[20,"rs143515166","T","TGTTTTA","T","TGTTTTA",-0.0288534,-0.0161696,0.829733,0.864987,false,false,false,"eAaNSY",96506318,0.699742,0.0419262,"outcome",true,"reported","textfile",5,95842022,0.00436868,{"v":4e-11,"d":"4.00E-11"},"NA","ieu-b-4868","Bioavailable Testosterone || id:ieu-b-4868",true,"reported","igd",2,true,"NA",0.00023523,43.34027933]
[21,"rs145359938","C","G","C","G",-0.0787257,-0.137354,0.024275,0.0067283,false,true,false,"eAaNSY",78875115,0.450493,0.182024,"outcome",true,"reported","textfile",7,78504431,0.0113845,{"v":4.7e-12,"d":"4.70E-12"},"NA","ieu-b-4868","Bioavailable Testosterone || id:ieu-b-4868",true,"reported","igd",2,true,"NA",0.000293596,54.09709614]
[22,"rs146115416","T","C","T","C",-0.0915239,0.100608,0.018485,0.0224004,false,false,false,"eAaNSY",29357431,0.295997,0.0962709,"outcome",true,"reported","textfile",11,29378978,0.0121285,{"v":4.5e-14,"d":"4.50E-14"},"NA","ieu-b-4868","Bioavailable Testosterone || id:ieu-b-4868",true,"reported","igd",2,true,"NA",0.000303959,56.0072378]
[23,"rs146454382","A","G","A","G",0.0631427,-0.078554,0.021723,0.033969,false,false,false,"eAaNSY",35334396,0.326829,0.0801144,"outcome",true,"reported","textfile",14,35803602,0.0113754,{"v":2.8e-8,"d":"2.80E-08"},"NA","ieu-b-4868","Bioavailable Testosterone || id:ieu-b-4868",true,"reported","igd",2,true,"NA",0.000169456,31.2196649]
[24,"rs148117900","C","CA","C","CA",0.0224134,-0.0760512,0.788745,0.84499,false,false,false,"eAaNSY",52818248,0.0546387,0.0395742,"outcome",true,"reported","textfile",18,50344618,0.00399447,{"v":2e-8,"d":"2.00E-08"},"NA","ieu-b-4868","Bioavailable Testosterone || id:ieu-b-4868",true,"reported","igd",2,true,"NA",0.000167413,30.84313443]
[25,"rs17190166","A","C","A","C",0.0183921,0.0368281,0.424465,0.408179,false,false,false,"eAaNSY",88513271,0.205182,0.0290689,"outcome",true,"reported","textfile",15,89056502,0.00329818,{"v":2.5e-8,"d":"2.50E-08"},"NA","ieu-b-4868","Bioavailable Testosterone || id:ieu-b-4868",true,"reported","igd",2,true,"NA",0.000165275,30.44911979]
[26,"rs17613014","C","T","C","T",0.0425395,-0.0268428,0.343609,0.315039,false,false,false,"eAaNSY",74609508,0.383161,0.03078,"outcome",true,"reported","textfile",9,77224424,0.00342915,{"v":2.4e-35,"d":"2.40E-35"},"NA","ieu-b-4868","Bioavailable Testosterone || id:ieu-b-4868",true,"reported","igd",2,true,"NA",0.000816285,150.4850157]
[27,"rs17703883","C","T","C","T",0.045711,-0.00413016,0.255615,0.255972,false,false,false,"eAaNSY",51237900,0.899687,0.0327644,"outcome",true,"reported","textfile",15,51530097,0.0037393,{"v":2.3e-34,"d":"2.30E-34"},"NA","ieu-b-4868","Bioavailable Testosterone || id:ieu-b-4868",true,"reported","igd",2,true,"NA",0.000795162,146.5877097]
[28,"rs1812755","C","T","C","T",-0.0355923,0.0374918,0.200801,0.146179,false,false,false,"eAaNSY",89541293,0.359873,0.0409474,"outcome",true,"reported","textfile",14,90007637,0.0041183,{"v":5.5e-18,"d":"5.50E-18"},"NA","ieu-b-4868","Bioavailable Testosterone || id:ieu-b-4868",true,"reported","igd",2,true,"NA",0.000406596,74.92663397]
[29,"rs1933801","T","C","T","C",0.0455561,0.020345,0.678411,0.686159,false,false,false,"eAaNSY",104917850,0.508605,0.0307787,"outcome",true,"reported","textfile",6,105365725,0.00347632,{"v":3.1e-39,"d":"3.10E-39"},"NA","ieu-b-4868","Bioavailable Testosterone || id:ieu-b-4868",true,"reported","igd",2,true,"NA",0.00090556,166.9580232]
[30,"rs2035837","C","T","C","T",-0.0747061,-0.00199516,0.148382,0.161216,false,false,false,"eAaNSY",29178980,0.959045,0.0388529,"outcome",true,"reported","textfile",11,29200527,0.00458237,{"v":9.4e-60,"d":"9.40E-60"},"NA","ieu-b-4868","Bioavailable Testosterone || id:ieu-b-4868",true,"reported","igd",2,true,"NA",0.001410484,260.1823757]
[31,"rs2090409","A","C","A","C",-0.0301968,-0.0209635,0.316085,0.33584,false,false,false,"eAaNSY",106204807,0.488477,0.030262,"outcome",true,"reported","textfile",9,108967088,0.00351134,{"v":8e-18,"d":"8.00E-18"},"NA","ieu-b-4868","Bioavailable Testosterone || id:ieu-b-4868",true,"reported","igd",2,true,"NA",0.000394237,72.64835826]
[32,"rs2295094","A","G","A","G",-0.03084,0.0517156,0.172461,0.103059,false,false,false,"eAaNSY",34860112,0.273181,0.0471958,"outcome",true,"reported","textfile",20,33447915,0.00431819,{"v":9.2e-13,"d":"9.20E-13"},"NA","ieu-b-4868","Bioavailable Testosterone || id:ieu-b-4868",true,"reported","igd",2,true,"NA",0.00027148,50.02104057]
[33,"rs2547241","G","A","G","A",0.0217235,0.0432861,0.457961,0.427839,false,false,false,"eAaNSY",47878108,0.135001,0.0289603,"outcome",true,"reported","textfile",19,48381365,0.00328144,{"v":3.6e-11,"d":"3.60E-11"},"NA","ieu-b-4868","Bioavailable Testosterone || id:ieu-b-4868",true,"reported","igd",2,true,"NA",0.000234287,43.16652448]
[34,"rs2631864","G","A","G","A",0.0349678,0.0151625,0.104868,0.0804256,false,false,false,"eAaNSY",21254573,0.772695,0.0524922,"outcome",true,"reported","textfile",8,21112084,0.00533336,{"v":5.5e-11,"d":"5.50E-11"},"NA","ieu-b-4868","Bioavailable Testosterone || id:ieu-b-4868",true,"reported","igd",2,true,"NA",0.00022956,42.29539549]
[35,"rs2668776","T","C","T","C",-0.0302166,0.0132427,0.531022,0.589646,false,false,false,"eAaNSY",47223994,0.648185,0.0290229,"outcome",true,"reported","textfile",18,44750365,0.00326875,{"v":2.4e-20,"d":"2.40E-20"},"NA","ieu-b-4868","Bioavailable Testosterone || id:ieu-b-4868",true,"reported","igd",2,true,"NA",0.000454764,83.8070235]
[36,"rs2764772","A","T","A","T",0.0339729,0.0347542,0.333289,0.360214,false,true,false,"eAaNSY",20049331,0.242253,0.0297203,"outcome",true,"reported","textfile",16,20060653,0.00345638,{"v":8.4e-23,"d":"8.40E-23"},"NA","ieu-b-4868","Bioavailable Testosterone || id:ieu-b-4868",true,"reported","igd",2,true,"NA",0.000512925,94.53080466]
[37,"rs2961853","C","T","C","T",0.0181972,0.00549448,0.466845,0.549105,false,false,false,"eAaNSY",166505043,0.848381,0.0287392,"outcome",true,"reported","textfile",5,165932048,0.00326318,{"v":2.5e-8,"d":"2.50E-08"},"NA","ieu-b-4868","Bioavailable Testosterone || id:ieu-b-4868",true,"reported","igd",2,true,"NA",0.000164841,30.36921911]
[38,"rs328365","A","G","A","G",0.0200193,-0.00101217,0.422355,0.428366,false,false,false,"eAaNSY",73830763,0.972029,0.0288665,"outcome",true,"reported","textfile",16,73864662,0.00330495,{"v":1.4e-9,"d":"1.40E-09"},"NA","ieu-b-4868","Bioavailable Testosterone || id:ieu-b-4868",true,"reported","igd",2,true,"NA",0.000195554,36.02865627]
[39,"rs34040779","C","T","C","T",-0.0375165,-0.0520219,0.076195,0.0782454,false,false,false,"eAaNSY",107516262,0.331455,0.0535652,"outcome",true,"reported","textfile",3,107235109,0.00629773,{"v":2.6e-9,"d":"2.60E-09"},"NA","ieu-b-4868","Bioavailable Testosterone || id:ieu-b-4868",true,"reported","igd",2,true,"NA",0.000198144,36.5059932]
[40,"rs34669210","T","TA","T","TA",-0.0394099,0.0272019,0.432423,0.436282,false,false,false,"eAaNSY",122901577,0.344625,0.028783,"outcome",true,"reported","textfile",11,122772285,0.00332483,{"v":2.1e-32,"d":"2.10E-32"},"NA","ieu-b-4868","Bioavailable Testosterone || id:ieu-b-4868",true,"reported","igd",2,true,"NA",0.000762385,140.5407154]
[41,"rs35251956","T","C","T","C",0.0221398,-0.00446408,0.260062,0.241859,false,false,false,"eAaNSY",89588392,0.895277,0.0339139,"outcome",true,"reported","textfile",16,89654800,0.00378527,{"v":4.9e-9,"d":"4.90E-09"},"NA","ieu-b-4868","Bioavailable Testosterone || id:ieu-b-4868",true,"reported","igd",2,true,"NA",0.000188647,34.75587663]
[42,"rs3732218","A","G","A","G",-0.0453318,0.0751474,0.08243,0.0698187,false,false,false,"eAaNSY",233718658,0.179438,0.0559762,"outcome",true,"reported","textfile",2,234627304,0.0059242,{"v":2e-14,"d":"2.00E-14"},"NA","ieu-b-4868","Bioavailable Testosterone || id:ieu-b-4868",true,"reported","igd",2,true,"NA",0.000310857,57.27856813]
[43,"rs3752214","A","G","A","G",0.0201676,-0.00941566,0.568354,0.631418,false,false,false,"eAaNSY",49017355,0.751168,0.029693,"outcome",true,"reported","textfile",19,49520612,0.00328899,{"v":8.7e-10,"d":"8.70E-10"},"NA","ieu-b-4868","Bioavailable Testosterone || id:ieu-b-4868",true,"reported","igd",2,true,"NA",0.000199565,36.76786844]
[44,"rs4392940","A","G","A","G",0.0332306,-0.0102108,0.757273,0.833251,false,false,false,"eAaNSY",60787372,0.789578,0.0382629,"outcome",true,"reported","textfile",8,61699931,0.00379502,{"v":2e-18,"d":"2.00E-18"},"NA","ieu-b-4868","Bioavailable Testosterone || id:ieu-b-4868",true,"reported","igd",2,true,"NA",0.000405954,74.80833014]
[45,"rs4872310","A","G","A","G",-0.0231692,0.0324589,0.24688,0.272437,false,false,false,"eAaNSY",25389665,0.310516,0.0320063,"outcome",true,"reported","textfile",8,25247181,0.00377015,{"v":8e-10,"d":"8.00E-10"},"NA","ieu-b-4868","Bioavailable Testosterone || id:ieu-b-4868",true,"reported","igd",2,true,"NA",0.000199619,36.77778448]
[46,"rs56196860","A","C","A","C",0.319654,-0.233534,0.031319,0.0127391,false,false,false,"eAaNSY",2799164,0.0727947,0.130167,"outcome",true,"reported","textfile",12,2908330,0.00934123,{"v":1e-200,"d":"1.00E-200"},"NA","ieu-b-4868","Bioavailable Testosterone || id:ieu-b-4868",true,"reported","igd",2,true,"NA",0.006199818,1149.14962]
[47,"rs59049034","A","C","A","C",-0.0397747,-0.0493074,0.086814,0.116097,false,false,false,"eAaNSY",103710217,0.273202,0.0450001,"outcome",true,"reported","textfile",4,104631374,0.00578256,{"v":6.1e-12,"d":"6.10E-12"},"NA","ieu-b-4868","Bioavailable Testosterone || id:ieu-b-4868",true,"reported","igd",2,true,"NA",0.000250838,46.21665216]
[48,"rs61932784","A","C","A","C",-0.0221137,0.0527041,0.217008,0.143202,false,false,false,"eAaNSY",113694505,0.19438,0.0406125,"outcome",true,"reported","textfile",12,114132310,0.00396731,{"v":2.5e-8,"d":"2.50E-08"},"NA","ieu-b-4868","Bioavailable Testosterone || id:ieu-b-4868",true,"reported","igd",2,true,"NA",0.000166183,30.61644554]
[49,"rs62465144","C","T","C","T",-0.0231667,-0.0535164,0.196752,0.176996,false,false,false,"eAaNSY",73468776,0.152158,0.037373,"outcome",true,"reported","textfile",7,72883106,0.00409768,{"v":1.6e-8,"d":"1.60E-08"},"NA","ieu-b-4868","Bioavailable Testosterone || id:ieu-b-4868",true,"reported","igd",2,true,"NA",0.00016964,31.25341887]
[50,"rs6459544","G","A","G","A",-0.0201303,0.0337991,0.314267,0.37868,false,false,false,"eAaNSY",17414461,0.252733,0.0295515,"outcome",true,"reported","textfile",6,17414692,0.00353293,{"v":1.2e-8,"d":"1.20E-08"},"NA","ieu-b-4868","Bioavailable Testosterone || id:ieu-b-4868",true,"reported","igd",2,true,"NA",0.000174656,32.17783923]
[51,"rs647737","T","C","T","C",-0.0258149,-0.0293516,0.735251,0.676781,false,false,false,"eAaNSY",125213220,0.338827,0.0306869,"outcome",true,"reported","textfile",11,125083116,0.00367516,{"v":2.2e-12,"d":"2.20E-12"},"NA","ieu-b-4868","Bioavailable Testosterone || id:ieu-b-4868",true,"reported","igd",2,true,"NA",0.000259442,47.80245815]
[52,"rs6486542","T","C","T","C",-0.0243627,0.0308443,0.429913,0.323352,false,false,false,"eAaNSY",130467664,0.313945,0.0306305,"outcome",true,"reported","textfile",12,130952209,0.00331045,{"v":1.8e-13,"d":"1.80E-13"},"NA","ieu-b-4868","Bioavailable Testosterone || id:ieu-b-4868",true,"reported","igd",2,true,"NA",0.000290939,53.6075077]
[53,"rs66956368","A","T","A","T",-0.0344882,-0.00709582,0.296061,0.325817,false,true,false,"eAaNSY",61294052,0.819937,0.0311732,"outcome",true,"reported","textfile",3,61279726,0.00375954,{"v":4.6e-20,"d":"4.60E-20"},"NA","ieu-b-4868","Bioavailable Testosterone || id:ieu-b-4868",true,"reported","igd",2,true,"NA",0.000495778,91.3691]
[54,"rs6718154","T","C","T","C",0.0354908,-0.0467186,0.273645,0.296695,false,false,false,"eAaNSY",179633196,0.135035,0.0312595,"outcome",true,"reported","textfile",2,180497923,0.00365296,{"v":2.6e-22,"d":"2.60E-22"},"NA","ieu-b-4868","Bioavailable Testosterone || id:ieu-b-4868",true,"reported","igd",2,true,"NA",0.000500724,92.28098809]
[55,"rs6766859","T","C","T","C",0.026174,0.0072754,0.627527,0.631529,false,false,false,"eAaNSY",138336294,0.806399,0.0296866,"outcome",true,"reported","textfile",3,138055136,0.00338435,{"v":1e-14,"d":"1.00E-14"},"NA","ieu-b-4868","Bioavailable Testosterone || id:ieu-b-4868",true,"reported","igd",2,true,"NA",0.000320256,59.0110323]
[56,"rs714786","A","G","A","G",-0.0228537,-0.0163313,0.371338,0.350818,false,false,false,"eAaNSY",53754995,0.585655,0.0299578,"outcome",true,"reported","textfile",3,53789022,0.00336665,{"v":1.1e-11,"d":"1.10E-11"},"NA","ieu-b-4868","Bioavailable Testosterone || id:ieu-b-4868",true,"reported","igd",2,true,"NA",0.000243854,44.92956978]
[57,"rs71529289","T","C","T","C",-0.0361292,-0.00618723,0.25278,0.321743,false,false,false,"eAaNSY",76967251,0.842072,0.0310536,"outcome",true,"reported","textfile",8,77879487,0.00371266,{"v":2.2e-22,"d":"2.20E-22"},"NA","ieu-b-4868","Bioavailable Testosterone || id:ieu-b-4868",true,"reported","igd",2,true,"NA",0.000493103,90.87591299]
[58,"rs7207165","C","T","C","T",-0.0265576,-0.00449814,0.714088,0.68468,false,false,false,"eAaNSY",77614158,0.88419,0.0308812,"outcome",true,"reported","textfile",17,75610240,0.00367832,{"v":5.2e-13,"d":"5.20E-13"},"NA","ieu-b-4868","Bioavailable Testosterone || id:ieu-b-4868",true,"reported","igd",2,true,"NA",0.000288,53.0656586]
[59,"rs7337958","G","A","G","A",-0.0445552,-0.07981,0.095085,0.0970804,false,false,false,"eAaNSY",112088223,0.101508,0.0487364,"outcome",true,"reported","textfile",13,112742537,0.005635,{"v":2.6e-15,"d":"2.60E-15"},"NA","ieu-b-4868","Bioavailable Testosterone || id:ieu-b-4868",true,"reported","igd",2,true,"NA",0.000341623,62.949412]
[60,"rs7338818","T","C","T","C",-0.0214281,{"v":3.86e-5,"d":"3.86E-05"},0.551759,0.543331,false,false,false,"eAaNSY",99916364,0.99893,0.0287818,"outcome",true,"reported","textfile",13,100568618,0.00327378,{"v":5.9e-11,"d":"5.90E-11"},"NA","ieu-b-4868","Bioavailable Testosterone || id:ieu-b-4868",true,"reported","igd",2,true,"NA",0.000227122,41.84597359]
[61,"rs7679843","G","C","G","C",0.0466411,0.0110864,0.095191,0.0690732,false,true,false,"eAaNSY",22026456,0.844811,0.0566376,"outcome",true,"reported","textfile",4,22028079,0.00569525,{"v":2.6e-16,"d":"2.60E-16"},"NA","ieu-b-4868","Bioavailable Testosterone || id:ieu-b-4868",true,"reported","igd",2,true,"NA",0.000374732,69.05256874]
[62,"rs7912521","C","T","C","T",0.0609617,-0.0134998,0.417292,0.321148,false,false,false,"eAaNSY",65502331,0.660078,0.0306948,"outcome",true,"reported","textfile",10,67262089,0.00329334,{"v":1.7e-76,"d":"1.70E-76"},"NA","ieu-b-4868","Bioavailable Testosterone || id:ieu-b-4868",true,"reported","igd",2,true,"NA",0.00180732,333.5166288]
[63,"rs8061590","G","A","G","A",-0.0282624,0.000927959,0.400168,0.412721,false,false,false,"eAaNSY",28883809,0.974463,0.0289881,"outcome",true,"reported","textfile",16,28895130,0.00332263,{"v":1.8e-17,"d":"1.80E-17"},"NA","ieu-b-4868","Bioavailable Testosterone || id:ieu-b-4868",true,"reported","igd",2,true,"NA",0.00038346,70.66157709]
[64,"rs858518","A","G","A","G",-0.0321556,0.0364016,0.573415,0.627555,false,false,false,"eAaNSY",7629707,0.219546,0.0296493,"outcome",true,"reported","textfile",17,7533025,0.00330058,{"v":2e-22,"d":"2.00E-22"},"NA","ieu-b-4868","Bioavailable Testosterone || id:ieu-b-4868",true,"reported","igd",2,true,"NA",0.000505845,93.22540981]
[65,"rs9284814","A","G","A","G",-0.0349493,-0.00430978,0.885784,0.88467,false,false,false,"eAaNSY",88223921,0.923044,0.0446149,"outcome",true,"reported","textfile",3,88273071,0.00512384,{"v":9e-12,"d":"9.00E-12"},"NA","ieu-b-4868","Bioavailable Testosterone || id:ieu-b-4868",true,"reported","igd",2,true,"NA",0.000247151,45.53714361]
[66,"rs9376454","T","C","T","C",-0.0288397,-0.00384647,0.220549,0.267431,false,false,false,"eAaNSY",99795055,0.905139,0.0322767,"outcome",true,"reported","textfile",6,100242931,0.00391788,{"v":1.8e-13,"d":"1.80E-13"},"NA","ieu-b-4868","Bioavailable Testosterone || id:ieu-b-4868",true,"reported","igd",2,true,"NA",0.00028596,52.68976864]
[67,"rs950716","G","A","G","A",-0.0350904,-0.0974586,0.136371,0.103387,false,false,false,"eAaNSY",136344852,0.0388141,0.0471692,"outcome",true,"reported","textfile",5,135680540,0.00474273,{"v":1.4e-13,"d":"1.40E-13"},"NA","ieu-b-4868","Bioavailable Testosterone || id:ieu-b-4868",true,"reported","igd",2,true,"NA",0.000290039,53.44148962]
[68,"rs9824196","T","G","T","G",0.024967,-0.0731259,0.720987,0.698695,false,false,false,"eAaNSY",28765950,0.0189082,0.0311527,"outcome",true,"reported","textfile",3,28807441,0.00362923,{"v":6e-12,"d":"6.00E-12"},"NA","ieu-b-4868","Bioavailable Testosterone || id:ieu-b-4868",true,"reported","igd",2,true,"NA",0.000250793,46.20832451]
[69,"rs9986829","A","G","A","G",0.0557344,-0.0212279,0.507468,0.564349,false,false,false,"eAaNSY",14979634,0.46154,0.02883,"outcome",true,"reported","textfile",7,15019259,0.00326697,{"v":2.9e-65,"d":"2.90E-65"},"NA","ieu-b-4868","Bioavailable Testosterone || id:ieu-b-4868",true,"reported","igd",2,true,"NA",0.001552815,286.4780632]

{"sheet":"BT(females)","index":11,"n_rows":113,"n_cols":37,"rows_kept":113}
[null,"SNP","effect_allele.exposure","other_allele.exposure","effect_allele.outcome","other_allele.outcome","beta.exposure","beta.outcome","eaf.exposure","eaf.outcome","remove","palindromic","ambiguous","id.outcome","pos.outcome","pval.outcome","se.outcome","outcome","mr_keep.outcome","pval_origin.outcome","data_source.outcome","...1","chr.exposure","pos.exposure","se.exposure","pval.exposure","samplesize.exposure","id.exposure","exposure","mr_keep.exposure","pval_origin.exposure","data_source.exposure","action","mr_keep","samplesize.outcome","R2","F"]
[1,"rs10168169","T","C","T","C",0.0315388,-0.00245896,0.812834,0.744114,false,false,false,"n4OSzu",111617848,0.940571,0.0329833,"outcome",true,"reported","textfile",16,2,112375425,0.00428392,{"v":1.8e-13,"d":"1.80E-13"},"NA","ieu-b-4869","Bioavailable Testosterone || id:ieu-b-4869",true,"reported","igd",2,true,"NA",0.000302656,54.61081037]
[2,"rs1050541","G","T","G","T",-0.0510715,0.0394897,0.556141,0.544464,false,false,false,"n4OSzu",7657517,0.17162,0.0288875,"outcome",true,"reported","textfile",112,17,7560835,0.0033992,{"v":5.1e-51,"d":"5.10E-51"},"NA","ieu-b-4869","Bioavailable Testosterone || id:ieu-b-4869",true,"reported","igd",2,true,"NA",0.001287707,232.581295]
[3,"rs10817260","T","C","T","C",-0.0304854,-0.0154672,0.189151,0.300517,false,false,false,"n4OSzu",112066052,0.624008,0.0315542,"outcome",true,"reported","textfile",70,9,114828332,0.00428817,{"v":1.2e-12,"d":"1.20E-12"},"NA","ieu-b-4869","Bioavailable Testosterone || id:ieu-b-4869",true,"reported","igd",2,true,"NA",0.000285077,51.43802161]
[4,"rs10925196","G","A","G","A",-0.024532,0.11769,0.162748,0.13525,false,false,false,"n4OSzu",235094868,0.00391201,0.0407914,"outcome",true,"reported","textfile",11,1,235258183,0.0044901,{"v":4.7e-8,"d":"4.70E-08"},"NA","ieu-b-4869","Bioavailable Testosterone || id:ieu-b-4869",true,"reported","igd",2,true,"NA",0.000164009,29.58945791]
[5,"rs10988819","T","A","T","A",-0.0213541,-0.000322663,0.251047,0.243464,false,true,false,"n4OSzu",99420132,0.992278,0.0333377,"outcome",true,"reported","textfile",69,9,102182414,0.00384897,{"v":2.9e-8,"d":"2.90E-08"},"NA","ieu-b-4869","Bioavailable Testosterone || id:ieu-b-4869",true,"reported","igd",2,true,"NA",0.000171476,30.93674596]
[6,"rs11031005","C","T","C","T",0.0312499,0.0661359,0.143719,0.167509,false,false,false,"n4OSzu",30204809,0.0837915,0.0382487,"outcome",true,"reported","textfile",78,11,30226356,0.0047068,{"v":3.2e-11,"d":"3.20E-11"},"NA","ieu-b-4869","Bioavailable Testosterone || id:ieu-b-4869",true,"reported","igd",2,true,"NA",0.000240358,43.36707844]
[7,"rs1119209","T","C","T","C",-0.0209684,-0.00724965,0.349307,0.433775,false,false,false,"n4OSzu",77192486,0.801497,0.0288359,"outcome",true,"reported","textfile",36,5,76488311,0.00345766,{"v":1.3e-9,"d":"1.30E-09"},"NA","ieu-b-4869","Bioavailable Testosterone || id:ieu-b-4869",true,"reported","igd",2,true,"NA",0.000199868,36.06025789]
[8,"rs111984076","G","C","G","C",-0.0633299,0.178948,0.022929,0.0212138,false,true,false,"n4OSzu",119289894,0.0740918,0.100192,"outcome",true,"reported","textfile",48,6,119611059,0.0112533,{"v":1.8e-8,"d":"1.80E-08"},"NA","ieu-b-4869","Bioavailable Testosterone || id:ieu-b-4869",true,"reported","igd",2,true,"NA",0.000179704,32.42163429]
[9,"rs11235688","A","G","A","G",-0.0216423,0.0317042,0.415541,0.419385,false,false,false,"n4OSzu",73236889,0.274894,0.0290368,"outcome",true,"reported","textfile",79,11,72947934,0.00334816,{"v":1e-10,"d":"1.00E-10"},"NA","ieu-b-4869","Bioavailable Testosterone || id:ieu-b-4869",true,"reported","igd",2,true,"NA",0.000227512,41.04890572]
[10,"rs112635299","T","G","T","G",-0.101791,-0.039119,0.020318,0.0200612,false,false,false,"n4OSzu",94371805,0.701226,0.101961,"outcome",true,"reported","textfile",94,14,94838142,0.0116815,{"v":2.9e-18,"d":"2.90E-18"},"NA","ieu-b-4869","Bioavailable Testosterone || id:ieu-b-4869",true,"reported","igd",2,true,"NA",0.000412491,74.43754391]
[11,"rs1134095","A","G","A","G",-0.0261199,-0.0250085,0.553466,0.618685,false,false,false,"n4OSzu",142872874,0.395447,0.0294294,"outcome",true,"reported","textfile",63,8,143954290,0.00330066,{"v":2.5e-15,"d":"2.50E-15"},"NA","ieu-b-4869","Bioavailable Testosterone || id:ieu-b-4869",true,"reported","igd",2,true,"NA",0.000337224,60.85033693]
[12,"rs114165349","C","G","C","G",0.113801,-0.0477202,0.023492,0.0375675,false,true,false,"n4OSzu",26695422,0.525379,0.075141,"outcome",true,"reported","textfile",2,1,27021913,0.010923,{"v":2e-25,"d":"2.00E-25"},"NA","ieu-b-4869","Bioavailable Testosterone || id:ieu-b-4869",true,"reported","igd",2,true,"NA",0.00059418,107.2442679]
[13,"rs11621792","T","C","T","C",0.029618,-0.00687113,0.452584,0.368081,false,false,false,"n4OSzu",24402720,0.816529,0.0296155,"outcome",true,"reported","textfile",93,14,24871926,0.00333731,{"v":7e-19,"d":"7.00E-19"},"NA","ieu-b-4869","Bioavailable Testosterone || id:ieu-b-4869",true,"reported","igd",2,true,"NA",0.000434668,78.44133294]
[14,"rs11683263","C","T","C","T",-0.0202728,0.0549989,0.512425,0.588124,false,false,false,"n4OSzu",62311546,0.0590813,0.0291371,"outcome",true,"reported","textfile",21,2,62538681,0.00330826,{"v":8.9e-10,"d":"8.90E-10"},"NA","ieu-b-4869","Bioavailable Testosterone || id:ieu-b-4869",true,"reported","igd",2,true,"NA",0.000205366,37.05240636]
[15,"rs1171617","T","G","T","G",0.0397079,-0.108839,0.770068,0.839754,false,false,false,"n4OSzu",59707424,0.0039326,0.0377453,"outcome",true,"reported","textfile",75,10,61467182,0.00391092,{"v":3.2e-24,"d":"3.20E-24"},"NA","ieu-b-4869","Bioavailable Testosterone || id:ieu-b-4869",true,"reported","igd",2,true,"NA",0.000558357,100.7750218]
[16,"rs117327231","A","C","A","C",0.133294,0.304933,0.023796,0.00287794,false,false,false,"n4OSzu",74249401,0.258004,0.269585,"outcome",true,"reported","textfile",116,18,71916636,0.0107971,{"v":5.2e-35,"d":"5.20E-35"},"NA","ieu-b-4869","Bioavailable Testosterone || id:ieu-b-4869",true,"reported","igd",2,true,"NA",0.000825459,149.0226885]
[17,"rs11774829","A","T","A","T",0.0402262,-0.0366845,0.101734,0.155086,false,true,false,"n4OSzu",104966140,0.354379,0.0396106,"outcome",true,"reported","textfile",60,8,105978368,0.00550287,{"v":2.7e-13,"d":"2.70E-13"},"NA","ieu-b-4869","Bioavailable Testosterone || id:ieu-b-4869",true,"reported","igd",2,true,"NA",0.000295746,53.36365502]
[18,"rs11856606","A","G","A","G",-0.0362799,-0.023641,0.127107,0.095634,false,false,false,"n4OSzu",75633251,0.628426,0.0488508,"outcome",true,"reported","textfile",100,15,75925592,0.00496176,{"v":2.6e-13,"d":"2.60E-13"},"NA","ieu-b-4869","Bioavailable Testosterone || id:ieu-b-4869",true,"reported","igd",2,true,"NA",0.000292074,52.70083731]
[19,"rs11879227","G","A","G","A",-0.0254213,-0.0359384,0.183146,0.230905,false,false,false,"n4OSzu",45690093,0.288805,0.0338802,"outcome",true,"reported","textfile",119,19,46193351,0.00425261,{"v":2.3e-9,"d":"2.30E-09"},"NA","ieu-b-4869","Bioavailable Testosterone || id:ieu-b-4869",true,"reported","igd",2,true,"NA",0.00019336,34.88585584]
[20,"rs11892043","G","A","G","A",-0.0247605,0.0380463,0.270814,0.325175,false,false,false,"n4OSzu",24767213,0.212249,0.0305003,"outcome",true,"reported","textfile",19,2,24990082,0.00369698,{"v":2.1e-11,"d":"2.10E-11"},"NA","ieu-b-4869","Bioavailable Testosterone || id:ieu-b-4869",true,"reported","igd",2,true,"NA",0.000242135,43.68792661]
[21,"rs1214759","G","A","G","A",0.0249395,-0.0874299,0.678796,0.694808,false,false,false,"n4OSzu",43385242,0.00408338,0.0304459,"outcome",true,"reported","textfile",52,6,43352980,0.00352413,{"v":1.5e-12,"d":"1.50E-12"},"NA","ieu-b-4869","Bioavailable Testosterone || id:ieu-b-4869",true,"reported","igd",2,true,"NA",0.000271222,48.93747068]
[22,"rs12189146","A","G","A","G",-0.041275,0.00814701,0.050464,0.0907734,false,false,false,"n4OSzu",35239784,0.870094,0.0498171,"outcome",true,"reported","textfile",42,5,35239886,0.00751323,{"v":3.9e-8,"d":"3.90E-08"},"NA","ieu-b-4869","Bioavailable Testosterone || id:ieu-b-4869",true,"reported","igd",2,true,"NA",0.000163267,29.45548587]
[23,"rs12564492","A","G","A","G",0.0216918,-0.0471474,0.702674,0.667909,false,false,false,"n4OSzu",168265407,0.119808,0.0303086,"outcome",true,"reported","textfile",10,1,168234645,0.00359119,{"v":1.5e-9,"d":"1.50E-09"},"NA","ieu-b-4869","Bioavailable Testosterone || id:ieu-b-4869",true,"reported","igd",2,true,"NA",0.000196611,35.47246427]
[24,"rs12658172","C","G","C","G",-0.04223,0.0178308,0.156746,0.153339,false,true,false,"n4OSzu",124869692,0.654957,0.0399002,"outcome",true,"reported","textfile",39,5,124205385,0.00458669,{"v":3.4e-20,"d":"3.40E-20"},"NA","ieu-b-4869","Bioavailable Testosterone || id:ieu-b-4869",true,"reported","igd",2,true,"NA",0.000471441,85.08046226]
[25,"rs12683780","C","A","C","A",-0.0239569,-0.0254258,0.330392,0.376711,false,false,false,"n4OSzu",16252809,0.392138,0.0297118,"outcome",true,"reported","textfile",67,9,16252807,0.00359721,{"v":2.7e-11,"d":"2.70E-11"},"NA","ieu-b-4869","Bioavailable Testosterone || id:ieu-b-4869",true,"reported","igd",2,true,"NA",0.000253946,45.8194326]
[26,"rs13022088","G","A","G","A",0.0238104,0.0269334,0.276609,0.386089,false,false,false,"n4OSzu",12427811,0.359506,0.0293935,"outcome",true,"reported","textfile",12,2,12567937,0.0036887,{"v":1.1e-10,"d":"1.10E-10"},"NA","ieu-b-4869","Bioavailable Testosterone || id:ieu-b-4869",true,"reported","igd",2,true,"NA",0.000226883,40.93542887]
[27,"rs13030651","A","G","A","G",-0.0206648,-0.0265375,0.550815,0.584581,false,false,false,"n4OSzu",43281066,0.363068,0.029177,"outcome",true,"reported","textfile",20,2,43508205,0.00331178,{"v":4.4e-10,"d":"4.40E-10"},"NA","ieu-b-4869","Bioavailable Testosterone || id:ieu-b-4869",true,"reported","igd",2,true,"NA",0.000211312,38.12529445]
[28,"rs13150068","G","A","G","A",0.0201889,0.0284187,0.43498,0.338544,false,false,false,"n4OSzu",87282676,0.347367,0.030242,"outcome",true,"reported","textfile",35,4,88203828,0.00332332,{"v":1.2e-9,"d":"1.20E-09"},"NA","ieu-b-4869","Bioavailable Testosterone || id:ieu-b-4869",true,"reported","igd",2,true,"NA",0.00020035,36.14709927]
[29,"rs13153019","C","T","C","T",0.0210857,0.0149633,0.250534,0.273011,false,false,false,"n4OSzu",177355217,0.640892,0.032079,"outcome",true,"reported","textfile",38,5,176782218,0.00382266,{"v":3.5e-8,"d":"3.50E-08"},"NA","ieu-b-4869","Bioavailable Testosterone || id:ieu-b-4869",true,"reported","igd",2,true,"NA",0.000166965,30.1227891]
[30,"rs13229619","A","G","A","G",0.0377839,-0.0815053,0.130818,0.12811,false,false,false,"n4OSzu",73615845,0.0559487,0.042641,"outcome",true,"reported","textfile",53,7,73030175,0.00487041,{"v":8.6e-15,"d":"8.60E-15"},"NA","ieu-b-4869","Bioavailable Testosterone || id:ieu-b-4869",true,"reported","igd",2,true,"NA",0.000324655,58.5815452]
[31,"rs143851281","C","G","C","G",-0.0370075,-0.1285,0.069975,0.0618549,false,true,false,"n4OSzu",12171935,0.0308759,0.0595278,"outcome",true,"reported","textfile",18,2,12312061,0.00645659,{"v":9.9e-9,"d":"9.90E-09"},"NA","ieu-b-4869","Bioavailable Testosterone || id:ieu-b-4869",true,"reported","igd",2,true,"NA",0.000178257,32.16047522]
[32,"rs1515098","T","C","T","C",0.0220938,-0.0372702,0.680595,0.663761,false,false,false,"n4OSzu",226209138,0.217106,0.0301964,"outcome",true,"reported","textfile",17,2,227073854,0.00351922,{"v":3.4e-10,"d":"3.40E-10"},"NA","ieu-b-4869","Bioavailable Testosterone || id:ieu-b-4869",true,"reported","igd",2,true,"NA",0.000212227,38.29053981]
[33,"rs168189","T","C","T","C",0.0253209,-0.0350709,0.282453,0.281428,false,false,false,"n4OSzu",78678604,0.271627,0.0319023,"outcome",true,"reported","textfile",41,5,77974427,0.00367695,{"v":5.7e-12,"d":"5.70E-12"},"NA","ieu-b-4869","Bioavailable Testosterone || id:ieu-b-4869",true,"reported","igd",2,true,"NA",0.000259887,46.8916713]
[34,"rs1688044","G","C","G","C",-0.0393888,0.0687036,0.933368,0.93824,false,true,false,"n4OSzu",35061175,0.248106,0.0594856,"outcome",true,"reported","textfile",120,19,35552079,0.00659508,{"v":2.3e-9,"d":"2.30E-09"},"NA","ieu-b-4869","Bioavailable Testosterone || id:ieu-b-4869",true,"reported","igd",2,true,"NA",0.00019298,34.81713915]
[35,"rs17677724","T","C","T","C",-0.0244682,-0.0465041,0.164371,0.120785,false,false,false,"n4OSzu",128679677,0.290763,0.0440192,"outcome",true,"reported","textfile",43,5,128015370,0.00446519,{"v":4.3e-8,"d":"4.30E-08"},"NA","ieu-b-4869","Bioavailable Testosterone || id:ieu-b-4869",true,"reported","igd",2,true,"NA",0.000164465,29.67168331]
[36,"rs17698580","C","T","C","T",0.0248786,-0.00931247,0.251199,0.230204,false,false,false,"n4OSzu",98080574,0.783554,0.0339016,"outcome",true,"reported","textfile",96,14,98546911,0.00379101,{"v":5.3e-11,"d":"5.30E-11"},"NA","ieu-b-4869","Bioavailable Testosterone || id:ieu-b-4869",true,"reported","igd",2,true,"NA",0.000232845,42.01122456]
[37,"rs192287715","A","G","A","G",0.0465734,-0.0193098,0.081215,0.09408,false,false,false,"n4OSzu",7358547,0.69382,0.04905,"outcome",true,"reported","textfile",108,17,7261866,0.00609341,{"v":2.1e-14,"d":"2.10E-14"},"NA","ieu-b-4869","Bioavailable Testosterone || id:ieu-b-4869",true,"reported","igd",2,true,"NA",0.00032371,58.41100112]
[38,"rs1989147","T","C","T","C",-0.0296635,-0.0829346,0.191549,0.233662,false,false,false,"n4OSzu",7849313,0.0142446,0.0338365,"outcome",true,"reported","textfile",1,1,7909373,0.00420903,{"v":1.8e-12,"d":"1.80E-12"},"NA","ieu-b-4869","Bioavailable Testosterone || id:ieu-b-4869",true,"reported","igd",2,true,"NA",0.000272526,49.1727795]
[39,"rs2152318","T","C","T","C",0.0425364,-0.0206754,0.248455,0.265746,false,false,false,"n4OSzu",179324376,0.522203,0.0323076,"outcome",true,"reported","textfile",8,1,179293511,0.00380692,{"v":5.5e-29,"d":"5.50E-29"},"NA","ieu-b-4869","Bioavailable Testosterone || id:ieu-b-4869",true,"reported","igd",2,true,"NA",0.0006757,121.9679584]
[40,"rs2160348","C","T","C","T",0.0378411,0.0676281,0.735377,0.775888,false,false,false,"n4OSzu",64682032,0.0479579,0.0341946,"outcome",true,"reported","textfile",22,2,64909166,0.00374297,{"v":5e-24,"d":"5.00E-24"},"NA","ieu-b-4869","Bioavailable Testosterone || id:ieu-b-4869",true,"reported","igd",2,true,"NA",0.000557308,100.5854696]
[41,"rs2243612","C","T","C","T",0.0360246,0.0349349,0.121349,0.155053,false,false,false,"n4OSzu",121114430,0.374746,0.039358,"outcome",true,"reported","textfile",72,10,122873944,0.0050408,{"v":8.9e-13,"d":"8.90E-13"},"NA","ieu-b-4869","Bioavailable Testosterone || id:ieu-b-4869",true,"reported","igd",2,true,"NA",0.000276746,49.93432214]
[42,"rs2342307","G","A","G","A",-0.0223424,0.00426137,0.614909,0.62936,false,false,false,"n4OSzu",196215616,0.885844,0.0296824,"outcome",true,"reported","textfile",27,3,195942487,0.00340929,{"v":5.6e-11,"d":"5.60E-11"},"NA","ieu-b-4869","Bioavailable Testosterone || id:ieu-b-4869",true,"reported","igd",2,true,"NA",0.000236409,42.65447059]
[43,"rs2608666","A","C","A","C",0.0188174,-0.000102013,0.565321,0.548368,false,false,false,"n4OSzu",52785385,0.99716,0.0286633,"outcome",true,"reported","textfile",46,6,52650183,0.00331898,{"v":1.4e-8,"d":"1.40E-08"},"NA","ieu-b-4869","Bioavailable Testosterone || id:ieu-b-4869",true,"reported","igd",2,true,"NA",0.000174026,31.39688809]
[44,"rs272607","G","T","G","T",-0.0261681,0.0229173,0.289736,0.247046,false,false,false,"n4OSzu",80512566,0.489079,0.0331284,"outcome",true,"reported","textfile",62,8,81424801,0.00362601,{"v":5.3e-13,"d":"5.30E-13"},"NA","ieu-b-4869","Bioavailable Testosterone || id:ieu-b-4869",true,"reported","igd",2,true,"NA",0.000281836,50.85305758]
[45,"rs2801885","G","A","G","A",-0.0225129,0.0181452,0.270178,0.25435,false,false,false,"n4OSzu",5005822,0.581202,0.0328938,"outcome",true,"reported","textfile",73,10,5048014,0.00373847,{"v":1.7e-9,"d":"1.70E-09"},"NA","ieu-b-4869","Bioavailable Testosterone || id:ieu-b-4869",true,"reported","igd",2,true,"NA",0.000199876,36.0615708]
[46,"rs28479712","G","A","G","A",0.0353787,0.00352592,0.351783,0.370312,false,false,false,"n4OSzu",40072062,0.904928,0.029521,"outcome",true,"reported","textfile",97,15,40364263,0.0034482,{"v":1.1e-24,"d":"1.10E-24"},"NA","ieu-b-4869","Bioavailable Testosterone || id:ieu-b-4869",true,"reported","igd",2,true,"NA",0.000570833,103.027935]
[47,"rs2954111","C","T","C","T",0.0202389,0.00745226,0.360152,0.336053,false,false,false,"n4OSzu",121696509,0.806428,0.0304129,"outcome",true,"reported","textfile",85,12,122134415,0.00342932,{"v":3.6e-9,"d":"3.60E-09"},"NA","ieu-b-4869","Bioavailable Testosterone || id:ieu-b-4869",true,"reported","igd",2,true,"NA",0.000188785,34.06014256]
[48,"rs312023","A","G","A","G",-0.0218135,-0.0137646,0.525886,0.647916,false,false,false,"n4OSzu",68329581,0.647096,0.0300669,"outcome",true,"reported","textfile",81,11,68097049,0.00330758,{"v":4.3e-11,"d":"4.30E-11"},"NA","ieu-b-4869","Bioavailable Testosterone || id:ieu-b-4869",true,"reported","igd",2,true,"NA",0.000237277,42.81107826]
[49,"rs34072207","G","T","G","T",-0.0279643,0.00662873,0.234381,0.237201,false,false,false,"n4OSzu",68469575,0.843028,0.0334748,"outcome",true,"reported","textfile",32,4,69335293,0.00391387,{"v":9e-13,"d":"9.00E-13"},"NA","ieu-b-4869","Bioavailable Testosterone || id:ieu-b-4869",true,"reported","igd",2,true,"NA",0.000280655,50.63990981]
[50,"rs34837212","ATG","A","ATG","A",-0.0278006,0.0421458,0.433999,0.268104,false,false,false,"n4OSzu",50601125,0.193403,0.0324054,"outcome",true,"reported","textfile",4,1,51066797,0.00335568,{"v":1.2e-16,"d":"1.20E-16"},"NA","ieu-b-4869","Bioavailable Testosterone || id:ieu-b-4869",true,"reported","igd",2,true,"NA",0.000379703,68.5183993]
[51,"rs34931250","T","C","T","C",-0.051779,0.0789113,0.059143,0.0661415,false,false,false,"n4OSzu",68883786,0.177796,0.0585582,"outcome",true,"reported","textfile",114,17,66879927,0.00695976,{"v":1e-13,"d":"1.00E-13"},"NA","ieu-b-4869","Bioavailable Testosterone || id:ieu-b-4869",true,"reported","igd",2,true,"NA",0.000298376,53.83836956]
[52,"rs351370","T","C","T","C",0.020678,0.0181074,0.588469,0.603499,false,false,false,"n4OSzu",112512037,0.535698,0.0292371,"outcome",true,"reported","textfile",3,1,113054659,0.00333627,{"v":5.7e-10,"d":"5.70E-10"},"NA","ieu-b-4869","Bioavailable Testosterone || id:ieu-b-4869",true,"reported","igd",2,true,"NA",0.000207097,37.3646713]
[53,"rs35339118","T","C","T","C",-0.0195068,-0.0487173,0.396964,0.389041,false,false,false,"n4OSzu",80742864,0.0980912,0.029451,"outcome",true,"reported","textfile",64,8,81655099,0.00339833,{"v":9.5e-9,"d":"9.50E-09"},"NA","ieu-b-4869","Bioavailable Testosterone || id:ieu-b-4869",true,"reported","igd",2,true,"NA",0.000182178,32.86802132]
[54,"rs36221133","C","T","C","T",0.105578,-0.421686,0.013715,0.00216944,false,false,false,"n4OSzu",31944746,0.148074,0.291548,"outcome",true,"reported","textfile",45,6,31912523,0.014092,{"v":6.8e-14,"d":"6.80E-14"},"NA","ieu-b-4869","Bioavailable Testosterone || id:ieu-b-4869",true,"reported","igd",2,true,"NA",0.000301561,54.4131786]
[55,"rs3786432","T","C","T","C",0.0247059,0.00430289,0.723623,0.675442,false,false,false,"n4OSzu",3813758,0.887916,0.0305297,"outcome",true,"reported","textfile",115,18,3813758,0.00368778,{"v":2.1e-11,"d":"2.10E-11"},"NA","ieu-b-4869","Bioavailable Testosterone || id:ieu-b-4869",true,"reported","igd",2,true,"NA",0.000244144,44.05038121]
[56,"rs3809868","A","G","A","G",-0.0329375,0.00333562,0.519459,0.534016,false,false,false,"n4OSzu",47673230,0.907063,0.028572,"outcome",true,"reported","textfile",113,17,45750596,0.00328855,{"v":1.3e-23,"d":"1.30E-23"},"NA","ieu-b-4869","Bioavailable Testosterone || id:ieu-b-4869",true,"reported","igd",2,true,"NA",0.000541618,97.7521419]
[57,"rs387212","C","T","C","T",-0.0207621,0.00462892,0.314445,0.347927,false,false,false,"n4OSzu",4086417,0.878049,0.030167,"outcome",true,"reported","textfile",103,16,4136418,0.00352452,{"v":3.8e-9,"d":"3.80E-09"},"NA","ieu-b-4869","Bioavailable Testosterone || id:ieu-b-4869",true,"reported","igd",2,true,"NA",0.000185849,33.5303651]
[58,"rs40270","C","A","C","A",0.0246087,-0.044226,0.772364,0.706653,false,false,false,"n4OSzu",56508725,0.157968,0.0313229,"outcome",true,"reported","textfile",40,5,55804552,0.00392038,{"v":3.4e-10,"d":"3.40E-10"},"NA","ieu-b-4869","Bioavailable Testosterone || id:ieu-b-4869",true,"reported","igd",2,true,"NA",0.000212946,38.42030539]
[59,"rs41301394","T","C","T","C",0.0238838,0.051966,0.283541,0.386857,false,false,false,"n4OSzu",75983485,0.0763484,0.0293216,"outcome",true,"reported","textfile",54,7,75612803,0.00365316,{"v":6.2e-11,"d":"6.20E-11"},"NA","ieu-b-4869","Bioavailable Testosterone || id:ieu-b-4869",true,"reported","igd",2,true,"NA",0.000231763,41.81602384]
[60,"rs4149056","C","T","C","T",0.0525632,0.0302289,0.152792,0.201568,false,false,false,"n4OSzu",21178615,0.397295,0.0357121,"outcome",true,"reported","textfile",88,12,21331549,0.00457129,{"v":1.3e-30,"d":"1.30E-30"},"NA","ieu-b-4869","Bioavailable Testosterone || id:ieu-b-4869",true,"reported","igd",2,true,"NA",0.000715293,129.1198537]
[61,"rs415441","T","C","T","C",0.044568,-0.0407736,0.771462,0.831524,false,false,false,"n4OSzu",118807470,0.286494,0.0382547,"outcome",true,"reported","textfile",51,6,119128633,0.00390829,{"v":4e-30,"d":"4.00E-30"},"NA","ieu-b-4869","Bioavailable Testosterone || id:ieu-b-4869",true,"reported","igd",2,true,"NA",0.000700405,126.4304109]
[62,"rs4245930","A","G","A","G",-0.0193683,0.00348232,0.631749,0.572992,false,false,false,"n4OSzu",108117498,0.904157,0.0289201,"outcome",true,"reported","textfile",33,4,109038654,0.00340702,{"v":1.3e-8,"d":"1.30E-08"},"NA","ieu-b-4869","Bioavailable Testosterone || id:ieu-b-4869",true,"reported","igd",2,true,"NA",0.000174543,31.49019305]
[63,"rs4368453","T","C","T","C",0.0229104,-0.00293315,0.304748,0.235628,false,false,false,"n4OSzu",157134352,0.930813,0.0337834,"outcome",true,"reported","textfile",31,3,156852141,0.00360363,{"v":2e-10,"d":"2.00E-10"},"NA","ieu-b-4869","Bioavailable Testosterone || id:ieu-b-4869",true,"reported","igd",2,true,"NA",0.000222422,40.1303614]
[64,"rs4464040","T","C","T","C",-0.0339158,0.00487284,0.148113,0.0849363,false,false,false,"n4OSzu",79548215,0.924753,0.0515924,"outcome",true,"reported","textfile",102,15,79840557,0.00464611,{"v":2.9e-13,"d":"2.90E-13"},"NA","ieu-b-4869","Bioavailable Testosterone || id:ieu-b-4869",true,"reported","igd",2,true,"NA",0.000290275,52.37612838]
[65,"rs4506131","C","G","C","G",-0.034343,-0.0271825,0.735954,0.775491,false,true,false,"n4OSzu",98283884,0.430354,0.0344699,"outcome",true,"reported","textfile",57,7,97913196,0.00372556,{"v":3e-20,"d":"3.00E-20"},"NA","ieu-b-4869","Bioavailable Testosterone || id:ieu-b-4869",true,"reported","igd",2,true,"NA",0.000458392,82.72444345]
[66,"rs45446698","G","T","G","T",-0.219201,0.104477,0.036466,0.0518255,false,false,false,"n4OSzu",99735325,0.103786,0.0642233,"outcome",true,"reported","textfile",55,7,99332948,0.00875686,{"v":2.8e-138,"d":"2.80E-138"},"NA","ieu-b-4869","Bioavailable Testosterone || id:ieu-b-4869",true,"reported","igd",2,true,"NA",0.003376527,611.1349639]
[67,"rs4565819","A","G","A","G",-0.0273388,-0.0226116,0.827087,0.837806,false,false,false,"n4OSzu",91886511,0.559469,0.0387431,"outcome",true,"reported","textfile",76,10,93646268,0.00436195,{"v":3.7e-10,"d":"3.70E-10"},"NA","ieu-b-4869","Bioavailable Testosterone || id:ieu-b-4869",true,"reported","igd",2,true,"NA",0.00021378,38.57079573]
[68,"rs4690098","T","C","T","C",0.030404,-0.0179604,0.235217,0.263988,false,false,false,"n4OSzu",3445429,0.5813,0.0325672,"outcome",true,"reported","textfile",34,4,3447156,0.00394621,{"v":1.3e-14,"d":"1.30E-14"},"NA","ieu-b-4869","Bioavailable Testosterone || id:ieu-b-4869",true,"reported","igd",2,true,"NA",0.000332582,60.01238009]
[69,"rs4712976","T","C","T","C",-0.0246305,-0.034543,0.266623,0.355159,false,false,false,"n4OSzu",25841975,0.246243,0.0297907,"outcome",true,"reported","textfile",44,6,25842203,0.00370879,{"v":3.1e-11,"d":"3.10E-11"},"NA","ieu-b-4869","Bioavailable Testosterone || id:ieu-b-4869",true,"reported","igd",2,true,"NA",0.000237247,42.80577938]
[70,"rs4760254","C","G","C","G",-0.0282403,-0.00393204,0.239182,0.233058,false,true,false,"n4OSzu",57372609,0.907234,0.0337432,"outcome",true,"reported","textfile",89,12,57766392,0.00384307,{"v":2e-13,"d":"2.00E-13"},"NA","ieu-b-4869","Bioavailable Testosterone || id:ieu-b-4869",true,"reported","igd",2,true,"NA",0.000290254,52.37233855]
[71,"rs4764883","T","C","T","C",0.0197965,0.0312728,0.713147,0.65243,false,false,false,"n4OSzu",102412527,0.297074,0.0299913,"outcome",true,"reported","textfile",90,12,102806305,0.00362974,{"v":4.9e-8,"d":"4.90E-08"},"NA","ieu-b-4869","Bioavailable Testosterone || id:ieu-b-4869",true,"reported","igd",2,true,"NA",0.000160341,28.92763533]
[72,"rs55714539","C","A","C","A",0.0210915,-0.0465892,0.343227,0.393829,false,false,false,"n4OSzu",18096587,0.111914,0.0293078,"outcome",true,"reported","textfile",121,19,18207397,0.00348819,{"v":1.5e-9,"d":"1.50E-09"},"NA","ieu-b-4869","Bioavailable Testosterone || id:ieu-b-4869",true,"reported","igd",2,true,"NA",0.000200559,36.184851]
[73,"rs56196860","A","C","A","C",-0.0643817,-0.233534,0.030573,0.0127391,false,false,false,"n4OSzu",2799164,0.0727947,0.130167,"outcome",true,"reported","textfile",86,12,2908330,0.00953757,{"v":1.5e-11,"d":"1.50E-11"},"NA","ieu-b-4869","Bioavailable Testosterone || id:ieu-b-4869",true,"reported","igd",2,true,"NA",0.000245702,44.33153575]
[74,"rs56332871","A","C","A","C",-0.0270916,0.0598836,0.275074,0.290683,false,false,false,"n4OSzu",96171587,0.0578282,0.0315675,"outcome",true,"reported","textfile",101,15,96714816,0.00369765,{"v":2.4e-13,"d":"2.40E-13"},"NA","ieu-b-4869","Bioavailable Testosterone || id:ieu-b-4869",true,"reported","igd",2,true,"NA",0.000292713,52.81626425]
[75,"rs573833","C","T","C","T",-0.0180552,-0.0109071,0.534235,0.593191,false,false,false,"n4OSzu",10492563,0.707838,0.0291041,"outcome",true,"reported","textfile",29,3,10534247,0.00329658,{"v":4.3e-8,"d":"4.30E-08"},"NA","ieu-b-4869","Bioavailable Testosterone || id:ieu-b-4869",true,"reported","igd",2,true,"NA",0.000162231,29.26862127]
[76,"rs58072681","C","T","C","T",0.0772926,0.00813916,0.072362,0.0436613,false,false,false,"n4OSzu",81556936,0.907094,0.0697414,"outcome",true,"reported","textfile",106,16,81590541,0.00638949,{"v":1.1e-33,"d":"1.10E-33"},"NA","ieu-b-4869","Bioavailable Testosterone || id:ieu-b-4869",true,"reported","igd",2,true,"NA",0.000802038,144.7909424]
[77,"rs590097","G","T","G","T",0.0446706,-0.0423747,0.649115,0.615161,false,false,false,"n4OSzu",111176530,0.148833,0.0293522,"outcome",true,"reported","textfile",14,2,111934107,0.00344979,{"v":2.4e-38,"d":"2.40E-38"},"NA","ieu-b-4869","Bioavailable Testosterone || id:ieu-b-4869",true,"reported","igd",2,true,"NA",0.000908992,164.1167765]
[78,"rs6008259","A","G","A","G",-0.0284517,0.0114483,0.177619,0.139698,false,false,false,"n4OSzu",46237885,0.781059,0.04119,"outcome",true,"reported","textfile",124,22,46633782,0.00430882,{"v":4e-11,"d":"4.00E-11"},"NA","ieu-b-4869","Bioavailable Testosterone || id:ieu-b-4869",true,"reported","igd",2,true,"NA",0.000236488,42.66872409]
[79,"rs6020423","T","C","T","C",-0.0300872,0.029607,0.238186,0.313376,false,false,false,"n4OSzu",50293130,0.3378,0.0308882,"outcome",true,"reported","textfile",122,20,48909667,0.00386321,{"v":6.8e-15,"d":"6.80E-15"},"NA","ieu-b-4869","Bioavailable Testosterone || id:ieu-b-4869",true,"reported","igd",2,true,"NA",0.000328518,59.27880391]
[80,"rs61237993","A","G","A","G",0.0347395,0.00437853,0.129228,0.13275,false,false,false,"n4OSzu",34130437,0.917114,0.0420731,"outcome",true,"reported","textfile",65,9,34130435,0.00490616,{"v":1.4e-12,"d":"1.40E-12"},"NA","ieu-b-4869","Bioavailable Testosterone || id:ieu-b-4869",true,"reported","igd",2,true,"NA",0.000271605,49.00655646]
[81,"rs61856128","A","C","A","C",-0.04269,0.0151181,0.293043,0.295587,false,false,false,"n4OSzu",5021190,0.631069,0.0314815,"outcome",true,"reported","textfile",71,10,5063382,0.00364316,{"v":1e-31,"d":"1.00E-31"},"NA","ieu-b-4869","Bioavailable Testosterone || id:ieu-b-4869",true,"reported","igd",2,true,"NA",0.000755104,136.3115733]
[82,"rs62223042","G","A","G","A",0.0199552,0.0321412,0.37576,0.517391,false,false,false,"n4OSzu",39311814,0.261589,0.02863,"outcome",true,"reported","textfile",123,21,40683740,0.00340524,{"v":4.6e-9,"d":"4.60E-09"},"NA","ieu-b-4869","Bioavailable Testosterone || id:ieu-b-4869",true,"reported","igd",2,true,"NA",0.000186812,33.70415617]
[83,"rs62263023","A","T","A","T",0.0389507,-0.020471,0.091085,0.0951039,false,true,false,"n4OSzu",48218814,0.6742,0.0486951,"outcome",true,"reported","textfile",23,3,48260304,0.00573598,{"v":1.1e-11,"d":"1.10E-11"},"NA","ieu-b-4869","Bioavailable Testosterone || id:ieu-b-4869",true,"reported","igd",2,true,"NA",0.000251206,45.32499735]
[84,"rs629042","C","G","C","G",0.0407718,-0.0253909,0.611987,0.580203,false,true,false,"n4OSzu",21744367,0.381865,0.0290359,"outcome",true,"reported","textfile",91,13,22318506,0.00338662,{"v":2.2e-33,"d":"2.20E-33"},"NA","ieu-b-4869","Bioavailable Testosterone || id:ieu-b-4869",true,"reported","igd",2,true,"NA",0.000789475,142.5211285]
[85,"rs6603979","G","A","G","A",-0.029713,0.00379627,0.793807,0.77679,false,false,false,"n4OSzu",92513797,0.912036,0.0343647,"outcome",true,"reported","textfile",5,1,92979354,0.00404309,{"v":2e-13,"d":"2.00E-13"},"NA","ieu-b-4869","Bioavailable Testosterone || id:ieu-b-4869",true,"reported","igd",2,true,"NA",0.000289009,52.14772778]
[86,"rs6658835","G","A","G","A",-0.0227204,-0.0659046,0.267503,0.297898,false,false,false,"n4OSzu",218347653,0.0349301,0.0312467,"outcome",true,"reported","textfile",6,1,218520995,0.00372822,{"v":1.1e-9,"d":"1.10E-09"},"NA","ieu-b-4869","Bioavailable Testosterone || id:ieu-b-4869",true,"reported","igd",2,true,"NA",0.0002023,36.49911455]
[87,"rs6788984","G","A","G","A",-0.0280531,0.00481751,0.144022,0.0755489,false,false,false,"n4OSzu",41065682,0.92966,0.0545756,"outcome",true,"reported","textfile",30,3,41107173,0.00471919,{"v":2.8e-9,"d":"2.80E-09"},"NA","ieu-b-4869","Bioavailable Testosterone || id:ieu-b-4869",true,"reported","igd",2,true,"NA",0.000194036,35.00785052]
[88,"rs6792725","G","A","G","A",-0.0233073,-0.0743119,0.691433,0.543395,false,false,false,"n4OSzu",24478792,0.0101515,0.0289081,"outcome",true,"reported","textfile",25,3,24520283,0.00366925,{"v":2.1e-10,"d":"2.10E-10"},"NA","ieu-b-4869","Bioavailable Testosterone || id:ieu-b-4869",true,"reported","igd",2,true,"NA",0.0002318,41.82271321]
[89,"rs6865292","C","T","C","T",0.0216135,0.00152058,0.275939,0.275131,false,false,false,"n4OSzu",143413425,0.962435,0.0322855,"outcome",true,"reported","textfile",37,5,142792990,0.00375101,{"v":8.3e-9,"d":"8.30E-09"},"NA","ieu-b-4869","Bioavailable Testosterone || id:ieu-b-4869",true,"reported","igd",2,true,"NA",0.000186667,33.67809577]
[90,"rs687339","T","C","T","C",0.0447024,-0.0625458,0.772541,0.848257,false,false,false,"n4OSzu",136213517,0.114727,0.0396537,"outcome",true,"reported","textfile",26,3,135932359,0.00393163,{"v":5.9e-30,"d":"5.90E-30"},"NA","ieu-b-4869","Bioavailable Testosterone || id:ieu-b-4869",true,"reported","igd",2,true,"NA",0.00070229,126.7708669]
[91,"rs6957987","G","A","G","A",-0.0323792,-0.0138824,0.099524,0.163474,false,false,false,"n4OSzu",99300526,0.717743,0.0384045,"outcome",true,"reported","textfile",56,7,98898149,0.00549106,{"v":3.7e-9,"d":"3.70E-09"},"NA","ieu-b-4869","Bioavailable Testosterone || id:ieu-b-4869",true,"reported","igd",2,true,"NA",0.000187915,33.90328813]
[92,"rs7047907","A","G","A","G",0.03008,-0.00985183,0.742815,0.746852,false,false,false,"n4OSzu",83753745,0.763864,0.0327946,"outcome",true,"reported","textfile",68,9,86368660,0.00377279,{"v":1.6e-15,"d":"1.60E-15"},"NA","ieu-b-4869","Bioavailable Testosterone || id:ieu-b-4869",true,"reported","igd",2,true,"NA",0.00034571,62.38212131]
[93,"rs7139079","A","G","A","G",-0.026197,-0.0304147,0.590234,0.551286,false,false,false,"n4OSzu",120977490,0.290827,0.0287933,"outcome",true,"reported","textfile",84,12,121415293,0.00335052,{"v":5.3e-15,"d":"5.30E-15"},"NA","ieu-b-4869","Bioavailable Testosterone || id:ieu-b-4869",true,"reported","igd",2,true,"NA",0.000331966,59.90119235]
[94,"rs727428","C","T","C","T",-0.106423,0.0490696,0.556817,0.611841,false,false,false,"n4OSzu",7634474,0.0953784,0.0294237,"outcome",true,"reported","textfile",107,17,7537792,0.00330963,{"v":1e-200,"d":"1.00E-200"},"NA","ieu-b-4869","Bioavailable Testosterone || id:ieu-b-4869",true,"reported","igd",2,true,"NA",0.005589804,1013.979124]
[95,"rs72785204","A","G","A","G",0.0267937,0.00846262,0.358755,0.290854,false,false,false,"n4OSzu",20220317,0.787965,0.0314649,"outcome",true,"reported","textfile",13,2,20420078,0.00343438,{"v":6.1e-15,"d":"6.10E-15"},"NA","ieu-b-4869","Bioavailable Testosterone || id:ieu-b-4869",true,"reported","igd",2,true,"NA",0.000330307,59.60172346]
[96,"rs73324348","A","G","A","G",-0.0741915,-0.069516,0.086819,0.0366346,false,false,false,"n4OSzu",49378390,0.363392,0.0764819,"outcome",true,"reported","textfile",110,17,47455752,0.00581788,{"v":3e-37,"d":"3.00E-37"},"NA","ieu-b-4869","Bioavailable Testosterone || id:ieu-b-4869",true,"reported","igd",2,true,"NA",0.00087279,157.5749478]
[97,"rs7395670","T","C","T","C",-0.019848,0.00412572,0.404539,0.467145,false,false,false,"n4OSzu",66352092,0.885246,0.0285869,"outcome",true,"reported","textfile",83,11,66119563,0.00335832,{"v":3.4e-9,"d":"3.40E-09"},"NA","ieu-b-4869","Bioavailable Testosterone || id:ieu-b-4869",true,"reported","igd",2,true,"NA",0.000189792,34.24188494]
[98,"rs7464081","C","T","C","T",0.0240802,-0.00338217,0.243751,0.264968,false,false,false,"n4OSzu",23545874,0.916527,0.0322698,"outcome",true,"reported","textfile",59,8,23403387,0.00383768,{"v":3.5e-10,"d":"3.50E-10"},"NA","ieu-b-4869","Bioavailable Testosterone || id:ieu-b-4869",true,"reported","igd",2,true,"NA",0.000213777,38.57023277]
[99,"rs7633673","A","G","A","G",-0.0195032,-0.0529273,0.405101,0.254586,false,false,false,"n4OSzu",152366454,0.107698,0.0329022,"outcome",true,"reported","textfile",28,3,152084243,0.00334083,{"v":5.3e-9,"d":"5.30E-09"},"NA","ieu-b-4869","Bioavailable Testosterone || id:ieu-b-4869",true,"reported","igd",2,true,"NA",0.000183336,33.07698687]
[100,"rs78357146","G","A","G","A",0.0689707,-0.10915,0.030404,0.00984361,false,false,false,"n4OSzu",66308933,0.454269,0.14586,"outcome",true,"reported","textfile",111,17,64305051,0.0095615,{"v":5.5e-13,"d":"5.50E-13"},"NA","ieu-b-4869","Bioavailable Testosterone || id:ieu-b-4869",true,"reported","igd",2,true,"NA",0.000280466,50.60583993]
[101,"rs80237154","G","C","G","C",0.0639629,0.089343,0.066177,0.0323605,false,true,false,"n4OSzu",63146300,0.270975,0.0811605,"outcome",true,"reported","textfile",82,11,62913772,0.00668891,{"v":1.1e-21,"d":"1.10E-21"},"NA","ieu-b-4869","Bioavailable Testosterone || id:ieu-b-4869",true,"reported","igd",2,true,"NA",0.000505659,91.25897844]
[102,"rs8031605","C","G","C","G",0.0361579,-0.00832967,0.103316,0.0619723,false,true,false,"n4OSzu",52860573,0.8883,0.0593049,"outcome",true,"reported","textfile",98,15,53152770,0.00542337,{"v":2.6e-11,"d":"2.60E-11"},"NA","ieu-b-4869","Bioavailable Testosterone || id:ieu-b-4869",true,"reported","igd",2,true,"NA",0.000242239,43.70656013]
[103,"rs8044524","A","G","A","G",-0.0195707,0.0134463,0.600963,0.640723,false,false,false,"n4OSzu",81570166,0.651676,0.0297857,"outcome",true,"reported","textfile",104,16,81603771,0.00336669,{"v":6.1e-9,"d":"6.10E-09"},"NA","ieu-b-4869","Bioavailable Testosterone || id:ieu-b-4869",true,"reported","igd",2,true,"NA",0.000183698,33.14220622]
[104,"rs8093038","C","T","C","T",-0.0350391,0.0695804,0.099979,0.0919745,false,false,false,"n4OSzu",74368947,0.163307,0.049913,"outcome",true,"reported","textfile",117,18,72036182,0.00551106,{"v":2e-10,"d":"2.00E-10"},"NA","ieu-b-4869","Bioavailable Testosterone || id:ieu-b-4869",true,"reported","igd",2,true,"NA",0.000220952,39.86495645]
[105,"rs8111359","T","C","T","C",-0.0551388,0.00231755,0.093516,0.163735,false,false,false,"n4OSzu",10360786,0.952268,0.0387173,"outcome",true,"reported","textfile",118,19,10471462,0.00572707,{"v":6.1e-22,"d":"6.10E-22"},"NA","ieu-b-4869","Bioavailable Testosterone || id:ieu-b-4869",true,"reported","igd",2,true,"NA",0.000515455,93.0277702]
[106,"rs850293","C","A","C","A",0.0418489,0.0526003,0.112206,0.0595749,false,false,false,"n4OSzu",123567410,0.386778,0.0607763,"outcome",true,"reported","textfile",80,11,123438118,0.00524158,{"v":1.4e-15,"d":"1.40E-15"},"NA","ieu-b-4869","Bioavailable Testosterone || id:ieu-b-4869",true,"reported","igd",2,true,"NA",0.00034892,62.9616281]
[107,"rs9527","T","C","T","C",-0.0306204,0.041665,0.240143,0.21448,false,false,false,"n4OSzu",102863821,0.231626,0.0348317,"outcome",true,"reported","textfile",77,10,104623578,0.00385252,{"v":1.9e-15,"d":"1.90E-15"},"NA","ieu-b-4869","Bioavailable Testosterone || id:ieu-b-4869",true,"reported","igd",2,true,"NA",0.000342179,61.74476763]
[108,"rs9543004","C","T","C","T",0.0202839,-0.0527157,0.374955,0.394655,false,false,false,"n4OSzu",72562240,0.0705505,0.0291511,"outcome",true,"reported","textfile",92,13,73136378,0.00342982,{"v":3.3e-9,"d":"3.30E-09"},"NA","ieu-b-4869","Bioavailable Testosterone || id:ieu-b-4869",true,"reported","igd",2,true,"NA",0.000192852,34.79406156]
[109,"rs9642092","T","C","T","C",0.0329669,-0.0291176,0.793825,0.803402,false,false,false,"n4OSzu",138114577,0.418301,0.0359756,"outcome",true,"reported","textfile",58,7,137799323,0.00407025,{"v":5.5e-16,"d":"5.50E-16"},"NA","ieu-b-4869","Bioavailable Testosterone || id:ieu-b-4869",true,"reported","igd",2,true,"NA",0.000355752,64.19475328]
[110,"rs9910990","C","T","C","T",0.0471126,-0.0165828,0.07437,0.172995,false,false,false,"n4OSzu",7423085,0.660999,0.0378142,"outcome",true,"reported","textfile",109,17,7326404,0.00626362,{"v":5.4e-14,"d":"5.40E-14"},"NA","ieu-b-4869","Bioavailable Testosterone || id:ieu-b-4869",true,"reported","igd",2,true,"NA",0.00030559,55.14042296]
[111,"rs9929088","C","A","C","A",-0.0202966,-0.0509495,0.69012,0.646335,false,false,false,"n4OSzu",28990139,0.0895159,0.0300064,"outcome",true,"reported","textfile",105,16,29001460,0.00355644,{"v":1.1e-8,"d":"1.10E-08"},"NA","ieu-b-4869","Bioavailable Testosterone || id:ieu-b-4869",true,"reported","igd",2,true,"NA",0.000176195,31.78844492]
[112,"rs9987289","G","A","G","A",-0.0380188,0.039889,0.907809,0.857416,false,false,false,"n4OSzu",9325848,0.328924,0.040858,"outcome",true,"reported","textfile",61,8,9183358,0.00567982,{"v":2.2e-11,"d":"2.20E-11"},"NA","ieu-b-4869","Bioavailable Testosterone || id:ieu-b-4869",true,"reported","igd",2,true,"NA",0.000241941,43.65288135]